{"text_format":"3","workbook":"xlsx","n_sheets":5,"sheets":[" PTO CONTE","ELECTRICO","HIDRAULICO","PTO ELECTRICO","APU'S"],"not_rendered":{"defined_names":3},"read":"whole","date_system":"1900"}

{"sheet":" PTO CONTE","index":0,"n_rows":244,"n_cols":12,"rows_kept":244,"merged":[[0,0,0,8],[1,2,1,5],[3,0,3,10],[5,0,5,10],[6,1,6,9],[24,0,24,8],[25,0,25,9],[26,1,26,9],[33,0,33,8],[35,1,35,9],[43,0,43,8],[45,1,45,9],[47,0,47,8],[49,1,49,9],[51,0,51,8],[53,1,53,9],[58,0,58,8],[60,1,60,9],[61,0,61,10],[67,0,67,8],[68,0,68,10],[73,0,73,8],[74,0,74,8],[76,1,76,9],[77,0,77,10],[100,0,100,8],[101,0,101,10],[120,0,120,8],[122,0,122,10],[136,0,136,8],[137,0,137,8],[139,1,139,9],[140,0,140,10],[148,0,148,8],[149,0,149,10],[157,0,157,8],[158,0,158,8],[160,1,160,9],[162,0,162,8],[164,1,164,9],[165,0,165,10],[181,0,181,8],[182,0,182,10],[192,0,192,8],[193,0,193,8],[195,1,195,9],[217,0,217,8],[219,1,219,9],[225,0,225,8],[227,1,227,9],[230,0,230,8],[232,1,232,9],[234,0,234,8]]}
["PRESUPUESTO DE OBRA ADECUACIÓN OFICINAS CONSEJO NACIONAL DE TÉCNICOS ELECTRICISTAS."]
[null,"COSTOS DIRECTOS E INDIRECTOS","PRESUPUESTO RESUMIDO",{"$nulls":6},"FECHA:","2023-10-19"]
[]
[]
["No.","CAPITULO","Un.","CANTIDAD","MATERIAL ","MANO DE OBRA","TRANSPORTE","OTROS","VALOR UNITARIO ","TOTAL","INCIDENCIA"]
[]
[1,"PRELIMINARES."]
["1.1","Suministro y ejecución de cerramiento de obra en muro dry-wall doble cara e=10cm (aislamiento punto fijo) sin acabado, incluye puerta con cerrojo. ","m2",{"v":9.361,"d":"9.36"},{"v":55957.209375866696,"d":"$ 55,957"},{"v":26347.32478815956,"d":"$ 26,347"},{"v":8617.41024388347,"d":"$ 8,617"},0]
["1.2","Desmonte de cielo raso en dry-wall - Incluye trasciego, transporte y disposición final.","m2",411.44,{"v":367.5,"d":"$ 368"},{"v":20816.67147723902,"d":"$ 20,817"},{"v":6299.609085,"d":"$ 6,300"},0]
["1.3","Demolición de enchape piso y muros - Incluye trasciego, transporte y disposición final.","m2",{"v":529.9449999999999,"d":"529.95"},{"v":840,"d":"$ 840"},{"v":16227.595207227687,"d":"$ 16,228"},{"v":6108.711840000001,"d":"$ 6,109"},0]
["1.4","Desmonte de mueble en madera perimetral  - Incluye trasciego, transporte y disposición final.","m2",{"v":85.091,"d":"85.09"},{"v":525,"d":"$ 525"},{"v":32629.617442287552,"d":"$ 32,630"},{"v":19089.7245,"d":"$ 19,090"},0]
["1.5","Desmonte y retiro de mobiliario de cocina - Incluye trasciego, transporte y disposición final.","Un",{"v":1,"d":"1.00"},0,{"v":262378.8156307781,"d":"$ 262,379"},{"v":371728.99889999995,"d":"$ 371,729"},0]
["1.6","Desmonte y retiro de mobiliario de baños privados -(lavamanos, sanitarios, divisiones en acero inoxidable, mesones en granito, espejos, papeleras, dispensador de jabón, secadores de manos)  Incluye trasciego, transporte y disposición final.","Un",{"v":28,"d":"28.00"},0,{"v":12786.457063803611,"d":"$ 12,786"},{"v":10308.45123,"d":"$ 10,308"},0]
["1.7","Desmonte y retiro de mobiliario de baños sociales acceso -(lavamanos, sanitarios, divisiones en acero inoxidable, mesones en granito, espejos, papeleras, dispensador de jabón, secadores de manos)  Incluye trasciego, transporte y disposición final.","Un",{"v":18,"d":"18.00"},0,{"v":12786.457063803611,"d":"$ 12,786"},{"v":10308.45123,"d":"$ 10,308"},0]
["1.8","Desmonte de división de baño. Incluye trasciego, transporte y disposición final.","m2",{"v":5.472,"d":"5.47"},0,{"v":6762.965235303757,"d":"$ 6,763"},{"v":10308.45123,"d":"$ 10,308"},0]
["1.9","Demolición de muro en dry-wall - Incluye trasciego, transporte y disposición final.","m2",{"v":87.5735,"d":"87.57"},{"v":840,"d":"$ 840"},{"v":31374.7780600203,"d":"$ 31,375"},{"v":12217.423680000002,"d":"$ 12,217"},0]
["1.10","Demolición de muro en mampostería - Incluye trasciego, transporte y disposición final.","m2",{"v":29.883499999999998,"d":"29.88"},{"v":682.5,"d":"$ 683"},{"v":24614.17213578801,"d":"$ 24,614"},{"v":9926.656740000002,"d":"$ 9,927"},0]
["1.11","Desmonte de división en madera / Vidrio. - Incluye trasciego, transporte y disposición final.","m2",{"v":38.3705,"d":"38.37"},0,{"v":23398.680070207007,"d":"$ 23,399"},{"v":18326.13552,"d":"$ 18,326"},0]
["1.12","Desmonte de equipo de aire acondicionado. - (incluye ductos) - Incluye trasciego, transporte y disposición final..","Un",{"v":1,"d":"1.00"},0,{"v":218465.73343356172,"d":"$ 218,466"},{"v":138834.36,"d":"$ 138,834"},0]
["1.13","Desmonte de marco y puertas en madera - Incluye trasciego, transporte y disposición final.","Un",{"v":16,"d":"16.00"},0,{"v":26279.807848875404,"d":"$ 26,280"},{"v":15271.779600000002,"d":"$ 15,272"},0]
["1.14","Desmonte de archivo. - Incluye trasciego, transporte y disposición final.","m2",{"v":6.669999999999999,"d":"6.67"},{"v":525,"d":"$ 525"},{"v":32629.617442287552,"d":"$ 32,630"},{"v":19089.7245,"d":"$ 19,090"},0]
["1.15","Desmonte de ventanas internas sobre muro en drywall - Incluye trasciego, transporte y disposición final.","m2",{"v":20.915999999999997,"d":"20.92"},0,{"v":9359.472028082802,"d":"$ 9,359"},{"v":7330.454208,"d":"$ 7,330"},0]
["1.16","Desmonte de persianas perimetral - Incluye trasciego, transporte y disposición final.","Un.",{"v":47.05882352941177,"d":"47.06"},0,{"v":12461.950743285694,"d":"$ 12,462"},{"v":2458.7565156000005,"d":"$ 2,459"},{"v":173.43555555555554,"d":"$ 173"}]
["1.17","Desmonte sistemas eléctricos y comunicación - Incluye transporte. (Luminarias, Rack, Cámara e infraestructura eléctrica).","Gb",{"v":1,"d":"1.00"},0]
["Subtotal capítulo"]
[]
[2,"NIVELACIÓN DE PISOS."]
[2.1,"Suministro e instalación de estructura de nivelación con perfiles metálicos y base en Superboard. Con aislante en poliuretano expandido de alta desnidad. H=20cm","M2",{"v":411,"d":"411.00"}]
[null,"Suministro e instalación de estructura de nivelación con perfiles metálicos y base en Superboard. Con aislante en poliuretano expandido de alta desnidad. H=20cm","m2",237.76,{"v":614195.7169199631,"d":"$ 614,196"},{"v":29303.10639394014,"d":"$ 29,303"},{"v":61419.571691996316,"d":"$ 61,420"},0,{"v":704918.3950058996,"d":"$ 704,918"},{"v":167601397.59660268,"d":"$ 167,601,398"},null,"PORTOBELO 135 CONTRATO"]
[null,"Nivelación con base en Superboard.","m2",{"v":183.59250000000003,"d":"183.59"},{"v":22020.290015587212,"d":"$ 22,020"},{"v":16940.483935329277,"d":"$ 16,940"},{"v":2422.2319017145933,"d":"$ 2,422"},0,{"v":38960.77395091649,"d":"$ 38,961"},{"v":7152905.891583636,"d":"$ 7,152,906"}]
[null,"Construcción de poyo en estructura metálica y supoerboard. (ÁREA - 02 y 03 Baño Hombre),","m2",6.58,{"v":614195.7169199631,"d":"$ 614,196"},{"v":29303.10639394014,"d":"$ 29,303"},{"v":61419.571691996316,"d":"$ 61,420"},0,{"v":643498.8233139033,"d":"$ 643,499"},{"v":4234222.257405484,"d":"$ 4,234,222"}]
[null,"Alistado de pisos e=0.03 m con mortero - Baños","m2",25.49,0,{"v":16506.299859424664,"d":"$ 16,506"},0,0,{"v":16506.299859424664,"d":"$ 16,506"},{"v":420745.58341673465,"d":"$ 420,746"}]
[null,"Alistado de pisos e=0.03 m con mortero Imp. Ducha Baño 02 Hombre","m2",0.85]
["Subtotal capítulo","Subtotal capítulo"]
[]
[3,"PAÑETES-REVOQUES-REPELLOS."]
["3.1","Pañete liso muros e Interiores baños.","m2",{"v":215.30929999999995,"d":"215.31"},{"v":10319.474282396433,"d":"$ 10,319"},{"v":30270.27957854587,"d":"$ 30,270"},{"v":794.5995197445254,"d":"$ 795"},{"v":116.09342500000001,"d":"$ 116"},{"$nulls":3},"PORTOBELO 135 CONTRATO"]
["3.2","Pañete liso muros e Interiores baños.","mL",{"v":64.1,"d":"64.10"},{"v":8255.579425917147,"d":"$ 8,256"},{"v":18944.683511341595,"d":"$ 18,945"},0,0]
["3.3","Pañete impermeabilizado para ducha Baño03 hombres.","m2",{"v":6.1455,"d":"6.15"},{"v":18162.274737017724,"d":"$ 18,162"},{"v":30270.27957854587,"d":"$ 30,270"},{"v":794.5995197445254,"d":"$ 795"},{"v":116.09342500000001,"d":"$ 116"}]
["3.4","Pañete de rectificación en muro antepecho perimetral.","mL",{"v":161.95999999999998,"d":"161.96"},{"v":8255.579425917147,"d":"$ 8,256"},{"v":25764.76957542457,"d":"$ 25,765"},0,0]
["3.5","Resane de placa contra piso cara inferior.","m2",{"v":311.7020000000001,"d":"311.70"},{"v":8255.579425917147,"d":"$ 8,256"},{"v":12314.044282372037,"d":"$ 12,314"},0,0]
["3.6","Resane de Viguetas. H=10 3 Caras por vigueta ","ml",{"v":552.8000000000002,"d":"552.80"},{"v":8255.579425917147,"d":"$ 8,256"},{"v":12314.044282372037,"d":"$ 12,314"},0,0]
["3.7","Resane en vigas con ancho de 25cm. 3 Caras por viga ","mL",642.64,{"v":8255.579425917147,"d":"$ 8,256"},{"v":12314.044282372037,"d":"$ 12,314"},0,0]
["Subtotal capítulo"]
[]
[4," INSTALACIONES HIDRAULICAS Y SANITARIAS."]
["4.1","Desarrollo de contrato según presupuesto hidrosanitario","Gb",{"v":1,"d":"1.00"},{"v":5753974.8452548,"d":"$ 5,753,975"}]
["Subtotal capítulo","Subtotal capítulo"]
[]
[5,"INSTALACIONES ELECTRICAS."]
["5.1","Desarrollo de contrato según presupuesto eléctrico","Gb",{"v":1,"d":"1.00"},{"v":216969936.41540006,"d":"$ 216,969,936"}]
["Subtotal capítulo","Subtotal capítulo"]
[]
[6,"PISOS - ENCHAPES - ACABADOS."]
["6.1","Suministro e instalación de enchape para piso Porcelanato Tempo 30x60 Silver REF KP04SV1653 - Todos los baños.","m2",25.49,{"v":119128.49789473687,"d":"$ 119,128"},{"v":40123.33701705023,"d":"$ 40,123"},{"v":13104.134768421056,"d":"$ 13,104"},{"v":5139.855,"d":"$ 5,140"},{"$nulls":3},"PORTOBELO 135 CONTRATO"]
["6.2","Suministro e instalación de enchape para Piso Y Pared Estilo Piedra Uso Exterior Sandstone Adz 30x60 Beige, REF KP04BE1066 - Todos los baños","m2",{"v":98.0324,"d":"98.03"},{"v":151118.19789473686,"d":"$ 151,118"},{"v":38918.10615366628,"d":"$ 38,918"},{"v":16623.001768421058,"d":"$ 16,623"},{"v":4069.0518749999997,"d":"$ 4,069"},{"$nulls":3},"PORTOBELO 135 CONTRATO"]
["6.3","Suministro e instalación de Vinílico Para Piso Estilo Madera Spc Mandala Mv Gris\nREF KF04GR128","m2",362.33,{"v":166526.63999999998,"d":"$ 166,527"},{"v":18782.624182692816,"d":"$ 18,783"},{"v":17218.854576,"d":"$ 17,219"},0]
["6.4","Suministro e instalación de guarda escoba en SPC general - G Escoba Mándala 2400x90x15 Gris REF KM05GR013","mL",26.34,{"v":32165.437500000004,"d":"$ 32,165"},{"v":9772.269140103504,"d":"$ 9,772"},{"v":3538.1981250000013,"d":"$ 3,538"},0]
["Subtotal capítulo","Subtotal capítulo"]
[{"$nulls":8}," "]
[7,"MUROS Y CIELO RASOS."]
["Muros"]
["7.1.1","Muro en bloque estructural cerramiento de vano - 01-baño hombres-cocineta.","m2",{"v":2,"d":"2.00"},{"v":220000,"d":"$ 220,000"}]
["7.1.2","Suministro e instalación de dintel con estructura metálica y drywall de 10*5 2 caras. ","mL",{"v":71.94000000000001,"d":"71.94"},{"v":211156.42936613408,"d":"$ 211,156"},{"v":60303.10979421603,"d":"$ 60,303"},{"v":21115.64293661341,"d":"$ 21,116"},{"v":328.52976,"d":"$ 329"},{"$nulls":3},"PORTOBELO 135 CONTRATO"]
["7.1.3","Suministro e instalación de muro en superboard 1 cara. Antepecho.","m2",{"v":67.841,"d":"67.84"},{"v":47351.93337554422,"d":"$ 47,352"},{"v":75341.37813141481,"d":"$ 75,341"},{"v":5208.712671309865,"d":"$ 5,209"},{"v":276.65664000000004,"d":"$ 277"}]
["7.1.4","Suministro e instalación de muro en superboard 2 caras.","m2",{"v":32.033,"d":"32.03"},{"v":113436.6476581564,"d":"$ 113,437"},{"v":75257.31638115397,"d":"$ 75,257"},{"v":27451.668733273855,"d":"$ 27,452"},{"v":349.635,"d":"$ 350"}]
["7.1.5","Suministro e instalación de dintel metálico y drywall de 10*5 2 caras. Para DV-07-Plegable","mL",{"v":4,"d":"4.00"},{"v":211156.42936613408,"d":"$ 211,156"},{"v":60303.10979421603,"d":"$ 60,303"},{"v":21115.64293661341,"d":"$ 21,116"},{"v":328.52976,"d":"$ 329"},{"$nulls":3},"PORTOBELO 135 CONTRATO"]
["Subtotal ","Subtotal capítulo"]
["Cielo rasos."]
["7.2.1","Suministro e instalación de cielo raso para áreas de recepción, baños y Cuarto de aseo - 1 Cara pintada.","m2",{"v":53.260000000000005,"d":"53.26"},{"v":34410.72273648214,"d":"$ 34,411"},{"v":85246.80412924611,"d":"$ 85,247"},{"v":4920.733351316946,"d":"$ 4,921"},{"v":374.6392000000001,"d":"$ 375"}]
["7.2.2","Suministro e instalación de dilatación en Z ó  J - para áreas de recepción, baños y Cuarto de aseo","mL",54.32,{"v":4387.122,"d":"$ 4,387"},{"v":5374.281396192921,"d":"$ 5,374"},{"v":564.6226014000001,"d":"$ 565"},0,{"$nulls":3},"PORTOBELO 135 CONTRATO"]
["7.2.3","Suministro e instalación de cielo raso acceso a oficinas con lateral pintado.","m2",10.66,{"v":34410.72273648214,"d":"$ 34,411"},{"v":85246.80412924611,"d":"$ 85,247"},{"v":4920.733351316946,"d":"$ 4,921"},{"v":374.6392000000001,"d":"$ 375"}]
["7.2.4","Suministro e instalación de cielo raso acceso a oficinas con lateral pintado.","mL",17.25,{"v":25007.73981395929,"d":"$ 25,008"},{"v":39789.66532565345,"d":"$ 39,790"},{"v":3576.1067933961795,"d":"$ 3,576"},{"v":1575.37575,"d":"$ 1,575"}]
["Subtotal ","Subtotal capítulo"]
["Subtotal capítulo","Subtotal capítulo"]
[]
[8,"MOBILIARIO Y CARPINTERIA DE MADERA."]
["Conte."]
["8.1.1","M_01 ISLA DE TRABAJO  X 6 puestos - Suministro de escritorio en Tablex ","Un",{"v":2,"d":"2.00"},{"v":6765435.6,"d":"$ 6,765,436"},{"$nulls":6},"PORTOBE ARQ. ARMANDO"]
["8.1.2","M_01 ISLA DE TRABAJO  X 12 puestos - Suministro de escritorio en Tablex ","Un",{"v":1,"d":"1.00"},{"v":13328552.16,"d":"$ 13,328,552"}]
["8.1.3","M_01 ISLA DE TRABAJO  X 2 puestos - Suministro de escritorio en Tablex ","Un",{"v":1,"d":"1.00"},{"v":2359056,"d":"$ 2,359,056"}]
["8.1.4","M_01 ISLA DE TRABAJO  X 1 puestos - Suministro de escritorio en Tablex ","Un",{"v":1,"d":"1.00"},{"v":1179528,"d":"$ 1,179,528"}]
["8.1.5","M_02 Suministro de mueble para impresora. 1,20x0,55m // Pl - D01","Un",{"v":1,"d":"1.00"},{"v":2261952,"d":"$ 2,261,952"}]
["8.1.6","M_03 Suministro de mueble para impresora. 0,50x0,60m // Pl - D01","Un",{"v":3,"d":"3.00"},{"v":1869252.0000000002,"d":"$ 1,869,252"}]
["8.1.7","M_04 Suministro e instalación de mueble de archivo  3,40X0,47M H=2,20m  // Pl - D02","Un",{"v":1,"d":"1.00"},{"v":12252240,"d":"$ 12,252,240"},{"$nulls":6},"PORTOBE ARQ. ARMANDO"]
["8.1.8","M_05 Suministro e instalación de mueble para gerencia. 1,50x0,60m  //  Pl - D01","Un",{"v":2,"d":"2.00"},{"v":2450448,"d":"$ 2,450,448"}]
["8.1.9","M_06 Suministro e instalación de mueble para gerencia. 1,50x0,70m  // Pl - D01","Un",{"v":2,"d":"2.00"},{"v":2481864,"d":"$ 2,481,864"}]
["8.1.10","M_07 Suministro e instalación de mueble para gerencia 1,30x0,50m  // Pl - D01","Un",{"v":2,"d":"2.00"},{"v":3455760.0000000005,"d":"$ 3,455,760"}]
["8.1.11","M_08 Suministro e instalación de mesa, sala de juntas; en tablex. 3,50x1,20m  // Pl - D01","Un",{"v":1,"d":"1.00"},{"v":5969040,"d":"$ 5,969,040"}]
["8.1.12","M_09 Suministro e instalación de mesa de juntas; en tablex de 1,50x1,20m // Pl - D01","Un",{"v":1,"d":"1.00"},{"v":3927000.0000000005,"d":"$ 3,927,000"}]
["8.1.13","M_10 Suministro e instalación de mesa de cafetería. 1,50x1,0m // Pl - D01","Un",{"v":1,"d":"1.00"},{"v":2984520,"d":"$ 2,984,520"}]
["8.1.14","PM_01 Suministro e instalación de puerta abatible entamborada enchapada en formica F8 de 0,70x2,28m // Pl - D06, incluye marco en tablex.","Un",{"v":5,"d":"5.00"},{"v":1858780.0000000002,"d":"$ 1,858,780"}]
["8.1.15","PM_02 Suministro e instalación de puerta abatible entamborada enchapada en formica F8  de 0,90x2,28m // Pl - D06 incluye marco en tablex.","Un",{"v":2,"d":"2.00"},{"v":1858780.0000000002,"d":"$ 1,858,780"}]
["8.1.16","PM_03 Suministro e instalación depuerta abatible entamborada enchapada en formica F8  de 0,70x2,13 // Pl - D06 incluye marco en tablex. ","Un",{"v":3,"d":"3.00"},{"v":1858780.0000000002,"d":"$ 1,858,780"}]
["8.1.17","Suministro de silla Puestos de trabajo DELPHI PREMIUM","Un",{"v":29,"d":"29.00"},{"v":592191.6000000001,"d":"$ 592,192"}]
["8.1.18","Suministro silla gerencia y presidencia NOHA","Un",{"v":2,"d":"2.00"},{"v":1526032.2,"d":"$ 1,526,032"}]
["8.1.19","Suministro silla sala de juntas VICK ","Un",{"v":18,"d":"18.00"},{"v":983189.9000000001,"d":"$ 983,190"}]
["8.1.20","Suministro silla cafeteria PIU","Un",{"v":6,"d":"6.00"},{"v":438449.55000000005,"d":"$ 438,450"}]
["8.1.21","Suministro silla atencion al cliente LOGAN","Un",{"v":4,"d":"4.00"},{"v":654827.25,"d":"$ 654,827"}]
["8.1.22","Suministro silla de espera-recepción BOOM ","Un",{"v":6,"d":"6.00"},{"v":986986.0000000001,"d":"$ 986,986"}]
["Subtotal ","Subtotal capítulo"]
["Coworking."]
["8.2.1","M_01 ISLA DE TRABAJO  X 6 puestos - Suministro de escritorio en Tablex ","Un",{"v":2,"d":"2.00"},{"v":6765435.6,"d":"$ 6,765,436"}]
["8.2.2","M_01 ISLA DE TRABAJO  X 3 puestos - Suministro de escritorio en Tablex ","Un",{"v":1,"d":"1.00"},{"v":3689809.2,"d":"$ 3,689,809"}]
["8.2.3","M_13 Suministro de mueble de reuniones Tablex formica. // Pl - D09","Un",{"v":1,"d":"1.00"},{"v":5497800,"d":"$ 5,497,800"}]
["8.2.4","M_14 Suministro de mueble entamborada tablex 180x60cm. // Pl - D09","Un",{"v":2,"d":"2.00"},{"v":3306534,"d":"$ 3,306,534"}]
["8.2.5","M_15 Suministro de sofá tela con patas en acero. // Pl - D09","Un",{"v":2,"d":"2.00"},{"v":3927000.0000000005,"d":"$ 3,927,000"}]
["8.2.6","M-16 Suministro de sofá en tela con patas en acero. // Pl - D09","Un",{"v":4,"d":"4.00"},{"v":2356200,"d":"$ 2,356,200"}]
["8.2.7","M-17 Suministro de mesa de centro flor morado. // Pl - D09","Un",{"v":2,"d":"2.00"},{"v":549780,"d":"$ 549,780"}]
["8.2.8","M_18 Suministro de mueble para gerencia. 1,40x0,60m. // Pl - D09","Un",{"v":2,"d":"2.00"},{"v":2131575.6,"d":"$ 2,131,576"}]
["8.2.9","M_19 Suministro de mueble para gerencia. 1,30x0,70m. // Pl - D09","Un",{"v":1,"d":"1.00"},{"v":2018478.0000000002,"d":"$ 2,018,478"}]
["8.2.10","M-20 Suministro mesa reuniones 4 puestos en tablex 80x80cm. // Pl - D09","un",{"v":4,"d":"4.00"},{"v":1021020.0000000001,"d":"$ 1,021,020"}]
["8.2.11","M-22 Mueble trabajo superficie lateral entamborada 384x45cm. // Pl - D10","Un",{"v":1,"d":"1.00"},{"v":7068600.000000001,"d":"$ 7,068,600"}]
["8.2.12","M-23 Mueble trabajo superficie lateral entamborada 384x45cm. // Pl - D11","Un",{"v":1,"d":"1.00"},{"v":11623920,"d":"$ 11,623,920"}]
["8.2.13","Suministro de silla Puestos de trabajo DELPHI PREMIUM","Un",{"v":15,"d":"15.00"},{"v":592191.6000000001,"d":"$ 592,192"}]
["8.2.14","Suministro silla gerencia y presidencia NOHA","Un",{"v":3,"d":"3.00"},{"v":1526032.2,"d":"$ 1,526,032"}]
["8.2.15","Suministro silla sala de juntas VICK ","Un",{"v":8,"d":"8.00"},{"v":983189.9000000001,"d":"$ 983,190"}]
["8.2.16","Suministro silla cafeteria PIU","Un",{"v":16,"d":"16.00"},{"v":438449.55000000005,"d":"$ 438,450"}]
["8.2.17","Suministro silla atencion al cliente LOGAN","Un",{"v":2,"d":"2.00"},{"v":654827.25,"d":"$ 654,827"}]
["8.2.18","Suministro silla alta EMMA","Un",{"v":17,"d":"17.00"},{"v":379610,"d":"$ 379,610"}]
["Subtotal ","Subtotal capítulo"]
[]
["Otros Muebles."]
["8.3.1","M_11 Suministro e instalación de mueble cuarto de aseo 2,20x1,30m  // Pl - D01","Un",{"v":1,"d":"1.00"},{"v":3927000.0000000005,"d":"$ 3,927,000"}]
["8.3.2","M_12 Suministro e instalación de recepción 2,30x0,75m  // Pl - D06","Un",{"v":1,"d":"1.00"},{"v":21205800,"d":"$ 21,205,800"}]
["8.3.3","PF_01 - Suministro e instalación de muebles \"Plafón de madera\" para fondo recepción\"  Estructura en Drywall y revestimiento en chapilla.  // Pl - D01","Un",{"v":1,"d":"1.00"},{"v":8400638.4,"d":"$ 8,400,638"}]
["8.3.4","ME_01 & ME_02 Enchape de madera - Tipo madera Fresno // Pl - D02","m2",{"v":34,"d":"34.00"},{"v":1021020.0000000001,"d":"$ 1,021,020"}]
["8.3.5","ME_03 & ME_04 Enchape de madera - Tipo madera Fresno // Pl - D14","m2",{"v":24,"d":"24.00"},{"v":1021020.0000000001,"d":"$ 1,021,020"}]
["8.3.6","M-21 Suministro de Locker de 5,04x1,90m. // Pl - D10 - Coworking","Gb",{"v":1,"d":"1.00"},{"v":6668046,"d":"$ 6,668,046"}]
["8.3.7","MA_01 Suministro e instalación de matera en madera; 0,90x0,35m h=0,65m  // Pl - D01 - Conte","Un",{"v":3,"d":"3.00"},{"v":2013765.6,"d":"$ 2,013,766"}]
["8.3.8","MA-02 Suministro de matera de 120x35cm   h=95cm. // Pl - D10","Un",{"v":3,"d":"3.00"},{"v":2912263.1999999997,"d":"$ 2,912,263"}]
["8.3.9","MA-03 Suministro de matera 270x35cm   h=95cm. // Pl - D10","Un",{"v":2,"d":"2.00"},{"v":6042867.6,"d":"$ 6,042,868"}]
["8.3.10","MA-04 Suministro de matera 1,79x35cm   h=95cm. // Pl - D10 ","Un",{"v":1,"d":"1.00"},{"v":4029102.0000000005,"d":"$ 4,029,102"}]
["8.3.11","MA-05 Suministro de matera 220x35cm. // Pl - D10","Un",{"v":1,"d":"1.00"},{"v":4924458,"d":"$ 4,924,458"}]
["8.3.12","suministro e instalación de Señalética oficinas. (Incluye diseño e impresión)","Un",{"v":1,"d":"1.00"},{"v":6000000,"d":"$ 6,000,000"}]
["8.3.13","suministro e instalación Logo corporativo. (Recepción) Acero inoxidable grosor 3cm y letras pequeñas en acrilico con lamina color acero","Un",{"v":1,"d":"1.00"},{"v":6000000,"d":"$ 6,000,000"}]
["Subtotal ","Subtotal capítulo"]
["Subtotal capítulo","Subtotal capítulo"]
[]
[9,"MUEBLES Y APARATOS DE COCINA."]
["Conte."]
["9.1.1","CO-01 Suministro e instalación Mueble superior fabricado en tablex RH 15mm con formica color blanco, canto rígido, bisagras de parche y manija en aluminio agarre a muro por medio de cuchilla,  L de 1,33 + 1,26m, incluye herrajes","Un ",{"v":1,"d":"1.00"},{"v":7645450.12,"d":"$ 7,645,450"}]
["9.1.2","CO-01 Suministro e instalación de Muebles inferior fabricado en tablex RH15mm enchapado en formica F8 color a elegir, bisagras de parche, zócalo con niveladores a piso L de 1,33 + 1,26m, incluye herrajes y zocalo con niveladores, manijas en aluminio","Un ",{"v":1,"d":"1.00"},{"v":4763817.52,"d":"$ 4,763,818"}]
["9.1.3","CO-01 Suministro e instalación de Mesón en Piedra sinterizada Blanco 0,60 X 2,72MT","Un ",{"v":1,"d":"1.00"},{"v":4654332.76,"d":"$ 4,654,333"}]
["9.1.4","CO-01 Suministro e instalación de Salpicadero  en Piedra sinterizada Blanco 0,60 X 3,32MT","Un ",{"v":1,"d":"1.00"},{"v":5563250,"d":"$ 5,563,250"}]
["9.1.5","Suministro de lavaplatos en acero inoxidable Sencillo 55x43cm, incluye canastilla y sifon, de Socoda","Un ",{"v":1,"d":"1.00"},{"v":300000,"d":"$ 300,000"},{"v":37433.901808847804,"d":"$ 37,434"},{"v":30000,"d":"$ 30,000"}]
["9.1.6","Suministro de griferia lavaplatos Sencilla Home Acero CP REF KG25CR147 de Decorceramica","Un ",{"v":1,"d":"1.00"},{"v":250000,"d":"$ 250,000"},{"v":37433.901808847804,"d":"$ 37,434"},{"v":30000,"d":"$ 30,000"}]
["9.1.7","Suministro e instalación de Estufa Vitrocerámica de Inducción 31x52 cm 2 Puestos EI2PVE Modelo EI2PVE","Un ",{"v":1,"d":"1.00"},{"v":937787,"d":"$ 937,787"},{"v":281336.1,"d":"$ 281,336"},{"v":93778.70000000001,"d":"$ 93,779"},0]
["Subtotal ","Subtotal capítulo"]
["Coworking."]
["9.2.1","CO-02 Suministro e instalación Mueble superior fabricado en tablex RH 15mm con formica color blanco, canto rígido, bisagras de parche y manija en aluminio agarre a muro por medio de cuchilla,  L de 1,33 + 1,26m, incluye herrajes","Un ",{"v":1,"d":"1.00"},{"v":4646950,"d":"$ 4,646,950"}]
["9.2.2","CO-02 Suministro e instalación de Muebles inferior fabricado en tablex RH15mm enchapado en formica F8 color a elegir, bisagras de parche, zócalo con niveladores a piso L de 1,33 + 1,26m, incluye herrajes y zocalo con niveladores, manijas en aluminio","Un ",{"v":1,"d":"1.00"},{"v":15053011.743,"d":"$ 15,053,012"}]
["9.2.3","CO-02 Suministro e instalación de Mesón en Piedra sinterizada Blanco 0,60 X 2,72MT","Un ",{"v":1,"d":"1.00"},{"v":13605222.399999999,"d":"$ 13,605,222"}]
["9.2.4","CO-02 Suministro e instalación de Salpicadero  en Piedra sinterizada Blanco 0,60 X 3,32MT","Un ",{"v":1,"d":"1.00"},{"v":14838824.000000002,"d":"$ 14,838,824"}]
["9.2.5","Suministro de lavaplatos en acero inoxidable Sencillo 55x43cm, incluye canastilla y sifon, de Socoda","Un ",{"v":1,"d":"1.00"},{"v":300000,"d":"$ 300,000"},{"v":37433.901808847804,"d":"$ 37,434"},{"v":30000,"d":"$ 30,000"}]
["9.2.6","Suministro de griferia lavaplatos Sencilla Home Acero CP REF KG25CR147 de Decorceramica","Un ",{"v":1,"d":"1.00"},{"v":250000,"d":"$ 250,000"},{"v":37433.901808847804,"d":"$ 37,434"},{"v":30000,"d":"$ 30,000"}]
["9.2.7","Suministro e instalación de Estufa Vitrocerámica de Inducción 31x52 cm 2 Puestos EI2PVE Modelo EI2PVE","Un ",{"v":1,"d":"1.00"},{"v":937787,"d":"$ 937,787"},{"v":281336.1,"d":"$ 281,336"},{"v":93778.70000000001,"d":"$ 93,779"},0]
["Subtotal ","Subtotal capítulo"]
["Subtotal capítulo","Subtotal capítulo"]
[]
[10,"INTALACIONES ESPECIALES SOLAR SCREEN."]
["10.1","Suministro e instalación enrollables en screen black 5% gama alta composición PVC 75% Polietileno 25% (Nota: Se contempla instalar los existentes)","m2",{"v":0,"d":"0.00"},{"v":128000,"d":"$ 128,000"},{"v":38400,"d":"$ 38,400"},{"v":12800,"d":"$ 12,800"},0,{"$nulls":3},"PORTOBELO 135 CONTRATO"]
["Subtotal capítulo","Subtotal capítulo"]
[]
[11,"VENTANERÍA Y VIDRIOS "]
["Conte."]
["11.1.1","DV-01 Suministro e instalación de 2 vidrios laminados crudo 3+3 con espacio acústico de 95mm - Gerencia. // Pl - D07 - / Inc. IVA.","m2",{"v":10.9,"d":"10.90"},{"v":1528584.75,"d":"$ 1,528,585"},{"$nulls":6},"PORTOBE ARQ. ARMANDO"]
["11.1.2","DV-02 Suministro e instalación de 2 vidrios laminados crudo 3+3 con espacio acústico de 95mm - Gerencia. // Pl - D07 - /  Inc. IVA.","m2",{"v":3.3,"d":"3.30"},{"v":1528584.75,"d":"$ 1,528,585"}]
["11.1.3","DV-03 Suministro e instalación de 2 vidrios laminados crudo 3+3 con espacio acústico de 95mm - Gerencia / presidencia. // Pl - D07 - /  Inc. IVA.","m2",{"v":10.8,"d":"10.80"},{"v":1528584.75,"d":"$ 1,528,585"}]
["11.1.4","DV-04 Suministro e instalación de 2 vidrios laminados crudo 3+3 con espacio acústico de 95mm - Presidencia. // Pl - D07 - /  Inc. IVA.","m2",{"v":3.3,"d":"3.30"},{"v":1528584.75,"d":"$ 1,528,585"}]
["11.1.5","DV-05 Suministro e instalación de 2 vidrios laminados crudo 3+3 con espacio acústico de 95mm - Presidencia. // Pl - D07 - /  Inc. IVA.","m2",{"v":11.2,"d":"11.20"},{"v":1528584.75,"d":"$ 1,528,585"}]
["11.1.6","DV-06 Suministro e instalación de 2 vidrios laminados crudo 3+3 con espacio acústico de 95mm - Sala privada. // Pl - D07 -/  Inc. IVA.","m2",{"v":5.7,"d":"5.70"},{"v":1528584.75,"d":"$ 1,528,585"}]
["11.1.7","DV-07 Suministro e instalación de vidrio templado de 8mm abatible  - Sala privada. // Pl - D07 -  /  Inc. IVA.","m2",{"v":7.4,"d":"7.40"},{"v":1153948.95,"d":"$ 1,153,949"}]
["11.1.8","DV-08 Suministro e instalación de vidrio templado de 8mm  - Área financiera. // Pl - D08 - 10,7m2 - Inc. IVA.","m2",{"v":10.1,"d":"10.10"},{"v":494802,"d":"$ 494,802"}]
["11.1.9","DV-09  Suministro e instalación de vidrio templado de 8mm - Área financiera.  // Pl - D08 - 2,43m2 - Inc. IVA.","m2",{"v":2.4,"d":"2.40"},{"v":494802,"d":"$ 494,802"}]
["11.1.10"," DV-10 Suministro e instalación de vidrio templado de 8mm  - Área financiera.  // Pl - D08 - 5,77m2 - Inc. IVA.","m2",{"v":5.8,"d":"5.80"},{"v":494802,"d":"$ 494,802"}]
["11.1.11","Pv - 01 Suministro e instalación de puerta en vidrio templado acustico de 0,80x2,28m  (incluye herrajes y manijas) // Pl - D07_D08 - Inc. IVA.","Un",{"v":4,"d":"4.00"},{"v":3532179.4200000004,"d":"$ 3,532,179"}]
["11.1.12","Pv - 01 Suministro e instalación de puerta en vidrio templado de 8mm / 0,80x2,28m  (incluye herrajes y manijas) // Pl - D07_D08 - Inc. IVA.","Un",{"v":1,"d":"1.00"},{"v":1590435,"d":"$ 1,590,435"}]
["11.1.13","Pv - 02 Suministro e instalación de puerta en vidrio templado de 1,80x2,18m  (incluye herrajes y manijas) // Pl - D08 - Inc. IVA.","Un",{"v":1,"d":"1.00"},{"v":6545523.6,"d":"$ 6,545,524"}]
["11.1.14","Suministro e instalación de sandblasting con diseño","Ml",{"v":46,"d":"46.00"},{"v":98175,"d":"$ 98,175"}]
["11.1.15","Cambio de ventaneria existente en aluminio","m2",{"v":137.6544,"d":"137.65"},{"v":597376,"d":"$ 597,376"}]
["Subtotal ","Subtotal capítulo"]
["Coworking."]
["11.2.1","DV-11 Suministro e instalación de  2 vidrios laminados crudo 3+3 con espacio acústico de 95mm - Sala de juntas. // Pl - D12 - /  Inc. IVA","m2",{"v":7.2,"d":"7.20"},{"v":1528584.75,"d":"$ 1,528,585"}]
["11.2.2","DV-12 Suministro e instalación de  2 vidrios laminados crudo 3+3 con espacio acústico de 95mm - Sala de juntas, // Pl - D12 -  /  Inc. IVA","m2",{"v":8.8,"d":"8.80"},{"v":1528584.75,"d":"$ 1,528,585"}]
["11.2.3","DV-13 Suministro e instalación de  2 vidrios laminados crudo 3+3 con espacio acústico de 95mm - Oficina 2 // Pl - D12 - /  Inc. IVA","m2",{"v":1.4,"d":"1.40"},{"v":1528584.75,"d":"$ 1,528,585"}]
["11.2.4","DV-14 Suministro e instalación de  2 vidrios laminados crudo 3+3 con espacio acústico de 95mm - Oficina 3 // Pl - D12 -  /  Inc. IVA","m2",{"v":1.4,"d":"1.40"},{"v":1528584.75,"d":"$ 1,528,585"}]
["11.2.5","DV-15 Suministro e instalación de  2 vidrios laminados crudo 3+3 con espacio acústico de 95mm - Oficina 2 &  3  // Pl - D12 - / - Inc. IVA","m2",{"v":4.9,"d":"4.90"},{"v":1528584.75,"d":"$ 1,528,585"}]
["11.2.6","DV-16 Suministro e instalación de  2 vidrios laminados crudo 3+3 con espacio acústico de 95mm - Oficina 2 &  3 // Pl - D13 - / - Inc. IVA","m2",{"v":6.5,"d":"6.50"},{"v":1528584.75,"d":"$ 1,528,585"}]
["11.2.7","DV-17 Suministro e instalación de  2 vidrios laminados crudo 3+3 con espacio acústico de 95mm - Oficina 1 // Pl - D13 - / - Inc. IVA","m2",{"v":2.6,"d":"2.60"},{"v":1528584.75,"d":"$ 1,528,585"}]
["11.2.8","Pv - 02 Suministro e instalación de puerta en vidrio templado de 1,80x2,18m  Acceso. // Pl - D13 - 3,92m2 Inc. IVA","Un",{"v":1,"d":"1.00"},{"v":6545523.6,"d":"$ 6,545,524"}]
["11.2.9","Pv - 01 Suministro e instalación de puerta en vidrio templado de 0,80x2,28m Sala de juntas Of. 2 y 3  // Pl - D13 - 7,30 m2 Inc. IVA","Un",{"v":4,"d":"4.00"},{"v":3532179.4200000004,"d":"$ 3,532,179"}]
["Subtotal ","Subtotal capítulo"]
["Subtotal capítulo","Subtotal capítulo"]
[]
[12,"APARATOS Y ACCESORIOS DE BAÑO."]
["12.1","Suministro e instalación de mesón de lavamanos en Quarzone - Fresh Concrete con reengruese de 10cm y salpicadero de 10cm de GRAMAR - Incluye estructura metálica - Todos los baños","mL",{"v":6.8,"d":"6.80"},{"v":1131343.6,"d":"$ 1,131,344"},{"v":82586.97153991174,"d":"$ 82,587"},{"v":113134.36000000002,"d":"$ 113,134"},0,{"$nulls":3},"PORTOBELO 135 CONTRATO"]
["12.2","Suministro e instalación de lavamanos bajo poner  Novara Corona -REF O19301001 Color blanco - Todos los baños","Un",{"v":8,"d":"8.00"},{"v":279503.439,"d":"$ 279,503"},{"v":26202.81548324455,"d":"$ 26,203"},{"v":27950.343900000003,"d":"$ 27,950"},0,{"$nulls":3},"PORTOBELO 135 CONTRATO"]
["12.3","Suministro e instalación de grifería para lavamanos Corona Mono control Cascade Media Mate Black Antimicrobiano, REF CA1070001 - Todos los baños","Un",{"v":8,"d":"8.00"},{"v":249972,"d":"$ 249,972"},{"v":26202.81548324455,"d":"$ 26,203"},{"v":24997.2,"d":"$ 24,997"},0,{"$nulls":3},"PORTOBELO 135 CONTRATO"]
["12.4","Suministro e instalación de sanitario SANIT INST 1 PIEZA CARLTON ADA S/TA ZA  REF EA09BL002 de Decorceramica y Fluxómetro de palanca para Sanitario . Importado AyA Ref.: SKU: 44-AA-Z6200-HET-YB-YC de Accesorios y acabados línea institucional, - Todos los baños","Un",{"v":7,"d":"7.00"},{"v":2010905.9028294142,"d":"$ 2,010,906"},{"v":26202.81548324455,"d":"$ 26,203"},{"v":87123.90000000001,"d":"$ 87,124"},0]
["12.5","Suministro e instalación de Orinal Orinal Gotta Con Grifería Push Anti Vandálica. Incluye sistema de descarga. Bañ01 hombres","Un",{"v":2,"d":"2.00"},{"v":973095.0975,"d":"$ 973,095"},{"v":57397.733657284385,"d":"$ 57,398"},{"v":97309.50975000001,"d":"$ 97,310"},0]
["12.6","Suministro e instalación de tope puerta cromado para piso. Todos los baños","Un",{"v":5,"d":"5.00"},{"v":16872,"d":"$ 16,872"},{"v":10471.021484992394,"d":"$ 10,471"},{"v":1687.2,"d":"$ 1,687"},0]
["12.7","Suministro e instalación de División y puerta de baños en laminado especial,  FORMICA COMPACTO, espesor de 12mm, acabado madera. Herrajes en acero inoxidable. con acabado en madera.","m2",{"v":8.7,"d":"8.70"},{"v":1433355,"d":"$ 1,433,355"}]
["12.8"," Suministro e instalación de espejo flotado de cristal de 4mm con borde biselado de 60x81cm. Bñ01 mujeres - Bñ01 hombres","Un",{"v":5,"d":"5.00"},{"v":253000.00000000003,"d":"$ 253,000"},{"v":9405.551851069256,"d":"$ 9,406"},{"v":23000,"d":"$ 23,000"},0]
["12.9","Suministro e instalación de espejo flotado de cristal de 4mm con borde biselado de 54x81cm. Bñ02 - Bñ03 mujeres y hombres","Un",{"v":4,"d":"4.00"},{"v":253000.00000000003,"d":"$ 253,000"},{"v":9405.551851069256,"d":"$ 9,406"},{"v":23000,"d":"$ 23,000"},0]
["12.10","Suministro e instalación de dispensador de toallas de papel Vertical AyA ABS Negro REF:7-AA-AH35600 de accesorios y acabados - Todos los baños","Un",{"v":6,"d":"6.00"},{"v":199800,"d":"$ 199,800"},{"v":38393.745444972104,"d":"$ 38,394"},{"v":15595.5,"d":"$ 15,596"},0]
["12.11","Suministro e instalación de Dispensador de Jabón Líquido Vertical AyA ABS Cromado, REF: U-8-AA-A672CP-1 de Accesorios y acabados - Todos los baños","Un",{"v":8,"d":"8.00"},{"v":53364.36,"d":"$ 53,364"},{"v":17451.70247498732,"d":"$ 17,452"},{"v":15595.5,"d":"$ 15,596"},0]
["12.12","Suministro e instalación de Dispensador De Papel Higiénico, Jumbo AyA Acero inoxidable REF:8-AA-845 de accesorios y acabados.- Todos los baños","Un",{"v":7,"d":"7.00"},{"v":254933.7,"d":"$ 254,934"},{"v":17451.70247498732,"d":"$ 17,452"},{"v":25493.370000000003,"d":"$ 25,493"},0]
["12.13","Suministro e instalación de Secador De Manos eléctrico Sensor Acero Inoxidable 110v Institucional Código 571644 de Homecenter.. (No incluye punto E.) - Todos los baños","Un",{"v":6,"d":"6.00"},{"v":932289,"d":"$ 932,289"},{"v":62826.12890995435,"d":"$ 62,826"},{"v":93228.90000000001,"d":"$ 93,229"},0]
["12.14","Suministro e instalación de Extractor Baño Silent Design300 Bajo Consumo Modelo SILENTDESIGN300 Código 478546 de Soler Y Palau en Homecenter - Todos los baños","Un",{"v":6,"d":"6.00"},{"v":610389,"d":"$ 610,389"},{"v":69806.80989994928,"d":"$ 69,807"},{"v":61038.9,"d":"$ 61,039"},0,{"$nulls":3},"PORTOBELO 135 CONTRATO"]
["12.15","Suministro e instalación Ducha Mono control Inna Mate Black, REF NN4010001 de Coronal. Bñ02 Hombres.","Un",{"v":1,"d":"1.00"},{"v":481497.04875,"d":"$ 481,497"},{"v":62196.9518379059,"d":"$ 62,197"},{"v":48149.704875,"d":"$ 48,150"},0]
["12.16","Suministro e instalación de Toallero Barra Koral Mate Black REF KR6215551 de Corona. Bñ02 Hombres.","Un",{"v":1,"d":"1.00"},{"v":126096,"d":"$ 126,096"},{"v":27922.723959979714,"d":"$ 27,923"},{"v":12609.6,"d":"$ 12,610"},0]
["12.17","Suministro e instalación de Jabonera Ducha Koral Mate Black REF KR6195551 de Corona. Bñ02 Hombres.","Un",{"v":1,"d":"1.00"},{"v":143412,"d":"$ 143,412"},{"v":24432.38346498225,"d":"$ 24,432"},{"v":12609.6,"d":"$ 12,610"},0]
["12.18","Suministro e instalación de Rejilla de piso ducha - Cárcamo de desagüe con sifón","Un",{"v":1,"d":"1.00"},{"v":155955,"d":"$ 155,955"},{"v":52355.10742496196,"d":"$ 52,355"},{"v":15595.5,"d":"$ 15,596"},0]
["12.19","Suministro e instalación de banca en madera 40x60cm - Tipo rejilla. Bñ02 Hombres","Un",{"v":1,"d":"1.00"},{"v":1713481,"d":"$ 1,713,481"}]
["12.20","Suministro e instalación de repisa en madera 30x60cm sobre sanitario - Bñ02 Hombres","Un",{"v":1,"d":"1.00"},{"v":458150,"d":"$ 458,150"},null,null,0]
["12.21","Suministro e instalación de división de vidrio para ducha laminado 3+3\ncierre traslapado 1,10x1,80 m -  Bñ02 Hombres. Incluye herrajes","Un",{"v":1,"d":"1.00"},{"v":1587177.9000000001,"d":"$ 1,587,178"},{"v":110189.13364412103,"d":"$ 110,189"},{"v":144288.9,"d":"$ 144,289"},0]
["Subtotal capítulo"]
[]
[13,"PINTURAS."]
["13.1","Suministro e instalación de estuco y pintura 2 manos en muro sobre pañete interior","m2",{"v":215.30929999999995,"d":"215.31"},{"v":12684.341236162289,"d":"$ 12,684"},{"v":12237.226110229043,"d":"$ 12,237"},{"v":531.2387003330001,"d":"$ 531"},0,{"$nulls":3},"PORTOBELO 135 CONTRATO"]
["13.2","Suministro e instalación de estuco y pintura 1 mano en muro sobre pañete interior (muro perimetral antepecho) ","mL",{"v":161.95999999999998,"d":"161.96"},{"v":7610.6047416973715,"d":"$ 7,611"},{"v":6611.781281753424,"d":"$ 6,612"},{"v":837.1665215867109,"d":"$ 837"},0,{"$nulls":3},"PORTOBELO 135 CONTRATO"]
["13.3","Suministro e instalación de pintura interior sobre pañete de recuperación. 2 manos. Placa contrapiso","m2",{"v":311.7020000000001,"d":"311.70"},{"v":16416.067500000005,"d":"$ 16,416"},{"v":7699.705993439043,"d":"$ 7,700"},{"v":2708.6511375000014,"d":"$ 2,709"},{"v":56.985729166666665,"d":"$ 57"},{"$nulls":3},"PORTOBELO 135 CONTRATO"]
["13.4","Suministro e instalación de pintura interior sobre pañete de recuperación. 2 manos.  Vigas y viguetas aéreas.","mL",1195.44,{"v":16416.067500000005,"d":"$ 16,416"},{"v":7699.705993439043,"d":"$ 7,700"},{"v":2708.6511375000014,"d":"$ 2,709"},{"v":56.985729166666665,"d":"$ 57"},{"$nulls":3},"PORTOBELO 135 CONTRATO"]
["13.5","Suministro e instalación de pintura interior sobre pañete Baños. Color azul","mL",54.33,{"v":7610.6047416973715,"d":"$ 7,611"},{"v":6611.781281753424,"d":"$ 6,612"},{"v":837.1665215867109,"d":"$ 837"},0]
["Subtotal capítulo"]
[]
[14,"CERRAJERÍA."]
["14.1","Cerradura manija baño Bari de Yale color negro, Para puertas de baño y cuarto de aseo y cocineta","Un",{"v":9,"d":"9.00"},{"v":216339,"d":"$ 216,339"},{"v":67538.08857820093,"d":"$ 67,538"},{"v":21633.9,"d":"$ 21,634"},0,{"$nulls":3},"PORTOBELO 135 CONTRATO"]
["14.2","Cerradura manija Lincoln color natural Entrada de Yale, para rack","Un",{"v":1,"d":"1.00"},{"v":181085.95500000002,"d":"$ 181,086"},{"v":26177.55371248098,"d":"$ 26,178"},{"v":18108.595500000003,"d":"$ 18,109"},0,{"$nulls":3},"PORTOBELO 135 CONTRATO"]
["Subtotal capítulo"]
[]
[15,"ASEO"]
["15.1","Aseo general de obra","m2",411.44,{"v":6221.387578051752,"d":"$ 6,221"},{"v":2633.6842239046177,"d":"$ 2,634"},{"$nulls":5},"PORTOBELO 135 CONTRATO"]
["Subtotal capítulo","Subtotal capítulo"]
[]
[]
[]
[null,"TOTAL COSTOS DIRECTOS",{"$nulls":7},0]
[null,"ADMINISTRACION  %",{"$nulls":7},0]
[null,"IMPREVISTOS DE OBRA %",{"$nulls":7},0]
[null,"UTILIDAD %",{"$nulls":7},0]
[{"$nulls":9},0]
[null,"TOTAL PRESUPUESTO ADECUACIÓN OFICINA",{"$nulls":7},0]

{"sheet":"ELECTRICO","index":1,"n_rows":67,"n_cols":7,"rows_kept":67,"merged":[[0,0,0,4],[2,0,2,5],[3,0,3,5],[6,1,6,5],[12,0,12,4],[13,0,13,5],[14,1,14,5],[27,0,27,4],[28,0,28,5],[29,1,29,5],[36,0,36,4],[37,0,37,5],[38,1,38,5],[47,0,47,4],[48,0,48,5],[49,1,49,5],[53,0,53,4],[54,0,54,5],[55,1,55,5],[60,0,60,4],[61,0,61,5]]}
["PRESUPUESTO DE OBRA ADECUACIÓN OFICINAS CONSEJO NACIONAL DE TÉCNICOS ELECTRICISTAS."]
[null,"COSTOS DIRECTOS E INDIRECTOS PRESUPUESTO ELECTRICO",null,null,"FECHA: ",{"$f":"TODAY()","v":"2023-10-26"}]
[]
[]
["No.","CAPITULO","Un.","CANTIDAD","VALOR UNITARIO ","TOTAL"]
[]
[1,"SALIDAS PARA TOMAS"]
["1,1","SALIDA PARA TOMACORRIENTE NORMAL INCLUYE SUS RESPECTIVOS ELEMENTOS DE UNION Y FIJACION PARA CANALETA","Un.",97,null,null,{"v":40349,"d":"$ 40,349"}]
["1,2","SALIDA PARA TOMA REGULADA INCLUYE SUS RESPECTIVOS ELEMENTOS DE UNION Y FIJACION\nPARA CANALETA","Un.",61]
["1,3","SALIDA PARA TOMA GFCI INCLUYE SUS RESPECTIVOS ELEMENTOS DE UNION Y FIJACION PARA CANALETA","Un.",3,null,null,{"v":155188,"d":"$ 155,188"}]
["1,4","CANALETA PARA SALIDAS DE TOMAS NORMALES ,REGULAS , VOZ ,DATOS Y DERIVACIONES,INCLUYE SUS RESPECTIVOS ELEMENTOS DE UNION Y FIJACION PARA CANALETA","mL",{"v":169.31,"d":"169.3"}]
["1,5","BANDEJA PORTACABLES INCLUYE SUS RESPECTIVOS ELEMENTOS DE UNION Y FIJACION PARA CANALETA (TIPO MALLA)","mL",62.4]
["Subtotal capítulo"]
[]
[2,"SALIDA PARA ILUMINACION"]
["2.1","SALIDA PARA ALUMBRADO - TUBO LED 20W,INCLUYE SUS RESPETIVOS ELEMENTOS DE UNION , FIJACION Y SU RESPECTIVO DRIVER - Lámpara Lineal LED de Descolgar Negra (naranja)  Infinity 3535","Un.",65]
["2.2","SALIDA PARA ALUMBRADO - TIPO GALERIA CIRCULACION 6W ,INCLUYE SUS RESPECTIVOS ELEMENTOS DE UNION , FJACION Y SU RESPETIVO DRIVER - Spot Led Led Riel 3000Lm 30W Luz Blanca Negro","Un.",51,null,null,{"v":73869,"d":"$ 73,869"}]
["2.3","SALIDA PARA ALUMBRADO - DESCOLGADAS CAFETERIA Y MUEBLES ALTO 6W,INCLUYE SUS RESPECTIVOS ELEMENTOS DE UNION , FJACION Y SU RESPECTIVO DRIVER - Lámpara Capri Colgante CO1","Un.",26]
["2.4","SALIDA PARA ALUMBRADO - BAÑOS 6W,INCLUYE SUS RESPECTIVOS ELEMENTOS DE UNION, FIJACION Y SU RESPECTIVO DRIVER - Spot Led Led Riel 3000Lm 30W Luz Blanca Negro","Un.",16]
["2.5","SALIDA PARA ALUMBRADO - RECEPCIPCION BALA REDONDA DE 6W INCLUYE SUS RESPECTIVOS ELEMENTOS DE UNION , FJACION Y DRIVER - Spot Led Empotrar 3 Tonos Luz Cálida 6W","Un.",7]
["2.6","SALIDA PARA ALUMBRADO -RECEPCION DESCOLGADA DE 6W INCLUYE SUS RESPECTIVOS ELEMENTOS DE UNION , FJACION Y DRIVER - Lámpara Milano 25 Colgante CO1 negra","Un.",3]
["2.7","SALIDA PARA SEÑALES DE EMERGENCIA INCLUYE SUS RESPECTIVOS ELEMENTOS DE UNION , FJACION Y DRIVER 21,56 [m]","Un.",4]
["2.8","INSTALACION DE LUMINARIAS INCLUYE SUS RESPECTIVOS ELEMENTOS DE UNION , FJACION","Un.",172]
["2.9","INSTALACION DE INTERRUPTOR SENCILLO INCLUYE SUS RESPECTIVOS ELEMENTOS DE UNION , FJACION","Un.",16,null,null,{"v":77594,"d":"$ 77,594"}]
["2.10","INSTALACION DE INTERRUPTOR DOBLE INCLUYE SUS RESPECTIVOS ELEMENTOS DE UNION , FJACION","Un.",7,null,null,{"v":81194,"d":"$ 81,194"}]
["2.11","INSTALACION DE INTERRUPTOR TRIPLE INCLUYE SUS RESPECTIVOS ELEMENTOS DE UNION , FJACION,","Un.",1]
["2.12","TUBERIA EMT 3/4 \" INCLUYE SUS RESPECTIVOS ELEMENTOS DE UNION , FJACION","mL",285.4]
["Subtotal capítulo"]
[]
[3,"TABLEROS Y GABINETES"]
["3.1","TABLERO PRINCIPAL PISO 9 - 36 CIRCUITOS CON ESPACIO PARA TOTAIZADOR INCLUYE SUS RESPECTIVOS ELEMENTOS DE UNION Y FIJACION","Un.",1,null,null,{"v":1551875,"d":"$ 1,551,875"}]
["3.2","TABLERO REGULADO - 12 CIRCUITOS SIN ESPACIO PARA TOTAIZADOR INCLUYE SUS RESPECTIVOS ELEMENTOS DE UNION Y FIJACION","Un.",1,null,null,{"v":1148388,"d":"$ 1,148,388"}]
["3.3","RACK DE COMUNICACIONES 24U","Un.",1]
["3.4","INTERRUPTOR ENCHUFABLE DE 1X20A","Un.",24]
["3.5","INTERRUPTOR ENCHUFABLE DE 1X30A","Un.",1]
["3.6","INTERRUPTOR ENCHUFABLE DE 1X50A","Un.",1]
["Subtotal capítulo"]
[]
[4,"COMUNICACIONES"]
["4.1","SALIDA PARA DATOS INCLUYE SUS RESPECTIVOS ELEMENTOS DE UNION Y FIJACION PARA CANALETA","Un",57,null,null,{"v":67662,"d":"$ 67,662"}]
["4.2","SALIDA DE CAMARAS DE SEGURIDAD INCLUYE SUS RESPECTIVOS ELEMENTOS DE UNION Y FIJACION PARA CANALETA","Un",18]
["4.3","SALIDA DE ACCESS POINT INCLUYE SUS RESPECTIVOS ELEMENTOS DE UNION Y FIJACION","Un",5]
["4.4","SALIDA PARA VOZ INCLUYE SUS RESPECTIVOS ELEMENTOS DE UNION Y FIJACION PARA CANALETA","Un",14,null,null,{"v":67663,"d":"$ 67,663"}]
["4.5","LONGITUD TOTAL ACCESS POINT","ml",75.35]
["4.6","LONGITUD TOTAL CAMARAS DE SEGURIDAD","ml",147.29]
["4.7","LONGITUD TOTAL VOZ Y DATOS","ml",377.54]
["4.8","BY PASS CON 2 INTERRUPTORES AUTOMATICOS Y ENCLAVAMIENTO MANUAL","Un",1,null,null,{"v":2917525,"d":"$ 2,917,525"}]
["Subtotal capítulo"]
[]
[5,"ACOMETIDAS"]
["5.1","DESDE EL PUNTO DE CONEXIÓN PRINCIPAL DEL PISO NUEVE SE DERIVA HACIA\nEL TABLERO DE DISTRIBUCION T-9P EN 3X1/0 + 1/0 + 6T CU LSZH,CON DUCTO\nDE 2\"","mL",15,null,null,{"v":49039,"d":"$ 49,039"}]
["5.2","ACOMETIDA CON CABLE TRENZADO 3X12","mL",900,null,null,{"v":49039,"d":"$ 49,039"}]
["5.3","DEL TABLERO TP-9 SE DERIVA HASTA EL TABLERO TR EN 3X8 + 8 + 10T CU LSZH\nCON DCUTO DE 1\"","mL",8,null,null,{"v":49039,"d":"$ 49,039"}]
["Subtotal capítulo"]
[]
[6,"VARIOS"]
["6.1","PROVISIONALES DE OBRA","Gb",1]
["6.2","PLANOS RECORD",1,1]
["6.3","DISEÑO ELECTRICO","Un.",1]
["6.4","CERTIFICACION RETIE","Un.",1]
["Subtotal capítulo"]
[]
[null,"TOTAL COSTOS DIRECTOS"]
[null,"ADMINISTRACION  %"]
[null,"IMPREVISTOS DE OBRA %"]
[null,"UTILIDAD %"]
[null,"TOTAL PRESUPUESTO ELECTRICO"]

{"sheet":"HIDRAULICO","index":2,"n_rows":48,"n_cols":6,"rows_kept":48,"merged":[[0,0,0,4],[2,0,2,5],[3,0,3,5],[6,1,6,6],[7,0,7,4],[8,0,8,5],[9,1,9,6],[13,0,13,4],[14,0,14,5],[15,1,15,6],[20,0,20,4],[21,0,21,5],[22,1,22,6],[27,0,27,4],[29,1,29,6],[32,0,32,4],[33,0,33,5],[34,1,34,6],[40,0,40,4],[41,0,41,5],[42,0,42,5]]}
["PRESUPUESTO DE OBRA ADECUACIÓN OFICINAS CONSEJO NACIONAL DE TÉCNICOS ELECTRICISTAS."]
[null,"COSTOS DIRECTOS E INDIRECTOS PRESUPUESTO HIDROSANITARIO",null,null,"FECHA: ",{"$f":"TODAY()","v":"2023-10-26"}]
[]
[]
["No.","CAPITULO","Un.","CANTIDAD","VALOR UNITARIO ","TOTAL"]
[]
[1,"CAJILLA PARA MEDIDORES"]
["Subtotal capítulo"]
[]
[2,"RED GENERAL DE AGUA FRIA"]
["2.1","TUBERIA PVC-P 3/4\"","ML",44.56]
["2.2","ACCESORIO PVC-P 3/4\"","UN",47]
["2.3","VÁLVULA PASO DIRECTO 1/2\"","UN",4]
["Subtotal capítulo"]
[]
[3,"PUNTOS HIDRAULICOS DE AGUA FRIA"]
["3.1","SANITARIO 1/2\"","UN",11]
["3.2","LAVAMANOS 1/2\"","UN",9]
["3.3","DUCHA 1/2\"","UN",1]
["3.4","LAVAPLATOS 1/2\"","UN",2]
["Subtotal capítulo"]
[]
[4,"PUNTOS SANITARIOS"]
["4.1","SANITARIO 1/2\"","UN",11]
["4.2","LAVAMANOS 1/2\"","UN",9]
["4.3","DUCHA 1/2\"","UN",1]
["4.4","LAVAPLATOS 1/2\"","UN",2]
["Subtotal capítulo"]
[{"$nulls":5},{"$f":"D29*E29","v":0}]
[5,"RED GENERAL AGUAS NEGRAS"]
["5.1","TUBERIA PVC-S 2\"","ML",43.959999999999994]
["5.2","ACCESORIO PVC-S 2\"","UN",41]
["Subtotal capítulo"]
[]
[6,"MONTAJE DE APARATOS"]
["6.1","SANITARIO","UN",11]
["6.2","LAVAMANOS","UN",9]
["6.3","DUCHA","UN",1]
["6.4","LAVAPLATOS","UN",2]
["6.5","SUMINISTRO E INSTALACION TAPAREGISTROS","UN",9]
["Subtotal capítulo"]
[]
[]
[null,"TOTAL COSTOS DIRECTOS"]
[null,"ADMINISTRACION  %"]
[null,"IMPREVISTOS DE OBRA %"]
[null,"UTILIDAD %"]
[null,"TOTAL PRESUPUESTO HIDRAULICO"]

{"sheet":"PTO ELECTRICO","index":3,"n_rows":114,"n_cols":13,"rows_kept":114,"hidden":true,"merged":[[0,2,2,3]]}
["OBJETO","REDES ELECTRICAS Y RITEL "]
["PROYECTO","EDIFICIO DRESDEN"]
["INGENIERO ","MIGUEL ARCINIEGAS",{"$nulls":8},"VR TOTAL CAPITULO","VR MATERIAL CAPITULO","VR M/O CAPITULO"]
[1,"RED ELECTRICA INTERNA APARTAMENTOS","UNIDAD","CANTIDAD","VR. UN. MATERIAL","VR. PARCIAL  MATERIAL ","VR. UN. M/O","VR. PARCIAL M/0","VR. UNITARIO MAT + M/O","VR. PARCIAL ",{"$f":"SUM(J5:J13)","v":{"v":54116687.831354655,"d":"$ 54,116,687.83"}},{"$f":"SUM(F5:F13)","v":{"v":32175531.164688,"d":"$ 32,175,531.16"}},{"$f":"SUM(H5:H13)","v":{"v":21941156.666666668,"d":"$ 21,941,156.67"}}]
[1.01,"SALIDA PARA LUMINARIA LED DE INCRUSTAR 120V / 9W INCLUYE: TUBERIA PVC SCH40- ALAMBRE 12 - CAJAS OCTOGONALES - ENCAUCHETADO 3X12 - PRENSAESTOPA - TAPA CIEGA ACCESORIOS DE INSTALACION, NO INCLUYE SUMINISTRO E INSTALACION DE APARATO","U",252,{"v":34634.146844,"d":"$ 34,634.15"},{"$f":"E5*D5","v":{"v":8727805.004688,"d":"$ 8,727,805.00"}},{"v":32173.75,"d":"$ 32,173.75"},{"$f":"G5*D5","v":{"v":8107785,"d":"$ 8,107,785.00"}},{"v":66807.896844,"d":"$ 66,807.90"},{"$f":"I5*D5","v":{"v":16835590.004688002,"d":"$ 16,835,590.00"}}]
[1.02,"SALIDA PARA TOMACORRIENTE DOBLE 120V / P/T INCLUYE: TUBERIA PVC TIPO A- ALAMBRE 12 - CAJAS 5800-2400 - ACCESORIOS DE INSTALACION - TOMACORRIENTE GENESIS","U",220,{"v":36075.93,"d":"$ 36,075.93"},{"$f":"E6*D6","v":{"v":7936704.6,"d":"$ 7,936,704.60"}},{"v":32173.75,"d":"$ 32,173.75"},{"$f":"G6*D6","v":{"v":7078225,"d":"$ 7,078,225.00"}},{"v":68249.68,"d":"$ 68,249.68"},{"v":15014929.599999998,"d":"$ 15,014,929.60"}]
[1.03,"SALIDA PARA TOMACORRIENTE DOBLE 120V / GFCI INCLUYE: TUBERIA PVC TIPO A- ALAMBRE 12 - CAJAS 5800-2400 - ACCESORIOS DE INSTALACION - TOMACORIENTE GFCI GENESIS","U",76,{"v":89758.68,"d":"$ 89,758.68"},{"v":6821659.68,"d":"$ 6,821,659.68"},{"v":32173.75,"d":"$ 32,173.75"},{"v":2445205,"d":"$ 2,445,205.00"},{"v":121932.43,"d":"$ 121,932.43"},{"v":9266864.68,"d":"$ 9,266,864.68"}]
[1.04,"SALIDA PARA EXTRACTOR 120V / GFCI INCLUYE: TUBERIA PVC TIPO A- ALAMBRE 12 - CAJAS 5800-2400 - ACCESORIOS DE INSTALACION - TOMACORIENTE GFCI GENESIS - EMPALMES SUMERGIBLES","U",24,{"v":197668.68,"d":"$ 197,668.68"},{"v":4744048.32,"d":"$ 4,744,048.32"},{"v":32173.75,"d":"$ 32,173.75"},{"v":772170,"d":"$ 772,170.00"},{"v":229842.43,"d":"$ 229,842.43"},{"v":5516218.32,"d":"$ 5,516,218.32"}]
[1.05,"SALIDA PARA INTERRUPTOR SENCILLO INCLUYE: TUBERIA PVC TIPO A- ALAMBRE 12 - CAJAS 5800-2400 - ACCESORIOS DE INSTALACION - INTERRUPTOR SENCILLO GENESIS","U",76,{"v":24583.68,"d":"$ 24,583.68"},{"v":1868359.68,"d":"$ 1,868,359.68"},{"v":32173.75,"d":"$ 32,173.75"},{"v":2445205,"d":"$ 2,445,205.00"},{"v":56757.43,"d":"$ 56,757.43"},{"v":4313564.68,"d":"$ 4,313,564.68"}]
[1.06,"SALIDA PARA INTERRUPTOR DOBLE INCLUYE: TUBERIA PVC TIPO A- ALAMBRE 12 - CAJAS 5800-2400 - ACCESORIOS DE INSTALACION - INTERRUPTOR DOBLE GENESIS","U",12,{"v":30069.93,"d":"$ 30,069.93"},{"v":360839.16000000003,"d":"$ 360,839.16"},{"v":32173.75,"d":"$ 32,173.75"},{"v":386085,"d":"$ 386,085.00"},{"v":62243.68,"d":"$ 62,243.68"},{"v":746924.16,"d":"$ 746,924.16"}]
[1.07,"SALIDA PARA INTERRUPTOR TRIPLE INCLUYE: TUBERIA PVC TIPO A- ALAMBRE 12 - CAJAS 5800-2400 - ACCESORIOS DE INSTALACION - INTERRUPTOR TRIPLE GENESIS","U",4,{"v":36628.68,"d":"$ 36,628.68"},{"v":146514.72,"d":"$ 146,514.72"},{"v":32173.75,"d":"$ 32,173.75"},{"v":128695,"d":"$ 128,695.00"},{"v":68802.43,"d":"$ 68,802.43"},{"v":275209.72,"d":"$ 275,209.72"}]
[1.08,"TABLERO MONOFASICO SEIS CIRCUITOS 120V","U",16,{"v":56100,"d":"$ 56,100.00"},{"v":897600,"d":"$ 897,600.00"},{"v":14471.666666666668,"d":"$ 14,471.67"},{"v":231546.6666666667,"d":"$ 231,546.67"},{"v":70571.66666666667,"d":"$ 70,571.67"},{"v":1129146.6666666667,"d":"$ 1,129,146.67"}]
[1.09,"BREAKER TIPO ENCHUFABLE 1X20 A 10kA","U",64,{"v":10500,"d":"$ 10,500.00"},{"v":672000,"d":"$ 672,000.00"},{"v":5410,"d":"$ 5,410.00"},{"v":346240,"d":"$ 346,240.00"},{"v":15910,"d":"$ 15,910.00"},{"v":1018240,"d":"$ 1,018,240.00"}]
[2,"RED RITEL INTERNA APARTAMENTOS",null,null,"VR. UN. MATERIAL","VR. PARCIAL  MATERIAL ","VR. UN. M/O","VR. PARCIAL M/0","VR. UNITARIO MAT + M/O","VR. PARCIAL ",{"$f":"SUM(J15:J17)","v":{"v":6261703.666666667,"d":"$ 6,261,703.67"}},{"$f":"SUM(F15:F17)","v":{"v":4357122,"d":"$ 4,357,122.00"}},{"$f":"SUM(H15:H17)","v":{"v":1904581.6666666667,"d":"$ 1,904,581.67"}}]
[2.01,"SALIDA PARA TOMA DE USUARIO INCLUYE: TUBERIA PVC 1D3/4\", UNA CAJA TOMA DE USUARIO Y PLACA CIEGA","U",20,{"v":29518.5,"d":"$ 29,518.50"},{"v":590370,"d":"$ 590,370.00"},{"v":32173.75,"d":"$ 32,173.75"},{"v":643475,"d":"$ 643,475.00"},{"v":61692.25,"d":"$ 61,692.25"},{"$f":"I15*D15","v":{"v":1233845,"d":"$ 1,233,845.00"}}]
[2.02,"SALIDA PARA TOMA DE USUARIO INCLUYE: TUBERIA PVC 2D3/4\", TRES CAJAS TOMA DE USUARIO Y PLACA CIEGA","U",32,{"v":80586,"d":"$ 80,586.00"},{"v":2578752,"d":"$ 2,578,752.00"},{"v":32173.75,"d":"$ 32,173.75"},{"v":1029560,"d":"$ 1,029,560.00"},{"v":112759.75,"d":"$ 112,759.75"},{"$f":"I16*D16","v":{"v":3608312,"d":"$ 3,608,312.00"}}]
[2.03,"PUNTO DE ACCESO A USUARIO DE ACUERDO A NORMA RITEL","U",16,{"v":74250,"d":"$ 74,250.00"},{"v":1188000,"d":"$ 1,188,000.00"},{"v":14471.666666666668,"d":"$ 14,471.67"},{"v":231546.6666666667,"d":"$ 231,546.67"},{"v":88721.66666666667,"d":"$ 88,721.67"},{"$f":"I17*D17","v":{"v":1419546.6666666667,"d":"$ 1,419,546.67"}}]
[3,"ACOMETIDAS ELECTRICAS APARTAMENTOS - ZONAS COMUNES",null,null,"VR. UN. MATERIAL","VR. PARCIAL  MATERIAL ","VR. UN. M/O","VR. PARCIAL M/0","VR. UNITARIO MAT + M/O","VR. PARCIAL ",{"$f":"SUM(J19:J32)","v":{"v":22317616.149999995,"d":"$ 22,317,616.15"}},{"$f":"SUM(F19:F32)","v":{"v":17567256.15,"d":"$ 17,567,256.15"}},{"$f":"SUM(H19:H32)","v":{"v":4750359.999999999,"d":"$ 4,750,360.00"}}]
[3.01,"ACOMETIDA ELECTRICA EN 1X6+1X8+1X8T Cu + 1D1\" EMT/PVC APTOS","M",290,{"v":46774.2,"d":"$ 46,774.20"},{"v":13564518,"d":"$ 13,564,518.00"},{"v":13305,"d":"$ 13,305.00"},{"v":3858450,"d":"$ 3,858,450.00"},{"v":60079.2,"d":"$ 60,079.20"},{"$f":"I19*D19","v":{"v":17422968,"d":"$ 17,422,968.00"}}]
[3.02,"CAJA METALICA 50X50X20 INCLUYE ACCESORIOS DE INSTALACION","U",2,{"v":94070.625,"d":"$ 94,070.63"},{"v":188141.25,"d":"$ 188,141.25"},{"v":16805,"d":"$ 16,805.00"},{"v":33610,"d":"$ 33,610.00"},{"v":110875.625,"d":"$ 110,875.63"},{"v":221751.25,"d":"$ 221,751.25"}]
[3.03,"CAJA METALICA 40X40X20 INCLUYE ACCESORIOS DE INSTALACION","U",2,{"v":76745.625,"d":"$ 76,745.63"},{"v":153491.25,"d":"$ 153,491.25"},{"v":16805,"d":"$ 16,805.00"},{"v":33610,"d":"$ 33,610.00"},{"v":93550.625,"d":"$ 93,550.63"},{"v":187101.25,"d":"$ 187,101.25"}]
[3.04,"CAJA METALICA 30X30X20 INCLUYE ACCESORIOS DE INSTALACION","U",2,{"v":59833.125,"d":"$ 59,833.13"},{"v":119666.25,"d":"$ 119,666.25"},{"v":16805,"d":"$ 16,805.00"},{"v":33610,"d":"$ 33,610.00"},{"v":76638.125,"d":"$ 76,638.13"},{"v":153276.25,"d":"$ 153,276.25"}]
[3.05,"CAJA METALICA 20X20X10 INCLUYE ACCESORIOS DE INSTALACION","U",6,{"v":36320.625,"d":"$ 36,320.63"},{"v":217923.75,"d":"$ 217,923.75"},{"v":8638.333333333334,"d":"$ 8,638.33"},{"v":51830,"d":"$ 51,830.00"},{"v":44958.958333333336,"d":"$ 44,958.96"},{"v":269753.75,"d":"$ 269,753.75"}]
[3.06,"ACOMETIDA ELECTRICA EN 3X4+1X6+1X6T Al + 1D1 1/4\" EMT/PVC TRGZC-TGZC","M",12,{"v":54763.91249999999,"d":"$ 54,763.91"},{"v":657166.95,"d":"$ 657,166.95"},{"v":13305,"d":"$ 13,305.00"},{"v":159660,"d":"$ 159,660.00"},{"v":68068.91249999999,"d":"$ 68,068.91"},{"v":816826.95,"d":"$ 816,826.95"}]
[3.07,"ACOMETIDA ELECTRICA EN 1X8+1X8+1X10T Cu + 1D1\" EMT/PVC SETI","M",4,{"v":41749.95,"d":"$ 41,749.95"},{"v":166999.8,"d":"$ 166,999.80"},{"v":9805,"d":"$ 9,805.00"},{"v":39220,"d":"$ 39,220.00"},{"v":51554.95,"d":"$ 51,554.95"},{"v":206219.8,"d":"$ 206,219.80"}]
[3.08,"ACOMETIDA ELECTRICA EN 1X8+1X8+1X10T Cu + 1D1\" EMT/PVC SETS","M",22,{"$f":"E25","v":{"v":41749.95,"d":"$ 41,749.95"}},{"v":918498.8999999999,"d":"$ 918,498.90"},{"$f":"G25","v":{"v":9805,"d":"$ 9,805.00"}},{"v":215710,"d":"$ 215,710.00"},{"$f":"I25","v":{"v":51554.95,"d":"$ 51,554.95"}},{"v":1134208.9,"d":"$ 1,134,208.90"}]
[3.09,"TABLERO MONOFASICO SEIS CIRCUITOS 120V (SETI-SETS)","U",2,{"$f":"E12","v":{"v":56100,"d":"$ 56,100.00"}},{"v":112200,"d":"$ 112,200.00"},{"$f":"G12","v":{"v":14471.666666666668,"d":"$ 14,471.67"}},{"v":28943.333333333336,"d":"$ 28,943.33"},{"$f":"I12","v":{"v":70571.66666666667,"d":"$ 70,571.67"}},{"v":141143.33333333334,"d":"$ 141,143.33"}]
[3.1,"BREAKER TIPO ENCHUFABLE 1X20 A 10kA","U",14,{"$f":"E13","v":{"v":10500,"d":"$ 10,500.00"}},{"v":147000,"d":"$ 147,000.00"},{"$f":"G13","v":{"v":5410,"d":"$ 5,410.00"}},{"v":75740,"d":"$ 75,740.00"},{"$f":"I13","v":{"v":15910,"d":"$ 15,910.00"}},{"v":222740,"d":"$ 222,740.00"}]
[3.11,"TABLERO TRIFASICO TREINTA CIRCUITOS 208/120V ESPACIO TOTALIZADOR PUERTA Y CHAPA (TGZC)","U",1,{"v":693000,"d":"$ 693,000.00"},{"v":693000,"d":"$ 693,000.00"},{"v":112433.33333333334,"d":"$ 112,433.33"},{"v":112433.33333333334,"d":"$ 112,433.33"},{"v":805433.3333333334,"d":"$ 805,433.33"},{"v":805433.3333333334,"d":"$ 805,433.33"}]
[3.12,"BREAKER TIPO INDUSTRIAL 60A 25kA","U",1,{"v":254100,"d":"$ 254,100.00"},{"v":254100,"d":"$ 254,100.00"},{"v":47383.333333333336,"d":"$ 47,383.33"},{"v":47383.333333333336,"d":"$ 47,383.33"},{"v":301483.3333333333,"d":"$ 301,483.33"},{"v":301483.3333333333,"d":"$ 301,483.33"}]
[3.13,"BREAKER TIPO ENCHUFABLE 3X20A 10kA","U",5,{"v":56925,"d":"$ 56,925.00"},{"v":284625,"d":"$ 284,625.00"},{"v":10026.666666666668,"d":"$ 10,026.67"},{"v":50133.33333333334,"d":"$ 50,133.33"},{"v":66951.66666666667,"d":"$ 66,951.67"},{"v":334758.3333333334,"d":"$ 334,758.33"}]
[3.14,"BREAKER TIPO ENCHUFABLE 3X60A 10kA","U",1,{"v":89925,"d":"$ 89,925.00"},{"v":89925,"d":"$ 89,925.00"},{"v":10026.666666666668,"d":"$ 10,026.67"},{"v":10026.666666666668,"d":"$ 10,026.67"},{"v":99951.66666666667,"d":"$ 99,951.67"},{"v":99951.66666666667,"d":"$ 99,951.67"}]
[4,"RED RITEL DISTRIBUCION",null,null,"VR. UN. MATERIAL","VR. PARCIAL  MATERIAL ","VR. UN. M/O","VR. PARCIAL M/0","VR. UNITARIO MAT + M/O","VR. PARCIAL ",{"$f":"SUM(J34:J43)","v":{"v":6876830.998333335,"d":"$ 6,876,831.00"}},{"$f":"SUM(F34:F43)","v":{"v":5370667.665000001,"d":"$ 5,370,667.67"}},{"$f":"SUM(H34:H43)","v":{"v":1506163.3333333335,"d":"$ 1,506,163.33"}}]
[4.01,"GABINETE DE PISO DE ACUERDO A NORMA RITEL","U",4,{"v":206250,"d":"$ 206,250.00"},{"v":825000,"d":"$ 825,000.00"},{"v":16805,"d":"$ 16,805.00"},{"v":67220,"d":"$ 67,220.00"},{"v":223055,"d":"$ 223,055.00"},{"$f":"I34*D34","v":{"v":892220,"d":"$ 892,220.00"}}]
[4.02,"CANALIZACION DISPERSION 2D3/4\" PVC ","M",76,{"v":6270,"d":"$ 6,270.00"},{"v":476520,"d":"$ 476,520.00"},{"v":3046.666666666667,"d":"$ 3,046.67"},{"v":231546.6666666667,"d":"$ 231,546.67"},{"v":9316.666666666668,"d":"$ 9,316.67"},{"v":708066.6666666667,"d":"$ 708,066.67"}]
[4.03,"CANALIZACION DISTRIBUCION 3D2\" PVC","M",3.5,{"v":24535.5,"d":"$ 24,535.50"},{"v":85874.25,"d":"$ 85,874.25"},{"v":4213.333333333334,"d":"$ 4,213.33"},{"v":14746.666666666668,"d":"$ 14,746.67"},{"v":28748.833333333336,"d":"$ 28,748.83"},{"v":100620.91666666667,"d":"$ 100,620.92"}]
[4.04,"CANALIZACION DISTRIBUCION 2D2\" PVC","M",11,{"v":16813.5,"d":"$ 16,813.50"},{"v":184948.5,"d":"$ 184,948.50"},{"v":4213.333333333334,"d":"$ 4,213.33"},{"v":46346.66666666667,"d":"$ 46,346.67"},{"v":21026.833333333336,"d":"$ 21,026.83"},{"v":231295.1666666667,"d":"$ 231,295.17"}]
[4.05,"CANALIZACION ENLACE SUPERIOR EN 2D 1 1/2\" IMC- INCLUYE CAPACETE","M",2,{"v":115772.25,"d":"$ 115,772.25"},{"v":231544.5,"d":"$ 231,544.50"},{"v":34616.66666666667,"d":"$ 34,616.67"},{"v":69233.33333333334,"d":"$ 69,233.33"},{"v":150388.9166666667,"d":"$ 150,388.92"},{"v":300777.8333333334,"d":"$ 300,777.83"}]
[4.06,"CANALIZACION DE ENLACE INFERIOR EN 2D3\" EMT","M",12,{"v":166007.325,"d":"$ 166,007.33"},{"v":1992087.9000000001,"d":"$ 1,992,087.90"},{"v":41213.333333333336,"d":"$ 41,213.33"},{"v":494560,"d":"$ 494,560.00"},{"v":207220.65833333335,"d":"$ 207,220.66"},{"v":2486647.9000000004,"d":"$ 2,486,647.90"}]
[4.07,"CAJA METALICA 80X80X30 INCLUYE ACCESORIOS DE INSTALACION","U",2,{"v":181520.625,"d":"$ 181,520.63"},{"v":363041.25,"d":"$ 363,041.25"},{"v":41213.333333333336,"d":"$ 41,213.33"},{"v":82426.66666666667,"d":"$ 82,426.67"},{"v":222733.95833333334,"d":"$ 222,733.96"},{"v":445467.9166666667,"d":"$ 445,467.92"}]
[4.08,"CAJA METALICA 20X20X10 INCLUYE ACCESORIOS DE INSTALACION","U",1,{"$f":"E23","v":{"v":36320.625,"d":"$ 36,320.63"}},{"v":36320.625,"d":"$ 36,320.63"},{"$f":"G23","v":{"v":8638.333333333334,"d":"$ 8,638.33"}},{"v":8638.333333333334,"d":"$ 8,638.33"},{"$f":"I23","v":{"v":44958.958333333336,"d":"$ 44,958.96"}},{"v":44958.958333333336,"d":"$ 44,958.96"}]
[4.09,"CANALIZACION DE ENLACE INFERIOR EN 2D3\" PVC","M",1.5,{"v":36770.25,"d":"$ 36,770.25"},{"v":55155.375,"d":"$ 55,155.38"},{"v":14130,"d":"$ 14,130.00"},{"v":21195,"d":"$ 21,195.00"},{"v":50900.25,"d":"$ 50,900.25"},{"v":76350.375,"d":"$ 76,350.38"}]
[4.1,"CAMARA DE ENTRADA 0.7X1.2X1.2 METROS DE ACUERDO A RITEL","U",1,{"v":1120175.2650000001,"d":"$ 1,120,175.27"},{"v":1120175.2650000001,"d":"$ 1,120,175.27"},{"v":470250,"d":"$ 470,250.00"},{"v":470250,"d":"$ 470,250.00"},{"v":1590425.2650000001,"d":"$ 1,590,425.27"},{"v":1590425.2650000001,"d":"$ 1,590,425.27"}]
[5,"SALONES DE TELECOMUNICACIONES",null,null,"VR. UN. MATERIAL","VR. PARCIAL  MATERIAL ","VR. UN. M/O","VR. PARCIAL M/0","VR. UNITARIO MAT + M/O","VR. PARCIAL ",{"$f":"SUM(J45:J48)","v":{"v":1693173.45,"d":"$ 1,693,173.45"}},{"$f":"SUM(F45:F48)","v":{"v":689193.45,"d":"$ 689,193.45"}},{"$f":"SUM(H45:H48)","v":{"v":1003980,"d":"$ 1,003,980.00"}}]
[5.01,"ASESORIA OBRA CIVIL SETI","U",1,null,{"v":0,"d":"$ 0.00"},{"v":452666.6666666667,"d":"$ 452,666.67"},{"v":452666.6666666667,"d":"$ 452,666.67"},{"v":452666.6666666667,"d":"$ 452,666.67"},{"$f":"I45*D45","v":{"v":452666.6666666667,"d":"$ 452,666.67"}}]
[5.02,"ASESORIA OBRA CIVIL SETS","U",1,null,{"v":0,"d":"$ 0.00"},{"$f":"G45","v":{"v":452666.6666666667,"d":"$ 452,666.67"}},{"v":452666.6666666667,"d":"$ 452,666.67"},{"$f":"I45","v":{"v":452666.6666666667,"d":"$ 452,666.67"}},{"$f":"I46*D46","v":{"v":452666.6666666667,"d":"$ 452,666.67"}}]
[5.03,"CANALETA 10X5 CM PARA SETI-SETS INCLUYE ACCESORIOS DE INSTALACION","M",6,{"v":38817.075,"d":"$ 38,817.08"},{"v":232902.44999999998,"d":"$ 232,902.45"},{"v":10671.666666666666,"d":"$ 10,671.67"},{"v":64030,"d":"$ 64,030.00"},{"v":49488.74166666666,"d":"$ 49,488.74"},{"$f":"I47*D47","v":{"v":296932.44999999995,"d":"$ 296,932.45"}}]
[5.04,"MASTIL PARA ANTENA TDT EN 1D2\" IMC X 2MT INCLUYE ANCLAJE","U",1,{"v":456291,"d":"$ 456,291.00"},{"v":456291,"d":"$ 456,291.00"},{"v":34616.66666666667,"d":"$ 34,616.67"},{"v":34616.66666666667,"d":"$ 34,616.67"},{"v":490907.6666666667,"d":"$ 490,907.67"},{"$f":"I48*D48","v":{"v":490907.6666666667,"d":"$ 490,907.67"}}]
[6,"RED RITEL INTERNA ZONAS COMUNES",null,null,"VR. UN. MATERIAL","VR. PARCIAL  MATERIAL ","VR. UN. M/O","VR. PARCIAL M/0","VR. UNITARIO MAT + M/O","VR. PARCIAL ",{"$f":"SUM(J50:J54)","v":{"v":721129.9,"d":"$ 721,129.90"}},{"$f":"SUM(F50:F54)","v":{"v":570992.4,"d":"$ 570,992.40"}},{"$f":"SUM(H50:H54)","v":{"v":150137.5,"d":"$ 150,137.50"}}]
[6.01,"SALIDA PARA TOMA DE USUARIO INCLUYE: TUBERIA PVC 2D3/4\", TRES CAJAS TOMA DE USUARIO Y PLACA CIEGA","U",1,{"$f":"E16","v":{"v":80586,"d":"$ 80,586.00"}},{"v":80586,"d":"$ 80,586.00"},{"$f":"G16","v":{"v":32173.75,"d":"$ 32,173.75"}},{"v":32173.75,"d":"$ 32,173.75"},{"$f":"I16","v":{"v":112759.75,"d":"$ 112,759.75"}},{"$f":"I50*D50","v":{"v":112759.75,"d":"$ 112,759.75"}}]
[6.02,"SALIDA PARA TOMA DE USUARIO INCLUYE: TUBERIA PVC/EMT 2D3/4\", TRES CAJAS TOMA DE USUARIO Y PLACA CIEGA 35 METROS","U",1,{"v":297789.525,"d":"$ 297,789.53"},{"v":297789.525,"d":"$ 297,789.53"},{"v":73007.08333333334,"d":"$ 73,007.08"},{"v":73007.08333333334,"d":"$ 73,007.08"},{"v":370796.6083333334,"d":"$ 370,796.61"},{"$f":"I51*D51","v":{"v":370796.6083333334,"d":"$ 370,796.61"}}]
[6.03,"PUNTO DE ACCESO A USUARIO DE ACUERDO A NORMA RITEL","U",1,{"$f":"E17","v":{"v":74250,"d":"$ 74,250.00"}},{"v":74250,"d":"$ 74,250.00"},{"$f":"G17","v":{"v":14471.666666666668,"d":"$ 14,471.67"}},{"v":14471.666666666668,"d":"$ 14,471.67"},{"$f":"I17","v":{"v":88721.66666666667,"d":"$ 88,721.67"}},{"$f":"I52*D52","v":{"v":88721.66666666667,"d":"$ 88,721.67"}}]
[6.04,"CANALIZACION DISPERSION 2D3/4\" PVC ","M",1.5,{"$f":"E35","v":{"v":6270,"d":"$ 6,270.00"}},{"v":9405,"d":"$ 9,405.00"},{"$f":"G35","v":{"v":3046.666666666667,"d":"$ 3,046.67"}},{"v":4570,"d":"$ 4,570.00"},{"$f":"I35","v":{"v":9316.666666666668,"d":"$ 9,316.67"}},{"$f":"I53*D53","v":{"v":13975.000000000002,"d":"$ 13,975.00"}}]
[6.05,"CAJA METALICA 20X20X10 INCLUYE ACCESORIOS DE INSTALACION","U",3,{"$f":"E41","v":{"v":36320.625,"d":"$ 36,320.63"}},{"v":108961.875,"d":"$ 108,961.88"},{"$f":"G41","v":{"v":8638.333333333334,"d":"$ 8,638.33"}},{"v":25915,"d":"$ 25,915.00"},{"$f":"I23","v":{"v":44958.958333333336,"d":"$ 44,958.96"}},{"$f":"I54*D54","v":{"v":134876.875,"d":"$ 134,876.88"}}]
[7,"SIPRA Y SISTEMA A TIERRA",null,null,"VR. UN. MATERIAL","VR. PARCIAL  MATERIAL ","VR. UN. M/O","VR. PARCIAL M/0","VR. UNITARIO MAT + M/O","VR. PARCIAL ",{"$f":"SUM(J56:J62)","v":{"v":15952554.191666666,"d":"$ 15,952,554.19"}},{"$f":"SUM(F56:F62)","v":{"v":14313950.025,"d":"$ 14,313,950.03"}},{"$f":"SUM(H56:H62)","v":{"v":1638604.166666667,"d":"$ 1,638,604.17"}}]
[7.01,"SISTEMA A TIERRA EL CUAL INCLUYE: VARILLA Cu 100% 2.44M - SOLDADURA 115g - CABLE DESNUDO 2/0 - CAJA DE INSPECCION 30X30","U",1,{"v":2133408.75,"d":"$ 2,133,408.75"},{"v":2133408.75,"d":"$ 2,133,408.75"},{"v":162766.6666666667,"d":"$ 162,766.67"},{"v":162766.6666666667,"d":"$ 162,766.67"},{"v":2296175.4166666665,"d":"$ 2,296,175.42"},{"$f":"I56*D56","v":{"v":2296175.4166666665,"d":"$ 2,296,175.42"}}]
[7.02,"CABLE DESNUDO 2/0 SISTEMA A TIERRA ","M",80,{"v":51108.75,"d":"$ 51,108.75"},{"v":4088700,"d":"$ 4,088,700.00"},{"v":8238.333333333334,"d":"$ 8,238.33"},{"v":659066.6666666667,"d":"$ 659,066.67"},{"v":59347.083333333336,"d":"$ 59,347.08"},{"v":4747766.666666667,"d":"$ 4,747,766.67"}]
[7.03,"CAJA DE INSPECCION 30X30 PARA SISTEMA A TIERRA","U",2,{"v":327855,"d":"$ 327,855.00"},{"v":655710,"d":"$ 655,710.00"},{"v":45583.333333333336,"d":"$ 45,583.33"},{"v":91166.66666666667,"d":"$ 91,166.67"},{"v":373438.3333333333,"d":"$ 373,438.33"},{"v":746876.6666666666,"d":"$ 746,876.67"}]
[7.04,"PASE DE CONEXIÓN EN SISTEMA A TIERRA A ARMARIO DE MEDIDORES","U",1,{"v":328471.275,"d":"$ 328,471.28"},{"v":328471.275,"d":"$ 328,471.28"},{"v":45583.333333333336,"d":"$ 45,583.33"},{"v":45583.333333333336,"d":"$ 45,583.33"},{"v":374054.60833333334,"d":"$ 374,054.61"},{"v":374054.60833333334,"d":"$ 374,054.61"}]
[7.05,"CAJA METALICA 10X10 MAS CONECTOR BIMETALICO ","U",2,{"v":43890,"d":"$ 43,890.00"},{"v":87780,"d":"$ 87,780.00"},{"v":8638.333333333334,"d":"$ 8,638.33"},{"v":17276.666666666668,"d":"$ 17,276.67"},{"v":52528.333333333336,"d":"$ 52,528.33"},{"v":105056.66666666667,"d":"$ 105,056.67"}]
[7.06,"CANALIZACION 1D1\" PVC + 1/0 ALUMINIO ","M",55,{"v":7837.5,"d":"$ 7,837.50"},{"v":431062.5,"d":"$ 431,062.50"},{"v":1043.8333333333335,"d":"$ 1,043.83"},{"v":57410.83333333334,"d":"$ 57,410.83"},{"v":8881.333333333334,"d":"$ 8,881.33"},{"v":488473.3333333334,"d":"$ 488,473.33"}]
[7.07,"PUNTA CAPTADORA IONIZANTE NIVEL IV 33 METROS CON MASTIL DE 2 METROS 1D2\"IMC Y SISTEMA DE ANNCLAJE","U",1,{"v":6588817.5,"d":"$ 6,588,817.50"},{"v":6588817.5,"d":"$ 6,588,817.50"},{"v":605333.3333333334,"d":"$ 605,333.33"},{"v":605333.3333333334,"d":"$ 605,333.33"},{"v":7194150.833333333,"d":"$ 7,194,150.83"},{"v":7194150.833333333,"d":"$ 7,194,150.83"}]
[8,"RED ELECTRICA ZONAS COMUNES",null,null,"VR. UN. MATERIAL","VR. PARCIAL  MATERIAL ","VR. UN. M/O","VR. PARCIAL M/0","VR. UNITARIO MAT + M/O","VR. PARCIAL ",{"$f":"SUM(J64:J82)","v":{"v":20245799.673071995,"d":"$ 20,245,799.67"}},{"$f":"SUM(F64:F82)","v":{"v":12549002.173072001,"d":"$ 12,549,002.17"}},{"$f":"SUM(H64:H82)","v":{"v":7696797.500000001,"d":"$ 7,696,797.50"}}]
[8.01,"SALIDA PARA LUMINARIA LED DE INCRUSTAR 120V / 9W INCLUYE: TUBERIA PVC SCH40- CABLE 12 LH - CAJAS OCTOGONALES - ENCAUCHETADO 3X12 - PRENSAESTOPA - TAPA CIEGA ACCESORIOS DE INSTALACION, NO INCLUYE SUMINISTRO E INSTALACION DE APARATO","U",20,{"v":37307.146844,"d":"$ 37,307.15"},{"v":746142.93688,"d":"$ 746,142.94"},{"v":32173.75,"d":"$ 32,173.75"},{"v":643475,"d":"$ 643,475.00"},{"v":69480.896844,"d":"$ 69,480.90"},{"$f":"I64*D64","v":{"v":1389617.93688,"d":"$ 1,389,617.94"}}]
[8.02,"SALIDA PARA LUMINARIA LED LINEAL 120V / 18W INCLUYE: TUBERIA PVC SCH40- CABLE 12 LH - CAJAS OCTOGONALES - ENCAUCHETADO 3X12 - PRENSAESTOPA - TAPA CIEGA ACCESORIOS DE INSTALACION, NO INCLUYE SUMINISTRO E INSTALACION DE APARATO","U",28,{"v":37307.146844,"d":"$ 37,307.15"},{"v":1044600.1116320001,"d":"$ 1,044,600.11"},{"$f":"G64","v":{"v":32173.75,"d":"$ 32,173.75"}},{"v":900865,"d":"$ 900,865.00"},{"$f":"I64","v":{"v":69480.896844,"d":"$ 69,480.90"}},{"v":1945465.1116320002,"d":"$ 1,945,465.11"}]
[8.03,"SALIDA PARA TOMACORRIENTE DOBLE 120V / GFCI INCLUYE: TUBERIA PVC TIPO A- CABLE 12 LH - CAJAS 5800-2400 - ACCESORIOS DE INSTALACION - TOMACORIENTE GFCI GENESIS","U",5,{"v":93380.43,"d":"$ 93,380.43"},{"v":466902.14999999997,"d":"$ 466,902.15"},{"v":32173.75,"d":"$ 32,173.75"},{"v":160868.75,"d":"$ 160,868.75"},{"v":125554.18,"d":"$ 125,554.18"},{"v":627770.8999999999,"d":"$ 627,770.90"}]
[8.04,"SALIDA PARA TOMACORRIENTE DOBLE 120V / P/T INCLUYE: TUBERIA PVC TIPO A- CABLE 12 LH - CAJAS 5800-2400 - ACCESORIOS DE INSTALACION - TOMACORRIENTE GENESIS","U",12,{"v":40440.18,"d":"$ 40,440.18"},{"v":485282.16000000003,"d":"$ 485,282.16"},{"v":32173.75,"d":"$ 32,173.75"},{"v":386085,"d":"$ 386,085.00"},{"v":72613.93,"d":"$ 72,613.93"},{"v":871367.1599999999,"d":"$ 871,367.16"}]
[8.05,"SALIDA PARA LUMINARIA APLIQUE 120V / 9W INCLUYE: TUBERIA PVC TIPOA - SCH40- CABLE 12 LH - CAJAS OCTOGONALES - ENCAUCHETADO 3X12 - PRENSAESTOPA - TAPA CIEGA ACCESORIOS DE INSTALACION, NO INCLUYE SUMINISTRO E INSTALACION DE APARATO","U",44,{"$f":"E64","v":{"v":37307.146844,"d":"$ 37,307.15"}},{"v":1641514.4611360002,"d":"$ 1,641,514.46"},{"$f":"G64","v":{"v":32173.75,"d":"$ 32,173.75"}},{"v":1415645,"d":"$ 1,415,645.00"},{"$f":"I65","v":{"v":69480.896844,"d":"$ 69,480.90"}},{"v":3057159.461136,"d":"$ 3,057,159.46"}]
[8.06,"SALIDA PARA LUMINARIA LED DE EMERGENCIA 120V / 4W INCLUYE: TUBERIA PVC SCH40- CABLE 12 LH - CAJAS OCTOGONALES - ENCAUCHETADO 3X12 - PRENSAESTOPA - TAPA CIEGA ACCESORIOS DE INSTALACION, NO INCLUYE SUMINISTRO E INSTALACION DE APARATO","U",27,{"$f":"E68","v":{"v":37307.146844,"d":"$ 37,307.15"}},{"v":1007292.9647880001,"d":"$ 1,007,292.96"},{"$f":"G68","v":{"v":32173.75,"d":"$ 32,173.75"}},{"v":868691.25,"d":"$ 868,691.25"},{"$f":"I68","v":{"v":69480.896844,"d":"$ 69,480.90"}},{"v":1875984.214788,"d":"$ 1,875,984.21"}]
[8.07,"SALIDA PARA LUMINARIA LED TABACO 120V / 4W INCLUYE: TUBERIA PVC TIPO A-  SCH40- CABLE 12 LH - CAJAS OCTOGONALES - ENCAUCHETADO 3X12 - PRENSAESTOPA - TAPA CIEGA ACCESORIOS DE INSTALACION, NO INCLUYE SUMINISTRO E INSTALACION DE APARATO","U",15,{"$f":"E69","v":{"v":37307.146844,"d":"$ 37,307.15"}},{"$f":"E70*D70","v":{"v":559607.2026600001,"d":"$ 559,607.20"}},{"$f":"G69","v":{"v":32173.75,"d":"$ 32,173.75"}},{"$f":"G70*D70","v":{"v":482606.25,"d":"$ 482,606.25"}},{"$f":"I69","v":{"v":69480.896844,"d":"$ 69,480.90"}},{"v":1042213.4526600001,"d":"$ 1,042,213.45"}]
[8.08,"SALIDA PARA LUMINARIA LED REFLECTOR 120V / 20W INCLUYE: TUBERIA PVC TIPO A-  SCH40- CABLE 12 LH - CAJAS OCTOGONALES - ENCAUCHETADO 3X12 - PRENSAESTOPA - TAPA CIEGA ACCESORIOS DE INSTALACION, NO INCLUYE SUMINISTRO E INSTALACION DE APARATO","U",2,{"$f":"E70","v":{"v":37307.146844,"d":"$ 37,307.15"}},{"v":74614.293688,"d":"$ 74,614.29"},{"$f":"G70","v":{"v":32173.75,"d":"$ 32,173.75"}},{"v":64347.5,"d":"$ 64,347.50"},{"$f":"I70","v":{"v":69480.896844,"d":"$ 69,480.90"}},{"v":138961.793688,"d":"$ 138,961.79"}]
[8.09,"SALIDA PARA PUERTA VEHICULAR 208V INCLUYE: TUBERIA EMT 3/4\"- CABLE 12 LH - CAJAS 2400 -  ACCESORIOS DE INSTALACION, TOMA TRIFASICA 20A","U",1,{"v":220287.705,"d":"$ 220,287.71"},{"v":220287.705,"d":"$ 220,287.71"},{"v":96340.41666666667,"d":"$ 96,340.42"},{"v":96340.41666666667,"d":"$ 96,340.42"},{"v":316628.12166666664,"d":"$ 316,628.12"},{"v":316628.12166666664,"d":"$ 316,628.12"}]
[8.1,"SALIDA PARA DUPLICADORES 208V INCLUYE: TUBERIA EMT 3/4\"- CABLE 12 LH - CAJAS 2400 -  ACCESORIOS DE INSTALACION, TOMA TRIFASICA 20A","U",4,{"v":220287.705,"d":"$ 220,287.71"},{"v":881150.82,"d":"$ 881,150.82"},{"$f":"G72","v":{"v":96340.41666666667,"d":"$ 96,340.42"}},{"v":385361.6666666667,"d":"$ 385,361.67"},{"$f":"I72","v":{"v":316628.12166666664,"d":"$ 316,628.12"}},{"v":1266512.4866666666,"d":"$ 1,266,512.49"}]
[8.11,"SALIDA PARA ASCENSOR VEHICULAR 208V INCLUYE: TUBERIA EMT 1 1/4\"\"- CABLE 4 LH - CAJAS 2400 -  ACCESORIOS DE INSTALACION, NO INCLUYE SUMINISTRO E INSTALACION DE APARATO,TOMA TRIFASICA 60A","U",1,{"v":726928.4550000001,"d":"$ 726,928.46"},{"v":726928.4550000001,"d":"$ 726,928.46"},{"v":96340.41666666667,"d":"$ 96,340.42"},{"v":96340.41666666667,"d":"$ 96,340.42"},{"v":823268.8716666667,"d":"$ 823,268.87"},{"v":823268.8716666667,"d":"$ 823,268.87"}]
[8.12,"SALIDA PARA SENSOR 360º 120V / 9W INCLUYE: TUBERIA PVC SCH40- CABLE 12 LH - CAJAS OCTOGONALES - ENCAUCHETADO 3X12 - PRENSAESTOPA - TAPA CIEGA ACCESORIOS DE INSTALACION, NO INCLUYE SUMINISTRO E INSTALACION DE APARATO","U",27,{"$f":"E69","v":{"v":37307.146844,"d":"$ 37,307.15"}},{"v":1007292.9647880001,"d":"$ 1,007,292.96"},{"$f":"G71","v":{"v":32173.75,"d":"$ 32,173.75"}},{"v":868691.25,"d":"$ 868,691.25"},{"$f":"I64","v":{"v":69480.896844,"d":"$ 69,480.90"}},{"v":1875984.214788,"d":"$ 1,875,984.21"}]
[8.13,"SALIDA PARA INTERRUPTOR SENCILLO INCLUYE: TUBERIA PVC TIPO A- CABLE 12 LH  - CAJAS 5800-2400 - ACCESORIOS DE INSTALACION - INTERRUPTOR SENCILLO GENESIS","U",24,{"v":26596.68,"d":"$ 26,596.68"},{"v":638320.3200000001,"d":"$ 638,320.32"},{"v":32173.75,"d":"$ 32,173.75"},{"v":772170,"d":"$ 772,170.00"},{"v":58770.43,"d":"$ 58,770.43"},{"v":1410490.32,"d":"$ 1,410,490.32"}]
[8.14,"SALIDA PARA INTERRUPTOR DOBLE INCLUYE: TUBERIA PVC TIPO A- CABLE 12 LH  - CAJAS 5800-2400 - ACCESORIOS DE INSTALACION - INTERRUPTOR DOBLE GENESIS","U",3,{"v":33072.93,"d":"$ 33,072.93"},{"v":99218.79000000001,"d":"$ 99,218.79"},{"v":32173.75,"d":"$ 32,173.75"},{"v":96521.25,"d":"$ 96,521.25"},{"v":65246.68,"d":"$ 65,246.68"},{"v":195740.04,"d":"$ 195,740.04"}]
[8.15,"TRANSFERENCIA ELECTRICA 80A AUTOMATICA A BASE DE CONTACTORES AC3","U",1,{"v":1670000,"d":"$ 1,670,000.00"},{"v":1670000,"d":"$ 1,670,000.00"},{"v":138773.75,"d":"$ 138,773.75"},{"v":138773.75,"d":"$ 138,773.75"},{"v":1808773.75,"d":"$ 1,808,773.75"},{"v":1808773.75,"d":"$ 1,808,773.75"}]
[8.16,"PLANTA ELECTRICA 27kVA EFECTIVOS BOGOTA INSONORIZADA, INCLUYE ACCESORIOS DE INSTALACION BREAKER DE PROTECCION EN PLANTA E INSTALACION DE SISTEMA DE EXPULSION DE GASES.","U",1,null,{"v":0,"d":"$ 0.00"},null,{"v":0,"d":"$ 0.00"},{"v":0,"d":"$ 0.00"},{"v":0,"d":"$ 0.00"}]
[8.17,"CAJA METALICA 30X30X20 INCLUYE ACCESORIOS DE INSTALACION","U",4,{"$f":"E22","v":{"v":59833.125,"d":"$ 59,833.13"}},{"v":239332.5,"d":"$ 239,332.50"},{"$f":"G22","v":{"v":16805,"d":"$ 16,805.00"}},{"v":67220,"d":"$ 67,220.00"},{"$f":"I22","v":{"v":76638.125,"d":"$ 76,638.13"}},{"v":306552.5,"d":"$ 306,552.50"}]
[8.18,"ACOMETIDA ELECTRICA EN 3X4+1X6+1X6T Al  AM1-TRGZC","M",4,{"$f":"E24","v":{"v":54763.91249999999,"d":"$ 54,763.91"}},{"v":219055.64999999997,"d":"$ 219,055.65"},{"$f":"G24","v":{"v":13305,"d":"$ 13,305.00"}},{"v":53220,"d":"$ 53,220.00"},{"$f":"I24","v":{"v":68068.91249999999,"d":"$ 68,068.91"}},{"v":272275.64999999997,"d":"$ 272,275.65"}]
[8.19,"ACOMETIDA ELECTRICA EN 3X4+1X6+1X6T Al + 1D1 1/4\" EMT/PVC PLANTA -TRGZC","M",15,{"$f":"E81","v":{"v":54763.91249999999,"d":"$ 54,763.91"}},{"v":821458.6874999999,"d":"$ 821,458.69"},{"$f":"G81","v":{"v":13305,"d":"$ 13,305.00"}},{"v":199575,"d":"$ 199,575.00"},{"$f":"I24","v":{"v":68068.91249999999,"d":"$ 68,068.91"}},{"v":1021033.6874999999,"d":"$ 1,021,033.69"}]
[9,"SERIE 4 CODENSA  (DE ACUERDO A APROBACION DE O.P. PUEDE VARIAR)",null,null,"VR. UN. MATERIAL","VR. PARCIAL  MATERIAL ","VR. UN. M/O","VR. PARCIAL M/0","VR. UNITARIO MAT + M/O","VR. PARCIAL ",{"$f":"SUM(J84:J91)","v":{"v":7351807.083333333,"d":"$ 7,351,807.08"}},{"$f":"SUM(F84:F91)","v":{"v":6640080,"d":"$ 6,640,080.00"}},{"$f":"SUM(H84:H91)","v":{"v":711727.0833333335,"d":"$ 711,727.08"}}]
[9.01,"ARMARIO DE MEDIDA 18 CUENTAS DE ACUERDO A DISEÑO APROBADO ","U",1,{"v":5460000,"d":"$ 5,460,000.00"},{"v":5460000,"d":"$ 5,460,000.00"},{"v":444590.4166666667,"d":"$ 444,590.42"},{"v":444590.4166666667,"d":"$ 444,590.42"},{"v":5904590.416666667,"d":"$ 5,904,590.42"},{"$f":"I84*D84","v":{"v":5904590.416666667,"d":"$ 5,904,590.42"}}]
[9.02,"CANALIZACION EN 1D1 1/2\" IMC ","M",12,{"v":53707.5,"d":"$ 53,707.50"},{"v":644490,"d":"$ 644,490.00"},{"v":12366,"d":"$ 12,366.00"},{"v":148392,"d":"$ 148,392.00"},{"v":66073.5,"d":"$ 66,073.50"},{"v":792882,"d":"$ 792,882.00"}]
[9.03,"CAPACETE DE 1 1/2\" IMC ","U",1,{"v":3135,"d":"$ 3,135.00"},{"v":3135,"d":"$ 3,135.00"},{"v":1866,"d":"$ 1,866.00"},{"v":1866,"d":"$ 1,866.00"},{"v":5001,"d":"$ 5,001.00"},{"v":5001,"d":"$ 5,001.00"}]
[9.04,"TENSOR DE ACOMETIDAS ","U",2,{"v":5280,"d":"$ 5,280.00"},{"v":10560,"d":"$ 10,560.00"},{"v":1866,"d":"$ 1,866.00"},{"v":3732,"d":"$ 3,732.00"},{"v":7146,"d":"$ 7,146.00"},{"v":14292,"d":"$ 14,292.00"}]
[9.05,"ACOMETIDA TRENZADA 3X35 + 1X50 MM2 ALUMINIO","M",24,{"v":20542.5,"d":"$ 20,542.50"},{"v":493020,"d":"$ 493,020.00"},{"v":4199.333333333334,"d":"$ 4,199.33"},{"v":100784.00000000001,"d":"$ 100,784.00"},{"v":24741.833333333336,"d":"$ 24,741.83"},{"v":593804,"d":"$ 593,804.00"}]
[9.06,"PERCHA PORTA AISLADOR ","U",1,{"v":12375,"d":"$ 12,375.00"},{"v":12375,"d":"$ 12,375.00"},{"v":4199.333333333334,"d":"$ 4,199.33"},{"v":4199.333333333334,"d":"$ 4,199.33"},{"v":16574.333333333336,"d":"$ 16,574.33"},{"v":16574.333333333336,"d":"$ 16,574.33"}]
[9.07,"CINTA DE ACERO INOXIDABLE ","M",3,{"v":3960,"d":"$ 3,960.00"},{"v":11880,"d":"$ 11,880.00"},{"v":1866,"d":"$ 1,866.00"},{"v":5598,"d":"$ 5,598.00"},{"v":5826,"d":"$ 5,826.00"},{"v":17478,"d":"$ 17,478.00"}]
[9.08,"AMARRE PLASTICO PARA CABLE TRENZADO","U",2,{"v":2310,"d":"$ 2,310.00"},{"v":4620,"d":"$ 4,620.00"},{"v":1282.6666666666667,"d":"$ 1,282.67"},{"v":2565.3333333333335,"d":"$ 2,565.33"},{"v":3592.666666666667,"d":"$ 3,592.67"},{"v":7185.333333333334,"d":"$ 7,185.33"}]
[10,"SISTEMA DE CITOFONIA IP",null,null,"VR. UN. MATERIAL","VR. PARCIAL  MATERIAL ","VR. UN. M/O","VR. PARCIAL M/0","VR. UNITARIO MAT + M/O","VR. PARCIAL ",{"$f":"SUM(J93:J95)","v":{"v":249885.625,"d":"$ 249,885.63"}},{"$f":"SUM(F93:F95)","v":{"v":168733.125,"d":"$ 168,733.13"}},{"$f":"SUM(H93:H95)","v":{"v":81152.5,"d":"$ 81,152.50"}}]
[10.01,"SALIDA PORTERO EN CABLE UTP 5E + 1D3/4\" HASTA CENTRO DE CONTROL","U",1,{"v":54450,"d":"$ 54,450.00"},{"v":54450,"d":"$ 54,450.00"},{"v":32173.75,"d":"$ 32,173.75"},{"v":32173.75,"d":"$ 32,173.75"},{"v":86623.75,"d":"$ 86,623.75"},{"$f":"I93*D93","v":{"v":86623.75,"d":"$ 86,623.75"}}]
[10.02,"CAJA METALICA DE CITOFONIA 30X30X10","U",1,{"$f":"E80","v":{"v":59833.125,"d":"$ 59,833.13"}},{"v":59833.125,"d":"$ 59,833.13"},{"$f":"G80","v":{"v":16805,"d":"$ 16,805.00"}},{"v":16805,"d":"$ 16,805.00"},{"$f":"I80","v":{"v":76638.125,"d":"$ 76,638.13"}},{"$f":"I94*D94","v":{"v":76638.125,"d":"$ 76,638.13"}}]
[10.03,"SALIDA PARA CITOFONO DESDE CENTRO DE CONTROL A APARTAMENTO EN CABLE UTP 5E + 1D3/4\", INCLUYE ACCESORIOS DE INSTALACION, CAJAS DE PASO, CAJA 5800 FINAL. NO INCLUYE SUMINISTRO DE APARATO","U",1,{"$f":"E93","v":{"v":54450,"d":"$ 54,450.00"}},{"v":54450,"d":"$ 54,450.00"},{"$f":"G93","v":{"v":32173.75,"d":"$ 32,173.75"}},{"v":32173.75,"d":"$ 32,173.75"},{"$f":"I93","v":{"v":86623.75,"d":"$ 86,623.75"}},{"$f":"I95*D95","v":{"v":86623.75,"d":"$ 86,623.75"}}]
[11,"SISTEMA TDT",null,null,"VR. UN. MATERIAL","VR. PARCIAL  MATERIAL ","VR. UN. M/O","VR. PARCIAL M/0","VR. UNITARIO MAT + M/O","VR. PARCIAL ",{"$f":"SUM(J97:J104)","v":{"v":5276742.583333333,"d":"$ 5,276,742.58"}},{"$f":"SUM(F97:F104)","v":{"v":3794752.5,"d":"$ 3,794,752.50"}},{"$f":"SUM(H97:H104)","v":{"v":1481990.0833333333,"d":"$ 1,481,990.08"}}]
[11.01,"SALIDA PARA TOMA DE USUARIO TDT, INCLUYE TOMA PARA TDT, CABLE RG 6 Y CONECTORES F","U",45,{"v":28470.75,"d":"$ 28,470.75"},{"v":1281183.75,"d":"$ 1,281,183.75"},{"v":20507.083333333336,"d":"$ 20,507.08"},{"v":922818.7500000001,"d":"$ 922,818.75"},{"v":48977.833333333336,"d":"$ 48,977.83"},{"$f":"I97*D97","v":{"v":2204002.5,"d":"$ 2,204,002.50"}}]
[11.02,"REPARTIDOR DE CUATRO SALIDAS","U",4,{"v":10725,"d":"$ 10,725.00"},{"v":42900,"d":"$ 42,900.00"},{"v":4173.75,"d":"$ 4,173.75"},{"v":16695,"d":"$ 16,695.00"},{"v":14898.75,"d":"$ 14,898.75"},{"v":59595,"d":"$ 59,595.00"}]
[11.03,"TAP DERIVADOR 1 TAP","U",4,{"v":24007.5,"d":"$ 24,007.50"},{"v":96030,"d":"$ 96,030.00"},{"v":8840.416666666668,"d":"$ 8,840.42"},{"v":35361.66666666667,"d":"$ 35,361.67"},{"v":32847.91666666667,"d":"$ 32,847.92"},{"v":131391.6666666667,"d":"$ 131,391.67"}]
[11.04,"CABLE RG 6 PARA VERTICAL ","M",25,{"v":1905.75,"d":"$ 1,905.75"},{"v":47643.75,"d":"$ 47,643.75"},{"v":1359.75,"d":"$ 1,359.75"},{"v":33993.75,"d":"$ 33,993.75"},{"v":3265.5,"d":"$ 3,265.50"},{"v":81637.5,"d":"$ 81,637.50"}]
[11.05,"CONECTOR F PARA CONEXIONES VERTICALES","U",18,{"v":1402.5,"d":"$ 1,402.50"},{"v":25245,"d":"$ 25,245.00"},{"v":652.6666666666666,"d":"$ 652.67"},{"v":11748,"d":"$ 11,748.00"},{"v":2055.1666666666665,"d":"$ 2,055.17"},{"v":36993,"d":"$ 36,993.00"}]
[11.06,"EQUIPO DE CABECERA TDT PROGRAMABLE PARA SEÑALES TDT","U",1,{"v":1072500,"d":"$ 1,072,500.00"},{"v":1072500,"d":"$ 1,072,500.00"},{"v":231568.75,"d":"$ 231,568.75"},{"v":231568.75,"d":"$ 231,568.75"},{"v":1304068.75,"d":"$ 1,304,068.75"},{"v":1304068.75,"d":"$ 1,304,068.75"}]
[11.07,"ANTENA TDT CERTIFICADA","U",1,{"v":470250,"d":"$ 470,250.00"},{"v":470250,"d":"$ 470,250.00"},{"v":114902.08333333334,"d":"$ 114,902.08"},{"v":114902.08333333334,"d":"$ 114,902.08"},{"v":585152.0833333334,"d":"$ 585,152.08"},{"v":585152.0833333334,"d":"$ 585,152.08"}]
[11.08,"AMPLIFICADOR TDT","U",1,{"v":759000,"d":"$ 759,000.00"},{"v":759000,"d":"$ 759,000.00"},{"v":114902.08333333334,"d":"$ 114,902.08"},{"v":114902.08333333334,"d":"$ 114,902.08"},{"v":873902.0833333334,"d":"$ 873,902.08"},{"v":873902.0833333334,"d":"$ 873,902.08"}]
[12,"ACOMPAÑAMIENTO Y LEGALIZACION",null,null,"VR. UN. MATERIAL","VR. PARCIAL  MATERIAL ","VR. UN. M/O","VR. PARCIAL M/0","VR. UNITARIO MAT + M/O","VR. PARCIAL ",{"$f":"SUM(J106:J108)","v":{"v":2975000,"d":"$ 2,975,000.00"}},{"$f":"SUM(F106:F108)","v":{"v":0,"d":"$ 0.00"}},{"$f":"SUM(H106:H108)","v":{"v":2975000,"d":"$ 2,975,000.00"}}]
[12.01,"ACOMPAÑAMIENTO PARA CERTIFICACION RETIE","U",1,null,{"v":0,"d":"$ 0.00"},{"$f":"I106","v":{"v":1350000,"d":"$ 1,350,000.00"}},{"v":1350000,"d":"$ 1,350,000.00"},{"v":1350000,"d":"$ 1,350,000.00"},{"$f":"I106*D106","v":{"v":1350000,"d":"$ 1,350,000.00"}}]
[12.02,"ACOMPAÑAMIENTO PARA CERTIFICACION RED INFRAESTRUCTURA SOPORTE RITEL","U",1,null,{"v":0,"d":"$ 0.00"},{"$f":"I107","v":{"v":975000,"d":"$ 975,000.00"}},{"v":975000,"d":"$ 975,000.00"},{"v":975000,"d":"$ 975,000.00"},{"$f":"I107*D107","v":{"v":975000,"d":"$ 975,000.00"}}]
[12.03,"ACOMPAÑAMIENTO PARA ENERGIZACION CON CODENSA","U",1,null,{"v":0,"d":"$ 0.00"},{"$f":"I108","v":{"v":650000,"d":"$ 650,000.00"}},{"v":650000,"d":"$ 650,000.00"},{"v":650000,"d":"$ 650,000.00"},{"$f":"I108*D108","v":{"v":650000,"d":"$ 650,000.00"}}]
[{"$nulls":5},{"$f":"SUM(F5:F108)","v":{"v":98197280.65276001,"d":"$ 98,197,280.65"}},null,{"$f":"SUM(H5:H108)","v":{"v":45841650.50000001,"d":"$ 45,841,650.50"}},null,"TOTAL CD",{"$f":"SUM(K4:K108)","v":{"v":144038931.15276,"d":"$ 144,038,931.15"}},{"$f":"SUM(L4:L108)","v":{"v":98197280.65276,"d":"$ 98,197,280.65"}},{"$f":"SUM(M4:M108)","v":{"v":45841650.50000001,"d":"$ 45,841,650.50"}}]
[{"$nulls":9},"ADMON 8%",{"$f":"K109*0.08","v":{"v":11523114.4922208,"d":"$ 11,523,114.49"}},null,{"$f":"M109*0.08","v":{"v":3667332.0400000005,"d":"$ 3,667,332.04"}}]
[{"$nulls":9},"IMPREVISTO 3%",{"$f":"K109*0.03","v":{"v":4321167.9345828,"d":"$ 4,321,167.93"}},null,{"$f":"M109*0.03","v":{"v":1375249.5150000001,"d":"$ 1,375,249.52"}}]
[{"$nulls":9},"UTILIDAD 5%",{"$f":"K109*0.05","v":{"v":7201946.557638001,"d":"$ 7,201,946.56"}},null,{"$f":"M109*0.05","v":{"v":2292082.5250000004,"d":"$ 2,292,082.53"}}]
[{"$nulls":9},"IVA/UTILIDAD 19%",{"$f":"K112*0.19","v":{"v":1368369.8459512203,"d":"$ 1,368,369.85"}},null,{"$f":"M112*0.19","v":{"v":435495.67975000007,"d":"$ 435,495.68"}}]
[{"$nulls":9},"TOTAL PROYECTO",{"$f":"K109+K110+K111+K112+K113","v":{"v":168453529.9831528,"d":"$ 168,453,529.98"}},{"$f":"L109*1.19","v":{"v":116854763.9767844,"d":"$ 116,854,763.98"}},{"$f":"M109+M110+M111+M112+M113","v":{"v":53611810.25975001,"d":"$ 53,611,810.26"}}]

{"sheet":"APU'S","index":4,"n_rows":2599,"n_cols":9,"rows_kept":2599,"hidden":true,"merged":[[2,1,2,6],[3,1,3,6],[5,1,5,7],[6,1,6,2],[7,1,7,2],[8,1,8,2],[9,1,9,2],[10,1,10,2],[11,1,11,2],[12,1,12,2],[13,1,13,2],[14,1,14,2],[15,1,15,2],[16,1,16,2],[17,1,17,2],[18,1,18,2],[19,1,19,2],[20,1,20,7],[21,1,21,2],[22,1,22,2],[23,1,23,2],[24,1,24,2],[25,1,25,2],[26,1,26,2],[27,1,27,7],[28,1,28,2],[29,1,29,2],[30,1,30,2],[31,1,31,2],[32,1,32,2],[33,1,33,2],[34,1,34,7],[35,1,35,2],[36,1,36,2],[37,1,37,2],[39,1,39,2],[40,1,40,2],[40,5,40,6],[41,1,41,6],[42,2,42,7],[43,1,43,2],[43,4,43,5],[44,1,44,2],[44,4,44,5],[45,1,45,2],[45,4,45,5],[46,1,46,6],[48,1,48,6],[49,1,49,6],[51,1,51,7],[52,1,52,2],[53,1,53,2],[54,1,54,2],[55,1,55,2],[56,1,56,2],[57,1,57,2],[58,1,58,2],[59,1,59,2],[60,1,60,2],[61,1,61,2],[62,1,62,2],[63,1,63,2],[64,1,64,7],[65,1,65,2],[66,1,66,2],[67,1,67,2],[68,1,68,2],[69,1,69,2],[70,1,70,2],[71,1,71,7],[72,1,72,2],[73,1,73,2],[74,1,74,2],[75,1,75,2],[76,1,76,2],[77,1,77,2],[78,1,78,7],[79,1,79,2],[80,1,80,2],[81,1,81,2],[83,1,83,2],[84,1,84,2],[84,5,84,6],[85,1,85,6],[86,2,86,7],[87,1,87,2],[87,4,87,5],[88,1,88,2],[88,4,88,5],[89,1,89,2],[89,4,89,5],[90,1,90,6],[92,1,92,6],[93,1,93,6],[95,1,95,7],[96,1,96,2],[97,1,97,2],[98,1,98,2],[99,1,99,2],[100,1,100,2],[101,1,101,2],[102,1,102,2],[103,1,103,2],[104,1,104,2],[105,1,105,2],[106,1,106,2],[107,1,107,2],[108,1,108,7],[109,1,109,2],[110,1,110,2],[111,1,111,2],[112,1,112,2],[113,1,113,2],[114,1,114,2],[115,1,115,7],[116,1,116,2],[117,1,117,2],[118,1,118,2],[119,1,119,2],[120,1,120,2],[121,1,121,2],[122,1,122,7],[123,1,123,2],[124,1,124,2],[125,1,125,2],[127,1,127,2],[128,1,128,2],[128,5,128,6],[129,1,129,6],[130,2,130,7],[131,1,131,2],[131,4,131,5],[132,1,132,2],[132,4,132,5],[133,1,133,2],[133,4,133,5],[134,1,134,6],[136,1,136,6],[137,1,137,6],[139,1,139,7],[140,1,140,2],[141,1,141,2],[142,1,142,2],[143,1,143,2],[144,1,144,2],[145,1,145,2],[146,1,146,2],[147,1,147,2],[148,1,148,2],[149,1,149,2],[150,1,150,2],[151,1,151,2],[152,1,152,7],[153,1,153,2],[154,1,154,2],[155,1,155,2],[156,1,156,2],[157,1,157,2],[158,1,158,2],[159,1,159,7],[160,1,160,2],[161,1,161,2],[162,1,162,2],[163,1,163,2],[164,1,164,2],[165,1,165,2],[166,1,166,7],[167,1,167,2],[168,1,168,2],[169,1,169,2],[171,1,171,2],[172,1,172,2],[172,5,172,6],[173,1,173,6],[174,2,174,7],[175,1,175,2],[175,4,175,5],[176,1,176,2],[176,4,176,5],[177,1,177,2],[177,4,177,5],[178,1,178,6],[180,1,180,6],[181,1,181,6],[183,1,183,7],[184,1,184,2],[185,1,185,2],[186,1,186,2],[187,1,187,2],[188,1,188,2],[189,1,189,2],[190,1,190,2],[191,1,191,2],[192,1,192,2],[193,1,193,2],[194,1,194,2],[195,1,195,2],[196,1,196,7],[197,1,197,2],[198,1,198,2],[199,1,199,2],[200,1,200,2],[201,1,201,2],[202,1,202,2],[203,1,203,7],[204,1,204,2],[205,1,205,2],[206,1,206,2],[207,1,207,2],[208,1,208,2],[209,1,209,2],[210,1,210,7],[211,1,211,2],[212,1,212,2],[213,1,213,2],[215,1,215,2],[216,1,216,2],[216,5,216,6],[217,1,217,6],[218,2,218,7],[219,1,219,2],[219,4,219,5],[220,1,220,2],[220,4,220,5],[221,1,221,2],[221,4,221,5],[222,1,222,6],[224,1,224,6],[225,1,225,6],[227,1,227,7],[228,1,228,2],[229,1,229,2],[230,1,230,2],[231,1,231,2],[232,1,232,2],[233,1,233,2],[234,1,234,2],[235,1,235,2],[236,1,236,2],[237,1,237,2],[238,1,238,2],[239,1,239,2],[240,1,240,7],[241,1,241,2],[242,1,242,2],[243,1,243,2],[244,1,244,2],[245,1,245,2],[246,1,246,2],[247,1,247,7],[248,1,248,2],[249,1,249,2],[250,1,250,2],[251,1,251,2],[252,1,252,2],[253,1,253,2],[254,1,254,7],[255,1,255,2],[256,1,256,2],[257,1,257,2],[259,1,259,2],[260,1,260,2],[260,5,260,6],[261,1,261,6],[262,2,262,7],[263,1,263,2],[263,4,263,5],[264,1,264,2],[264,4,264,5],[265,1,265,2],[265,4,265,5],[266,1,266,6],[268,1,268,6],[269,1,269,6],[271,1,271,7],[272,1,272,2],[273,1,273,2],[274,1,274,2],[275,1,275,2],[276,1,276,2],[277,1,277,2],[278,1,278,2],[279,1,279,2],[280,1,280,2],[281,1,281,2],[282,1,282,2],[283,1,283,2],[284,1,284,7],[285,1,285,2],[286,1,286,2],[287,1,287,2],[288,1,288,2],[289,1,289,2],[290,1,290,2],[291,1,291,7],[292,1,292,2],[293,1,293,2],[294,1,294,2],[295,1,295,2],[296,1,296,2],[297,1,297,2],[298,1,298,7],[299,1,299,2],[300,1,300,2],[301,1,301,2],[303,1,303,2],[304,1,304,2],[304,5,304,6],[305,1,305,6],[306,2,306,7],[307,1,307,2],[307,4,307,5],[308,1,308,2],[308,4,308,5],[309,1,309,2],[309,4,309,5],[310,1,310,6],[312,1,312,6],[313,1,313,6],[315,1,315,7],[316,1,316,2],[317,1,317,2],[318,1,318,2],[319,1,319,7],[320,1,320,2],[321,1,321,2],[322,1,322,2],[323,1,323,2],[324,1,324,2],[325,1,325,2],[326,1,326,7],[327,1,327,2],[328,1,328,2],[329,1,329,2],[330,1,330,2],[331,1,331,2],[332,1,332,2],[333,1,333,7],[334,1,334,2],[335,1,335,2],[336,1,336,2],[338,1,338,2],[339,1,339,2],[339,5,339,6],[340,1,340,6],[341,2,341,7],[342,1,342,2],[342,4,342,5],[343,1,343,2],[343,4,343,5],[344,1,344,2],[344,4,344,5],[345,1,345,6],[347,1,347,6],[348,1,348,6],[350,1,350,7],[351,1,351,2],[352,1,352,2],[353,1,353,2],[354,1,354,7],[355,1,355,2],[356,1,356,2],[357,1,357,2],[358,1,358,2],[359,1,359,2],[360,1,360,2],[361,1,361,7],[362,1,362,2],[363,1,363,2],[364,1,364,2],[365,1,365,2],[366,1,366,2],[367,1,367,2],[368,1,368,7],[369,1,369,2],[370,1,370,2],[371,1,371,2],[373,1,373,2],[374,1,374,2],[374,5,374,6],[375,1,375,6],[376,2,376,7],[377,1,377,2],[377,4,377,5],[378,1,378,2],[378,4,378,5],[379,1,379,2],[379,4,379,5],[380,1,380,6],[382,1,382,6],[383,1,383,6],[385,1,385,7],[386,1,386,2],[387,1,387,2],[388,1,388,2],[389,1,389,2],[390,1,390,2],[391,1,391,2],[392,1,392,2],[393,1,393,2],[394,1,394,7],[395,1,395,2],[396,1,396,2],[397,1,397,2],[398,1,398,2],[399,1,399,2],[400,1,400,2],[401,1,401,7],[402,1,402,2],[403,1,403,2],[404,1,404,2],[405,1,405,2],[406,1,406,2],[407,1,407,2],[408,1,408,7],[409,1,409,2],[410,1,410,2],[411,1,411,2],[413,1,413,2],[414,1,414,2],[414,5,414,6],[415,1,415,6],[416,2,416,7],[417,1,417,2],[417,4,417,5],[418,1,418,2],[418,4,418,5],[419,1,419,2],[419,4,419,5],[420,1,420,6],[422,1,422,6],[423,1,423,6],[425,1,425,7],[426,1,426,2],[427,1,427,2],[428,1,428,2],[429,1,429,2],[430,1,430,2],[431,1,431,2],[432,1,432,2],[433,1,433,2],[434,1,434,7],[435,1,435,2],[436,1,436,2],[437,1,437,2],[438,1,438,2],[439,1,439,2],[440,1,440,2],[441,1,441,7],[442,1,442,2],[443,1,443,2],[444,1,444,2],[445,1,445,2],[446,1,446,2],[447,1,447,2],[448,1,448,7],[449,1,449,2],[450,1,450,2],[451,1,451,2],[453,1,453,2],[454,1,454,2],[454,5,454,6],[455,1,455,6],[456,2,456,7],[457,1,457,2],[457,4,457,5],[458,1,458,2],[458,4,458,5],[459,1,459,2],[459,4,459,5],[460,1,460,6],[462,1,462,6],[463,1,463,6],[465,1,465,7],[466,1,466,2],[467,1,467,2],[468,1,468,2],[469,1,469,7],[470,1,470,2],[471,1,471,2],[472,1,472,2],[473,1,473,2],[474,1,474,2],[475,1,475,2],[476,1,476,7],[477,1,477,2],[478,1,478,2],[479,1,479,2],[480,1,480,2],[481,1,481,2],[482,1,482,2],[483,1,483,7],[484,1,484,2],[485,1,485,2],[486,1,486,2],[488,1,488,2],[489,1,489,2],[489,5,489,6],[490,1,490,6],[491,2,491,7],[492,1,492,2],[492,4,492,5],[493,1,493,2],[493,4,493,5],[494,1,494,2],[494,4,494,5],[495,1,495,6],[497,1,497,6],[498,1,498,6],[500,1,500,7],[501,1,501,2],[502,1,502,2],[503,1,503,2],[504,1,504,2],[505,1,505,2],[506,1,506,2],[507,1,507,2],[508,1,508,2],[509,1,509,2],[510,1,510,2],[511,1,511,2],[512,1,512,2],[513,1,513,7],[514,1,514,2],[515,1,515,2],[516,1,516,2],[517,1,517,2],[518,1,518,2],[519,1,519,2],[520,1,520,7],[521,1,521,2],[522,1,522,2],[523,1,523,2],[524,1,524,2],[525,1,525,2],[526,1,526,2],[527,1,527,7],[528,1,528,2],[529,1,529,2],[530,1,530,2],[532,1,532,2],[533,1,533,2],[533,5,533,6],[534,1,534,6],[535,2,535,7],[536,1,536,2],[536,4,536,5],[537,1,537,2],[537,4,537,5],[538,1,538,2],[538,4,538,5],[539,1,539,6],[541,1,541,6],[542,1,542,6],[544,1,544,7],[545,1,545,2],[546,1,546,2],[547,1,547,2],[548,1,548,2],[549,1,549,7],[550,1,550,2],[551,1,551,2],[552,1,552,2],[553,1,553,2],[554,1,554,2],[555,1,555,2],[556,1,556,7],[557,1,557,2],[558,1,558,2],[559,1,559,2],[560,1,560,2],[561,1,561,2],[562,1,562,2],[563,1,563,7],[564,1,564,2],[565,1,565,2],[566,1,566,2],[568,1,568,2],[569,1,569,2],[569,5,569,6],[570,1,570,6],[571,2,571,7],[572,1,572,2],[572,4,572,5],[573,1,573,2],[573,4,573,5],[574,1,574,2],[574,4,574,5],[575,1,575,6],[577,1,577,6],[578,1,578,6],[580,1,580,7],[581,1,581,2],[582,1,582,2],[583,1,583,2],[584,1,584,2],[585,1,585,7],[586,1,586,2],[587,1,587,2],[588,1,588,2],[589,1,589,2],[590,1,590,2],[591,1,591,2],[592,1,592,7],[593,1,593,2],[594,1,594,2],[595,1,595,2],[596,1,596,2],[597,1,597,2],[598,1,598,2],[599,1,599,7],[600,1,600,2],[601,1,601,2],[602,1,602,2],[604,1,604,2],[605,1,605,2],[605,5,605,6],[606,1,606,6],[607,2,607,7],[608,1,608,2],[608,4,608,5],[609,1,609,2],[609,4,609,5],[610,1,610,2],[610,4,610,5],[611,1,611,6],[613,1,613,6],[614,1,614,6],[616,1,616,7],[617,1,617,2],[618,1,618,2],[619,1,619,2],[620,1,620,2],[621,1,621,7],[622,1,622,2],[623,1,623,2],[624,1,624,2],[625,1,625,2],[626,1,626,2],[627,1,627,2],[628,1,628,7],[629,1,629,2],[630,1,630,2],[631,1,631,2],[632,1,632,2],[633,1,633,2],[634,1,634,2],[635,1,635,7],[636,1,636,2],[637,1,637,2],[638,1,638,2],[640,1,640,2],[641,1,641,2],[641,5,641,6],[642,1,642,6],[643,2,643,7],[644,1,644,2],[644,4,644,5],[645,1,645,2],[645,4,645,5],[646,1,646,2],[646,4,646,5],[647,1,647,6],[649,1,649,6],[650,1,650,6],[652,1,652,7],[653,1,653,2],[654,1,654,2],[655,1,655,2],[656,1,656,2],[657,1,657,7],[658,1,658,2],[659,1,659,2],[660,1,660,2],[661,1,661,2],[662,1,662,2],[663,1,663,2],[664,1,664,7],[665,1,665,2],[666,1,666,2],[667,1,667,2],[668,1,668,2],[669,1,669,2],[670,1,670,2],[671,1,671,7],[672,1,672,2],[673,1,673,2],[674,1,674,2],[676,1,676,2],[677,1,677,2],[677,5,677,6],[678,1,678,6],[679,2,679,7],[680,1,680,2],[680,4,680,5],[681,1,681,2],[681,4,681,5],[682,1,682,2],[682,4,682,5],[683,1,683,6],[685,1,685,6],[686,1,686,6],[688,1,688,7],[689,1,689,2],[690,1,690,2],[691,1,691,2],[692,1,692,2],[693,1,693,2],[694,1,694,2],[695,1,695,2],[696,1,696,2],[697,1,697,2],[698,1,698,2],[699,1,699,2],[700,1,700,2],[701,1,701,7],[702,1,702,2],[703,1,703,2],[704,1,704,2],[705,1,705,2],[706,1,706,2],[707,1,707,2],[708,1,708,7],[709,1,709,2],[710,1,710,2],[711,1,711,2],[712,1,712,2],[713,1,713,2],[714,1,714,2],[715,1,715,7],[716,1,716,2],[717,1,717,2],[718,1,718,2],[720,1,720,2],[721,1,721,2],[721,5,721,6],[722,1,722,6],[723,2,723,7],[724,1,724,2],[724,4,724,5],[725,1,725,2],[725,4,725,5],[726,1,726,2],[726,4,726,5],[727,1,727,6],[729,1,729,6],[730,1,730,6],[732,1,732,7],[733,1,733,2],[734,1,734,2],[735,1,735,2],[736,1,736,2],[737,1,737,2],[738,1,738,2],[739,1,739,2],[740,1,740,2],[741,1,741,2],[742,1,742,2],[743,1,743,2],[744,1,744,2],[745,1,745,7],[746,1,746,2],[747,1,747,2],[748,1,748,2],[749,1,749,2],[750,1,750,2],[751,1,751,2],[752,1,752,7],[753,1,753,2],[754,1,754,2],[755,1,755,2],[756,1,756,2],[757,1,757,2],[758,1,758,2],[759,1,759,7],[760,1,760,2],[761,1,761,2],[762,1,762,2],[764,1,764,2],[765,1,765,2],[765,5,765,6],[766,1,766,6],[767,2,767,7],[768,1,768,2],[768,4,768,5],[769,1,769,2],[769,4,769,5],[770,1,770,2],[770,4,770,5],[771,1,771,6],[773,1,773,6],[774,1,774,6],[776,1,776,7],[777,1,777,2],[778,1,778,2],[779,1,779,2],[780,1,780,7],[781,1,781,2],[782,1,782,2],[783,1,783,2],[784,1,784,2],[785,1,785,2],[786,1,786,2],[787,1,787,7],[788,1,788,2],[789,1,789,2],[790,1,790,2],[791,1,791,2],[792,1,792,2],[793,1,793,2],[794,1,794,7],[795,1,795,2],[796,1,796,2],[797,1,797,2],[799,1,799,2],[800,1,800,2],[800,5,800,6],[801,1,801,6],[802,2,802,7],[803,1,803,2],[803,4,803,5],[804,1,804,2],[804,4,804,5],[805,1,805,2],[805,4,805,5],[806,1,806,6],[808,1,808,6],[809,1,809,6],[811,1,811,7],[812,1,812,2],[813,1,813,2],[814,1,814,2],[815,1,815,7],[816,1,816,2],[817,1,817,2],[818,1,818,2],[819,1,819,2],[820,1,820,2],[821,1,821,2],[822,1,822,7],[823,1,823,2],[824,1,824,2],[825,1,825,2],[826,1,826,2],[827,1,827,2],[828,1,828,2],[829,1,829,7],[830,1,830,2],[831,1,831,2],[832,1,832,2],[834,1,834,2],[835,1,835,2],[835,5,835,6],[836,1,836,6],[837,2,837,7],[838,1,838,2],[838,4,838,5],[839,1,839,2],[839,4,839,5],[840,1,840,2],[840,4,840,5],[841,1,841,6],[843,1,843,6],[844,1,844,6],[846,1,846,7],[847,1,847,2],[848,1,848,2],[849,1,849,2],[850,1,850,7],[851,1,851,2],[852,1,852,2],[853,1,853,2],[854,1,854,2],[855,1,855,2],[856,1,856,2],[857,1,857,7],[858,1,858,2],[859,1,859,2],[860,1,860,2],[861,1,861,2],[862,1,862,2],[863,1,863,2],[864,1,864,7],[865,1,865,2],[866,1,866,2],[867,1,867,2],[869,1,869,2],[870,1,870,2],[870,5,870,6],[871,1,871,6],[872,2,872,7],[873,1,873,2],[873,4,873,5],[874,1,874,2],[874,4,874,5],[875,1,875,2],[875,4,875,5],[876,1,876,6],[878,1,878,6],[879,1,879,6],[881,1,881,7],[882,1,882,2],[883,1,883,2],[884,1,884,2],[885,1,885,7],[886,1,886,2],[887,1,887,2],[888,1,888,2],[889,1,889,2],[890,1,890,2],[891,1,891,2],[892,1,892,7],[893,1,893,2],[894,1,894,2],[895,1,895,2],[896,1,896,2],[897,1,897,2],[898,1,898,2],[899,1,899,7],[900,1,900,2],[901,1,901,2],[902,1,902,2],[904,1,904,2],[905,1,905,2],[905,5,905,6],[906,1,906,6],[907,2,907,7],[908,1,908,2],[908,4,908,5],[909,1,909,2],[909,4,909,5],[910,1,910,2],[910,4,910,5],[911,1,911,6],[913,1,913,6],[914,1,914,6],[916,1,916,7],[917,1,917,2],[918,1,918,2],[919,1,919,2],[920,1,920,7],[921,1,921,2],[922,1,922,2],[923,1,923,2],[924,1,924,2],[925,1,925,2],[926,1,926,2],[927,1,927,7],[928,1,928,2],[929,1,929,2],[930,1,930,2],[931,1,931,2],[932,1,932,2],[933,1,933,2],[934,1,934,7],[935,1,935,2],[936,1,936,2],[937,1,937,2],[939,1,939,2],[940,1,940,2],[940,5,940,6],[941,1,941,6],[942,2,942,7],[943,1,943,2],[943,4,943,5],[944,1,944,2],[944,4,944,5],[945,1,945,2],[945,4,945,5],[946,1,946,6],[948,1,948,6],[949,1,949,6],[951,1,951,7],[952,1,952,2],[953,1,953,2],[954,1,954,2],[955,1,955,2],[956,1,956,2],[957,1,957,7],[958,1,958,2],[959,1,959,2],[960,1,960,2],[961,1,961,2],[962,1,962,2],[963,1,963,2],[964,1,964,7],[965,1,965,2],[966,1,966,2],[967,1,967,2],[968,1,968,2],[969,1,969,2],[970,1,970,2],[971,1,971,7],[978,1,978,6],[982,1,982,2],[982,4,982,5],[983,1,983,6],[984,1,984,6],[985,1,985,6],[987,1,987,7]],"merged_total":2667,"flags":["merged_cut"]}
[]
[]
[null,"Nombre de la Actividad",{"$nulls":5},"Unidad de Medida"]
[null,"SALIDA PARA LUMINARIA LED DE INCRUSTAR 120V / 9W INCLUYE: TUBERIA PVC SCH40- ALAMBRE 12 - CAJAS OCTOGONALES - ENCAUCHETADO 3X12 - PRENSAESTOPA - TAPA CIEGA ACCESORIOS DE INSTALACION, NO INCLUYE SUMINISTRO E INSTALACION DE APARATO",{"$nulls":5},"UN "]
[]
[null," MATERIALES"]
[null,"DESCRIPCION",null,"UN","CANT","DESP. %","VR. UNIT","VR. TOTAL"]
[null,"TUBERIA PVC SCH40 3/4\" ",null,"ML",{"v":2,"d":"2.00"},{"v":0.05,"d":"5%"},{"v":3457.74968,"d":"$ 3,458."},{"$f":"+G8*E8+(G8*F8)","v":{"v":7088.386844,"d":"7,088 $"}}]
[null,"TERMINAL PVC 3/4\"",null,"UN",{"v":2,"d":"2.00"},{"v":0,"d":"0%"},{"v":907.5,"d":"$ 908."},{"$f":"+G9*E9+(G9*F9)","v":{"v":1815,"d":"1,815 $"}}]
[null,"GRAPA DOBLE OREJA 3/4\"",null,"UN",{"v":1,"d":"1.00"},{"v":0,"d":"0%"},{"v":412.5,"d":"$ 413."},{"$f":"+G10*E10+(G10*F10)","v":{"v":412.5,"d":"413 $"}}]
[null,"CAJA METALICA OCTAGONAL",null,"UN",{"v":1,"d":"1.00"},{"v":0,"d":"0%"},{"v":2722.5,"d":"$ 2,723."},{"$f":"+G11*E11+(G11*F11)","v":{"v":2722.5,"d":"2,723 $"}}]
[null,"CHAZO-TORNILLO 1/4\"",null,"UN",{"v":6,"d":"6.00"},{"v":0,"d":"0%"},{"v":247.5,"d":"$ 248."},{"$f":"+G12*E12+(G12*F12)","v":{"v":1485,"d":"1,485 $"}}]
[null,"ALAMBRE 12 Cu",null,"ML",{"v":4,"d":"4.00"},{"v":0.05,"d":"5%"},{"v":1732.5,"d":"$ 1,733."},{"$f":"+G13*E13+(G13*F13)","v":{"v":7016.625,"d":"7,017 $"}}]
[null,"CABLE DESN 12 Cu",null,"ML",{"v":2,"d":"2.00"},{"v":0.05,"d":"5%"},{"v":1567.5,"d":"$ 1,568."},{"v":3213.375,"d":"3,213 $"}]
[null,"CONECTOR CERTIFICADO",null,"UN",{"v":3,"d":"3.00"},{"v":0,"d":"0%"},{"v":412.5,"d":"$ 413."},{"v":1237.5,"d":"1,238 $"}]
[null,"CINTA AISLANTE NARANJA",null,"UN",0.01,{"v":1E-3,"d":"0%"},{"v":3630,"d":"$ 3,630."},{"v":39.93000000000001,"d":"40 $"}]
[null,"PRENSAESTOPA 1/2\"",null,"UN",{"v":1,"d":"1.00"},{"v":0,"d":"0%"},{"v":2508,"d":"$ 2,508."},{"v":2508,"d":"2,508 $"}]
[null,"CABLE ENCAUCHE. 3X12",null,"ML",{"v":0.6,"d":"0.60"},{"v":0.01,"d":"1%"},{"v":9603,"d":"$ 9,603."},{"v":5857.83,"d":"5,858 $"}]
[null,"TAPA CIEGA CAJA OCTAGONAL",null,"UN",{"v":1,"d":"1.00"},{"v":0,"d":"0%"},{"v":1237.5,"d":"$ 1,238."},{"v":1237.5,"d":"1,238 $"}]
[{"$nulls":6},"SUBTOTAL MATERIALES",{"$f":"SUM(H8:H19)","v":{"v":34634.146844,"d":"34,634"}}]
[null,"MANO DE OBRA"]
[null,"DESCRIPCIÓN",null,"UN","CANT",null,"VR. UNIT","VR. TOTAL"]
[null,"INGENIERO ELECTRICO",null,"DIA",{"$f":"0.05/8","v":{"v":0.00625,"d":"0.01"}},null,{"$f":"2900000/30","v":{"v":96666.66666666667,"d":"$ 96,667"}},{"$f":"+G23*E23","v":{"v":604.1666666666667,"d":"604 $"}}]
[null,"INSPECTOR SISO",null,"DIA",{"$f":"0.025/8","v":{"v":0.003125,"d":"0.00"}},null,{"$f":"1900000/30","v":{"v":63333.333333333336,"d":"$ 63,333"}},{"$f":"+G24*E24","v":{"v":197.91666666666669,"d":"198 $"}}]
[null,"OFICIAL",null,"DIA",{"$f":"2.5/8","v":{"v":0.3125,"d":"0.31"}},null,{"$f":"1600000/30","v":{"v":53333.333333333336,"d":"$ 53,333"}},{"$f":"+G25*E25","v":{"v":16666.666666666668,"d":"16,667 $"}}]
[null,"AYUDANTE",null,"DIA",{"$f":"2.5/8","v":{"v":0.3125,"d":"0.31"}},null,{"$f":"1200000/30","v":{"v":40000,"d":"$ 40,000"}},{"$f":"+G26*E26","v":{"v":12500,"d":"12,500 $"}}]
[{"$nulls":6},"SUBTOTAL MANO DE OBRA",{"$f":"SUM(H23:H26)","v":{"v":29968.75,"d":"29,969"}}]
[null,"EQUIPO Y HERRAMIENTA"]
[null,"DESCRIPCIÓN",null,"UN","CANT","VALOR DIA","VR. UNIT","VR. TOTAL"]
[null,"HERRAMIENTA DE MANO",null,"UN",{"v":0.005,"d":"0.01"},{"v":85000,"d":"$ 85,000.00"},{"v":85000,"d":"$ 85,000.00"},{"$f":"G30*E30","v":{"v":425,"d":"425 $"}}]
[null,"HERRAMIENTA ESPECIAL",null,"UN",{"v":0.005,"d":"0.01"},{"v":170000,"d":"$ 170,000.00"},{"v":170000,"d":"$ 170,000.00"},{"$f":"G31*E31","v":{"v":850,"d":"850 $"}}]
[]
[]
[{"$nulls":6},"SUBTOTAL EQUIPO Y HERRAMIENTA",{"$f":"SUM(H30:H33)","v":{"v":1275,"d":"1,275"}}]
[null,"TRANSPORTES"]
[null,"DESCRIPCIÓN",null,"UN","CANT","VALOR HORA","VR. UNIT","VR. TOTAL"]
[null,"TRANSPORTE MATERIAL",null,"UN",{"v":0.005,"d":"0.01"},{"v":180000,"d":"$ 180,000.00"},{"v":180000,"d":"$ 180,000.00"},{"$f":"G37*E37","v":{"v":900,"d":"900 $"}}]
[null,"TRANSPORTE PERSONAL",null,"UN",{"v":0.005,"d":"0.01"},{"v":6000,"d":"$ 6,000.00"},{"v":6000,"d":"$ 6,000.00"},{"$f":"G38*E38","v":{"v":30,"d":"30 $"}}]
[]
[]
[{"$nulls":5},"SUBTOTAL TRANSPORTES",null,{"$f":"SUM(H37:H40)","v":930},{"$f":"H41+H34+H27","v":{"v":32173.75,"d":"32,174"}}]
[null,"TOTAL COSTO DIRECTO",{"$nulls":5},{"$f":"H41+H34+H27+H20","v":{"v":66807.896844,"d":"66,808"}}]
[]
[null,"ADMINISTRACIÓN",null,null,"(Indicar su porcentaje)",null,{"v":0.08,"d":"8.00%"},{"$f":"G44*H42","v":{"v":5344.63174752,"d":"5,345"}}]
[null,"IMPREVISTOS",null,null,"(Indicar su porcentaje)",null,{"v":0.03,"d":"3.00%"},{"$f":"H42*G45","v":{"v":2004.23690532,"d":"2,004"}}]
[null,"UTILIDAD",null,null,"(Indicar su porcentaje)",null,{"v":0.05,"d":"5.00%"},{"$f":"G46*H42","v":{"v":3340.3948422000003,"d":"3,340"}}]
[null,"PRECIO UNITARIO TOTAL",{"$nulls":5},{"$f":"+H46+H45+H44+H42","v":{"v":77497.16033904,"d":"77,497"}}]
[]
[null,"Nombre de la Actividad",{"$nulls":5},"Unidad de Medida"]
[null,"SALIDA PARA TOMACORRIENTE DOBLE 120V / P/T INCLUYE: TUBERIA PVC TIPO A- ALAMBRE 12 - CAJAS 5800-2400 - ACCESORIOS DE INSTALACION - TOMACORRIENTE GENESIS",{"$nulls":5},"UN "]
[]
[null," MATERIALES"]
[null,"DESCRIPCION",null,"UN","CANT","DESP. %","VR. UNIT","VR. TOTAL"]
[null,"TUBERIA PVC TIPO A 3/4\" ",null,"ML",{"v":3,"d":"3.00"},{"v":0.05,"d":"5%"},{"v":2475,"d":"$ 2,475."},{"$f":"+G54*E54+(G54*F54)","v":{"v":7548.75,"d":"7,549 $"}}]
[null,"TERMINAL PVC 3/4\"",null,"UN",{"v":2,"d":"2.00"},{"v":0,"d":"0%"},{"v":907.5,"d":"$ 908."},{"v":1815,"d":"1,815 $"}]
[null,"CAJA METALICA 5800",null,"UN",{"v":0.5,"d":"0.50"},{"v":0,"d":"0%"},{"v":2392.5,"d":"$ 2,393."},{"v":1196.25,"d":"1,196 $"}]
[null,"CAJA METALICA 2400",null,"UN",{"v":0.5,"d":"0.50"},{"v":0,"d":"0%"},{"v":3135,"d":"$ 3,135."},{"v":1567.5,"d":"1,568 $"}]
[null,"CHAZO-TORNILLO 1/4\"",null,"UN",{"v":2,"d":"2.00"},{"v":0,"d":"0%"},{"v":247.5,"d":"$ 248."},{"v":495,"d":"495 $"}]
[null,"ALAMBRE 12 Cu",null,"ML",{"v":6,"d":"6.00"},{"v":0.05,"d":"5%"},{"v":1732.5,"d":"$ 1,733."},{"v":10481.625,"d":"10,482 $"}]
[null,"CABLE DESN 12 Cu",null,"ML",{"v":3,"d":"3.00"},{"v":0.05,"d":"5%"},{"v":1567.5,"d":"$ 1,568."},{"v":4780.875,"d":"4,781 $"}]
[null,"CONECTOR CERTIFICADO",null,"UN",{"v":3,"d":"3.00"},{"v":0,"d":"0%"},{"v":412.5,"d":"$ 413."},{"v":1237.5,"d":"1,238 $"}]
[null,"CINTA AISLANTE COLOR",null,"UN",0.01,{"v":1E-3,"d":"0%"},{"v":3630,"d":"$ 3,630."},{"v":39.93000000000001,"d":"40 $"}]
[null,"TOMACORRIENTE DOBLE GENESIS 120V P/T ",null,"UN",{"v":1,"d":"1.00"},{"v":0,"d":"0%"},{"v":6913.5,"d":"$ 6,914."},{"v":6913.5,"d":"6,914 $"}]
[{"$nulls":6},"SUBTOTAL MATERIALES",{"$f":"SUM(H54:H63)","v":{"v":36075.93,"d":"36,076"}}]
[null,"MANO DE OBRA"]
[null,"DESCRIPCIÓN",null,"UN","CANT",null,"VR. UNIT","VR. TOTAL"]
[null,"INGENIERO ELECTRICO",null,"DIA",{"$f":"0.05/8","v":{"v":0.00625,"d":"0.01"}},null,{"$f":"2900000/30","v":{"v":96666.66666666667,"d":"$ 96,667"}},{"$f":"+G67*E67","v":{"v":604.1666666666667,"d":"604 $"}}]
[null,"INSPECTOR SISO",null,"DIA",{"$f":"0.025/8","v":{"v":0.003125,"d":"0.00"}},null,{"$f":"1900000/30","v":{"v":63333.333333333336,"d":"$ 63,333"}},{"$f":"+G68*E68","v":{"v":197.91666666666669,"d":"198 $"}}]
[null,"OFICIAL",null,"DIA",{"$f":"2.5/8","v":{"v":0.3125,"d":"0.31"}},null,{"$f":"1600000/30","v":{"v":53333.333333333336,"d":"$ 53,333"}},{"$f":"+G69*E69","v":{"v":16666.666666666668,"d":"16,667 $"}}]
[null,"AYUDANTE",null,"DIA",{"$f":"2.5/8","v":{"v":0.3125,"d":"0.31"}},null,{"$f":"1200000/30","v":{"v":40000,"d":"$ 40,000"}},{"$f":"+G70*E70","v":{"v":12500,"d":"12,500 $"}}]
[{"$nulls":6},"SUBTOTAL MANO DE OBRA",{"$f":"SUM(H67:H70)","v":{"v":29968.75,"d":"29,969"}}]
[null,"EQUIPO Y HERRAMIENTA"]
[null,"DESCRIPCIÓN",null,"UN","CANT","VALOR DIA","VR. UNIT","VR. TOTAL"]
[null,"HERRAMIENTA DE MANO",null,"UN",{"v":0.005,"d":"0.01"},{"v":85000,"d":"$ 85,000.00"},{"v":85000,"d":"$ 85,000.00"},{"$f":"G74*E74","v":{"v":425,"d":"425 $"}}]
[null,"HERRAMIENTA ESPECIAL",null,"UN",{"v":0.005,"d":"0.01"},{"v":170000,"d":"$ 170,000.00"},{"v":170000,"d":"$ 170,000.00"},{"$f":"G75*E75","v":{"v":850,"d":"850 $"}}]
[]
[]
[{"$nulls":6},"SUBTOTAL EQUIPO Y HERRAMIENTA",{"$f":"SUM(H74:H77)","v":{"v":1275,"d":"1,275"}}]
[null,"TRANSPORTES"]
[null,"DESCRIPCIÓN",null,"UN","CANT","VALOR HORA","VR. UNIT","VR. TOTAL"]
[null,"TRANSPORTE MATERIAL",null,"UN",{"v":0.005,"d":"0.01"},{"v":180000,"d":"$ 180,000.00"},{"v":180000,"d":"$ 180,000.00"},{"$f":"G81*E81","v":{"v":900,"d":"900 $"}}]
[null,"TRANSPORTE PERSONAL",null,"UN",{"v":0.005,"d":"0.01"},{"v":6000,"d":"$ 6,000.00"},{"v":6000,"d":"$ 6,000.00"},{"$f":"G82*E82","v":{"v":30,"d":"30 $"}}]
[]
[]
[{"$nulls":5},"SUBTOTAL TRANSPORTES",null,{"$f":"SUM(H81:H84)","v":930},{"$f":"H85+H78+H71","v":{"v":32173.75,"d":"32,174"}}]
[null,"TOTAL COSTO DIRECTO",{"$nulls":5},{"$f":"H85+H78+H71+H64","v":{"v":68249.68,"d":"68,250"}}]
[]
[null,"ADMINISTRACIÓN",null,null,"(Indicar su porcentaje)",null,{"v":0.08,"d":"8.00%"},{"$f":"G88*H86","v":{"v":5459.974399999999,"d":"5,460"}}]
[null,"IMPREVISTOS",null,null,"(Indicar su porcentaje)",null,{"v":0.03,"d":"3.00%"},{"$f":"H86*G89","v":{"v":2047.4903999999997,"d":"2,047"}}]
[null,"UTILIDAD",null,null,"(Indicar su porcentaje)",null,{"v":0.05,"d":"5.00%"},{"$f":"G90*H86","v":{"v":3412.484,"d":"3,412"}}]
[null,"PRECIO UNITARIO TOTAL",{"$nulls":5},{"$f":"+H90+H89+H88+H86","v":{"v":79169.62879999999,"d":"79,170"}}]
[]
[null,"Nombre de la Actividad",{"$nulls":5},"Unidad de Medida"]
[null,"SALIDA PARA TOMACORRIENTE DOBLE 120V / GFCI INCLUYE: TUBERIA PVC TIPO A- ALAMBRE 12 - CAJAS 5800-2400 - ACCESORIOS DE INSTALACION - TOMACORIENTE GFCI GENESIS",{"$nulls":5},"UN "]
[]
[null," MATERIALES"]
[null,"DESCRIPCION",null,"UN","CANT","DESP. %","VR. UNIT","VR. TOTAL"]
[null,"TUBERIA PVC TIPO A 3/4\" ",null,"ML",{"v":3,"d":"3.00"},{"v":0.05,"d":"5%"},{"v":2475,"d":"$ 2,475."},{"$f":"+G98*E98+(G98*F98)","v":{"v":7548.75,"d":"7,549 $"}}]
[null,"TERMINAL PVC 3/4\"",null,"UN",{"v":2,"d":"2.00"},{"v":0,"d":"0%"},{"v":907.5,"d":"$ 908."},{"v":1815,"d":"1,815 $"}]
[null,"CAJA METALICA 5800",null,"UN",{"v":0,"d":"0.00"},{"v":0,"d":"0%"},{"v":2392.5,"d":"$ 2,393."},{"v":0,"d":"0 $"}]
[null,"CAJA METALICA 2400",null,"UN",{"v":1,"d":"1.00"},{"v":0,"d":"0%"},{"v":3135,"d":"$ 3,135."},{"v":3135,"d":"3,135 $"}]
[null,"CHAZO-TORNILLO 1/4\"",null,"UN",{"v":2,"d":"2.00"},{"v":0,"d":"0%"},{"v":247.5,"d":"$ 248."},{"v":495,"d":"495 $"}]
[null,"ALAMBRE 12 Cu",null,"ML",{"v":6,"d":"6.00"},{"v":0.05,"d":"5%"},{"v":1732.5,"d":"$ 1,733."},{"v":10481.625,"d":"10,482 $"}]
[null,"CABLE DESN 12 Cu",null,"ML",{"v":3,"d":"3.00"},{"v":0.05,"d":"5%"},{"v":1567.5,"d":"$ 1,568."},{"v":4780.875,"d":"4,781 $"}]
[null,"CONECTOR CERTIFICADO",null,"UN",{"v":3,"d":"3.00"},{"v":0,"d":"0%"},{"v":412.5,"d":"$ 413."},{"v":1237.5,"d":"1,238 $"}]
[null,"CINTA AISLANTE COLOR",null,"UN",0.01,{"v":1E-3,"d":"0%"},{"v":3630,"d":"$ 3,630."},{"v":39.93000000000001,"d":"40 $"}]
[null,"TOMACORRIENTE DOBLE GENESIS GFCI 120V P/T ",null,"UN",{"v":1,"d":"1.00"},{"v":0,"d":"0%"},{"v":60225,"d":"$ 60,225."},{"v":60225,"d":"60,225 $"}]
[{"$nulls":6},"SUBTOTAL MATERIALES",{"$f":"SUM(H98:H107)","v":{"v":89758.68,"d":"89,759"}}]
[null,"MANO DE OBRA"]
[null,"DESCRIPCIÓN",null,"UN","CANT",null,"VR. UNIT","VR. TOTAL"]
[null,"INGENIERO ELECTRICO",null,"DIA",{"$f":"0.05/8","v":{"v":0.00625,"d":"0.01"}},null,{"$f":"2900000/30","v":{"v":96666.66666666667,"d":"$ 96,667"}},{"$f":"+G111*E111","v":{"v":604.1666666666667,"d":"604 $"}}]
[null,"INSPECTOR SISO",null,"DIA",{"$f":"0.025/8","v":{"v":0.003125,"d":"0.00"}},null,{"$f":"1900000/30","v":{"v":63333.333333333336,"d":"$ 63,333"}},{"$f":"+G112*E112","v":{"v":197.91666666666669,"d":"198 $"}}]
[null,"OFICIAL",null,"DIA",{"$f":"2.5/8","v":{"v":0.3125,"d":"0.31"}},null,{"$f":"1600000/30","v":{"v":53333.333333333336,"d":"$ 53,333"}},{"$f":"+G113*E113","v":{"v":16666.666666666668,"d":"16,667 $"}}]
[null,"AYUDANTE",null,"DIA",{"$f":"2.5/8","v":{"v":0.3125,"d":"0.31"}},null,{"$f":"1200000/30","v":{"v":40000,"d":"$ 40,000"}},{"$f":"+G114*E114","v":{"v":12500,"d":"12,500 $"}}]
[{"$nulls":6},"SUBTOTAL MANO DE OBRA",{"$f":"SUM(H111:H114)","v":{"v":29968.75,"d":"29,969"}}]
[null,"EQUIPO Y HERRAMIENTA"]
[null,"DESCRIPCIÓN",null,"UN","CANT","VALOR DIA","VR. UNIT","VR. TOTAL"]
[null,"HERRAMIENTA DE MANO",null,"UN",{"v":0.005,"d":"0.01"},{"v":85000,"d":"$ 85,000.00"},{"v":85000,"d":"$ 85,000.00"},{"$f":"G118*E118","v":{"v":425,"d":"425 $"}}]
[null,"HERRAMIENTA ESPECIAL",null,"UN",{"v":0.005,"d":"0.01"},{"v":170000,"d":"$ 170,000.00"},{"v":170000,"d":"$ 170,000.00"},{"$f":"G119*E119","v":{"v":850,"d":"850 $"}}]
[]
[]
[{"$nulls":6},"SUBTOTAL EQUIPO Y HERRAMIENTA",{"$f":"SUM(H118:H121)","v":{"v":1275,"d":"1,275"}}]
[null,"TRANSPORTES"]
[null,"DESCRIPCIÓN",null,"UN","CANT","VALOR HORA","VR. UNIT","VR. TOTAL"]
[null,"TRANSPORTE MATERIAL",null,"UN",{"v":0.005,"d":"0.01"},{"v":180000,"d":"$ 180,000.00"},{"v":180000,"d":"$ 180,000.00"},{"$f":"G125*E125","v":{"v":900,"d":"900 $"}}]
[null,"TRANSPORTE PERSONAL",null,"UN",{"v":0.005,"d":"0.01"},{"v":6000,"d":"$ 6,000.00"},{"v":6000,"d":"$ 6,000.00"},{"$f":"G126*E126","v":{"v":30,"d":"30 $"}}]
[]
[]
[{"$nulls":5},"SUBTOTAL TRANSPORTES",null,{"$f":"SUM(H125:H128)","v":930},{"$f":"H129+H122+H115","v":{"v":32173.75,"d":"32,174"}}]
[null,"TOTAL COSTO DIRECTO",{"$nulls":5},{"$f":"H129+H122+H115+H108","v":{"v":121932.43,"d":"121,932"}}]
[]
[null,"ADMINISTRACIÓN",null,null,"(Indicar su porcentaje)",null,{"v":0.08,"d":"8.00%"},{"$f":"G132*H130","v":{"v":9754.5944,"d":"9,755"}}]
[null,"IMPREVISTOS",null,null,"(Indicar su porcentaje)",null,{"v":0.03,"d":"3.00%"},{"$f":"H130*G133","v":{"v":3657.9728999999998,"d":"3,658"}}]
[null,"UTILIDAD",null,null,"(Indicar su porcentaje)",null,{"v":0.05,"d":"5.00%"},{"$f":"G134*H130","v":{"v":6096.6215,"d":"6,097"}}]
[null,"PRECIO UNITARIO TOTAL",{"$nulls":5},{"$f":"+H134+H133+H132+H130","v":{"v":141441.6188,"d":"141,442"}}]
[]
[null,"Nombre de la Actividad",{"$nulls":5},"Unidad de Medida"]
[null,"SALIDA PARA EXTRACTOR 120V / GFCI INCLUYE: TUBERIA PVC TIPO A- ALAMBRE 12 - CAJAS 5800-2400 - ACCESORIOS DE INSTALACION - TOMACORIENTE GFCI GENESIS - EMPALMES SUMERGIBLES",{"$nulls":5},"UN "]
[]
[null," MATERIALES"]
[null,"DESCRIPCION",null,"UN","CANT","DESP. %","VR. UNIT","VR. TOTAL"]
[null,"TUBERIA PVC TIPO A 3/4\" ",null,"ML",{"v":3,"d":"3.00"},{"v":0.05,"d":"5%"},{"v":2475,"d":"$ 2,475."},{"$f":"+G142*E142+(G142*F142)","v":{"v":7548.75,"d":"7,549 $"}}]
[null,"TERMINAL PVC 3/4\"",null,"UN",{"v":2,"d":"2.00"},{"v":0,"d":"0%"},{"v":907.5,"d":"$ 908."},{"v":1815,"d":"1,815 $"}]
[null,"EMPALME EN GEL SUMERGIBLE ",null,"UN",{"v":2,"d":"2.00"},{"v":0,"d":"0%"},{"v":53955,"d":"$ 53,955."},{"v":107910,"d":"107,910 $"}]
[null,"CAJA METALICA 2400",null,"UN",{"v":1,"d":"1.00"},{"v":0,"d":"0%"},{"v":3135,"d":"$ 3,135."},{"v":3135,"d":"3,135 $"}]
[null,"CHAZO-TORNILLO 1/4\"",null,"UN",{"v":2,"d":"2.00"},{"v":0,"d":"0%"},{"v":247.5,"d":"$ 248."},{"v":495,"d":"495 $"}]
[null,"ALAMBRE 12 Cu",null,"ML",{"v":6,"d":"6.00"},{"v":0.05,"d":"5%"},{"v":1732.5,"d":"$ 1,733."},{"v":10481.625,"d":"10,482 $"}]
[null,"CABLE DESN 12 Cu",null,"ML",{"v":3,"d":"3.00"},{"v":0.05,"d":"5%"},{"v":1567.5,"d":"$ 1,568."},{"v":4780.875,"d":"4,781 $"}]
[null,"CONECTOR CERTIFICADO",null,"UN",{"v":3,"d":"3.00"},{"v":0,"d":"0%"},{"v":412.5,"d":"$ 413."},{"v":1237.5,"d":"1,238 $"}]
[null,"CINTA AISLANTE COLOR",null,"UN",0.01,{"v":1E-3,"d":"0%"},{"v":3630,"d":"$ 3,630."},{"v":39.93000000000001,"d":"40 $"}]
[null,"TOMACORRIENTE DOBLE GENESIS GFCI 120V P/T ",null,"UN",{"v":1,"d":"1.00"},{"v":0,"d":"0%"},{"v":60225,"d":"$ 60,225."},{"v":60225,"d":"60,225 $"}]
[{"$nulls":6},"SUBTOTAL MATERIALES",{"$f":"SUM(H142:H151)","v":{"v":197668.68,"d":"197,669"}}]
[null,"MANO DE OBRA"]
[null,"DESCRIPCIÓN",null,"UN","CANT",null,"VR. UNIT","VR. TOTAL"]
[null,"INGENIERO ELECTRICO",null,"DIA",{"$f":"0.05/8","v":{"v":0.00625,"d":"0.01"}},null,{"$f":"2900000/30","v":{"v":96666.66666666667,"d":"$ 96,667"}},{"$f":"+G155*E155","v":{"v":604.1666666666667,"d":"604 $"}}]
[null,"INSPECTOR SISO",null,"DIA",{"$f":"0.025/8","v":{"v":0.003125,"d":"0.00"}},null,{"$f":"1900000/30","v":{"v":63333.333333333336,"d":"$ 63,333"}},{"$f":"+G156*E156","v":{"v":197.91666666666669,"d":"198 $"}}]
[null,"OFICIAL",null,"DIA",{"$f":"2.5/8","v":{"v":0.3125,"d":"0.31"}},null,{"$f":"1600000/30","v":{"v":53333.333333333336,"d":"$ 53,333"}},{"$f":"+G157*E157","v":{"v":16666.666666666668,"d":"16,667 $"}}]
[null,"AYUDANTE",null,"DIA",{"$f":"2.5/8","v":{"v":0.3125,"d":"0.31"}},null,{"$f":"1200000/30","v":{"v":40000,"d":"$ 40,000"}},{"$f":"+G158*E158","v":{"v":12500,"d":"12,500 $"}}]
[{"$nulls":6},"SUBTOTAL MANO DE OBRA",{"$f":"SUM(H155:H158)","v":{"v":29968.75,"d":"29,969"}}]
[null,"EQUIPO Y HERRAMIENTA"]
[null,"DESCRIPCIÓN",null,"UN","CANT","VALOR DIA","VR. UNIT","VR. TOTAL"]
[null,"HERRAMIENTA DE MANO",null,"UN",{"v":0.005,"d":"0.01"},{"v":85000,"d":"$ 85,000.00"},{"v":85000,"d":"$ 85,000.00"},{"$f":"G162*E162","v":{"v":425,"d":"425 $"}}]
[null,"HERRAMIENTA ESPECIAL",null,"UN",{"v":0.005,"d":"0.01"},{"v":170000,"d":"$ 170,000.00"},{"v":170000,"d":"$ 170,000.00"},{"$f":"G163*E163","v":{"v":850,"d":"850 $"}}]
[]
[]
[{"$nulls":6},"SUBTOTAL EQUIPO Y HERRAMIENTA",{"$f":"SUM(H162:H165)","v":{"v":1275,"d":"1,275"}}]
[null,"TRANSPORTES"]
[null,"DESCRIPCIÓN",null,"UN","CANT","VALOR HORA","VR. UNIT","VR. TOTAL"]
[null,"TRANSPORTE MATERIAL",null,"UN",{"v":0.005,"d":"0.01"},{"v":180000,"d":"$ 180,000.00"},{"v":180000,"d":"$ 180,000.00"},{"$f":"G169*E169","v":{"v":900,"d":"900 $"}}]
[null,"TRANSPORTE PERSONAL",null,"UN",{"v":0.005,"d":"0.01"},{"v":6000,"d":"$ 6,000.00"},{"v":6000,"d":"$ 6,000.00"},{"$f":"G170*E170","v":{"v":30,"d":"30 $"}}]
[]
[]
[{"$nulls":5},"SUBTOTAL TRANSPORTES",null,{"$f":"SUM(H169:H172)","v":930},{"$f":"H173+H166+H159","v":{"v":32173.75,"d":"32,174"}}]
[null,"TOTAL COSTO DIRECTO",{"$nulls":5},{"$f":"H173+H166+H159+H152","v":{"v":229842.43,"d":"229,842"}}]
[]
[null,"ADMINISTRACIÓN",null,null,"(Indicar su porcentaje)",null,{"v":0.08,"d":"8.00%"},{"$f":"G176*H174","v":{"v":18387.3944,"d":"18,387"}}]
[null,"IMPREVISTOS",null,null,"(Indicar su porcentaje)",null,{"v":0.03,"d":"3.00%"},{"$f":"H174*G177","v":{"v":6895.2729,"d":"6,895"}}]
[null,"UTILIDAD",null,null,"(Indicar su porcentaje)",null,{"v":0.05,"d":"5.00%"},{"$f":"G178*H174","v":{"v":11492.121500000001,"d":"11,492"}}]
[null,"PRECIO UNITARIO TOTAL",{"$nulls":5},{"$f":"+H178+H177+H176+H174","v":{"v":266617.2188,"d":"266,617"}}]
[]
[null,"Nombre de la Actividad",{"$nulls":5},"Unidad de Medida"]
[null,"SALIDA PARA INTERRUPTOR SENCILLO INCLUYE: TUBERIA PVC TIPO A- ALAMBRE 12 - CAJAS 5800-2400 - ACCESORIOS DE INSTALACION - INTERRUPTOR SENCILLO GENESIS",{"$nulls":5},"UN "]
[]
[null," MATERIALES"]
[null,"DESCRIPCION",null,"UN","CANT","DESP. %","VR. UNIT","VR. TOTAL"]
[null,"TUBERIA PVC TIPO A 3/4\" ",null,"ML",{"v":1.5,"d":"1.50"},{"v":0.05,"d":"5%"},{"v":2475,"d":"$ 2,475."},{"$f":"+G186*E186+(G186*F186)","v":{"v":3836.25,"d":"3,836 $"}}]
[null,"TERMINAL PVC 3/4\"",null,"UN",{"v":2,"d":"2.00"},{"v":0,"d":"0%"},{"v":907.5,"d":"$ 908."},{"v":1815,"d":"1,815 $"}]
[null,"CAJA METALICA 5800",null,"UN",{"v":0.5,"d":"0.50"},{"v":0,"d":"0%"},{"v":2392.5,"d":"$ 2,393."},{"v":1196.25,"d":"1,196 $"}]
[null,"CAJA METALICA 2400",null,"UN",{"v":0.5,"d":"0.50"},{"v":0,"d":"0%"},{"v":3135,"d":"$ 3,135."},{"v":1567.5,"d":"1,568 $"}]
[null,"CHAZO-TORNILLO 1/4\"",null,"UN",{"v":2,"d":"2.00"},{"v":0,"d":"0%"},{"v":247.5,"d":"$ 248."},{"v":495,"d":"495 $"}]
[null,"ALAMBRE 12 Cu",null,"ML",{"v":3,"d":"3.00"},{"v":0.05,"d":"5%"},{"v":1732.5,"d":"$ 1,733."},{"v":5284.125,"d":"5,284 $"}]
[null,"CABLE DESN 12 Cu",null,"ML",{"v":1.5,"d":"1.50"},{"v":0.05,"d":"5%"},{"v":1567.5,"d":"$ 1,568."},{"v":2429.625,"d":"2,430 $"}]
[null,"CONECTOR CERTIFICADO",null,"UN",{"v":3,"d":"3.00"},{"v":0,"d":"0%"},{"v":412.5,"d":"$ 413."},{"v":1237.5,"d":"1,238 $"}]
[null,"CINTA AISLANTE COLOR",null,"UN",0.01,{"v":1E-3,"d":"0%"},{"v":3630,"d":"$ 3,630."},{"v":39.93000000000001,"d":"40 $"}]
[null,"INTERRUPTOR SENCILLO GENESIS",null,"UN",{"v":1,"d":"1.00"},{"v":0,"d":"0%"},{"v":6682.5,"d":"$ 6,683."},{"v":6682.5,"d":"6,683 $"}]
[{"$nulls":6},"SUBTOTAL MATERIALES",{"$f":"SUM(H186:H195)","v":{"v":24583.68,"d":"24,584"}}]
[null,"MANO DE OBRA"]
[null,"DESCRIPCIÓN",null,"UN","CANT",null,"VR. UNIT","VR. TOTAL"]
[null,"INGENIERO ELECTRICO",null,"DIA",{"$f":"0.05/8","v":{"v":0.00625,"d":"0.01"}},null,{"$f":"2900000/30","v":{"v":96666.66666666667,"d":"$ 96,667"}},{"$f":"+G199*E199","v":{"v":604.1666666666667,"d":"604 $"}}]
[null,"INSPECTOR SISO",null,"DIA",{"$f":"0.025/8","v":{"v":0.003125,"d":"0.00"}},null,{"$f":"1900000/30","v":{"v":63333.333333333336,"d":"$ 63,333"}},{"$f":"+G200*E200","v":{"v":197.91666666666669,"d":"198 $"}}]
[null,"OFICIAL",null,"DIA",{"$f":"2.5/8","v":{"v":0.3125,"d":"0.31"}},null,{"$f":"1600000/30","v":{"v":53333.333333333336,"d":"$ 53,333"}},{"$f":"+G201*E201","v":{"v":16666.666666666668,"d":"16,667 $"}}]
[null,"AYUDANTE",null,"DIA",{"$f":"2.5/8","v":{"v":0.3125,"d":"0.31"}},null,{"$f":"1200000/30","v":{"v":40000,"d":"$ 40,000"}},{"$f":"+G202*E202","v":{"v":12500,"d":"12,500 $"}}]
[{"$nulls":6},"SUBTOTAL MANO DE OBRA",{"$f":"SUM(H199:H202)","v":{"v":29968.75,"d":"29,969"}}]
[null,"EQUIPO Y HERRAMIENTA"]
[null,"DESCRIPCIÓN",null,"UN","CANT","VALOR DIA","VR. UNIT","VR. TOTAL"]
[null,"HERRAMIENTA DE MANO",null,"UN",{"v":0.005,"d":"0.01"},{"v":85000,"d":"$ 85,000.00"},{"v":85000,"d":"$ 85,000.00"},{"$f":"G206*E206","v":{"v":425,"d":"425 $"}}]
[null,"HERRAMIENTA ESPECIAL",null,"UN",{"v":0.005,"d":"0.01"},{"v":170000,"d":"$ 170,000.00"},{"v":170000,"d":"$ 170,000.00"},{"$f":"G207*E207","v":{"v":850,"d":"850 $"}}]
[]
[]
[{"$nulls":6},"SUBTOTAL EQUIPO Y HERRAMIENTA",{"$f":"SUM(H206:H209)","v":{"v":1275,"d":"1,275"}}]
[null,"TRANSPORTES"]
[null,"DESCRIPCIÓN",null,"UN","CANT","VALOR HORA","VR. UNIT","VR. TOTAL"]
[null,"TRANSPORTE MATERIAL",null,"UN",{"v":0.005,"d":"0.01"},{"v":180000,"d":"$ 180,000.00"},{"v":180000,"d":"$ 180,000.00"},{"$f":"G213*E213","v":{"v":900,"d":"900 $"}}]
[null,"TRANSPORTE PERSONAL",null,"UN",{"v":0.005,"d":"0.01"},{"v":6000,"d":"$ 6,000.00"},{"v":6000,"d":"$ 6,000.00"},{"$f":"G214*E214","v":{"v":30,"d":"30 $"}}]
[]
[]
[{"$nulls":5},"SUBTOTAL TRANSPORTES",null,{"$f":"SUM(H213:H216)","v":930},{"$f":"H217+H210+H203","v":{"v":32173.75,"d":"32,174"}}]
[null,"TOTAL COSTO DIRECTO",{"$nulls":5},{"$f":"H217+H210+H203+H196","v":{"v":56757.43,"d":"56,757"}}]
[]
[null,"ADMINISTRACIÓN",null,null,"(Indicar su porcentaje)",null,{"v":0.08,"d":"8.00%"},{"$f":"G220*H218","v":{"v":4540.5944,"d":"4,541"}}]
[null,"IMPREVISTOS",null,null,"(Indicar su porcentaje)",null,{"v":0.03,"d":"3.00%"},{"$f":"H218*G221","v":{"v":1702.7229,"d":"1,703"}}]
[null,"UTILIDAD",null,null,"(Indicar su porcentaje)",null,{"v":0.05,"d":"5.00%"},{"$f":"G222*H218","v":{"v":2837.8715,"d":"2,838"}}]
[null,"PRECIO UNITARIO TOTAL",{"$nulls":5},{"$f":"+H222+H221+H220+H218","v":{"v":65838.6188,"d":"65,839"}}]
[]
[null,"Nombre de la Actividad",{"$nulls":5},"Unidad de Medida"]
[null,"SALIDA PARA INTERRUPTOR DOBLE INCLUYE: TUBERIA PVC TIPO A- ALAMBRE 12 - CAJAS 5800-2400 - ACCESORIOS DE INSTALACION - INTERRUPTOR DOBLE GENESIS",{"$nulls":5},"UN "]
[]
[null," MATERIALES"]
[null,"DESCRIPCION",null,"UN","CANT","DESP. %","VR. UNIT","VR. TOTAL"]
[null,"TUBERIA PVC TIPO A 3/4\" ",null,"ML",{"v":1.5,"d":"1.50"},{"v":0.05,"d":"5%"},{"v":2475,"d":"$ 2,475."},{"$f":"+G230*E230+(G230*F230)","v":{"v":3836.25,"d":"3,836 $"}}]
[null,"TERMINAL PVC 3/4\"",null,"UN",{"v":2,"d":"2.00"},{"v":0,"d":"0%"},{"v":907.5,"d":"$ 908."},{"v":1815,"d":"1,815 $"}]
[null,"CAJA METALICA 5800",null,"UN",{"v":0.5,"d":"0.50"},{"v":0,"d":"0%"},{"v":2392.5,"d":"$ 2,393."},{"v":1196.25,"d":"1,196 $"}]
[null,"CAJA METALICA 2400",null,"UN",{"v":0.5,"d":"0.50"},{"v":0,"d":"0%"},{"v":3135,"d":"$ 3,135."},{"v":1567.5,"d":"1,568 $"}]
[null,"CHAZO-TORNILLO 1/4\"",null,"UN",{"v":2,"d":"2.00"},{"v":0,"d":"0%"},{"v":247.5,"d":"$ 248."},{"v":495,"d":"495 $"}]
[null,"ALAMBRE 12 Cu",null,"ML",{"v":4.5,"d":"4.50"},{"v":0.05,"d":"5%"},{"v":1732.5,"d":"$ 1,733."},{"v":7882.875,"d":"7,883 $"}]
[null,"CABLE DESN 12 Cu",null,"ML",{"v":1.5,"d":"1.50"},{"v":0.05,"d":"5%"},{"v":1567.5,"d":"$ 1,568."},{"v":2429.625,"d":"2,430 $"}]
[null,"CONECTOR CERTIFICADO",null,"UN",{"v":3,"d":"3.00"},{"v":0,"d":"0%"},{"v":412.5,"d":"$ 413."},{"v":1237.5,"d":"1,238 $"}]
[null,"CINTA AISLANTE COLOR",null,"UN",0.01,{"v":1E-3,"d":"0%"},{"v":3630,"d":"$ 3,630."},{"v":39.93000000000001,"d":"40 $"}]
[null,"INTERRUPTOR DOBLE GENESIS",null,"UN",{"v":1,"d":"1.00"},{"v":0,"d":"0%"},{"v":9570,"d":"$ 9,570."},{"v":9570,"d":"9,570 $"}]
[{"$nulls":6},"SUBTOTAL MATERIALES",{"$f":"SUM(H230:H239)","v":{"v":30069.93,"d":"30,070"}}]
[null,"MANO DE OBRA"]
[null,"DESCRIPCIÓN",null,"UN","CANT",null,"VR. UNIT","VR. TOTAL"]
[null,"INGENIERO ELECTRICO",null,"DIA",{"$f":"0.05/8","v":{"v":0.00625,"d":"0.01"}},null,{"$f":"2900000/30","v":{"v":96666.66666666667,"d":"$ 96,667"}},{"$f":"+G243*E243","v":{"v":604.1666666666667,"d":"604 $"}}]
[null,"INSPECTOR SISO",null,"DIA",{"$f":"0.025/8","v":{"v":0.003125,"d":"0.00"}},null,{"$f":"1900000/30","v":{"v":63333.333333333336,"d":"$ 63,333"}},{"$f":"+G244*E244","v":{"v":197.91666666666669,"d":"198 $"}}]
[null,"OFICIAL",null,"DIA",{"$f":"2.5/8","v":{"v":0.3125,"d":"0.31"}},null,{"$f":"1600000/30","v":{"v":53333.333333333336,"d":"$ 53,333"}},{"$f":"+G245*E245","v":{"v":16666.666666666668,"d":"16,667 $"}}]
[null,"AYUDANTE",null,"DIA",{"$f":"2.5/8","v":{"v":0.3125,"d":"0.31"}},null,{"$f":"1200000/30","v":{"v":40000,"d":"$ 40,000"}},{"$f":"+G246*E246","v":{"v":12500,"d":"12,500 $"}}]
[{"$nulls":6},"SUBTOTAL MANO DE OBRA",{"$f":"SUM(H243:H246)","v":{"v":29968.75,"d":"29,969"}}]
[null,"EQUIPO Y HERRAMIENTA"]
[null,"DESCRIPCIÓN",null,"UN","CANT","VALOR DIA","VR. UNIT","VR. TOTAL"]
[null,"HERRAMIENTA DE MANO",null,"UN",{"v":0.005,"d":"0.01"},{"v":85000,"d":"$ 85,000.00"},{"v":85000,"d":"$ 85,000.00"},{"$f":"G250*E250","v":{"v":425,"d":"425 $"}}]
[null,"HERRAMIENTA ESPECIAL",null,"UN",{"v":0.005,"d":"0.01"},{"v":170000,"d":"$ 170,000.00"},{"v":170000,"d":"$ 170,000.00"},{"$f":"G251*E251","v":{"v":850,"d":"850 $"}}]
[]
[]
[{"$nulls":6},"SUBTOTAL EQUIPO Y HERRAMIENTA",{"$f":"SUM(H250:H253)","v":{"v":1275,"d":"1,275"}}]
[null,"TRANSPORTES"]
[null,"DESCRIPCIÓN",null,"UN","CANT","VALOR HORA","VR. UNIT","VR. TOTAL"]
[null,"TRANSPORTE MATERIAL",null,"UN",{"v":0.005,"d":"0.01"},{"v":180000,"d":"$ 180,000.00"},{"v":180000,"d":"$ 180,000.00"},{"$f":"G257*E257","v":{"v":900,"d":"900 $"}}]
[null,"TRANSPORTE PERSONAL",null,"UN",{"v":0.005,"d":"0.01"},{"v":6000,"d":"$ 6,000.00"},{"v":6000,"d":"$ 6,000.00"},{"$f":"G258*E258","v":{"v":30,"d":"30 $"}}]
[]
[]
[{"$nulls":5},"SUBTOTAL TRANSPORTES",null,{"$f":"SUM(H257:H260)","v":930},{"$f":"H261+H254+H247","v":{"v":32173.75,"d":"32,174"}}]
[null,"TOTAL COSTO DIRECTO",{"$nulls":5},{"$f":"H261+H254+H247+H240","v":{"v":62243.68,"d":"62,244"}}]
[]
[null,"ADMINISTRACIÓN",null,null,"(Indicar su porcentaje)",null,{"v":0.08,"d":"8.00%"},{"$f":"G264*H262","v":{"v":4979.4944000000005,"d":"4,979"}}]
[null,"IMPREVISTOS",null,null,"(Indicar su porcentaje)",null,{"v":0.03,"d":"3.00%"},{"$f":"H262*G265","v":{"v":1867.3103999999998,"d":"1,867"}}]
[null,"UTILIDAD",null,null,"(Indicar su porcentaje)",null,{"v":0.05,"d":"5.00%"},{"$f":"G266*H262","v":{"v":3112.184,"d":"3,112"}}]
[null,"PRECIO UNITARIO TOTAL",{"$nulls":5},{"$f":"+H266+H265+H264+H262","v":{"v":72202.6688,"d":"72,203"}}]
[]
[null,"Nombre de la Actividad",{"$nulls":5},"Unidad de Medida"]
[null,"SALIDA PARA INTERRUPTOR TRIPLE INCLUYE: TUBERIA PVC TIPO A- ALAMBRE 12 - CAJAS 5800-2400 - ACCESORIOS DE INSTALACION - INTERRUPTOR TRIPLE GENESIS",{"$nulls":5},"UN "]
[]
[null," MATERIALES"]
[null,"DESCRIPCION",null,"UN","CANT","DESP. %","VR. UNIT","VR. TOTAL"]
[null,"TUBERIA PVC TIPO A 3/4\" ",null,"ML",{"v":1.5,"d":"1.50"},{"v":0.05,"d":"5%"},{"v":2475,"d":"$ 2,475."},{"$f":"+G274*E274+(G274*F274)","v":{"v":3836.25,"d":"3,836 $"}}]
[null,"TERMINAL PVC 3/4\"",null,"UN",{"v":2,"d":"2.00"},{"v":0,"d":"0%"},{"v":907.5,"d":"$ 908."},{"v":1815,"d":"1,815 $"}]
[null,"CAJA METALICA 5800",null,"UN",{"v":0.5,"d":"0.50"},{"v":0,"d":"0%"},{"v":2392.5,"d":"$ 2,393."},{"v":1196.25,"d":"1,196 $"}]
[null,"CAJA METALICA 2400",null,"UN",{"v":0.5,"d":"0.50"},{"v":0,"d":"0%"},{"v":3135,"d":"$ 3,135."},{"v":1567.5,"d":"1,568 $"}]
[null,"CHAZO-TORNILLO 1/4\"",null,"UN",{"v":2,"d":"2.00"},{"v":0,"d":"0%"},{"v":247.5,"d":"$ 248."},{"v":495,"d":"495 $"}]
[null,"ALAMBRE 12 Cu",null,"ML",{"v":6,"d":"6.00"},{"v":0.05,"d":"5%"},{"v":1732.5,"d":"$ 1,733."},{"v":10481.625,"d":"10,482 $"}]
[null,"CABLE DESN 12 Cu",null,"ML",{"v":1.5,"d":"1.50"},{"v":0.05,"d":"5%"},{"v":1567.5,"d":"$ 1,568."},{"v":2429.625,"d":"2,430 $"}]
[null,"CONECTOR CERTIFICADO",null,"UN",{"v":3,"d":"3.00"},{"v":0,"d":"0%"},{"v":412.5,"d":"$ 413."},{"v":1237.5,"d":"1,238 $"}]
[null,"CINTA AISLANTE COLOR",null,"UN",0.01,{"v":1E-3,"d":"0%"},{"v":3630,"d":"$ 3,630."},{"v":39.93000000000001,"d":"40 $"}]
[null,"INTERRUPTOR TRIPLE GENESIS",null,"UN",{"v":1,"d":"1.00"},{"v":0,"d":"0%"},{"v":13530,"d":"$ 13,530."},{"v":13530,"d":"13,530 $"}]
[{"$nulls":6},"SUBTOTAL MATERIALES",{"$f":"SUM(H274:H283)","v":{"v":36628.68,"d":"36,629"}}]
[null,"MANO DE OBRA"]
[null,"DESCRIPCIÓN",null,"UN","CANT",null,"VR. UNIT","VR. TOTAL"]
[null,"INGENIERO ELECTRICO",null,"DIA",{"$f":"0.05/8","v":{"v":0.00625,"d":"0.01"}},null,{"$f":"2900000/30","v":{"v":96666.66666666667,"d":"$ 96,667"}},{"$f":"+G287*E287","v":{"v":604.1666666666667,"d":"604 $"}}]
[null,"INSPECTOR SISO",null,"DIA",{"$f":"0.025/8","v":{"v":0.003125,"d":"0.00"}},null,{"$f":"1900000/30","v":{"v":63333.333333333336,"d":"$ 63,333"}},{"$f":"+G288*E288","v":{"v":197.91666666666669,"d":"198 $"}}]
[null,"OFICIAL",null,"DIA",{"$f":"2.5/8","v":{"v":0.3125,"d":"0.31"}},null,{"$f":"1600000/30","v":{"v":53333.333333333336,"d":"$ 53,333"}},{"$f":"+G289*E289","v":{"v":16666.666666666668,"d":"16,667 $"}}]
[null,"AYUDANTE",null,"DIA",{"$f":"2.5/8","v":{"v":0.3125,"d":"0.31"}},null,{"$f":"1200000/30","v":{"v":40000,"d":"$ 40,000"}},{"$f":"+G290*E290","v":{"v":12500,"d":"12,500 $"}}]
[{"$nulls":6},"SUBTOTAL MANO DE OBRA",{"$f":"SUM(H287:H290)","v":{"v":29968.75,"d":"29,969"}}]
[null,"EQUIPO Y HERRAMIENTA"]
[null,"DESCRIPCIÓN",null,"UN","CANT","VALOR DIA","VR. UNIT","VR. TOTAL"]
[null,"HERRAMIENTA DE MANO",null,"UN",{"v":0.005,"d":"0.01"},{"v":85000,"d":"$ 85,000.00"},{"v":85000,"d":"$ 85,000.00"},{"$f":"G294*E294","v":{"v":425,"d":"425 $"}}]
[null,"HERRAMIENTA ESPECIAL",null,"UN",{"v":0.005,"d":"0.01"},{"v":170000,"d":"$ 170,000.00"},{"v":170000,"d":"$ 170,000.00"},{"$f":"G295*E295","v":{"v":850,"d":"850 $"}}]
[]
[]
[{"$nulls":6},"SUBTOTAL EQUIPO Y HERRAMIENTA",{"$f":"SUM(H294:H297)","v":{"v":1275,"d":"1,275"}}]
[null,"TRANSPORTES"]
[null,"DESCRIPCIÓN",null,"UN","CANT","VALOR HORA","VR. UNIT","VR. TOTAL"]
[null,"TRANSPORTE MATERIAL",null,"UN",{"v":0.005,"d":"0.01"},{"v":180000,"d":"$ 180,000.00"},{"v":180000,"d":"$ 180,000.00"},{"$f":"G301*E301","v":{"v":900,"d":"900 $"}}]
[null,"TRANSPORTE PERSONAL",null,"UN",{"v":0.005,"d":"0.01"},{"v":6000,"d":"$ 6,000.00"},{"v":6000,"d":"$ 6,000.00"},{"$f":"G302*E302","v":{"v":30,"d":"30 $"}}]
[]
[]
[{"$nulls":5},"SUBTOTAL TRANSPORTES",null,{"$f":"SUM(H301:H304)","v":930},{"$f":"H305+H298+H291","v":{"v":32173.75,"d":"32,174"}}]
[null,"TOTAL COSTO DIRECTO",{"$nulls":5},{"$f":"H305+H298+H291+H284","v":{"v":68802.43,"d":"68,802"}}]
[]
[null,"ADMINISTRACIÓN",null,null,"(Indicar su porcentaje)",null,{"v":0.08,"d":"8.00%"},{"$f":"G308*H306","v":{"v":5504.194399999999,"d":"5,504"}}]
[null,"IMPREVISTOS",null,null,"(Indicar su porcentaje)",null,{"v":0.03,"d":"3.00%"},{"$f":"H306*G309","v":{"v":2064.0728999999997,"d":"2,064"}}]
[null,"UTILIDAD",null,null,"(Indicar su porcentaje)",null,{"v":0.05,"d":"5.00%"},{"$f":"G310*H306","v":{"v":3440.1214999999997,"d":"3,440"}}]
[null,"PRECIO UNITARIO TOTAL",{"$nulls":5},{"$f":"+H310+H309+H308+H306","v":{"v":79810.8188,"d":"79,811"}}]
[]
[null,"Nombre de la Actividad",{"$nulls":5},"Unidad de Medida"]
[null,"TABLERO MONOFASICO SEIS CIRCUITOS 120V",{"$nulls":5},"UN "]
[]
[null," MATERIALES"]
[null,"DESCRIPCION",null,"UN","CANT","DESP. %","VR. UNIT","VR. TOTAL"]
[null,"TABLERO MONOFASICO 6 CIRCUITOS 120V",null,"UN",{"v":1,"d":"1.00"},{"v":0,"d":"0%"},{"v":56100,"d":"$ 56,100."},{"$f":"+G318*E318+(G318*F318)","v":{"v":56100,"d":"56,100 $"}}]
[{"$nulls":6},"SUBTOTAL MATERIALES",{"$f":"SUM(H318:H318)","v":{"v":56100,"d":"56,100"}}]
[null,"MANO DE OBRA"]
[null,"DESCRIPCIÓN",null,"UN","CANT",null,"VR. UNIT","VR. TOTAL"]
[null,"INGENIERO ELECTRICO",null,"DIA",{"$f":"0.01/8","v":{"v":1.25E-3,"d":"0.00"}},null,{"$f":"2900000/30","v":{"v":96666.66666666667,"d":"$ 96,667"}},{"$f":"+G322*E322","v":{"v":120.83333333333334,"d":"121 $"}}]
[null,"INSPECTOR SISO",null,"DIA",{"$f":"0.01/8","v":{"v":1.25E-3,"d":"0.00"}},null,{"$f":"1900000/30","v":{"v":63333.333333333336,"d":"$ 63,333"}},{"$f":"+G323*E323","v":{"v":79.16666666666667,"d":"79 $"}}]
[null,"OFICIAL",null,"DIA",{"$f":"1/8","v":{"v":0.125,"d":"0.13"}},null,{"$f":"1600000/30","v":{"v":53333.333333333336,"d":"$ 53,333"}},{"$f":"+G324*E324","v":{"v":6666.666666666667,"d":"6,667 $"}}]
[null,"AYUDANTE",null,"DIA",{"$f":"1/8","v":{"v":0.125,"d":"0.13"}},null,{"$f":"1200000/30","v":{"v":40000,"d":"$ 40,000"}},{"$f":"+G325*E325","v":{"v":5000,"d":"5,000 $"}}]
[{"$nulls":6},"SUBTOTAL MANO DE OBRA",{"$f":"SUM(H322:H325)","v":{"v":11866.666666666668,"d":"11,867"}}]
[null,"EQUIPO Y HERRAMIENTA"]
[null,"DESCRIPCIÓN",null,"UN","CANT","VALOR DIA","VR. UNIT","VR. TOTAL"]
[null,"HERRAMIENTA DE MANO",null,"UN",{"v":0.005,"d":"0.01"},{"v":85000,"d":"$ 85,000.00"},{"v":85000,"d":"$ 85,000.00"},{"$f":"G329*E329","v":{"v":425,"d":"425 $"}}]
[null,"HERRAMIENTA ESPECIAL",null,"UN",{"v":0.005,"d":"0.01"},{"v":170000,"d":"$ 170,000.00"},{"v":250000,"d":"$ 250,000.00"},{"$f":"G330*E330","v":{"v":1250,"d":"1,250 $"}}]
[]
[]
[{"$nulls":6},"SUBTOTAL EQUIPO Y HERRAMIENTA",{"$f":"SUM(H329:H332)","v":{"v":1675,"d":"1,675"}}]
[null,"TRANSPORTES"]
[null,"DESCRIPCIÓN",null,"UN","CANT","VALOR HORA","VR. UNIT","VR. TOTAL"]
[null,"TRANSPORTE MATERIAL",null,"UN",{"v":0.005,"d":"0.01"},{"v":180000,"d":"$ 180,000.00"},{"v":180000,"d":"$ 180,000.00"},{"$f":"F336*E336","v":{"v":900,"d":"900 $"}}]
[null,"TRANSPORTE PERSONAL",null,"UN",{"v":0.005,"d":"0.01"},{"v":6000,"d":"$ 6,000.00"},{"v":6000,"d":"$ 6,000.00"},{"$f":"F337*E337","v":{"v":30,"d":"30 $"}}]
[]
[]
[{"$nulls":5},"SUBTOTAL TRANSPORTES",null,{"$f":"SUM(H336:H339)","v":930},{"$f":"H340+H333+H326","v":{"v":14471.666666666668,"d":"14,472"}}]
[null,"TOTAL COSTO DIRECTO",{"$nulls":5},{"$f":"H340+H333+H326+H319","v":{"v":70571.66666666667,"d":"70,572"}}]
[]
[null,"ADMINISTRACIÓN",null,null,"(Indicar su porcentaje)",null,{"v":0.08,"d":"8.00%"},{"$f":"H341*G343","v":{"v":5645.733333333334,"d":"5,646"}}]
[null,"IMPREVISTOS",null,null,"(Indicar su porcentaje)",null,{"v":0.03,"d":"3.00%"},{"$f":"H341*G344","v":{"v":2117.15,"d":"2,117"}}]
[null,"UTILIDAD",null,null,"(Indicar su porcentaje)",null,{"v":0.05,"d":"5.00%"},{"$f":"H341*G345","v":{"v":3528.583333333334,"d":"3,529"}}]
[null,"PRECIO UNITARIO TOTAL",{"$nulls":5},{"$f":"+H345+H344+H343+H341","v":{"v":81863.13333333333,"d":"81,863"}}]
[]
[null,"Nombre de la Actividad",{"$nulls":5},"Unidad de Medida"]
[null,"Interruptor tipo enchufable de 1x20 A",{"$nulls":5},"UN "]
[]
[null," MATERIALES"]
[null,"DESCRIPCION",null,"UN","CANT","DESP. %","VR. UNIT","VR. TOTAL"]
[null,"BREAKER ENCHUFABLE 1X20A",null,"UN",{"v":1,"d":"1.00"},{"v":0,"d":"0%"},{"v":10500,"d":"$ 10,500."},{"$f":"+G353*E353+(G353*F353)","v":{"v":10500,"d":"10,500 $"}}]
[{"$nulls":6},"SUBTOTAL MATERIALES",{"$f":"SUM(H353:H353)","v":{"v":10500,"d":"10,500"}}]
[null,"MANO DE OBRA"]
[null,"DESCRIPCIÓN",null,"UN","CANT",null,"VR. UNIT","VR. TOTAL"]
[null,"INGENIERO ELECTRICO",null,"DIA",{"$f":"0.05/8","v":{"v":0.00625,"d":"0.01"}},null,{"$f":"2900000/30","v":{"v":96666.66666666667,"d":"$ 96,667"}},{"$f":"+G357*E357","v":{"v":604.1666666666667,"d":"604 $"}}]
[null,"INSPECTOR SISO",null,"DIA",{"$f":"0.01/8","v":{"v":1.25E-3,"d":"0.00"}},null,{"$f":"1900000/30","v":{"v":63333.333333333336,"d":"$ 63,333"}},{"$f":"+G358*E358","v":{"v":79.16666666666667,"d":"79 $"}}]
[null,"OFICIAL",null,"DIA",{"$f":"0.25/8","v":{"v":0.03125,"d":"0.03"}},null,{"$f":"1600000/30","v":{"v":53333.333333333336,"d":"$ 53,333"}},{"$f":"+G359*E359","v":{"v":1666.6666666666667,"d":"1,667 $"}}]
[null,"AYUDANTE",null,"DIA",{"$f":"0.25/8","v":{"v":0.03125,"d":"0.03"}},null,{"$f":"1200000/30","v":{"v":40000,"d":"$ 40,000"}},{"$f":"+G360*E360","v":{"v":1250,"d":"1,250 $"}}]
[{"$nulls":6},"SUBTOTAL MANO DE OBRA",{"$f":"SUM(H357:H360)","v":{"v":3600,"d":"3,600"}}]
[null,"EQUIPO Y HERRAMIENTA"]
[null,"DESCRIPCIÓN",null,"UN","CANT","VALOR DIA","VR. UNIT","VR. TOTAL"]
[null,"HERRAMIENTA DE MANO",null,"UN",0.01,{"v":85000,"d":"$ 85,000.00"},{"v":85000,"d":"$ 85,000.00"},{"$f":"G364*E364","v":{"v":850,"d":"850 $"}}]
[null,"HERRAMIENTA ESPECIAL",null,"UN",{"v":0,"d":"0.00"},{"v":170000,"d":"$ 170,000.00"},{"v":170000,"d":"$ 170,000.00"},{"$f":"G365*E365","v":{"v":0,"d":"0 $"}}]
[]
[]
[{"$nulls":6},"SUBTOTAL EQUIPO Y HERRAMIENTA",{"$f":"SUM(H364:H367)","v":850}]
[null,"TRANSPORTES"]
[null,"DESCRIPCIÓN",null,"UN","CANT","VALOR HORA","VR. UNIT","VR. TOTAL"]
[null,"TRANSPORTE MATERIAL",null,"UN",{"v":0.005,"d":"0.01"},{"v":180000,"d":"$ 180,000.00"},{"v":180000,"d":"$ 180,000.00"},{"$f":"G371*E371","v":{"v":900,"d":"900 $"}}]
[null,"TRANSPORTE PERSONAL",null,"UN",0.01,{"v":6000,"d":"$ 6,000.00"},{"v":6000,"d":"$ 6,000.00"},{"$f":"G372*E372","v":{"v":60,"d":"60 $"}}]
[]
[]
[{"$nulls":5},"SUBTOTAL TRANSPORTES",null,{"$f":"SUM(H371:H374)","v":960},{"$f":"H375+H368+H361","v":{"v":5410,"d":"5,410"}}]
[null,"TOTAL COSTO DIRECTO",{"$nulls":5},{"$f":"H375+H368+H361+H354","v":{"v":15910,"d":"15,910"}}]
[]
[null,"ADMINISTRACIÓN",null,null,"(Indicar su porcentaje)",null,{"v":0.08,"d":"8.00%"},{"$f":"+H376*G378","v":{"v":1272.8,"d":"1,273"}}]
[null,"IMPREVISTOS",null,null,"(Indicar su porcentaje)",null,{"v":0.03,"d":"3.00%"},{"$f":"+H376*G379","v":{"v":477.29999999999995,"d":"477"}}]
[null,"UTILIDAD",null,null,"(Indicar su porcentaje)",null,{"v":0.05,"d":"5.00%"},{"$f":"+H376*G380","v":{"v":795.5,"d":"796"}}]
[null,"PRECIO UNITARIO TOTAL",{"$nulls":5},{"$f":"+H380+H379+H378+H376","v":{"v":18455.6,"d":"18,456"}}]
[]
[null,"Nombre de la Actividad",{"$nulls":5},"Unidad de Medida"]
[null,"SALIDA PARA TOMA DE USUARIO INCLUYE: TUBERIA PVC 1D3/4\", UNA CAJA TOMA DE USUARIO Y PLACA CIEGA",{"$nulls":5},"UN "]
[]
[null," MATERIALES"]
[null,"DESCRIPCION",null,"UN","CANT","DESP. %","VR. UNIT","VR. TOTAL"]
[null,"TUBERIA PVC TIPO A 3/4\" ",null,"ML",{"v":7,"d":"7.00"},{"v":0.05,"d":"5%"},{"v":2475,"d":"$ 2,475."},{"$f":"+G388*E388+(G388*F388)","v":{"v":17448.75,"d":"17,449 $"}}]
[null,"TERMINAL PVC 3/4\"",null,"UN",{"v":2,"d":"2.00"},{"v":0,"d":"0%"},{"v":907.5,"d":"$ 908."},{"v":1815,"d":"1,815 $"}]
[null,"CAJA METALICA USUARIO RITEL CON COMPLEMENTO",null,"UN",{"v":1,"d":"1.00"},{"v":0,"d":"0%"},{"v":3135,"d":"$ 3,135."},{"v":3135,"d":"3,135 $"}]
[null,"CHAZO-TORNILLO 1/4\"",null,"UN",{"v":2,"d":"2.00"},{"v":0,"d":"0%"},{"v":247.5,"d":"$ 248."},{"v":495,"d":"495 $"}]
[null,"CABLE GUIA ",null,"ML",{"v":7,"d":"7.00"},{"v":0.05,"d":"5%"},{"v":495,"d":"$ 495."},{"v":3489.75,"d":"3,490 $"}]
[null,"PLACA CIEGA RITEL",null,"UN",{"v":1,"d":"1.00"},{"v":0,"d":"0%"},{"v":3135,"d":"$ 3,135."},{"v":3135,"d":"3,135 $"}]
[{"$nulls":6},"SUBTOTAL MATERIALES",{"$f":"SUM(H388:H393)","v":{"v":29518.5,"d":"29,519"}}]
[null,"MANO DE OBRA"]
[null,"DESCRIPCIÓN",null,"UN","CANT",null,"VR. UNIT","VR. TOTAL"]
[null,"INGENIERO ELECTRICO",null,"DIA",{"$f":"0.05/8","v":{"v":0.00625,"d":"0.01"}},null,{"$f":"2900000/30","v":{"v":96666.66666666667,"d":"$ 96,667"}},{"$f":"+G397*E397","v":{"v":604.1666666666667,"d":"604 $"}}]
[null,"INSPECTOR SISO",null,"DIA",{"$f":"0.025/8","v":{"v":0.003125,"d":"0.00"}},null,{"$f":"1900000/30","v":{"v":63333.333333333336,"d":"$ 63,333"}},{"$f":"+G398*E398","v":{"v":197.91666666666669,"d":"198 $"}}]
[null,"OFICIAL",null,"DIA",{"$f":"2.5/8","v":{"v":0.3125,"d":"0.31"}},null,{"$f":"1600000/30","v":{"v":53333.333333333336,"d":"$ 53,333"}},{"$f":"+G399*E399","v":{"v":16666.666666666668,"d":"16,667 $"}}]
[null,"AYUDANTE",null,"DIA",{"$f":"2.5/8","v":{"v":0.3125,"d":"0.31"}},null,{"$f":"1200000/30","v":{"v":40000,"d":"$ 40,000"}},{"$f":"+G400*E400","v":{"v":12500,"d":"12,500 $"}}]
[{"$nulls":6},"SUBTOTAL MANO DE OBRA",{"$f":"SUM(H397:H400)","v":{"v":29968.75,"d":"29,969"}}]
[null,"EQUIPO Y HERRAMIENTA"]
[null,"DESCRIPCIÓN",null,"UN","CANT","VALOR DIA","VR. UNIT","VR. TOTAL"]
[null,"HERRAMIENTA DE MANO",null,"UN",{"v":0.005,"d":"0.01"},{"v":85000,"d":"$ 85,000.00"},{"v":85000,"d":"$ 85,000.00"},{"$f":"G404*E404","v":{"v":425,"d":"425 $"}}]
[null,"HERRAMIENTA ESPECIAL",null,"UN",{"v":0.005,"d":"0.01"},{"v":170000,"d":"$ 170,000.00"},{"v":170000,"d":"$ 170,000.00"},{"$f":"G405*E405","v":{"v":850,"d":"850 $"}}]
[]
[]
[{"$nulls":6},"SUBTOTAL EQUIPO Y HERRAMIENTA",{"$f":"SUM(H404:H407)","v":{"v":1275,"d":"1,275"}}]
[null,"TRANSPORTES"]
[null,"DESCRIPCIÓN",null,"UN","CANT","VALOR HORA","VR. UNIT","VR. TOTAL"]
[null,"TRANSPORTE MATERIAL",null,"UN",{"v":0.005,"d":"0.01"},{"v":180000,"d":"$ 180,000.00"},{"v":180000,"d":"$ 180,000.00"},{"$f":"G411*E411","v":{"v":900,"d":"900 $"}}]
[null,"TRANSPORTE PERSONAL",null,"UN",{"v":0.005,"d":"0.01"},{"v":6000,"d":"$ 6,000.00"},{"v":6000,"d":"$ 6,000.00"},{"$f":"G412*E412","v":{"v":30,"d":"30 $"}}]
[]
[]
[{"$nulls":5},"SUBTOTAL TRANSPORTES",null,{"$f":"SUM(H411:H414)","v":930},{"$f":"H415+H408+H401","v":{"v":32173.75,"d":"32,174"}}]
[null,"TOTAL COSTO DIRECTO",{"$nulls":5},{"$f":"H415+H408+H401+H394","v":{"v":61692.25,"d":"61,692"}}]
[]
[null,"ADMINISTRACIÓN",null,null,"(Indicar su porcentaje)",null,{"v":0.08,"d":"8.00%"},{"$f":"G418*H416","v":{"v":4935.38,"d":"4,935"}}]
[null,"IMPREVISTOS",null,null,"(Indicar su porcentaje)",null,{"v":0.03,"d":"3.00%"},{"$f":"H416*G419","v":{"v":1850.7675,"d":"1,851"}}]
[null,"UTILIDAD",null,null,"(Indicar su porcentaje)",null,{"v":0.05,"d":"5.00%"},{"$f":"G420*H416","v":{"v":3084.6125,"d":"3,085"}}]
[null,"PRECIO UNITARIO TOTAL",{"$nulls":5},{"$f":"+H420+H419+H418+H416","v":{"v":71563.01,"d":"71,563"}}]
[]
[null,"Nombre de la Actividad",{"$nulls":5},"Unidad de Medida"]
[null,"SALIDA PARA TOMA DE USUARIO INCLUYE: TUBERIA PVC 2D3/4\", TRES CAJAS TOMA DE USUARIO Y PLACA CIEGA",{"$nulls":5},"UN "]
[]
[null," MATERIALES"]
[null,"DESCRIPCION",null,"UN","CANT","DESP. %","VR. UNIT","VR. TOTAL"]
[null,"TUBERIA PVC TIPO A 3/4\" ",null,"ML",{"v":14.5,"d":"14.50"},{"v":0.05,"d":"5%"},{"v":2475,"d":"$ 2,475."},{"$f":"+G428*E428+(G428*F428)","v":{"v":36011.25,"d":"36,011 $"}}]
[null,"TERMINAL PVC 3/4\"",null,"UN",{"v":12,"d":"12.00"},{"v":0,"d":"0%"},{"v":907.5,"d":"$ 908."},{"v":10890,"d":"10,890 $"}]
[null,"CAJA METALICA USUARIO RITEL CON COMPLEMENTO",null,"UN",{"v":3,"d":"3.00"},{"v":0,"d":"0%"},{"v":3135,"d":"$ 3,135."},{"v":9405,"d":"9,405 $"}]
[null,"CHAZO-TORNILLO 1/4\"",null,"UN",{"v":2,"d":"2.00"},{"v":0,"d":"0%"},{"v":247.5,"d":"$ 248."},{"v":495,"d":"495 $"}]
[null,"CABLE GUIA ",null,"ML",{"v":29,"d":"29.00"},{"v":0.05,"d":"5%"},{"v":495,"d":"$ 495."},{"v":14379.75,"d":"14,380 $"}]
[null,"PLACA CIEGA RITEL",null,"UN",{"v":3,"d":"3.00"},{"v":0,"d":"0%"},{"v":3135,"d":"$ 3,135."},{"v":9405,"d":"9,405 $"}]
[{"$nulls":6},"SUBTOTAL MATERIALES",{"$f":"SUM(H428:H433)","v":{"v":80586,"d":"80,586"}}]
[null,"MANO DE OBRA"]
[null,"DESCRIPCIÓN",null,"UN","CANT",null,"VR. UNIT","VR. TOTAL"]
[null,"INGENIERO ELECTRICO",null,"DIA",{"$f":"0.05/8","v":{"v":0.00625,"d":"0.01"}},null,{"$f":"2900000/30","v":{"v":96666.66666666667,"d":"$ 96,667"}},{"$f":"+G437*E437","v":{"v":604.1666666666667,"d":"604 $"}}]
[null,"INSPECTOR SISO",null,"DIA",{"$f":"0.025/8","v":{"v":0.003125,"d":"0.00"}},null,{"$f":"1900000/30","v":{"v":63333.333333333336,"d":"$ 63,333"}},{"$f":"+G438*E438","v":{"v":197.91666666666669,"d":"198 $"}}]
[null,"OFICIAL",null,"DIA",{"$f":"2.5/8","v":{"v":0.3125,"d":"0.31"}},null,{"$f":"1600000/30","v":{"v":53333.333333333336,"d":"$ 53,333"}},{"$f":"+G439*E439","v":{"v":16666.666666666668,"d":"16,667 $"}}]
[null,"AYUDANTE",null,"DIA",{"$f":"2.5/8","v":{"v":0.3125,"d":"0.31"}},null,{"$f":"1200000/30","v":{"v":40000,"d":"$ 40,000"}},{"$f":"+G440*E440","v":{"v":12500,"d":"12,500 $"}}]
[{"$nulls":6},"SUBTOTAL MANO DE OBRA",{"$f":"SUM(H437:H440)","v":{"v":29968.75,"d":"29,969"}}]
[null,"EQUIPO Y HERRAMIENTA"]
[null,"DESCRIPCIÓN",null,"UN","CANT","VALOR DIA","VR. UNIT","VR. TOTAL"]
[null,"HERRAMIENTA DE MANO",null,"UN",{"v":0.005,"d":"0.01"},{"v":85000,"d":"$ 85,000.00"},{"v":85000,"d":"$ 85,000.00"},{"$f":"G444*E444","v":{"v":425,"d":"425 $"}}]
[null,"HERRAMIENTA ESPECIAL",null,"UN",{"v":0.005,"d":"0.01"},{"v":170000,"d":"$ 170,000.00"},{"v":170000,"d":"$ 170,000.00"},{"$f":"G445*E445","v":{"v":850,"d":"850 $"}}]
[]
[]
[{"$nulls":6},"SUBTOTAL EQUIPO Y HERRAMIENTA",{"$f":"SUM(H444:H447)","v":{"v":1275,"d":"1,275"}}]
[null,"TRANSPORTES"]
[null,"DESCRIPCIÓN",null,"UN","CANT","VALOR HORA","VR. UNIT","VR. TOTAL"]
[null,"TRANSPORTE MATERIAL",null,"UN",{"v":0.005,"d":"0.01"},{"v":180000,"d":"$ 180,000.00"},{"v":180000,"d":"$ 180,000.00"},{"$f":"G451*E451","v":{"v":900,"d":"900 $"}}]
[null,"TRANSPORTE PERSONAL",null,"UN",{"v":0.005,"d":"0.01"},{"v":6000,"d":"$ 6,000.00"},{"v":6000,"d":"$ 6,000.00"},{"$f":"G452*E452","v":{"v":30,"d":"30 $"}}]
[]
[]
[{"$nulls":5},"SUBTOTAL TRANSPORTES",null,{"$f":"SUM(H451:H454)","v":930},{"$f":"H455+H448+H441","v":{"v":32173.75,"d":"32,174"}}]
[null,"TOTAL COSTO DIRECTO",{"$nulls":5},{"$f":"H455+H448+H441+H434","v":{"v":112759.75,"d":"112,760"}}]
[]
[null,"ADMINISTRACIÓN",null,null,"(Indicar su porcentaje)",null,{"v":0.08,"d":"8.00%"},{"$f":"G458*H456","v":{"v":9020.78,"d":"9,021"}}]
[null,"IMPREVISTOS",null,null,"(Indicar su porcentaje)",null,{"v":0.03,"d":"3.00%"},{"$f":"H456*G459","v":{"v":3382.7925,"d":"3,383"}}]
[null,"UTILIDAD",null,null,"(Indicar su porcentaje)",null,{"v":0.05,"d":"5.00%"},{"$f":"G460*H456","v":{"v":5637.9875,"d":"5,638"}}]
[null,"PRECIO UNITARIO TOTAL",{"$nulls":5},{"$f":"+H460+H459+H458+H456","v":{"v":130801.31,"d":"130,801"}}]
[]
[null,"Nombre de la Actividad",{"$nulls":5},"Unidad de Medida"]
[null,"PUNTO DE ACCESO A USUARIO DE ACUERDO A NORMA RITEL",{"$nulls":5},"UN "]
[]
[null," MATERIALES"]
[null,"DESCRIPCION",null,"UN","CANT","DESP. %","VR. UNIT","VR. TOTAL"]
[null,"PAU 0.5 A X 0.3 H X 0.06 P m",null,"UN",{"v":1,"d":"1.00"},{"v":0,"d":"0%"},{"v":74250,"d":"$ 74,250."},{"$f":"+G468*E468+(G468*F468)","v":{"v":74250,"d":"74,250 $"}}]
[{"$nulls":6},"SUBTOTAL MATERIALES",{"$f":"SUM(H468:H468)","v":{"v":74250,"d":"74,250"}}]
[null,"MANO DE OBRA"]
[null,"DESCRIPCIÓN",null,"UN","CANT",null,"VR. UNIT","VR. TOTAL"]
[null,"INGENIERO ELECTRICO",null,"DIA",{"$f":"0.01/8","v":{"v":1.25E-3,"d":"0.00"}},null,{"$f":"2900000/30","v":{"v":96666.66666666667,"d":"$ 96,667"}},{"$f":"+G472*E472","v":{"v":120.83333333333334,"d":"121 $"}}]
[null,"INSPECTOR SISO",null,"DIA",{"$f":"0.01/8","v":{"v":1.25E-3,"d":"0.00"}},null,{"$f":"1900000/30","v":{"v":63333.333333333336,"d":"$ 63,333"}},{"$f":"+G473*E473","v":{"v":79.16666666666667,"d":"79 $"}}]
[null,"OFICIAL",null,"DIA",{"$f":"1/8","v":{"v":0.125,"d":"0.13"}},null,{"$f":"1600000/30","v":{"v":53333.333333333336,"d":"$ 53,333"}},{"$f":"+G474*E474","v":{"v":6666.666666666667,"d":"6,667 $"}}]
[null,"AYUDANTE",null,"DIA",{"$f":"1/8","v":{"v":0.125,"d":"0.13"}},null,{"$f":"1200000/30","v":{"v":40000,"d":"$ 40,000"}},{"$f":"+G475*E475","v":{"v":5000,"d":"5,000 $"}}]
[{"$nulls":6},"SUBTOTAL MANO DE OBRA",{"$f":"SUM(H472:H475)","v":{"v":11866.666666666668,"d":"11,867"}}]
[null,"EQUIPO Y HERRAMIENTA"]
[null,"DESCRIPCIÓN",null,"UN","CANT","VALOR DIA","VR. UNIT","VR. TOTAL"]
[null,"HERRAMIENTA DE MANO",null,"UN",{"v":0.005,"d":"0.01"},{"v":85000,"d":"$ 85,000.00"},{"v":85000,"d":"$ 85,000.00"},{"$f":"G479*E479","v":{"v":425,"d":"425 $"}}]
[null,"HERRAMIENTA ESPECIAL",null,"UN",{"v":0.005,"d":"0.01"},{"v":170000,"d":"$ 170,000.00"},{"v":250000,"d":"$ 250,000.00"},{"$f":"G480*E480","v":{"v":1250,"d":"1,250 $"}}]
[]
[]
[{"$nulls":6},"SUBTOTAL EQUIPO Y HERRAMIENTA",{"$f":"SUM(H479:H482)","v":{"v":1675,"d":"1,675"}}]
[null,"TRANSPORTES"]
[null,"DESCRIPCIÓN",null,"UN","CANT","VALOR HORA","VR. UNIT","VR. TOTAL"]
[null,"TRANSPORTE MATERIAL",null,"UN",{"v":0.005,"d":"0.01"},{"v":180000,"d":"$ 180,000.00"},{"v":180000,"d":"$ 180,000.00"},{"$f":"F486*E486","v":{"v":900,"d":"900 $"}}]
[null,"TRANSPORTE PERSONAL",null,"UN",{"v":0.005,"d":"0.01"},{"v":6000,"d":"$ 6,000.00"},{"v":6000,"d":"$ 6,000.00"},{"$f":"F487*E487","v":{"v":30,"d":"30 $"}}]
[]
[]
[{"$nulls":5},"SUBTOTAL TRANSPORTES",null,{"$f":"SUM(H486:H489)","v":930},{"$f":"H490+H483+H476","v":{"v":14471.666666666668,"d":"14,472"}}]
[null,"TOTAL COSTO DIRECTO",{"$nulls":5},{"$f":"H490+H483+H476+H469","v":{"v":88721.66666666667,"d":"88,722"}}]
[]
[null,"ADMINISTRACIÓN",null,null,"(Indicar su porcentaje)",null,{"v":0.08,"d":"8.00%"},{"$f":"H491*G493","v":{"v":7097.733333333334,"d":"7,098"}}]
[null,"IMPREVISTOS",null,null,"(Indicar su porcentaje)",null,{"v":0.03,"d":"3.00%"},{"$f":"H491*G494","v":{"v":2661.65,"d":"2,662"}}]
[null,"UTILIDAD",null,null,"(Indicar su porcentaje)",null,{"v":0.05,"d":"5.00%"},{"$f":"H491*G495","v":{"v":4436.083333333334,"d":"4,436"}}]
[null,"PRECIO UNITARIO TOTAL",{"$nulls":5},{"$f":"+H495+H494+H493+H491","v":{"v":102917.13333333333,"d":"102,917"}}]
[]
[null,"Nombre de la Actividad",{"$nulls":5},"Unidad de Medida"]
[null,"ACOMETIDA ELECTRICA EN 1X6+1X8+1X8T Cu + 1D1\" EMT/PVC APTOS",{"$nulls":5},"UN "]
[]
[null," MATERIALES"]
[null,"DESCRIPCION",null,"UN","CANT","DESP. %","VR. UNIT","VR. TOTAL"]
[null,"CABLE 6 AWG COBRE",null,"ML",{"v":1,"d":"1.00"},{"v":0.05,"d":"5%"},{"v":8910,"d":"$ 8,910."},{"$f":"+G503*E503+(G503*F503)","v":{"v":9355.5,"d":"9,356 $"}}]
[null,"CABLE COBRE 8 AWG COBRE",null,"ML",{"v":2,"d":"2.00"},{"v":0.05,"d":"5%"},{"v":5775,"d":"$ 5,775."},{"v":11838.75,"d":"11,839 $"}]
[null,"TUBERIA EMT 1\" ",null,"ML",{"v":0.8,"d":"0.80"},{"v":0.05,"d":"5%"},{"v":15015,"d":"$ 15,015."},{"v":12762.75,"d":"12,763 $"}]
[null,"TERMINAL EMT 1\" ",null,"UN",{"v":2,"d":"2.00"},{"v":0,"d":"0%"},{"v":2970,"d":"$ 2,970."},{"v":5940,"d":"5,940 $"}]
[null,"UNION EMT 1\" ",null,"UN",{"v":0.4,"d":"0.40"},{"v":0.05,"d":"5%"},{"v":2227.5,"d":"$ 2,228."},{"v":1002.375,"d":"1,002 $"}]
[null,"RIEL CHANEL 3M",null,"ML",{"v":0.1,"d":"0.10"},{"v":0.01,"d":"1%"},{"v":15345,"d":"$ 15,345."},{"v":1687.95,"d":"1,688 $"}]
[null,"VARILLA ROSCADA 1/4\"",null,"ML",{"v":0.1,"d":"0.10"},{"v":0.01,"d":"1%"},{"v":2062.5,"d":"$ 2,063."},{"v":226.875,"d":"227 $"}]
[null,"TUBERIA PVC TIPO A 1\"",null,"ML",{"v":0.2,"d":"0.20"},{"v":0.05,"d":"5%"},{"v":3300,"d":"$ 3,300."},{"v":825,"d":"825 $"}]
[null,"TERMINAL PVC 1\" ",null,"UN",{"v":2,"d":"2.00"},{"v":0,"d":"0%"},{"v":1320,"d":"$ 1,320."},{"v":2640,"d":"2,640 $"}]
[null,"SOLDADURA PVC ",null,"UN",{"v":1,"d":"1.00"},{"v":0,"d":"0%"},{"v":495,"d":"$ 495."},{"v":495,"d":"495 $"}]
[{"$nulls":6},"SUBTOTAL MATERIALES",{"$f":"SUM(H503:H512)","v":{"v":46774.2,"d":"46,774"}}]
[null,"MANO DE OBRA"]
[null,"DESCRIPCIÓN",null,"UN","CANT",null,"VR. UNIT","VR. TOTAL"]
[null,"INGENIERO ELECTRICO",null,"DIA",{"$f":"0.01/8","v":{"v":1.25E-3,"d":"0.00"}},null,{"$f":"2900000/30","v":{"v":96666.66666666667,"d":"$ 96,667"}},{"$f":"+G516*E516","v":{"v":120.83333333333334,"d":"121 $"}}]
[null,"INSPECTOR SISO",null,"DIA",{"$f":"0.01/8","v":{"v":1.25E-3,"d":"0.00"}},null,{"$f":"1900000/30","v":{"v":63333.333333333336,"d":"$ 63,333"}},{"$f":"+G517*E517","v":{"v":79.16666666666667,"d":"79 $"}}]
[null,"OFICIAL",null,"DIA",{"$f":"0.9/8","v":{"v":0.1125,"d":"0.11"}},null,{"$f":"1600000/30","v":{"v":53333.333333333336,"d":"$ 53,333"}},{"$f":"+G518*E518","v":{"v":6000,"d":"6,000 $"}}]
[null,"AYUDANTE",null,"DIA",{"$f":"0.9/8","v":{"v":0.1125,"d":"0.11"}},null,{"$f":"1200000/30","v":{"v":40000,"d":"$ 40,000"}},{"$f":"+G519*E519","v":{"v":4500,"d":"4,500 $"}}]
[{"$nulls":6},"SUBTOTAL MANO DE OBRA",{"$f":"SUM(H516:H519)","v":{"v":10700,"d":"10,700"}}]
[null,"EQUIPO Y HERRAMIENTA"]
[null,"DESCRIPCIÓN",null,"UN","CANT","VALOR DIA","VR. UNIT","VR. TOTAL"]
[null,"HERRAMIENTA DE MANO",null,"UN",{"v":0.005,"d":"0.01"},{"v":85000,"d":"$ 85,000.00"},{"v":85000,"d":"$ 85,000.00"},{"$f":"G523*E523","v":{"v":425,"d":"425 $"}}]
[null,"HERRAMIENTA ESPECIAL",null,"UN",{"v":0.005,"d":"0.01"},{"v":170000,"d":"$ 170,000.00"},{"v":250000,"d":"$ 250,000.00"},{"$f":"G524*E524","v":{"v":1250,"d":"1,250 $"}}]
[]
[]
[{"$nulls":6},"SUBTOTAL EQUIPO Y HERRAMIENTA",{"$f":"SUM(H523:H526)","v":{"v":1675,"d":"1,675"}}]
[null,"TRANSPORTES"]
[null,"DESCRIPCIÓN",null,"UN","CANT","VALOR HORA","VR. UNIT","VR. TOTAL"]
[null,"TRANSPORTE MATERIAL",null,"UN",{"v":0.005,"d":"0.01"},{"v":180000,"d":"$ 180,000.00"},{"v":180000,"d":"$ 180,000.00"},{"$f":"F530*E530","v":{"v":900,"d":"900 $"}}]
[null,"TRANSPORTE PERSONAL",null,"UN",{"v":0.005,"d":"0.01"},{"v":6000,"d":"$ 6,000.00"},{"v":6000,"d":"$ 6,000.00"},{"$f":"F531*E531","v":{"v":30,"d":"30 $"}}]
[]
[]
[{"$nulls":5},"SUBTOTAL TRANSPORTES",null,{"$f":"SUM(H530:H533)","v":930},{"$f":"H534+H527+H520","v":{"v":13305,"d":"13,305"}}]
[null,"TOTAL COSTO DIRECTO",{"$nulls":5},{"$f":"H534+H527+H520+H513","v":{"v":60079.2,"d":"60,079"}}]
[]
[null,"ADMINISTRACIÓN",null,null,"(Indicar su porcentaje)",null,{"v":0.08,"d":"8.00%"},{"$f":"H535*G537","v":{"v":4806.336,"d":"4,806"}}]
[null,"IMPREVISTOS",null,null,"(Indicar su porcentaje)",null,{"v":0.03,"d":"3.00%"},{"$f":"H535*G538","v":{"v":1802.3759999999997,"d":"1,802"}}]
[null,"UTILIDAD",null,null,"(Indicar su porcentaje)",null,{"v":0.05,"d":"5.00%"},{"$f":"H535*G539","v":{"v":3003.96,"d":"3,004"}}]
[null,"PRECIO UNITARIO TOTAL",{"$nulls":5},{"$f":"+H539+H538+H537+H535","v":{"v":69691.872,"d":"69,692"}}]
[]
[null,"Nombre de la Actividad",{"$nulls":5},"Unidad de Medida"]
[null,"CAJA METALICA 50X50X20 INCLUYE ACCESORIOS DE INSTALACION",{"$nulls":5},"UN "]
[]
[null," MATERIALES"]
[null,"DESCRIPCION",null,"UN","CANT","DESP. %","VR. UNIT","VR. TOTAL"]
[null,"CAJA METALICA 50X50X20",null,"UN",{"v":1,"d":"1.00"},{"v":0,"d":"0%"},{"v":90750,"d":"$ 90,750."},{"$f":"+G547*E547+(G547*F547)","v":{"v":90750,"d":"90,750 $"}}]
[null,"VARILLA ROSCADA 1/4\"",null,"ML",{"v":1.6,"d":"1.60"},{"v":0.01,"d":"1%"},{"v":2062.5,"d":"$ 2,063."},{"$f":"+G548*E548+(G548*F548)","v":{"v":3320.625,"d":"3,321 $"}}]
[{"$nulls":6},"SUBTOTAL MATERIALES",{"$f":"SUM(H547:H548)","v":{"v":94070.625,"d":"94,071"}}]
[null,"MANO DE OBRA"]
[null,"DESCRIPCIÓN",null,"UN","CANT",null,"VR. UNIT","VR. TOTAL"]
[null,"INGENIERO ELECTRICO",null,"DIA",{"$f":"0.01/8","v":{"v":1.25E-3,"d":"0.00"}},null,{"$f":"2900000/30","v":{"v":96666.66666666667,"d":"$ 96,667"}},{"$f":"+G552*E552","v":{"v":120.83333333333334,"d":"121 $"}}]
[null,"INSPECTOR SISO",null,"DIA",{"$f":"0.01/8","v":{"v":1.25E-3,"d":"0.00"}},null,{"$f":"1900000/30","v":{"v":63333.333333333336,"d":"$ 63,333"}},{"$f":"+G553*E553","v":{"v":79.16666666666667,"d":"79 $"}}]
[null,"OFICIAL",null,"DIA",{"$f":"1.2/8","v":0.15},null,{"$f":"1600000/30","v":{"v":53333.333333333336,"d":"$ 53,333"}},{"$f":"+G554*E554","v":{"v":8000,"d":"8,000 $"}}]
[null,"AYUDANTE",null,"DIA",{"$f":"1.2/8","v":0.15},null,{"$f":"1200000/30","v":{"v":40000,"d":"$ 40,000"}},{"$f":"+G555*E555","v":{"v":6000,"d":"6,000 $"}}]
[{"$nulls":6},"SUBTOTAL MANO DE OBRA",{"$f":"SUM(H552:H555)","v":{"v":14200,"d":"14,200"}}]
[null,"EQUIPO Y HERRAMIENTA"]
[null,"DESCRIPCIÓN",null,"UN","CANT","VALOR DIA","VR. UNIT","VR. TOTAL"]
[null,"HERRAMIENTA DE MANO",null,"UN",{"v":0.005,"d":"0.01"},{"v":85000,"d":"$ 85,000.00"},{"v":85000,"d":"$ 85,000.00"},{"$f":"G559*E559","v":{"v":425,"d":"425 $"}}]
[null,"HERRAMIENTA ESPECIAL",null,"UN",{"v":0.005,"d":"0.01"},{"v":170000,"d":"$ 170,000.00"},{"v":250000,"d":"$ 250,000.00"},{"$f":"G560*E560","v":{"v":1250,"d":"1,250 $"}}]
[]
[]
[{"$nulls":6},"SUBTOTAL EQUIPO Y HERRAMIENTA",{"$f":"SUM(H559:H562)","v":{"v":1675,"d":"1,675"}}]
[null,"TRANSPORTES"]
[null,"DESCRIPCIÓN",null,"UN","CANT","VALOR HORA","VR. UNIT","VR. TOTAL"]
[null,"TRANSPORTE MATERIAL",null,"UN",{"v":0.005,"d":"0.01"},{"v":180000,"d":"$ 180,000.00"},{"v":180000,"d":"$ 180,000.00"},{"$f":"F566*E566","v":{"v":900,"d":"900 $"}}]
[null,"TRANSPORTE PERSONAL",null,"UN",{"v":0.005,"d":"0.01"},{"v":6000,"d":"$ 6,000.00"},{"v":6000,"d":"$ 6,000.00"},{"$f":"F567*E567","v":{"v":30,"d":"30 $"}}]
[]
[]
[{"$nulls":5},"SUBTOTAL TRANSPORTES",null,{"$f":"SUM(H566:H569)","v":930},{"$f":"H570+H563+H556","v":{"v":16805,"d":"16,805"}}]
[null,"TOTAL COSTO DIRECTO",{"$nulls":5},{"$f":"H570+H563+H556+H549","v":{"v":110875.625,"d":"110,876"}}]
[]
[null,"ADMINISTRACIÓN",null,null,"(Indicar su porcentaje)",null,{"v":0.08,"d":"8.00%"},{"$f":"H571*G573","v":{"v":8870.050000000001,"d":"8,870"}}]
[null,"IMPREVISTOS",null,null,"(Indicar su porcentaje)",null,{"v":0.03,"d":"3.00%"},{"$f":"H571*G574","v":{"v":3326.2687499999997,"d":"3,326"}}]
[null,"UTILIDAD",null,null,"(Indicar su porcentaje)",null,{"v":0.05,"d":"5.00%"},{"$f":"H571*G575","v":{"v":5543.78125,"d":"5,544"}}]
[null,"PRECIO UNITARIO TOTAL",{"$nulls":5},{"$f":"+H575+H574+H573+H571","v":{"v":128615.725,"d":"128,616"}}]
[]
[null,"Nombre de la Actividad",{"$nulls":5},"Unidad de Medida"]
[null,"CAJA METALICA 40X40X20 INCLUYE ACCESORIOS DE INSTALACION",{"$nulls":5},"UN "]
[]
[null," MATERIALES"]
[null,"DESCRIPCION",null,"UN","CANT","DESP. %","VR. UNIT","VR. TOTAL"]
[null,"CAJA METALICA 40X40X20",null,"UN",{"v":1,"d":"1.00"},{"v":0,"d":"0%"},{"v":74250,"d":"$ 74,250."},{"$f":"+G583*E583+(G583*F583)","v":{"v":74250,"d":"74,250 $"}}]
[null,"VARILLA ROSCADA 1/4\"",null,"ML",{"v":1.2,"d":"1.20"},{"v":0.01,"d":"1%"},{"v":2062.5,"d":"$ 2,063."},{"$f":"+G584*E584+(G584*F584)","v":{"v":2495.625,"d":"2,496 $"}}]
[{"$nulls":6},"SUBTOTAL MATERIALES",{"$f":"SUM(H583:H584)","v":{"v":76745.625,"d":"76,746"}}]
[null,"MANO DE OBRA"]
[null,"DESCRIPCIÓN",null,"UN","CANT",null,"VR. UNIT","VR. TOTAL"]
[null,"INGENIERO ELECTRICO",null,"DIA",{"$f":"0.01/8","v":{"v":1.25E-3,"d":"0.00"}},null,{"$f":"2900000/30","v":{"v":96666.66666666667,"d":"$ 96,667"}},{"$f":"+G588*E588","v":{"v":120.83333333333334,"d":"121 $"}}]
[null,"INSPECTOR SISO",null,"DIA",{"$f":"0.01/8","v":{"v":1.25E-3,"d":"0.00"}},null,{"$f":"1900000/30","v":{"v":63333.333333333336,"d":"$ 63,333"}},{"$f":"+G589*E589","v":{"v":79.16666666666667,"d":"79 $"}}]
[null,"OFICIAL",null,"DIA",{"$f":"1.2/8","v":0.15},null,{"$f":"1600000/30","v":{"v":53333.333333333336,"d":"$ 53,333"}},{"$f":"+G590*E590","v":{"v":8000,"d":"8,000 $"}}]
[null,"AYUDANTE",null,"DIA",{"$f":"1.2/8","v":0.15},null,{"$f":"1200000/30","v":{"v":40000,"d":"$ 40,000"}},{"$f":"+G591*E591","v":{"v":6000,"d":"6,000 $"}}]
[{"$nulls":6},"SUBTOTAL MANO DE OBRA",{"$f":"SUM(H588:H591)","v":{"v":14200,"d":"14,200"}}]
[null,"EQUIPO Y HERRAMIENTA"]
[null,"DESCRIPCIÓN",null,"UN","CANT","VALOR DIA","VR. UNIT","VR. TOTAL"]
[null,"HERRAMIENTA DE MANO",null,"UN",{"v":0.005,"d":"0.01"},{"v":85000,"d":"$ 85,000.00"},{"v":85000,"d":"$ 85,000.00"},{"$f":"G595*E595","v":{"v":425,"d":"425 $"}}]
[null,"HERRAMIENTA ESPECIAL",null,"UN",{"v":0.005,"d":"0.01"},{"v":170000,"d":"$ 170,000.00"},{"v":250000,"d":"$ 250,000.00"},{"$f":"G596*E596","v":{"v":1250,"d":"1,250 $"}}]
[]
[]
[{"$nulls":6},"SUBTOTAL EQUIPO Y HERRAMIENTA",{"$f":"SUM(H595:H598)","v":{"v":1675,"d":"1,675"}}]
[null,"TRANSPORTES"]
[null,"DESCRIPCIÓN",null,"UN","CANT","VALOR HORA","VR. UNIT","VR. TOTAL"]
[null,"TRANSPORTE MATERIAL",null,"UN",{"v":0.005,"d":"0.01"},{"v":180000,"d":"$ 180,000.00"},{"v":180000,"d":"$ 180,000.00"},{"$f":"F602*E602","v":{"v":900,"d":"900 $"}}]
[null,"TRANSPORTE PERSONAL",null,"UN",{"v":0.005,"d":"0.01"},{"v":6000,"d":"$ 6,000.00"},{"v":6000,"d":"$ 6,000.00"},{"$f":"F603*E603","v":{"v":30,"d":"30 $"}}]
[]
[]
[{"$nulls":5},"SUBTOTAL TRANSPORTES",null,{"$f":"SUM(H602:H605)","v":930},{"$f":"H606+H599+H592","v":{"v":16805,"d":"16,805"}}]
[null,"TOTAL COSTO DIRECTO",{"$nulls":5},{"$f":"H606+H599+H592+H585","v":{"v":93550.625,"d":"93,551"}}]
[]
[null,"ADMINISTRACIÓN",null,null,"(Indicar su porcentaje)",null,{"v":0.08,"d":"8.00%"},{"$f":"H607*G609","v":{"v":7484.05,"d":"7,484"}}]
[null,"IMPREVISTOS",null,null,"(Indicar su porcentaje)",null,{"v":0.03,"d":"3.00%"},{"$f":"H607*G610","v":{"v":2806.5187499999997,"d":"2,807"}}]
[null,"UTILIDAD",null,null,"(Indicar su porcentaje)",null,{"v":0.05,"d":"5.00%"},{"$f":"H607*G611","v":{"v":4677.53125,"d":"4,678"}}]
[null,"PRECIO UNITARIO TOTAL",{"$nulls":5},{"$f":"+H611+H610+H609+H607","v":{"v":108518.725,"d":"108,519"}}]
[]
[null,"Nombre de la Actividad",{"$nulls":5},"Unidad de Medida"]
[null,"CAJA METALICA 30X30X20 INCLUYE ACCESORIOS DE INSTALACION",{"$nulls":5},"UN "]
[]
[null," MATERIALES"]
[null,"DESCRIPCION",null,"UN","CANT","DESP. %","VR. UNIT","VR. TOTAL"]
[null,"CAJA METALICA 30X30X20",null,"UN",{"v":1,"d":"1.00"},{"v":0,"d":"0%"},{"v":57750,"d":"$ 57,750."},{"$f":"+G619*E619+(G619*F619)","v":{"v":57750,"d":"57,750 $"}}]
[null,"VARILLA ROSCADA 1/4\"",null,"ML",{"v":1,"d":"1.00"},{"v":0.01,"d":"1%"},{"v":2062.5,"d":"$ 2,063."},{"$f":"+G620*E620+(G620*F620)","v":{"v":2083.125,"d":"2,083 $"}}]
[{"$nulls":6},"SUBTOTAL MATERIALES",{"$f":"SUM(H619:H620)","v":{"v":59833.125,"d":"59,833"}}]
[null,"MANO DE OBRA"]
[null,"DESCRIPCIÓN",null,"UN","CANT",null,"VR. UNIT","VR. TOTAL"]
[null,"INGENIERO ELECTRICO",null,"DIA",{"$f":"0.01/8","v":{"v":1.25E-3,"d":"0.00"}},null,{"$f":"2900000/30","v":{"v":96666.66666666667,"d":"$ 96,667"}},{"$f":"+G624*E624","v":{"v":120.83333333333334,"d":"121 $"}}]
[null,"INSPECTOR SISO",null,"DIA",{"$f":"0.01/8","v":{"v":1.25E-3,"d":"0.00"}},null,{"$f":"1900000/30","v":{"v":63333.333333333336,"d":"$ 63,333"}},{"$f":"+G625*E625","v":{"v":79.16666666666667,"d":"79 $"}}]
[null,"OFICIAL",null,"DIA",{"$f":"1.2/8","v":0.15},null,{"$f":"1600000/30","v":{"v":53333.333333333336,"d":"$ 53,333"}},{"$f":"+G626*E626","v":{"v":8000,"d":"8,000 $"}}]
[null,"AYUDANTE",null,"DIA",{"$f":"1.2/8","v":0.15},null,{"$f":"1200000/30","v":{"v":40000,"d":"$ 40,000"}},{"$f":"+G627*E627","v":{"v":6000,"d":"6,000 $"}}]
[{"$nulls":6},"SUBTOTAL MANO DE OBRA",{"$f":"SUM(H624:H627)","v":{"v":14200,"d":"14,200"}}]
[null,"EQUIPO Y HERRAMIENTA"]
[null,"DESCRIPCIÓN",null,"UN","CANT","VALOR DIA","VR. UNIT","VR. TOTAL"]
[null,"HERRAMIENTA DE MANO",null,"UN",{"v":0.005,"d":"0.01"},{"v":85000,"d":"$ 85,000.00"},{"v":85000,"d":"$ 85,000.00"},{"$f":"G631*E631","v":{"v":425,"d":"425 $"}}]
[null,"HERRAMIENTA ESPECIAL",null,"UN",{"v":0.005,"d":"0.01"},{"v":170000,"d":"$ 170,000.00"},{"v":250000,"d":"$ 250,000.00"},{"$f":"G632*E632","v":{"v":1250,"d":"1,250 $"}}]
[]
[]
[{"$nulls":6},"SUBTOTAL EQUIPO Y HERRAMIENTA",{"$f":"SUM(H631:H634)","v":{"v":1675,"d":"1,675"}}]
[null,"TRANSPORTES"]
[null,"DESCRIPCIÓN",null,"UN","CANT","VALOR HORA","VR. UNIT","VR. TOTAL"]
[null,"TRANSPORTE MATERIAL",null,"UN",{"v":0.005,"d":"0.01"},{"v":180000,"d":"$ 180,000.00"},{"v":180000,"d":"$ 180,000.00"},{"$f":"F638*E638","v":{"v":900,"d":"900 $"}}]
[null,"TRANSPORTE PERSONAL",null,"UN",{"v":0.005,"d":"0.01"},{"v":6000,"d":"$ 6,000.00"},{"v":6000,"d":"$ 6,000.00"},{"$f":"F639*E639","v":{"v":30,"d":"30 $"}}]
[]
[]
[{"$nulls":5},"SUBTOTAL TRANSPORTES",null,{"$f":"SUM(H638:H641)","v":930},{"$f":"H642+H635+H628","v":{"v":16805,"d":"16,805"}}]
[null,"TOTAL COSTO DIRECTO",{"$nulls":5},{"$f":"H642+H635+H628+H621","v":{"v":76638.125,"d":"76,638"}}]
[]
[null,"ADMINISTRACIÓN",null,null,"(Indicar su porcentaje)",null,{"v":0.08,"d":"8.00%"},{"$f":"H643*G645","v":{"v":6131.05,"d":"6,131"}}]
[null,"IMPREVISTOS",null,null,"(Indicar su porcentaje)",null,{"v":0.03,"d":"3.00%"},{"$f":"H643*G646","v":{"v":2299.1437499999997,"d":"2,299"}}]
[null,"UTILIDAD",null,null,"(Indicar su porcentaje)",null,{"v":0.05,"d":"5.00%"},{"$f":"H643*G647","v":{"v":3831.90625,"d":"3,832"}}]
[null,"PRECIO UNITARIO TOTAL",{"$nulls":5},{"$f":"+H647+H646+H645+H643","v":{"v":88900.225,"d":"88,900"}}]
[]
[null,"Nombre de la Actividad",{"$nulls":5},"Unidad de Medida"]
[null,"CAJA METALICA 20X20X10 INCLUYE ACCESORIOS DE INSTALACION",{"$nulls":5},"UN "]
[]
[null," MATERIALES"]
[null,"DESCRIPCION",null,"UN","CANT","DESP. %","VR. UNIT","VR. TOTAL"]
[null,"CAJA METALICA 20X20X10",null,"UN",{"v":1,"d":"1.00"},{"v":0,"d":"0%"},{"v":34650,"d":"$ 34,650."},{"$f":"+G655*E655+(G655*F655)","v":{"v":34650,"d":"34,650 $"}}]
[null,"VARILLA ROSCADA 1/4\"",null,"ML",{"v":0.8,"d":"0.80"},{"v":0.01,"d":"1%"},{"v":2062.5,"d":"$ 2,063."},{"$f":"+G656*E656+(G656*F656)","v":{"v":1670.625,"d":"1,671 $"}}]
[{"$nulls":6},"SUBTOTAL MATERIALES",{"$f":"SUM(H655:H656)","v":{"v":36320.625,"d":"36,321"}}]
[null,"MANO DE OBRA"]
[null,"DESCRIPCIÓN",null,"UN","CANT",null,"VR. UNIT","VR. TOTAL"]
[null,"INGENIERO ELECTRICO",null,"DIA",{"$f":"0.01/8","v":{"v":1.25E-3,"d":"0.00"}},null,{"$f":"2900000/30","v":{"v":96666.66666666667,"d":"$ 96,667"}},{"$f":"+G660*E660","v":{"v":120.83333333333334,"d":"121 $"}}]
[null,"INSPECTOR SISO",null,"DIA",{"$f":"0.01/8","v":{"v":1.25E-3,"d":"0.00"}},null,{"$f":"1900000/30","v":{"v":63333.333333333336,"d":"$ 63,333"}},{"$f":"+G661*E661","v":{"v":79.16666666666667,"d":"79 $"}}]
[null,"OFICIAL",null,"DIA",{"$f":"0.5/8","v":{"v":0.0625,"d":"0.06"}},null,{"$f":"1600000/30","v":{"v":53333.333333333336,"d":"$ 53,333"}},{"$f":"+G662*E662","v":{"v":3333.3333333333335,"d":"3,333 $"}}]
[null,"AYUDANTE",null,"DIA",{"$f":"0.5/8","v":{"v":0.0625,"d":"0.06"}},null,{"$f":"1200000/30","v":{"v":40000,"d":"$ 40,000"}},{"$f":"+G663*E663","v":{"v":2500,"d":"2,500 $"}}]
[{"$nulls":6},"SUBTOTAL MANO DE OBRA",{"$f":"SUM(H660:H663)","v":{"v":6033.333333333334,"d":"6,033"}}]
[null,"EQUIPO Y HERRAMIENTA"]
[null,"DESCRIPCIÓN",null,"UN","CANT","VALOR DIA","VR. UNIT","VR. TOTAL"]
[null,"HERRAMIENTA DE MANO",null,"UN",{"v":0.005,"d":"0.01"},{"v":85000,"d":"$ 85,000.00"},{"v":85000,"d":"$ 85,000.00"},{"$f":"G667*E667","v":{"v":425,"d":"425 $"}}]
[null,"HERRAMIENTA ESPECIAL",null,"UN",{"v":0.005,"d":"0.01"},{"v":170000,"d":"$ 170,000.00"},{"v":250000,"d":"$ 250,000.00"},{"$f":"G668*E668","v":{"v":1250,"d":"1,250 $"}}]
[]
[]
[{"$nulls":6},"SUBTOTAL EQUIPO Y HERRAMIENTA",{"$f":"SUM(H667:H670)","v":{"v":1675,"d":"1,675"}}]
[null,"TRANSPORTES"]
[null,"DESCRIPCIÓN",null,"UN","CANT","VALOR HORA","VR. UNIT","VR. TOTAL"]
[null,"TRANSPORTE MATERIAL",null,"UN",{"v":0.005,"d":"0.01"},{"v":180000,"d":"$ 180,000.00"},{"v":180000,"d":"$ 180,000.00"},{"$f":"F674*E674","v":{"v":900,"d":"900 $"}}]
[null,"TRANSPORTE PERSONAL",null,"UN",{"v":0.005,"d":"0.01"},{"v":6000,"d":"$ 6,000.00"},{"v":6000,"d":"$ 6,000.00"},{"$f":"F675*E675","v":{"v":30,"d":"30 $"}}]
[]
[]
[{"$nulls":5},"SUBTOTAL TRANSPORTES",null,{"$f":"SUM(H674:H677)","v":930},{"$f":"H678+H671+H664","v":{"v":8638.333333333334,"d":"8,638"}}]
[null,"TOTAL COSTO DIRECTO",{"$nulls":5},{"$f":"H678+H671+H664+H657","v":{"v":44958.958333333336,"d":"44,959"}}]
[]
[null,"ADMINISTRACIÓN",null,null,"(Indicar su porcentaje)",null,{"v":0.08,"d":"8.00%"},{"$f":"H679*G681","v":{"v":3596.716666666667,"d":"3,597"}}]
[null,"IMPREVISTOS",null,null,"(Indicar su porcentaje)",null,{"v":0.03,"d":"3.00%"},{"$f":"H679*G682","v":{"v":1348.76875,"d":"1,349"}}]
[null,"UTILIDAD",null,null,"(Indicar su porcentaje)",null,{"v":0.05,"d":"5.00%"},{"$f":"H679*G683","v":{"v":2247.947916666667,"d":"2,248"}}]
[null,"PRECIO UNITARIO TOTAL",{"$nulls":5},{"$f":"+H683+H682+H681+H679","v":{"v":52152.39166666667,"d":"52,152"}}]
[]
[null,"Nombre de la Actividad",{"$nulls":5},"Unidad de Medida"]
[null,"ACOMETIDA ELECTRICA EN 3X4+1X6+1X6T Al + 1D1 1/4\" EMT/PVC TRGZC-TGZC",{"$nulls":5},"UN "]
[]
[null," MATERIALES"]
[null,"DESCRIPCION",null,"UN","CANT","DESP. %","VR. UNIT","VR. TOTAL"]
[null,"CABLE 4 AWG ALUMINIO",null,"ML",{"v":3,"d":"3.00"},{"v":0.05,"d":"5%"},{"v":3539.25,"d":"$ 3,539."},{"$f":"+G691*E691+(G691*F691)","v":{"v":10794.7125,"d":"10,795 $"}}]
[null,"CABLE 6 AWG ALUMINIO",null,"ML",{"v":2,"d":"2.00"},{"v":0.05,"d":"5%"},{"v":2178,"d":"$ 2,178."},{"v":4464.9,"d":"4,465 $"}]
[null,"TUBERIA EMT 1 1/4\" ",null,"ML",{"v":0.8,"d":"0.80"},{"v":0.05,"d":"5%"},{"v":23743.5,"d":"$ 23,744."},{"v":20181.975,"d":"20,182 $"}]
[null,"TERMINAL EMT 1 1/4\" ",null,"UN",{"v":2,"d":"2.00"},{"v":0,"d":"0%"},{"v":4125,"d":"$ 4,125."},{"v":8250,"d":"8,250 $"}]
[null,"UNION EMT 1 1/4\" ",null,"UN",{"v":0.4,"d":"0.40"},{"v":0.05,"d":"5%"},{"v":3960,"d":"$ 3,960."},{"v":1782,"d":"1,782 $"}]
[null,"RIEL CHANEL 3M",null,"ML",{"v":0.1,"d":"0.10"},{"v":0.01,"d":"1%"},{"v":15345,"d":"$ 15,345."},{"v":1687.95,"d":"1,688 $"}]
[null,"VARILLA ROSCADA 1/4\"",null,"ML",{"v":0.1,"d":"0.10"},{"v":0.01,"d":"1%"},{"v":2062.5,"d":"$ 2,063."},{"v":226.875,"d":"227 $"}]
[null,"TUBERIA PVC TIPO A 1 1/4\"",null,"ML",{"v":0.2,"d":"0.20"},{"v":0.05,"d":"5%"},{"v":5082,"d":"$ 5,082."},{"v":1270.5,"d":"1,271 $"}]
[null,"TERMINAL PVC 1 1/4\" ",null,"UN",{"v":2,"d":"2.00"},{"v":0,"d":"0%"},{"v":2805,"d":"$ 2,805."},{"v":5610,"d":"5,610 $"}]
[null,"SOLDADURA PVC ",null,"UN",{"v":1,"d":"1.00"},{"v":0,"d":"0%"},{"v":495,"d":"$ 495."},{"v":495,"d":"495 $"}]
[{"$nulls":6},"SUBTOTAL MATERIALES",{"$f":"SUM(H691:H700)","v":{"v":54763.91249999999,"d":"54,764"}}]
[null,"MANO DE OBRA"]
[null,"DESCRIPCIÓN",null,"UN","CANT",null,"VR. UNIT","VR. TOTAL"]
[null,"INGENIERO ELECTRICO",null,"DIA",{"$f":"0.01/8","v":{"v":1.25E-3,"d":"0.00"}},null,{"$f":"2900000/30","v":{"v":96666.66666666667,"d":"$ 96,667"}},{"$f":"+G704*E704","v":{"v":120.83333333333334,"d":"121 $"}}]
[null,"INSPECTOR SISO",null,"DIA",{"$f":"0.01/8","v":{"v":1.25E-3,"d":"0.00"}},null,{"$f":"1900000/30","v":{"v":63333.333333333336,"d":"$ 63,333"}},{"$f":"+G705*E705","v":{"v":79.16666666666667,"d":"79 $"}}]
[null,"OFICIAL",null,"DIA",{"$f":"0.9/8","v":{"v":0.1125,"d":"0.11"}},null,{"$f":"1600000/30","v":{"v":53333.333333333336,"d":"$ 53,333"}},{"$f":"+G706*E706","v":{"v":6000,"d":"6,000 $"}}]
[null,"AYUDANTE",null,"DIA",{"$f":"0.9/8","v":{"v":0.1125,"d":"0.11"}},null,{"$f":"1200000/30","v":{"v":40000,"d":"$ 40,000"}},{"$f":"+G707*E707","v":{"v":4500,"d":"4,500 $"}}]
[{"$nulls":6},"SUBTOTAL MANO DE OBRA",{"$f":"SUM(H704:H707)","v":{"v":10700,"d":"10,700"}}]
[null,"EQUIPO Y HERRAMIENTA"]
[null,"DESCRIPCIÓN",null,"UN","CANT","VALOR DIA","VR. UNIT","VR. TOTAL"]
[null,"HERRAMIENTA DE MANO",null,"UN",{"v":0.005,"d":"0.01"},{"v":85000,"d":"$ 85,000.00"},{"v":85000,"d":"$ 85,000.00"},{"$f":"G711*E711","v":{"v":425,"d":"425 $"}}]
[null,"HERRAMIENTA ESPECIAL",null,"UN",{"v":0.005,"d":"0.01"},{"v":170000,"d":"$ 170,000.00"},{"v":250000,"d":"$ 250,000.00"},{"$f":"G712*E712","v":{"v":1250,"d":"1,250 $"}}]
[]
[]
[{"$nulls":6},"SUBTOTAL EQUIPO Y HERRAMIENTA",{"$f":"SUM(H711:H714)","v":{"v":1675,"d":"1,675"}}]
[null,"TRANSPORTES"]
[null,"DESCRIPCIÓN",null,"UN","CANT","VALOR HORA","VR. UNIT","VR. TOTAL"]
[null,"TRANSPORTE MATERIAL",null,"UN",{"v":0.005,"d":"0.01"},{"v":180000,"d":"$ 180,000.00"},{"v":180000,"d":"$ 180,000.00"},{"$f":"F718*E718","v":{"v":900,"d":"900 $"}}]
[null,"TRANSPORTE PERSONAL",null,"UN",{"v":0.005,"d":"0.01"},{"v":6000,"d":"$ 6,000.00"},{"v":6000,"d":"$ 6,000.00"},{"$f":"F719*E719","v":{"v":30,"d":"30 $"}}]
[]
[]
[{"$nulls":5},"SUBTOTAL TRANSPORTES",null,{"$f":"SUM(H718:H721)","v":930},{"$f":"H722+H715+H708","v":{"v":13305,"d":"13,305"}}]
[null,"TOTAL COSTO DIRECTO",{"$nulls":5},{"$f":"H722+H715+H708+H701","v":{"v":68068.91249999999,"d":"68,069"}}]
[]
[null,"ADMINISTRACIÓN",null,null,"(Indicar su porcentaje)",null,{"v":0.08,"d":"8.00%"},{"$f":"H723*G725","v":{"v":5445.512999999999,"d":"5,446"}}]
[null,"IMPREVISTOS",null,null,"(Indicar su porcentaje)",null,{"v":0.03,"d":"3.00%"},{"$f":"H723*G726","v":{"v":2042.0673749999996,"d":"2,042"}}]
[null,"UTILIDAD",null,null,"(Indicar su porcentaje)",null,{"v":0.05,"d":"5.00%"},{"$f":"H723*G727","v":{"v":3403.445625,"d":"3,403"}}]
[null,"PRECIO UNITARIO TOTAL",{"$nulls":5},{"$f":"+H727+H726+H725+H723","v":{"v":78959.93849999999,"d":"78,960"}}]
[]
[null,"Nombre de la Actividad",{"$nulls":5},"Unidad de Medida"]
[null,"ACOMETIDA ELECTRICA EN 1X8+1X8+1X10T Cu + 1D1\" EMT/PVC SETI",{"$nulls":5},"UN "]
[]
[null," MATERIALES"]
[null,"DESCRIPCION",null,"UN","CANT","DESP. %","VR. UNIT","VR. TOTAL"]
[null,"CABLE 10 AWG COBRE",null,"ML",{"v":1,"d":"1.00"},{"v":0.05,"d":"5%"},{"v":4125,"d":"$ 4,125."},{"$f":"+G735*E735+(G735*F735)","v":{"v":4331.25,"d":"4,331 $"}}]
[null,"CABLE COBRE 8 AWG COBRE",null,"ML",{"v":2,"d":"2.00"},{"v":0.05,"d":"5%"},{"v":5775,"d":"$ 5,775."},{"v":11838.75,"d":"11,839 $"}]
[null,"TUBERIA EMT 1\" ",null,"ML",{"v":0.8,"d":"0.80"},{"v":0.05,"d":"5%"},{"v":15015,"d":"$ 15,015."},{"v":12762.75,"d":"12,763 $"}]
[null,"TERMINAL EMT 1\" ",null,"UN",{"v":2,"d":"2.00"},{"v":0,"d":"0%"},{"v":2970,"d":"$ 2,970."},{"v":5940,"d":"5,940 $"}]
[null,"UNION EMT 1\" ",null,"UN",{"v":0.4,"d":"0.40"},{"v":0.05,"d":"5%"},{"v":2227.5,"d":"$ 2,228."},{"v":1002.375,"d":"1,002 $"}]
[null,"RIEL CHANEL 3M",null,"ML",{"v":0.1,"d":"0.10"},{"v":0.01,"d":"1%"},{"v":15345,"d":"$ 15,345."},{"v":1687.95,"d":"1,688 $"}]
[null,"VARILLA ROSCADA 1/4\"",null,"ML",{"v":0.1,"d":"0.10"},{"v":0.01,"d":"1%"},{"v":2062.5,"d":"$ 2,063."},{"v":226.875,"d":"227 $"}]
[null,"TUBERIA PVC TIPO A 1\"",null,"ML",{"v":0.2,"d":"0.20"},{"v":0.05,"d":"5%"},{"v":3300,"d":"$ 3,300."},{"v":825,"d":"825 $"}]
[null,"TERMINAL PVC 1\" ",null,"UN",{"v":2,"d":"2.00"},{"v":0,"d":"0%"},{"v":1320,"d":"$ 1,320."},{"v":2640,"d":"2,640 $"}]
[null,"SOLDADURA PVC ",null,"UN",{"v":1,"d":"1.00"},{"v":0,"d":"0%"},{"v":495,"d":"$ 495."},{"v":495,"d":"495 $"}]
[{"$nulls":6},"SUBTOTAL MATERIALES",{"$f":"SUM(H735:H744)","v":{"v":41749.95,"d":"41,750"}}]
[null,"MANO DE OBRA"]
[null,"DESCRIPCIÓN",null,"UN","CANT",null,"VR. UNIT","VR. TOTAL"]
[null,"INGENIERO ELECTRICO",null,"DIA",{"$f":"0.01/8","v":{"v":1.25E-3,"d":"0.00"}},null,{"$f":"2900000/30","v":{"v":96666.66666666667,"d":"$ 96,667"}},{"$f":"+G748*E748","v":{"v":120.83333333333334,"d":"121 $"}}]
[null,"INSPECTOR SISO",null,"DIA",{"$f":"0.01/8","v":{"v":1.25E-3,"d":"0.00"}},null,{"$f":"1900000/30","v":{"v":63333.333333333336,"d":"$ 63,333"}},{"$f":"+G749*E749","v":{"v":79.16666666666667,"d":"79 $"}}]
[null,"OFICIAL",null,"DIA",{"$f":"0.6/8","v":{"v":0.075,"d":"0.08"}},null,{"$f":"1600000/30","v":{"v":53333.333333333336,"d":"$ 53,333"}},{"$f":"+G750*E750","v":{"v":4000,"d":"4,000 $"}}]
[null,"AYUDANTE",null,"DIA",{"$f":"0.6/8","v":{"v":0.075,"d":"0.08"}},null,{"$f":"1200000/30","v":{"v":40000,"d":"$ 40,000"}},{"$f":"+G751*E751","v":{"v":3000,"d":"3,000 $"}}]
[{"$nulls":6},"SUBTOTAL MANO DE OBRA",{"$f":"SUM(H748:H751)","v":{"v":7200,"d":"7,200"}}]
[null,"EQUIPO Y HERRAMIENTA"]
[null,"DESCRIPCIÓN",null,"UN","CANT","VALOR DIA","VR. UNIT","VR. TOTAL"]
[null,"HERRAMIENTA DE MANO",null,"UN",{"v":0.005,"d":"0.01"},{"v":85000,"d":"$ 85,000.00"},{"v":85000,"d":"$ 85,000.00"},{"$f":"G755*E755","v":{"v":425,"d":"425 $"}}]
[null,"HERRAMIENTA ESPECIAL",null,"UN",{"v":0.005,"d":"0.01"},{"v":170000,"d":"$ 170,000.00"},{"v":250000,"d":"$ 250,000.00"},{"$f":"G756*E756","v":{"v":1250,"d":"1,250 $"}}]
[]
[]
[{"$nulls":6},"SUBTOTAL EQUIPO Y HERRAMIENTA",{"$f":"SUM(H755:H758)","v":{"v":1675,"d":"1,675"}}]
[null,"TRANSPORTES"]
[null,"DESCRIPCIÓN",null,"UN","CANT","VALOR HORA","VR. UNIT","VR. TOTAL"]
[null,"TRANSPORTE MATERIAL",null,"UN",{"v":0.005,"d":"0.01"},{"v":180000,"d":"$ 180,000.00"},{"v":180000,"d":"$ 180,000.00"},{"$f":"F762*E762","v":{"v":900,"d":"900 $"}}]
[null,"TRANSPORTE PERSONAL",null,"UN",{"v":0.005,"d":"0.01"},{"v":6000,"d":"$ 6,000.00"},{"v":6000,"d":"$ 6,000.00"},{"$f":"F763*E763","v":{"v":30,"d":"30 $"}}]
[]
[]
[{"$nulls":5},"SUBTOTAL TRANSPORTES",null,{"$f":"SUM(H762:H765)","v":930},{"$f":"H766+H759+H752","v":{"v":9805,"d":"9,805"}}]
[null,"TOTAL COSTO DIRECTO",{"$nulls":5},{"$f":"H766+H759+H752+H745","v":{"v":51554.95,"d":"51,555"}}]
[]
[null,"ADMINISTRACIÓN",null,null,"(Indicar su porcentaje)",null,{"v":0.08,"d":"8.00%"},{"$f":"H767*G769","v":{"v":4124.396,"d":"4,124"}}]
[null,"IMPREVISTOS",null,null,"(Indicar su porcentaje)",null,{"v":0.03,"d":"3.00%"},{"$f":"H767*G770","v":{"v":1546.6484999999998,"d":"1,547"}}]
[null,"UTILIDAD",null,null,"(Indicar su porcentaje)",null,{"v":0.05,"d":"5.00%"},{"$f":"H767*G771","v":{"v":2577.7475,"d":"2,578"}}]
[null,"PRECIO UNITARIO TOTAL",{"$nulls":5},{"$f":"+H771+H770+H769+H767","v":{"v":59803.742,"d":"59,804"}}]
[]
[null,"Nombre de la Actividad",{"$nulls":5},"Unidad de Medida"]
[null,"TABLERO TRIFASICO TREINTA CIRCUITOS 208/120V ESPACIO TOTALIZADOR PUERTA Y CHAPA (TGZC)",{"$nulls":5},"UN "]
[]
[null," MATERIALES"]
[null,"DESCRIPCION",null,"UN","CANT","DESP. %","VR. UNIT","VR. TOTAL"]
[null,"TABLERO TRIFASICO TREINTA CIRCUITOS 208/120V ESPACIO TOTALIZADOR PUERTA Y CHAPA",null,"UN",{"v":1,"d":"1.00"},{"v":0,"d":"0%"},{"v":693000,"d":"$ 693,000."},{"$f":"+G779*E779+(G779*F779)","v":{"v":693000,"d":"693,000 $"}}]
[{"$nulls":6},"SUBTOTAL MATERIALES",{"$f":"SUM(H779:H779)","v":{"v":693000,"d":"693,000"}}]
[null,"MANO DE OBRA"]
[null,"DESCRIPCIÓN",null,"UN","CANT",null,"VR. UNIT","VR. TOTAL"]
[null,"INGENIERO ELECTRICO",null,"DIA",{"$f":"0.1/8","v":{"v":0.0125,"d":"0.01"}},null,{"$f":"2900000/30","v":{"v":96666.66666666667,"d":"$ 96,667"}},{"$f":"+G783*E783","v":{"v":1208.3333333333335,"d":"1,208 $"}}]
[null,"INSPECTOR SISO",null,"DIA",{"$f":"0.1/8","v":{"v":0.0125,"d":"0.01"}},null,{"$f":"1900000/30","v":{"v":63333.333333333336,"d":"$ 63,333"}},{"$f":"+G784*E784","v":{"v":791.6666666666667,"d":"792 $"}}]
[null,"OFICIAL",null,"DIA",{"$f":"5/8","v":{"v":0.625,"d":"0.63"}},null,{"$f":"1600000/30","v":{"v":53333.333333333336,"d":"$ 53,333"}},{"$f":"+G785*E785","v":{"v":33333.333333333336,"d":"33,333 $"}}]
[null,"AYUDANTE",null,"DIA",{"$f":"5/8","v":{"v":0.625,"d":"0.63"}},null,{"$f":"1200000/30","v":{"v":40000,"d":"$ 40,000"}},{"$f":"+G786*E786","v":{"v":25000,"d":"25,000 $"}}]
[{"$nulls":6},"SUBTOTAL MANO DE OBRA",{"$f":"SUM(H783:H786)","v":{"v":60333.333333333336,"d":"60,333"}}]
[null,"EQUIPO Y HERRAMIENTA"]
[null,"DESCRIPCIÓN",null,"UN","CANT","VALOR DIA","VR. UNIT","VR. TOTAL"]
[null,"HERRAMIENTA DE MANO",null,"UN",{"v":0.1,"d":"0.10"},{"v":85000,"d":"$ 85,000.00"},{"v":85000,"d":"$ 85,000.00"},{"$f":"G790*E790","v":{"v":8500,"d":"8,500 $"}}]
[null,"HERRAMIENTA ESPECIAL",null,"UN",{"v":0.1,"d":"0.10"},{"v":170000,"d":"$ 170,000.00"},{"v":250000,"d":"$ 250,000.00"},{"$f":"G791*E791","v":{"v":25000,"d":"25,000 $"}}]
[]
[]
[{"$nulls":6},"SUBTOTAL EQUIPO Y HERRAMIENTA",{"$f":"SUM(H790:H793)","v":{"v":33500,"d":"33,500"}}]
[null,"TRANSPORTES"]
[null,"DESCRIPCIÓN",null,"UN","CANT","VALOR HORA","VR. UNIT","VR. TOTAL"]
[null,"TRANSPORTE MATERIAL",null,"UN",{"v":0.1,"d":"0.10"},{"v":180000,"d":"$ 180,000.00"},{"v":180000,"d":"$ 180,000.00"},{"$f":"F797*E797","v":{"v":18000,"d":"18,000 $"}}]
[null,"TRANSPORTE PERSONAL",null,"UN",{"v":0.1,"d":"0.10"},{"v":6000,"d":"$ 6,000.00"},{"v":6000,"d":"$ 6,000.00"},{"$f":"F798*E798","v":{"v":600,"d":"600 $"}}]
[]
[]
[{"$nulls":5},"SUBTOTAL TRANSPORTES",null,{"$f":"SUM(H797:H800)","v":{"v":18600,"d":"18,600"}},{"$f":"H801+H794+H787","v":{"v":112433.33333333334,"d":"112,433"}}]
[null,"TOTAL COSTO DIRECTO",{"$nulls":5},{"$f":"H801+H794+H787+H780","v":{"v":805433.3333333334,"d":"805,433"}}]
[]
[null,"ADMINISTRACIÓN",null,null,"(Indicar su porcentaje)",null,{"v":0.08,"d":"8.00%"},{"$f":"H802*G804","v":{"v":64434.66666666667,"d":"64,435"}}]
[null,"IMPREVISTOS",null,null,"(Indicar su porcentaje)",null,{"v":0.03,"d":"3.00%"},{"$f":"H802*G805","v":{"v":24163,"d":"24,163"}}]
[null,"UTILIDAD",null,null,"(Indicar su porcentaje)",null,{"v":0.05,"d":"5.00%"},{"$f":"H802*G806","v":{"v":40271.66666666667,"d":"40,272"}}]
[null,"PRECIO UNITARIO TOTAL",{"$nulls":5},{"$f":"+H806+H805+H804+H802","v":{"v":934302.6666666667,"d":"934,303"}}]
[]
[null,"Nombre de la Actividad",{"$nulls":5},"Unidad de Medida"]
[null,"BREAKER TIPO INDUSTRIAL 60A 25kA",{"$nulls":5},"UN "]
[]
[null," MATERIALES"]
[null,"DESCRIPCION",null,"UN","CANT","DESP. %","VR. UNIT","VR. TOTAL"]
[null,"BREAKER TIPO INDUSTRIAL 60A 25kA",null,"UN",{"v":1,"d":"1.00"},{"v":0,"d":"0%"},{"v":254100,"d":"$ 254,100."},{"$f":"+G814*E814+(G814*F814)","v":{"v":254100,"d":"254,100 $"}}]
[{"$nulls":6},"SUBTOTAL MATERIALES",{"$f":"SUM(H814:H814)","v":{"v":254100,"d":"254,100"}}]
[null,"MANO DE OBRA"]
[null,"DESCRIPCIÓN",null,"UN","CANT",null,"VR. UNIT","VR. TOTAL"]
[null,"INGENIERO ELECTRICO",null,"DIA",{"$f":"0.1/8","v":{"v":0.0125,"d":"0.01"}},null,{"$f":"2900000/30","v":{"v":96666.66666666667,"d":"$ 96,667"}},{"$f":"+G818*E818","v":{"v":1208.3333333333335,"d":"1,208 $"}}]
[null,"INSPECTOR SISO",null,"DIA",{"$f":"0.1/8","v":{"v":0.0125,"d":"0.01"}},null,{"$f":"1900000/30","v":{"v":63333.333333333336,"d":"$ 63,333"}},{"$f":"+G819*E819","v":{"v":791.6666666666667,"d":"792 $"}}]
[null,"OFICIAL",null,"DIA",{"$f":"2/8","v":0.25},null,{"$f":"1600000/30","v":{"v":53333.333333333336,"d":"$ 53,333"}},{"$f":"+G820*E820","v":{"v":13333.333333333334,"d":"13,333 $"}}]
[null,"AYUDANTE",null,"DIA",{"$f":"2/8","v":0.25},null,{"$f":"1200000/30","v":{"v":40000,"d":"$ 40,000"}},{"$f":"+G821*E821","v":{"v":10000,"d":"10,000 $"}}]
[{"$nulls":6},"SUBTOTAL MANO DE OBRA",{"$f":"SUM(H818:H821)","v":{"v":25333.333333333336,"d":"25,333"}}]
[null,"EQUIPO Y HERRAMIENTA"]
[null,"DESCRIPCIÓN",null,"UN","CANT","VALOR DIA","VR. UNIT","VR. TOTAL"]
[null,"HERRAMIENTA DE MANO",null,"UN",0.05,{"v":85000,"d":"$ 85,000.00"},{"v":85000,"d":"$ 85,000.00"},{"$f":"G825*E825","v":{"v":4250,"d":"4,250 $"}}]
[null,"HERRAMIENTA ESPECIAL",null,"UN",0.05,{"v":170000,"d":"$ 170,000.00"},{"v":170000,"d":"$ 170,000.00"},{"$f":"G826*E826","v":{"v":8500,"d":"8,500 $"}}]
[]
[]
[{"$nulls":6},"SUBTOTAL EQUIPO Y HERRAMIENTA",{"$f":"SUM(H825:H828)","v":{"v":12750,"d":"12,750"}}]
[null,"TRANSPORTES"]
[null,"DESCRIPCIÓN",null,"UN","CANT","VALOR HORA","VR. UNIT","VR. TOTAL"]
[null,"TRANSPORTE MATERIAL",null,"UN",0.05,{"v":180000,"d":"$ 180,000.00"},{"v":180000,"d":"$ 180,000.00"},{"$f":"G832*E832","v":{"v":9000,"d":"9,000 $"}}]
[null,"TRANSPORTE PERSONAL",null,"UN",0.05,{"v":6000,"d":"$ 6,000.00"},{"v":6000,"d":"$ 6,000.00"},{"$f":"G833*E833","v":{"v":300,"d":"300 $"}}]
[]
[]
[{"$nulls":5},"SUBTOTAL TRANSPORTES",null,{"$f":"SUM(H832:H835)","v":{"v":9300,"d":"9,300"}},{"$f":"H836+H829+H822","v":{"v":47383.333333333336,"d":"47,383"}}]
[null,"TOTAL COSTO DIRECTO",{"$nulls":5},{"$f":"H836+H829+H822+H815","v":{"v":301483.3333333333,"d":"301,483"}}]
[]
[null,"ADMINISTRACIÓN",null,null,"(Indicar su porcentaje)",null,{"v":0.08,"d":"8.00%"},{"$f":"+H837*G839","v":{"v":24118.666666666664,"d":"24,119"}}]
[null,"IMPREVISTOS",null,null,"(Indicar su porcentaje)",null,{"v":0.03,"d":"3.00%"},{"$f":"+H837*G840","v":{"v":9044.499999999998,"d":"9,045"}}]
[null,"UTILIDAD",null,null,"(Indicar su porcentaje)",null,{"v":0.05,"d":"5.00%"},{"$f":"+H837*G841","v":{"v":15074.166666666666,"d":"15,074"}}]
[null,"PRECIO UNITARIO TOTAL",{"$nulls":5},{"$f":"+H841+H840+H839+H837","v":{"v":349720.6666666666,"d":"349,721"}}]
[]
[null,"Nombre de la Actividad",{"$nulls":5},"Unidad de Medida"]
[null,"BREAKER TIPO ENCHUFABLE 3X20A 10kA",{"$nulls":5},"UN "]
[]
[null," MATERIALES"]
[null,"DESCRIPCION",null,"UN","CANT","DESP. %","VR. UNIT","VR. TOTAL"]
[null,"BREAKER ENCHUFABLE 3X20A",null,"UN",{"v":1,"d":"1.00"},{"v":0,"d":"0%"},{"v":56925,"d":"$ 56,925."},{"$f":"+G849*E849+(G849*F849)","v":{"v":56925,"d":"56,925 $"}}]
[{"$nulls":6},"SUBTOTAL MATERIALES",{"$f":"SUM(H849:H849)","v":{"v":56925,"d":"56,925"}}]
[null,"MANO DE OBRA"]
[null,"DESCRIPCIÓN",null,"UN","CANT",null,"VR. UNIT","VR. TOTAL"]
[null,"INGENIERO ELECTRICO",null,"DIA",{"$f":"0.05/8","v":{"v":0.00625,"d":"0.01"}},null,{"$f":"2900000/30","v":{"v":96666.66666666667,"d":"$ 96,667"}},{"$f":"+G853*E853","v":{"v":604.1666666666667,"d":"604 $"}}]
[null,"INSPECTOR SISO",null,"DIA",{"$f":"0.01/8","v":{"v":1.25E-3,"d":"0.00"}},null,{"$f":"1900000/30","v":{"v":63333.333333333336,"d":"$ 63,333"}},{"$f":"+G854*E854","v":{"v":79.16666666666667,"d":"79 $"}}]
[null,"OFICIAL",null,"DIA",{"$f":"0.5/8","v":{"v":0.0625,"d":"0.06"}},null,{"$f":"1600000/30","v":{"v":53333.333333333336,"d":"$ 53,333"}},{"$f":"+G855*E855","v":{"v":3333.3333333333335,"d":"3,333 $"}}]
[null,"AYUDANTE",null,"DIA",{"$f":"0.5/8","v":{"v":0.0625,"d":"0.06"}},null,{"$f":"1200000/30","v":{"v":40000,"d":"$ 40,000"}},{"$f":"+G856*E856","v":{"v":2500,"d":"2,500 $"}}]
[{"$nulls":6},"SUBTOTAL MANO DE OBRA",{"$f":"SUM(H853:H856)","v":{"v":6516.666666666667,"d":"6,517"}}]
[null,"EQUIPO Y HERRAMIENTA"]
[null,"DESCRIPCIÓN",null,"UN","CANT","VALOR DIA","VR. UNIT","VR. TOTAL"]
[null,"HERRAMIENTA DE MANO",null,"UN",0.01,{"v":85000,"d":"$ 85,000.00"},{"v":85000,"d":"$ 85,000.00"},{"$f":"G860*E860","v":{"v":850,"d":"850 $"}}]
[null,"HERRAMIENTA ESPECIAL",null,"UN",0.01,{"v":170000,"d":"$ 170,000.00"},{"v":170000,"d":"$ 170,000.00"},{"$f":"G861*E861","v":{"v":1700,"d":"1,700 $"}}]
[]
[]
[{"$nulls":6},"SUBTOTAL EQUIPO Y HERRAMIENTA",{"$f":"SUM(H860:H863)","v":{"v":2550,"d":"2,550"}}]
[null,"TRANSPORTES"]
[null,"DESCRIPCIÓN",null,"UN","CANT","VALOR HORA","VR. UNIT","VR. TOTAL"]
[null,"TRANSPORTE MATERIAL",null,"UN",{"v":0.005,"d":"0.01"},{"v":180000,"d":"$ 180,000.00"},{"v":180000,"d":"$ 180,000.00"},{"$f":"G867*E867","v":{"v":900,"d":"900 $"}}]
[null,"TRANSPORTE PERSONAL",null,"UN",0.01,{"v":6000,"d":"$ 6,000.00"},{"v":6000,"d":"$ 6,000.00"},{"$f":"G868*E868","v":{"v":60,"d":"60 $"}}]
[]
[]
[{"$nulls":5},"SUBTOTAL TRANSPORTES",null,{"$f":"SUM(H867:H870)","v":960},{"$f":"H871+H864+H857","v":{"v":10026.666666666668,"d":"10,027"}}]
[null,"TOTAL COSTO DIRECTO",{"$nulls":5},{"$f":"H871+H864+H857+H850","v":{"v":66951.66666666667,"d":"66,952"}}]
[]
[null,"ADMINISTRACIÓN",null,null,"(Indicar su porcentaje)",null,{"v":0.08,"d":"8.00%"},{"$f":"+H872*G874","v":{"v":5356.133333333334,"d":"5,356"}}]
[null,"IMPREVISTOS",null,null,"(Indicar su porcentaje)",null,{"v":0.03,"d":"3.00%"},{"$f":"+H872*G875","v":{"v":2008.5500000000002,"d":"2,009"}}]
[null,"UTILIDAD",null,null,"(Indicar su porcentaje)",null,{"v":0.05,"d":"5.00%"},{"$f":"+H872*G876","v":{"v":3347.583333333334,"d":"3,348"}}]
[null,"PRECIO UNITARIO TOTAL",{"$nulls":5},{"$f":"+H876+H875+H874+H872","v":{"v":77663.93333333333,"d":"77,664"}}]
[]
[null,"Nombre de la Actividad",{"$nulls":5},"Unidad de Medida"]
[null,"BREAKER TIPO ENCHUFABLE 3X60A 10kA",{"$nulls":5},"UN "]
[]
[null," MATERIALES"]
[null,"DESCRIPCION",null,"UN","CANT","DESP. %","VR. UNIT","VR. TOTAL"]
[null,"BREAKER ENCHUFABLE 3X60A",null,"UN",{"v":1,"d":"1.00"},{"v":0,"d":"0%"},{"v":89925,"d":"$ 89,925."},{"$f":"+G884*E884+(G884*F884)","v":{"v":89925,"d":"89,925 $"}}]
[{"$nulls":6},"SUBTOTAL MATERIALES",{"$f":"SUM(H884:H884)","v":{"v":89925,"d":"89,925"}}]
[null,"MANO DE OBRA"]
[null,"DESCRIPCIÓN",null,"UN","CANT",null,"VR. UNIT","VR. TOTAL"]
[null,"INGENIERO ELECTRICO",null,"DIA",{"$f":"0.05/8","v":{"v":0.00625,"d":"0.01"}},null,{"$f":"2900000/30","v":{"v":96666.66666666667,"d":"$ 96,667"}},{"$f":"+G888*E888","v":{"v":604.1666666666667,"d":"604 $"}}]
[null,"INSPECTOR SISO",null,"DIA",{"$f":"0.01/8","v":{"v":1.25E-3,"d":"0.00"}},null,{"$f":"1900000/30","v":{"v":63333.333333333336,"d":"$ 63,333"}},{"$f":"+G889*E889","v":{"v":79.16666666666667,"d":"79 $"}}]
[null,"OFICIAL",null,"DIA",{"$f":"0.5/8","v":{"v":0.0625,"d":"0.06"}},null,{"$f":"1600000/30","v":{"v":53333.333333333336,"d":"$ 53,333"}},{"$f":"+G890*E890","v":{"v":3333.3333333333335,"d":"3,333 $"}}]
[null,"AYUDANTE",null,"DIA",{"$f":"0.5/8","v":{"v":0.0625,"d":"0.06"}},null,{"$f":"1200000/30","v":{"v":40000,"d":"$ 40,000"}},{"$f":"+G891*E891","v":{"v":2500,"d":"2,500 $"}}]
[{"$nulls":6},"SUBTOTAL MANO DE OBRA",{"$f":"SUM(H888:H891)","v":{"v":6516.666666666667,"d":"6,517"}}]
[null,"EQUIPO Y HERRAMIENTA"]
[null,"DESCRIPCIÓN",null,"UN","CANT","VALOR DIA","VR. UNIT","VR. TOTAL"]
[null,"HERRAMIENTA DE MANO",null,"UN",0.01,{"v":85000,"d":"$ 85,000.00"},{"v":85000,"d":"$ 85,000.00"},{"$f":"G895*E895","v":{"v":850,"d":"850 $"}}]
[null,"HERRAMIENTA ESPECIAL",null,"UN",0.01,{"v":170000,"d":"$ 170,000.00"},{"v":170000,"d":"$ 170,000.00"},{"$f":"G896*E896","v":{"v":1700,"d":"1,700 $"}}]
[]
[]
[{"$nulls":6},"SUBTOTAL EQUIPO Y HERRAMIENTA",{"$f":"SUM(H895:H898)","v":{"v":2550,"d":"2,550"}}]
[null,"TRANSPORTES"]
[null,"DESCRIPCIÓN",null,"UN","CANT","VALOR HORA","VR. UNIT","VR. TOTAL"]
[null,"TRANSPORTE MATERIAL",null,"UN",{"v":0.005,"d":"0.01"},{"v":180000,"d":"$ 180,000.00"},{"v":180000,"d":"$ 180,000.00"},{"$f":"G902*E902","v":{"v":900,"d":"900 $"}}]
[null,"TRANSPORTE PERSONAL",null,"UN",0.01,{"v":6000,"d":"$ 6,000.00"},{"v":6000,"d":"$ 6,000.00"},{"$f":"G903*E903","v":{"v":60,"d":"60 $"}}]
[]
[]
[{"$nulls":5},"SUBTOTAL TRANSPORTES",null,{"$f":"SUM(H902:H905)","v":960},{"$f":"H906+H899+H892","v":{"v":10026.666666666668,"d":"10,027"}}]
[null,"TOTAL COSTO DIRECTO",{"$nulls":5},{"$f":"H906+H899+H892+H885","v":{"v":99951.66666666667,"d":"99,952"}}]
[]
[null,"ADMINISTRACIÓN",null,null,"(Indicar su porcentaje)",null,{"v":0.08,"d":"8.00%"},{"$f":"+H907*G909","v":{"v":7996.133333333334,"d":"7,996"}}]
[null,"IMPREVISTOS",null,null,"(Indicar su porcentaje)",null,{"v":0.03,"d":"3.00%"},{"$f":"+H907*G910","v":{"v":2998.55,"d":"2,999"}}]
[null,"UTILIDAD",null,null,"(Indicar su porcentaje)",null,{"v":0.05,"d":"5.00%"},{"$f":"+H907*G911","v":{"v":4997.583333333334,"d":"4,998"}}]
[null,"PRECIO UNITARIO TOTAL",{"$nulls":5},{"$f":"+H911+H910+H909+H907","v":{"v":115943.93333333333,"d":"115,944"}}]
[]
[null,"Nombre de la Actividad",{"$nulls":5},"Unidad de Medida"]
[null,"GABINETE DE PISO DE ACUERDO A NORMA RITEL",{"$nulls":5},"UN "]
[]
[null," MATERIALES"]
[null,"DESCRIPCION",null,"UN","CANT","DESP. %","VR. UNIT","VR. TOTAL"]
[null,"GABINETE DE PISO 0.5X0.7X0.2",null,"UN",{"v":1,"d":"1.00"},{"v":0,"d":"0%"},{"v":206250,"d":"$ 206,250."},{"$f":"+G919*E919+(G919*F919)","v":{"v":206250,"d":"206,250 $"}}]
[{"$nulls":6},"SUBTOTAL MATERIALES",{"$f":"SUM(H919:H919)","v":{"v":206250,"d":"206,250"}}]
[null,"MANO DE OBRA"]
[null,"DESCRIPCIÓN",null,"UN","CANT",null,"VR. UNIT","VR. TOTAL"]
[null,"INGENIERO ELECTRICO",null,"DIA",{"$f":"0.01/8","v":{"v":1.25E-3,"d":"0.00"}},null,{"$f":"2900000/30","v":{"v":96666.66666666667,"d":"$ 96,667"}},{"$f":"+G923*E923","v":{"v":120.83333333333334,"d":"121 $"}}]
[null,"INSPECTOR SISO",null,"DIA",{"$f":"0.01/8","v":{"v":1.25E-3,"d":"0.00"}},null,{"$f":"1900000/30","v":{"v":63333.333333333336,"d":"$ 63,333"}},{"$f":"+G924*E924","v":{"v":79.16666666666667,"d":"79 $"}}]
[null,"OFICIAL",null,"DIA",{"$f":"1.2/8","v":0.15},null,{"$f":"1600000/30","v":{"v":53333.333333333336,"d":"$ 53,333"}},{"$f":"+G925*E925","v":{"v":8000,"d":"8,000 $"}}]
[null,"AYUDANTE",null,"DIA",{"$f":"1.2/8","v":0.15},null,{"$f":"1200000/30","v":{"v":40000,"d":"$ 40,000"}},{"$f":"+G926*E926","v":{"v":6000,"d":"6,000 $"}}]
[{"$nulls":6},"SUBTOTAL MANO DE OBRA",{"$f":"SUM(H923:H926)","v":{"v":14200,"d":"14,200"}}]
[null,"EQUIPO Y HERRAMIENTA"]
[null,"DESCRIPCIÓN",null,"UN","CANT","VALOR DIA","VR. UNIT","VR. TOTAL"]
[null,"HERRAMIENTA DE MANO",null,"UN",{"v":0.005,"d":"0.01"},{"v":85000,"d":"$ 85,000.00"},{"v":85000,"d":"$ 85,000.00"},{"$f":"G930*E930","v":{"v":425,"d":"425 $"}}]
[null,"HERRAMIENTA ESPECIAL",null,"UN",{"v":0.005,"d":"0.01"},{"v":170000,"d":"$ 170,000.00"},{"v":250000,"d":"$ 250,000.00"},{"$f":"G931*E931","v":{"v":1250,"d":"1,250 $"}}]
[]
[]
[{"$nulls":6},"SUBTOTAL EQUIPO Y HERRAMIENTA",{"$f":"SUM(H930:H933)","v":{"v":1675,"d":"1,675"}}]
[null,"TRANSPORTES"]
[null,"DESCRIPCIÓN",null,"UN","CANT","VALOR HORA","VR. UNIT","VR. TOTAL"]
[null,"TRANSPORTE MATERIAL",null,"UN",{"v":0.005,"d":"0.01"},{"v":180000,"d":"$ 180,000.00"},{"v":180000,"d":"$ 180,000.00"},{"$f":"F937*E937","v":{"v":900,"d":"900 $"}}]
[null,"TRANSPORTE PERSONAL",null,"UN",{"v":0.005,"d":"0.01"},{"v":6000,"d":"$ 6,000.00"},{"v":6000,"d":"$ 6,000.00"},{"$f":"F938*E938","v":{"v":30,"d":"30 $"}}]
[]
[]
[{"$nulls":5},"SUBTOTAL TRANSPORTES",null,{"$f":"SUM(H937:H940)","v":930},{"$f":"H941+H934+H927","v":{"v":16805,"d":"16,805"}}]
[null,"TOTAL COSTO DIRECTO",{"$nulls":5},{"$f":"H941+H934+H927+H920","v":{"v":223055,"d":"223,055"}}]
[]
[null,"ADMINISTRACIÓN",null,null,"(Indicar su porcentaje)",null,{"v":0.08,"d":"8.00%"},{"$f":"H942*G944","v":{"v":17844.4,"d":"17,844"}}]
[null,"IMPREVISTOS",null,null,"(Indicar su porcentaje)",null,{"v":0.03,"d":"3.00%"},{"$f":"H942*G945","v":{"v":6691.65,"d":"6,692"}}]
[null,"UTILIDAD",null,null,"(Indicar su porcentaje)",null,{"v":0.05,"d":"5.00%"},{"$f":"H942*G946","v":{"v":11152.75,"d":"11,153"}}]
[null,"PRECIO UNITARIO TOTAL",{"$nulls":5},{"$f":"+H946+H945+H944+H942","v":{"v":258743.8,"d":"258,744"}}]
[]
[null,"Nombre de la Actividad",{"$nulls":5},"Unidad de Medida"]
[null,"CANALIZACION DISPERSION 2D3/4\" PVC ",{"$nulls":5},"UN "]
[]
[null," MATERIALES"]
[null,"DESCRIPCION",null,"UN","CANT","DESP. %","VR. UNIT","VR. TOTAL"]
[null,"TUBERIA PVC TIPO A 3/4\" ",null,"ML",{"v":2,"d":"2.00"},{"v":0.05,"d":"5%"},{"v":2475,"d":"$ 2,475."},{"$f":"+G954*E954+(G954*F954)","v":{"v":5073.75,"d":"5,074 $"}}]
[null,"TERMINAL PVC 3/4\"",null,"UN",{"v":0.2,"d":"0.20"},{"v":0,"d":"0%"},{"v":907.5,"d":"$ 908."},{"$f":"+G955*E955+(G955*F955)","v":{"v":181.5,"d":"182 $"}}]
[null,"CABLE GUIA ",null,"ML",{"v":2,"d":"2.00"},{"v":0.05,"d":"5%"},{"v":495,"d":"$ 495."},{"$f":"+G956*E956+(G956*F956)","v":{"v":1014.75,"d":"1,015 $"}}]
[{"$nulls":6},"SUBTOTAL MATERIALES",{"$f":"SUM(H954:H956)","v":{"v":6270,"d":"6,270"}}]
[null,"MANO DE OBRA"]
[null,"DESCRIPCIÓN",null,"UN","CANT",null,"VR. UNIT","VR. TOTAL"]
[null,"INGENIERO ELECTRICO",null,"DIA",{"$f":"0.005/8","v":{"v":0.000625,"d":"0.00"}},null,{"$f":"2900000/30","v":{"v":96666.66666666667,"d":"$ 96,667"}},{"$f":"+G960*E960","v":{"v":60.41666666666667,"d":"60 $"}}]
[null,"INSPECTOR SISO",null,"DIA",{"$f":"0.025/8","v":{"v":0.003125,"d":"0.00"}},null,{"$f":"1900000/30","v":{"v":63333.333333333336,"d":"$ 63,333"}},{"$f":"+G961*E961","v":{"v":197.91666666666669,"d":"198 $"}}]
[null,"OFICIAL",null,"DIA",{"$f":"0.05/8","v":{"v":0.00625,"d":"0.01"}},null,{"$f":"1600000/30","v":{"v":53333.333333333336,"d":"$ 53,333"}},{"$f":"+G962*E962","v":{"v":333.33333333333337,"d":"333 $"}}]
[null,"AYUDANTE",null,"DIA",{"$f":"0.05/8","v":{"v":0.00625,"d":"0.01"}},null,{"$f":"1200000/30","v":{"v":40000,"d":"$ 40,000"}},{"$f":"+G963*E963","v":{"v":250,"d":"250 $"}}]
[{"$nulls":6},"SUBTOTAL MANO DE OBRA",{"$f":"SUM(H960:H963)","v":{"v":841.6666666666667,"d":"842"}}]
[null,"EQUIPO Y HERRAMIENTA"]
[null,"DESCRIPCIÓN",null,"UN","CANT","VALOR DIA","VR. UNIT","VR. TOTAL"]
[null,"HERRAMIENTA DE MANO",null,"UN",{"v":0.005,"d":"0.01"},{"v":85000,"d":"$ 85,000.00"},{"v":85000,"d":"$ 85,000.00"},{"$f":"G967*E967","v":{"v":425,"d":"425 $"}}]
[null,"HERRAMIENTA ESPECIAL",null,"UN",{"v":0.005,"d":"0.01"},{"v":170000,"d":"$ 170,000.00"},{"v":170000,"d":"$ 170,000.00"},{"$f":"G968*E968","v":{"v":850,"d":"850 $"}}]
[]
[]
[{"$nulls":6},"SUBTOTAL EQUIPO Y HERRAMIENTA",{"$f":"SUM(H967:H970)","v":{"v":1275,"d":"1,275"}}]
[null,"TRANSPORTES"]
[null,"DESCRIPCIÓN",null,"UN","CANT","VALOR HORA","VR. UNIT","VR. TOTAL"]
[null,"TRANSPORTE MATERIAL",null,"UN",{"v":0.005,"d":"0.01"},{"v":180000,"d":"$ 180,000.00"},{"v":180000,"d":"$ 180,000.00"},{"$f":"G974*E974","v":{"v":900,"d":"900 $"}}]
[null,"TRANSPORTE PERSONAL",null,"UN",{"v":0.005,"d":"0.01"},{"v":6000,"d":"$ 6,000.00"},{"v":6000,"d":"$ 6,000.00"},{"$f":"G975*E975","v":{"v":30,"d":"30 $"}}]
[]
[]
[{"$nulls":5},"SUBTOTAL TRANSPORTES",null,{"$f":"SUM(H974:H977)","v":930},{"$f":"H978+H971+H964","v":{"v":3046.666666666667,"d":"3,047"}}]
[null,"TOTAL COSTO DIRECTO",{"$nulls":5},{"$f":"H978+H971+H964+H957","v":{"v":9316.666666666668,"d":"9,317"}}]
[]
[null,"ADMINISTRACIÓN",null,null,"(Indicar su porcentaje)",null,{"v":0.08,"d":"8.00%"},{"$f":"G981*H979","v":{"v":745.3333333333335,"d":"745"}}]
[null,"IMPREVISTOS",null,null,"(Indicar su porcentaje)",null,{"v":0.03,"d":"3.00%"},{"$f":"H979*G982","v":{"v":279.5,"d":"280"}}]
[null,"UTILIDAD",null,null,"(Indicar su porcentaje)",null,{"v":0.05,"d":"5.00%"},{"$f":"G983*H979","v":{"v":465.8333333333334,"d":"466"}}]
[null,"PRECIO UNITARIO TOTAL",{"$nulls":5},{"$f":"+H983+H982+H981+H979","v":{"v":10807.333333333336,"d":"10,807"}}]
[null,"Nombre de la Actividad",{"$nulls":5},"Unidad de Medida"]
[null,"CANALIZACION DISTRIBUCION 3D2\" PVC",{"$nulls":5},"UN "]
[]
[null," MATERIALES"]
[null,"DESCRIPCION",null,"UN","CANT","DESP. %","VR. UNIT","VR. TOTAL"]
[null,"TUBERIA PVC TIPO A 2\" ",null,"ML",{"v":3,"d":"3.00"},{"v":0.05,"d":"5%"},{"v":7095,"d":"$ 7,095."},{"$f":"+G990*E990+(G990*F990)","v":{"v":21639.75,"d":"21,640 $"}}]
[null,"TERMINAL PVC 2\"",null,"UN",{"v":0.3,"d":"0.30"},{"v":0,"d":"0%"},{"v":6270,"d":"$ 6,270."},{"$f":"+G991*E991+(G991*F991)","v":{"v":1881,"d":"1,881 $"}}]
[null,"CABLE GUIA ",null,"ML",{"v":2,"d":"2.00"},{"v":0.05,"d":"5%"},{"v":495,"d":"$ 495."},{"$f":"+G992*E992+(G992*F992)","v":{"v":1014.75,"d":"1,015 $"}}]
[{"$nulls":6},"SUBTOTAL MATERIALES",{"$f":"SUM(H990:H992)","v":{"v":24535.5,"d":"24,536"}}]
[null,"MANO DE OBRA"]
[null,"DESCRIPCIÓN",null,"UN","CANT",null,"VR. UNIT","VR. TOTAL"]
[null,"INGENIERO ELECTRICO",null,"DIA",{"$f":"0.005/8","v":{"v":0.000625,"d":"0.00"}},null,{"$f":"2900000/30","v":{"v":96666.66666666667,"d":"$ 96,667"}},{"$f":"+G996*E996","v":{"v":60.41666666666667,"d":"60 $"}}]
[null,"INSPECTOR SISO",null,"DIA",{"$f":"0.025/8","v":{"v":0.003125,"d":"0.00"}},null,{"$f":"1900000/30","v":{"v":63333.333333333336,"d":"$ 63,333"}},{"$f":"+G997*E997","v":{"v":197.91666666666669,"d":"198 $"}}]
[null,"OFICIAL",null,"DIA",{"$f":"0.15/8","v":{"v":0.01875,"d":"0.02"}},null,{"$f":"1600000/30","v":{"v":53333.333333333336,"d":"$ 53,333"}},{"$f":"+G998*E998","v":{"v":1000,"d":"1,000 $"}}]
[null,"AYUDANTE",null,"DIA",{"$f":"0.15/8","v":{"v":0.01875,"d":"0.02"}},null,{"$f":"1200000/30","v":{"v":40000,"d":"$ 40,000"}},{"$f":"+G999*E999","v":{"v":750,"d":"750 $"}}]
[{"$nulls":6},"SUBTOTAL MANO DE OBRA",{"$f":"SUM(H996:H999)","v":{"v":2008.3333333333335,"d":"2,008"}}]
[null,"EQUIPO Y HERRAMIENTA"]
[null,"DESCRIPCIÓN",null,"UN","CANT","VALOR DIA","VR. UNIT","VR. TOTAL"]
[null,"HERRAMIENTA DE MANO",null,"UN",{"v":0.005,"d":"0.01"},{"v":85000,"d":"$ 85,000.00"},{"v":85000,"d":"$ 85,000.00"},{"$f":"G1003*E1003","v":{"v":425,"d":"425 $"}}]
[null,"HERRAMIENTA ESPECIAL",null,"UN",{"v":0.005,"d":"0.01"},{"v":170000,"d":"$ 170,000.00"},{"v":170000,"d":"$ 170,000.00"},{"$f":"G1004*E1004","v":{"v":850,"d":"850 $"}}]
[]
[]
[{"$nulls":6},"SUBTOTAL EQUIPO Y HERRAMIENTA",{"$f":"SUM(H1003:H1006)","v":{"v":1275,"d":"1,275"}}]
[null,"TRANSPORTES"]
[null,"DESCRIPCIÓN",null,"UN","CANT","VALOR HORA","VR. UNIT","VR. TOTAL"]
[null,"TRANSPORTE MATERIAL",null,"UN",{"v":0.005,"d":"0.01"},{"v":180000,"d":"$ 180,000.00"},{"v":180000,"d":"$ 180,000.00"},{"$f":"G1010*E1010","v":{"v":900,"d":"900 $"}}]
[null,"TRANSPORTE PERSONAL",null,"UN",{"v":0.005,"d":"0.01"},{"v":6000,"d":"$ 6,000.00"},{"v":6000,"d":"$ 6,000.00"},{"$f":"G1011*E1011","v":{"v":30,"d":"30 $"}}]
[]
[]
[{"$nulls":5},"SUBTOTAL TRANSPORTES",null,{"$f":"SUM(H1010:H1013)","v":930},{"$f":"H1014+H1007+H1000","v":{"v":4213.333333333334,"d":"4,213"}}]
[null,"TOTAL COSTO DIRECTO",{"$nulls":5},{"$f":"H1014+H1007+H1000+H993","v":{"v":28748.833333333336,"d":"28,749"}}]
[]
[null,"ADMINISTRACIÓN",null,null,"(Indicar su porcentaje)",null,{"v":0.08,"d":"8.00%"},{"$f":"G1017*H1015","v":{"v":2299.9066666666668,"d":"2,300"}}]
[null,"IMPREVISTOS",null,null,"(Indicar su porcentaje)",null,{"v":0.03,"d":"3.00%"},{"$f":"H1015*G1018","v":{"v":862.465,"d":"862"}}]
[null,"UTILIDAD",null,null,"(Indicar su porcentaje)",null,{"v":0.05,"d":"5.00%"},{"$f":"G1019*H1015","v":{"v":1437.4416666666668,"d":"1,437"}}]
[null,"PRECIO UNITARIO TOTAL",{"$nulls":5},{"$f":"+H1019+H1018+H1017+H1015","v":{"v":33348.64666666667,"d":"33,349"}}]
[]
[null,"Nombre de la Actividad",{"$nulls":5},"Unidad de Medida"]
[null,"CANALIZACION DISTRIBUCION 2D2\" PVC",{"$nulls":5},"UN "]
[]
[null," MATERIALES"]
[null,"DESCRIPCION",null,"UN","CANT","DESP. %","VR. UNIT","VR. TOTAL"]
[null,"TUBERIA PVC TIPO A 2\" ",null,"ML",{"v":2,"d":"2.00"},{"v":0.05,"d":"5%"},{"v":7095,"d":"$ 7,095."},{"$f":"+G1027*E1027+(G1027*F1027)","v":{"v":14544.75,"d":"14,545 $"}}]
[null,"TERMINAL PVC 2\"",null,"UN",{"v":0.2,"d":"0.20"},{"v":0,"d":"0%"},{"v":6270,"d":"$ 6,270."},{"$f":"+G1028*E1028+(G1028*F1028)","v":{"v":1254,"d":"1,254 $"}}]
[null,"CABLE GUIA ",null,"ML",{"v":2,"d":"2.00"},{"v":0.05,"d":"5%"},{"v":495,"d":"$ 495."},{"$f":"+G1029*E1029+(G1029*F1029)","v":{"v":1014.75,"d":"1,015 $"}}]
[{"$nulls":6},"SUBTOTAL MATERIALES",{"$f":"SUM(H1027:H1029)","v":{"v":16813.5,"d":"16,814"}}]
[null,"MANO DE OBRA"]
[null,"DESCRIPCIÓN",null,"UN","CANT",null,"VR. UNIT","VR. TOTAL"]
[null,"INGENIERO ELECTRICO",null,"DIA",{"$f":"0.005/8","v":{"v":0.000625,"d":"0.00"}},null,{"$f":"2900000/30","v":{"v":96666.66666666667,"d":"$ 96,667"}},{"$f":"+G1033*E1033","v":{"v":60.41666666666667,"d":"60 $"}}]
[null,"INSPECTOR SISO",null,"DIA",{"$f":"0.025/8","v":{"v":0.003125,"d":"0.00"}},null,{"$f":"1900000/30","v":{"v":63333.333333333336,"d":"$ 63,333"}},{"$f":"+G1034*E1034","v":{"v":197.91666666666669,"d":"198 $"}}]
[null,"OFICIAL",null,"DIA",{"$f":"0.15/8","v":{"v":0.01875,"d":"0.02"}},null,{"$f":"1600000/30","v":{"v":53333.333333333336,"d":"$ 53,333"}},{"$f":"+G1035*E1035","v":{"v":1000,"d":"1,000 $"}}]
[null,"AYUDANTE",null,"DIA",{"$f":"0.15/8","v":{"v":0.01875,"d":"0.02"}},null,{"$f":"1200000/30","v":{"v":40000,"d":"$ 40,000"}},{"$f":"+G1036*E1036","v":{"v":750,"d":"750 $"}}]
[{"$nulls":6},"SUBTOTAL MANO DE OBRA",{"$f":"SUM(H1033:H1036)","v":{"v":2008.3333333333335,"d":"2,008"}}]
[null,"EQUIPO Y HERRAMIENTA"]
[null,"DESCRIPCIÓN",null,"UN","CANT","VALOR DIA","VR. UNIT","VR. TOTAL"]
[null,"HERRAMIENTA DE MANO",null,"UN",{"v":0.005,"d":"0.01"},{"v":85000,"d":"$ 85,000.00"},{"v":85000,"d":"$ 85,000.00"},{"$f":"G1040*E1040","v":{"v":425,"d":"425 $"}}]
[null,"HERRAMIENTA ESPECIAL",null,"UN",{"v":0.005,"d":"0.01"},{"v":170000,"d":"$ 170,000.00"},{"v":170000,"d":"$ 170,000.00"},{"$f":"G1041*E1041","v":{"v":850,"d":"850 $"}}]
[]
[]
[{"$nulls":6},"SUBTOTAL EQUIPO Y HERRAMIENTA",{"$f":"SUM(H1040:H1043)","v":{"v":1275,"d":"1,275"}}]
[null,"TRANSPORTES"]
[null,"DESCRIPCIÓN",null,"UN","CANT","VALOR HORA","VR. UNIT","VR. TOTAL"]
[null,"TRANSPORTE MATERIAL",null,"UN",{"v":0.005,"d":"0.01"},{"v":180000,"d":"$ 180,000.00"},{"v":180000,"d":"$ 180,000.00"},{"$f":"G1047*E1047","v":{"v":900,"d":"900 $"}}]
[null,"TRANSPORTE PERSONAL",null,"UN",{"v":0.005,"d":"0.01"},{"v":6000,"d":"$ 6,000.00"},{"v":6000,"d":"$ 6,000.00"},{"$f":"G1048*E1048","v":{"v":30,"d":"30 $"}}]
[]
[]
[{"$nulls":5},"SUBTOTAL TRANSPORTES",null,{"$f":"SUM(H1047:H1050)","v":930},{"$f":"H1051+H1044+H1037","v":{"v":4213.333333333334,"d":"4,213"}}]
[null,"TOTAL COSTO DIRECTO",{"$nulls":5},{"$f":"H1051+H1044+H1037+H1030","v":{"v":21026.833333333336,"d":"21,027"}}]
[]
[null,"ADMINISTRACIÓN",null,null,"(Indicar su porcentaje)",null,{"v":0.08,"d":"8.00%"},{"$f":"G1054*H1052","v":{"v":1682.146666666667,"d":"1,682"}}]
[null,"IMPREVISTOS",null,null,"(Indicar su porcentaje)",null,{"v":0.03,"d":"3.00%"},{"$f":"H1052*G1055","v":{"v":630.8050000000001,"d":"631"}}]
[null,"UTILIDAD",null,null,"(Indicar su porcentaje)",null,{"v":0.05,"d":"5.00%"},{"$f":"G1056*H1052","v":{"v":1051.341666666667,"d":"1,051"}}]
[null,"PRECIO UNITARIO TOTAL",{"$nulls":5},{"$f":"+H1056+H1055+H1054+H1052","v":{"v":24391.12666666667,"d":"24,391"}}]
[]
[null,"Nombre de la Actividad",{"$nulls":5},"Unidad de Medida"]
[null,"CANALIZACION ENLACE SUPERIOR EN 2D 1 1/2\" IMC- INCLUYE CAPACETE",{"$nulls":5},"UN "]
[]
[null," MATERIALES"]
[null,"DESCRIPCION",null,"UN","CANT","DESP. %","VR. UNIT","VR. TOTAL"]
[null,"TUBERIA IMC 1 1/2\" ",null,"ML",{"v":2,"d":"2.00"},{"v":0.05,"d":"5%"},{"v":51150,"d":"$ 51,150."},{"$f":"+G1064*E1064+(G1064*F1064)","v":{"v":104857.5,"d":"104,858 $"}}]
[null,"CAPACETE IMC 1 1/2\" ",null,"UN",{"v":0.7,"d":"0.70"},{"v":0.05,"d":"5%"},{"v":3135,"d":"$ 3,135."},{"$f":"+G1065*E1065+(G1065*F1065)","v":{"v":2351.25,"d":"2,351 $"}}]
[null,"TERMINAL IMC 2\"",null,"UN",{"v":0.5,"d":"0.50"},{"v":0,"d":"0%"},{"v":9240,"d":"$ 9,240."},{"$f":"+G1066*E1066+(G1066*F1066)","v":{"v":4620,"d":"4,620 $"}}]
[null,"UNION IMC 2\"",null,"UN",{"v":0.5,"d":"0.50"},{"v":0,"d":"0%"},{"v":5857.5,"d":"$ 5,858."},{"$f":"+G1067*E1067+(G1067*F1067)","v":{"v":2928.75,"d":"2,929 $"}}]
[null,"CABLE GUIA ",null,"ML",{"v":2,"d":"2.00"},{"v":0.05,"d":"5%"},{"v":495,"d":"$ 495."},{"$f":"+G1068*E1068+(G1068*F1068)","v":{"v":1014.75,"d":"1,015 $"}}]
[{"$nulls":6},"SUBTOTAL MATERIALES",{"$f":"SUM(H1064:H1068)","v":{"v":115772.25,"d":"115,772"}}]
[null,"MANO DE OBRA"]
[null,"DESCRIPCIÓN",null,"UN","CANT",null,"VR. UNIT","VR. TOTAL"]
[null,"INGENIERO ELECTRICO",null,"DIA",{"$f":"0.005/8","v":{"v":0.000625,"d":"0.00"}},null,{"$f":"2900000/30","v":{"v":96666.66666666667,"d":"$ 96,667"}},{"$f":"+G1072*E1072","v":{"v":60.41666666666667,"d":"60 $"}}]
[null,"INSPECTOR SISO",null,"DIA",{"$f":"0.025/8","v":{"v":0.003125,"d":"0.00"}},null,{"$f":"1900000/30","v":{"v":63333.333333333336,"d":"$ 63,333"}},{"$f":"+G1073*E1073","v":{"v":197.91666666666669,"d":"198 $"}}]
[null,"OFICIAL",null,"DIA",{"$f":"2/8","v":0.25},null,{"$f":"1600000/30","v":{"v":53333.333333333336,"d":"$ 53,333"}},{"$f":"+G1074*E1074","v":{"v":13333.333333333334,"d":"13,333 $"}}]
[null,"AYUDANTE",null,"DIA",{"$f":"2/8","v":0.25},null,{"$f":"1200000/30","v":{"v":40000,"d":"$ 40,000"}},{"$f":"+G1075*E1075","v":{"v":10000,"d":"10,000 $"}}]
[{"$nulls":6},"SUBTOTAL MANO DE OBRA",{"$f":"SUM(H1072:H1075)","v":{"v":23591.666666666668,"d":"23,592"}}]
[null,"EQUIPO Y HERRAMIENTA"]
[null,"DESCRIPCIÓN",null,"UN","CANT","VALOR DIA","VR. UNIT","VR. TOTAL"]
[null,"HERRAMIENTA DE MANO",null,"UN",{"v":0.025,"d":"0.03"},{"v":85000,"d":"$ 85,000.00"},{"v":85000,"d":"$ 85,000.00"},{"$f":"G1079*E1079","v":{"v":2125,"d":"2,125 $"}}]
[null,"HERRAMIENTA ESPECIAL",null,"UN",{"v":0.025,"d":"0.03"},{"v":170000,"d":"$ 170,000.00"},{"v":170000,"d":"$ 170,000.00"},{"$f":"G1080*E1080","v":{"v":4250,"d":"4,250 $"}}]
[]
[]
[{"$nulls":6},"SUBTOTAL EQUIPO Y HERRAMIENTA",{"$f":"SUM(H1079:H1082)","v":{"v":6375,"d":"6,375"}}]
[null,"TRANSPORTES"]
[null,"DESCRIPCIÓN",null,"UN","CANT","VALOR HORA","VR. UNIT","VR. TOTAL"]
[null,"TRANSPORTE MATERIAL",null,"UN",{"v":0.025,"d":"0.03"},{"v":180000,"d":"$ 180,000.00"},{"v":180000,"d":"$ 180,000.00"},{"$f":"G1086*E1086","v":{"v":4500,"d":"4,500 $"}}]
[null,"TRANSPORTE PERSONAL",null,"UN",{"v":0.025,"d":"0.03"},{"v":6000,"d":"$ 6,000.00"},{"v":6000,"d":"$ 6,000.00"},{"$f":"G1087*E1087","v":{"v":150,"d":"150 $"}}]
[]
[]
[{"$nulls":5},"SUBTOTAL TRANSPORTES",null,{"$f":"SUM(H1086:H1089)","v":{"v":4650,"d":"4,650"}},{"$f":"H1090+H1083+H1076","v":{"v":34616.66666666667,"d":"34,617"}}]
[null,"TOTAL COSTO DIRECTO",{"$nulls":5},{"$f":"H1090+H1083+H1076+H1069","v":{"v":150388.9166666667,"d":"150,389"}}]
[]
[null,"ADMINISTRACIÓN",null,null,"(Indicar su porcentaje)",null,{"v":0.08,"d":"8.00%"},{"$f":"G1093*H1091","v":{"v":12031.113333333335,"d":"12,031"}}]
[null,"IMPREVISTOS",null,null,"(Indicar su porcentaje)",null,{"v":0.03,"d":"3.00%"},{"$f":"H1091*G1094","v":{"v":4511.6675000000005,"d":"4,512"}}]
[null,"UTILIDAD",null,null,"(Indicar su porcentaje)",null,{"v":0.05,"d":"5.00%"},{"$f":"G1095*H1091","v":{"v":7519.445833333335,"d":"7,519"}}]
[null,"PRECIO UNITARIO TOTAL",{"$nulls":5},{"$f":"+H1095+H1094+H1093+H1091","v":{"v":174451.14333333337,"d":"174,451"}}]
[]
[null,"Nombre de la Actividad",{"$nulls":5},"Unidad de Medida"]
[null,"CANALIZACION DE ENLACE INFERIOR EN 2D3\" EMT",{"$nulls":5},"UN "]
[]
[null," MATERIALES"]
[null,"DESCRIPCION",null,"UN","CANT","DESP. %","VR. UNIT","VR. TOTAL"]
[null,"TUBERIA EMT 3\" ",null,"ML",{"v":2,"d":"2.00"},{"v":0.05,"d":"5%"},{"v":75900,"d":"$ 75,900."},{"$f":"+G1103*E1103+(G1103*F1103)","v":{"v":155595,"d":"155,595 $"}}]
[null,"TERMINAL EMT 3\" ",null,"UN",{"v":0.3,"d":"0.30"},{"v":0,"d":"0%"},{"v":7425,"d":"$ 7,425."},{"v":2227.5,"d":"2,228 $"}]
[null,"UNION EMT 3\" ",null,"UN",{"v":0.3,"d":"0.30"},{"v":0.05,"d":"5%"},{"v":15015,"d":"$ 15,015."},{"v":5255.25,"d":"5,255 $"}]
[null,"RIEL CHANEL 3M",null,"ML",{"v":0.1,"d":"0.10"},{"v":0.01,"d":"1%"},{"v":15345,"d":"$ 15,345."},{"v":1687.95,"d":"1,688 $"}]
[null,"VARILLA ROSCADA 1/4\"",null,"ML",{"v":0.1,"d":"0.10"},{"v":0.01,"d":"1%"},{"v":2062.5,"d":"$ 2,063."},{"v":226.875,"d":"227 $"}]
[null,"CABLE GUIA",null,"ML",{"v":2,"d":"2.00"},{"v":0.05,"d":"5%"},{"v":495,"d":"$ 495."},{"v":1014.75,"d":"1,015 $"}]
[{"$nulls":6},"SUBTOTAL MATERIALES",{"$f":"SUM(H1103:H1108)","v":{"v":166007.325,"d":"166,007"}}]
[null,"MANO DE OBRA"]
[null,"DESCRIPCIÓN",null,"UN","CANT",null,"VR. UNIT","VR. TOTAL"]
[null,"INGENIERO ELECTRICO",null,"DIA",{"$f":"0.01/8","v":{"v":1.25E-3,"d":"0.00"}},null,{"$f":"2900000/30","v":{"v":96666.66666666667,"d":"$ 96,667"}},{"$f":"+G1112*E1112","v":{"v":120.83333333333334,"d":"121 $"}}]
[null,"INSPECTOR SISO",null,"DIA",{"$f":"0.01/8","v":{"v":1.25E-3,"d":"0.00"}},null,{"$f":"1900000/30","v":{"v":63333.333333333336,"d":"$ 63,333"}},{"$f":"+G1113*E1113","v":{"v":79.16666666666667,"d":"79 $"}}]
[null,"OFICIAL",null,"DIA",{"$f":"2/8","v":0.25},null,{"$f":"1600000/30","v":{"v":53333.333333333336,"d":"$ 53,333"}},{"$f":"+G1114*E1114","v":{"v":13333.333333333334,"d":"13,333 $"}}]
[null,"AYUDANTE",null,"DIA",{"$f":"2/8","v":0.25},null,{"$f":"1200000/30","v":{"v":40000,"d":"$ 40,000"}},{"$f":"+G1115*E1115","v":{"v":10000,"d":"10,000 $"}}]
[{"$nulls":6},"SUBTOTAL MANO DE OBRA",{"$f":"SUM(H1112:H1115)","v":{"v":23533.333333333336,"d":"23,533"}}]
[null,"EQUIPO Y HERRAMIENTA"]
[null,"DESCRIPCIÓN",null,"UN","CANT","VALOR DIA","VR. UNIT","VR. TOTAL"]
[null,"HERRAMIENTA DE MANO",null,"UN",0.05,{"v":85000,"d":"$ 85,000.00"},{"v":85000,"d":"$ 85,000.00"},{"$f":"G1119*E1119","v":{"v":4250,"d":"4,250 $"}}]
[null,"HERRAMIENTA ESPECIAL",null,"UN",0.05,{"v":170000,"d":"$ 170,000.00"},{"v":250000,"d":"$ 250,000.00"},{"$f":"G1120*E1120","v":{"v":12500,"d":"12,500 $"}}]
[]
[]
[{"$nulls":6},"SUBTOTAL EQUIPO Y HERRAMIENTA",{"$f":"SUM(H1119:H1122)","v":{"v":16750,"d":"16,750"}}]
[null,"TRANSPORTES"]
[null,"DESCRIPCIÓN",null,"UN","CANT","VALOR HORA","VR. UNIT","VR. TOTAL"]
[null,"TRANSPORTE MATERIAL",null,"UN",{"v":0.005,"d":"0.01"},{"v":180000,"d":"$ 180,000.00"},{"v":180000,"d":"$ 180,000.00"},{"$f":"F1126*E1126","v":{"v":900,"d":"900 $"}}]
[null,"TRANSPORTE PERSONAL",null,"UN",{"v":0.005,"d":"0.01"},{"v":6000,"d":"$ 6,000.00"},{"v":6000,"d":"$ 6,000.00"},{"$f":"F1127*E1127","v":{"v":30,"d":"30 $"}}]
[]
[]
[{"$nulls":5},"SUBTOTAL TRANSPORTES",null,{"$f":"SUM(H1126:H1129)","v":930},{"$f":"H1130+H1123+H1116","v":{"v":41213.333333333336,"d":"41,213"}}]
[null,"TOTAL COSTO DIRECTO",{"$nulls":5},{"$f":"H1130+H1123+H1116+H1109","v":{"v":207220.65833333335,"d":"207,221"}}]
[]
[null,"ADMINISTRACIÓN",null,null,"(Indicar su porcentaje)",null,{"v":0.08,"d":"8.00%"},{"$f":"H1131*G1133","v":{"v":16577.65266666667,"d":"16,578"}}]
[null,"IMPREVISTOS",null,null,"(Indicar su porcentaje)",null,{"v":0.03,"d":"3.00%"},{"$f":"H1131*G1134","v":{"v":6216.619750000001,"d":"6,217"}}]
[null,"UTILIDAD",null,null,"(Indicar su porcentaje)",null,{"v":0.05,"d":"5.00%"},{"$f":"H1131*G1135","v":{"v":10361.032916666669,"d":"10,361"}}]
[null,"PRECIO UNITARIO TOTAL",{"$nulls":5},{"$f":"+H1135+H1134+H1133+H1131","v":{"v":240375.9636666667,"d":"240,376"}}]
[]
[null,"Nombre de la Actividad",{"$nulls":5},"Unidad de Medida"]
[null,"CAJA METALICA 80X80X30 INCLUYE ACCESORIOS DE INSTALACION",{"$nulls":5},"UN "]
[]
[null," MATERIALES"]
[null,"DESCRIPCION",null,"UN","CANT","DESP. %","VR. UNIT","VR. TOTAL"]
[null,"CAJA METALICA 50X50X20",null,"UN",{"v":1,"d":"1.00"},{"v":0,"d":"0%"},{"v":178200,"d":"$ 178,200."},{"$f":"+G1143*E1143+(G1143*F1143)","v":{"v":178200,"d":"178,200 $"}}]
[null,"VARILLA ROSCADA 1/4\"",null,"ML",{"v":1.6,"d":"1.60"},{"v":0.01,"d":"1%"},{"v":2062.5,"d":"$ 2,063."},{"$f":"+G1144*E1144+(G1144*F1144)","v":{"v":3320.625,"d":"3,321 $"}}]
[{"$nulls":6},"SUBTOTAL MATERIALES",{"$f":"SUM(H1143:H1144)","v":{"v":181520.625,"d":"181,521"}}]
[null,"MANO DE OBRA"]
[null,"DESCRIPCIÓN",null,"UN","CANT",null,"VR. UNIT","VR. TOTAL"]
[null,"INGENIERO ELECTRICO",null,"DIA",{"$f":"0.01/8","v":{"v":1.25E-3,"d":"0.00"}},null,{"$f":"2900000/30","v":{"v":96666.66666666667,"d":"$ 96,667"}},{"$f":"+G1148*E1148","v":{"v":120.83333333333334,"d":"121 $"}}]
[null,"INSPECTOR SISO",null,"DIA",{"$f":"0.01/8","v":{"v":1.25E-3,"d":"0.00"}},null,{"$f":"1900000/30","v":{"v":63333.333333333336,"d":"$ 63,333"}},{"$f":"+G1149*E1149","v":{"v":79.16666666666667,"d":"79 $"}}]
[null,"OFICIAL",null,"DIA",{"$f":"2/8","v":0.25},null,{"$f":"1600000/30","v":{"v":53333.333333333336,"d":"$ 53,333"}},{"$f":"+G1150*E1150","v":{"v":13333.333333333334,"d":"13,333 $"}}]
[null,"AYUDANTE",null,"DIA",{"$f":"2/8","v":0.25},null,{"$f":"1200000/30","v":{"v":40000,"d":"$ 40,000"}},{"$f":"+G1151*E1151","v":{"v":10000,"d":"10,000 $"}}]
[{"$nulls":6},"SUBTOTAL MANO DE OBRA",{"$f":"SUM(H1148:H1151)","v":{"v":23533.333333333336,"d":"23,533"}}]
[null,"EQUIPO Y HERRAMIENTA"]
[null,"DESCRIPCIÓN",null,"UN","CANT","VALOR DIA","VR. UNIT","VR. TOTAL"]
[null,"HERRAMIENTA DE MANO",null,"UN",0.05,{"v":85000,"d":"$ 85,000.00"},{"v":85000,"d":"$ 85,000.00"},{"$f":"G1155*E1155","v":{"v":4250,"d":"4,250 $"}}]
[null,"HERRAMIENTA ESPECIAL",null,"UN",0.05,{"v":170000,"d":"$ 170,000.00"},{"v":250000,"d":"$ 250,000.00"},{"$f":"G1156*E1156","v":{"v":12500,"d":"12,500 $"}}]
[]
[]
[{"$nulls":6},"SUBTOTAL EQUIPO Y HERRAMIENTA",{"$f":"SUM(H1155:H1158)","v":{"v":16750,"d":"16,750"}}]
[null,"TRANSPORTES"]
[null,"DESCRIPCIÓN",null,"UN","CANT","VALOR HORA","VR. UNIT","VR. TOTAL"]
[null,"TRANSPORTE MATERIAL",null,"UN",{"v":0.005,"d":"0.01"},{"v":180000,"d":"$ 180,000.00"},{"v":180000,"d":"$ 180,000.00"},{"$f":"F1162*E1162","v":{"v":900,"d":"900 $"}}]
[null,"TRANSPORTE PERSONAL",null,"UN",{"v":0.005,"d":"0.01"},{"v":6000,"d":"$ 6,000.00"},{"v":6000,"d":"$ 6,000.00"},{"$f":"F1163*E1163","v":{"v":30,"d":"30 $"}}]
[]
[]
[{"$nulls":5},"SUBTOTAL TRANSPORTES",null,{"$f":"SUM(H1162:H1165)","v":930},{"$f":"H1166+H1159+H1152","v":{"v":41213.333333333336,"d":"41,213"}}]
[null,"TOTAL COSTO DIRECTO",{"$nulls":5},{"$f":"H1166+H1159+H1152+H1145","v":{"v":222733.95833333334,"d":"222,734"}}]
[]
[null,"ADMINISTRACIÓN",null,null,"(Indicar su porcentaje)",null,{"v":0.08,"d":"8.00%"},{"$f":"H1167*G1169","v":{"v":17818.716666666667,"d":"17,819"}}]
[null,"IMPREVISTOS",null,null,"(Indicar su porcentaje)",null,{"v":0.03,"d":"3.00%"},{"$f":"H1167*G1170","v":{"v":6682.01875,"d":"6,682"}}]
[null,"UTILIDAD",null,null,"(Indicar su porcentaje)",null,{"v":0.05,"d":"5.00%"},{"$f":"H1167*G1171","v":{"v":11136.697916666668,"d":"11,137"}}]
[null,"PRECIO UNITARIO TOTAL",{"$nulls":5},{"$f":"+H1171+H1170+H1169+H1167","v":{"v":258371.39166666666,"d":"258,371"}}]
[]
[null,"Nombre de la Actividad",{"$nulls":5},"Unidad de Medida"]
[null,"CANALIZACION DE ENLACE INFERIOR EN 2D3\" PVC",{"$nulls":5},"UN "]
[]
[null," MATERIALES"]
[null,"DESCRIPCION",null,"UN","CANT","DESP. %","VR. UNIT","VR. TOTAL"]
[null,"TUBERIA PVC TIPO A 3\" ",null,"ML",{"v":2,"d":"2.00"},{"v":0.05,"d":"5%"},{"v":15510,"d":"$ 15,510."},{"$f":"+G1179*E1179+(G1179*F1179)","v":{"v":31795.5,"d":"31,796 $"}}]
[null,"TERMINAL PVC 3\"",null,"UN",{"v":0.4,"d":"0.40"},{"v":0,"d":"0%"},{"v":9900,"d":"$ 9,900."},{"$f":"+G1180*E1180+(G1180*F1180)","v":{"v":3960,"d":"3,960 $"}}]
[null,"CABLE GUIA ",null,"ML",{"v":2,"d":"2.00"},{"v":0.05,"d":"5%"},{"v":495,"d":"$ 495."},{"$f":"+G1181*E1181+(G1181*F1181)","v":{"v":1014.75,"d":"1,015 $"}}]
[{"$nulls":6},"SUBTOTAL MATERIALES",{"$f":"SUM(H1179:H1181)","v":{"v":36770.25,"d":"36,770"}}]
[null,"MANO DE OBRA"]
[null,"DESCRIPCIÓN",null,"UN","CANT",null,"VR. UNIT","VR. TOTAL"]
[null,"INGENIERO ELECTRICO",null,"DIA",{"$f":"0.005/8","v":{"v":0.000625,"d":"0.00"}},null,{"$f":"2900000/30","v":{"v":96666.66666666667,"d":"$ 96,667"}},{"$f":"+G1185*E1185","v":{"v":60.41666666666667,"d":"60 $"}}]
[null,"INSPECTOR SISO",null,"DIA",{"$f":"0.025/8","v":{"v":0.003125,"d":"0.00"}},null,{"$f":"1900000/30","v":{"v":63333.333333333336,"d":"$ 63,333"}},{"$f":"+G1186*E1186","v":{"v":197.91666666666669,"d":"198 $"}}]
[null,"OFICIAL",null,"DIA",{"$f":"1/8","v":{"v":0.125,"d":"0.13"}},null,{"$f":"1600000/30","v":{"v":53333.333333333336,"d":"$ 53,333"}},{"$f":"+G1187*E1187","v":{"v":6666.666666666667,"d":"6,667 $"}}]
[null,"AYUDANTE",null,"DIA",{"$f":"1/8","v":{"v":0.125,"d":"0.13"}},null,{"$f":"1200000/30","v":{"v":40000,"d":"$ 40,000"}},{"$f":"+G1188*E1188","v":{"v":5000,"d":"5,000 $"}}]
[{"$nulls":6},"SUBTOTAL MANO DE OBRA",{"$f":"SUM(H1185:H1188)","v":{"v":11925,"d":"11,925"}}]
[null,"EQUIPO Y HERRAMIENTA"]
[null,"DESCRIPCIÓN",null,"UN","CANT","VALOR DIA","VR. UNIT","VR. TOTAL"]
[null,"HERRAMIENTA DE MANO",null,"UN",{"v":0.005,"d":"0.01"},{"v":85000,"d":"$ 85,000.00"},{"v":85000,"d":"$ 85,000.00"},{"$f":"G1192*E1192","v":{"v":425,"d":"425 $"}}]
[null,"HERRAMIENTA ESPECIAL",null,"UN",{"v":0.005,"d":"0.01"},{"v":170000,"d":"$ 170,000.00"},{"v":170000,"d":"$ 170,000.00"},{"$f":"G1193*E1193","v":{"v":850,"d":"850 $"}}]
[]
[]
[{"$nulls":6},"SUBTOTAL EQUIPO Y HERRAMIENTA",{"$f":"SUM(H1192:H1195)","v":{"v":1275,"d":"1,275"}}]
[null,"TRANSPORTES"]
[null,"DESCRIPCIÓN",null,"UN","CANT","VALOR HORA","VR. UNIT","VR. TOTAL"]
[null,"TRANSPORTE MATERIAL",null,"UN",{"v":0.005,"d":"0.01"},{"v":180000,"d":"$ 180,000.00"},{"v":180000,"d":"$ 180,000.00"},{"$f":"G1199*E1199","v":{"v":900,"d":"900 $"}}]
[null,"TRANSPORTE PERSONAL",null,"UN",{"v":0.005,"d":"0.01"},{"v":6000,"d":"$ 6,000.00"},{"v":6000,"d":"$ 6,000.00"},{"$f":"G1200*E1200","v":{"v":30,"d":"30 $"}}]
[]
[]
[{"$nulls":5},"SUBTOTAL TRANSPORTES",null,{"$f":"SUM(H1199:H1202)","v":930},{"$f":"H1203+H1196+H1189","v":{"v":14130,"d":"14,130"}}]
[null,"TOTAL COSTO DIRECTO",{"$nulls":5},{"$f":"H1203+H1196+H1189+H1182","v":{"v":50900.25,"d":"50,900"}}]
[]
[null,"ADMINISTRACIÓN",null,null,"(Indicar su porcentaje)",null,{"v":0.08,"d":"8.00%"},{"$f":"G1206*H1204","v":{"v":4072.02,"d":"4,072"}}]
[null,"IMPREVISTOS",null,null,"(Indicar su porcentaje)",null,{"v":0.03,"d":"3.00%"},{"$f":"H1204*G1207","v":{"v":1527.0075,"d":"1,527"}}]
[null,"UTILIDAD",null,null,"(Indicar su porcentaje)",null,{"v":0.05,"d":"5.00%"},{"$f":"G1208*H1204","v":{"v":2545.0125000000003,"d":"2,545"}}]
[null,"PRECIO UNITARIO TOTAL",{"$nulls":5},{"$f":"+H1208+H1207+H1206+H1204","v":{"v":59044.29,"d":"59,044"}}]
[]
[null,"Nombre de la Actividad",{"$nulls":5},"Unidad de Medida"]
[null,"CAMARA DE ENTRADA 0.7X1.2X1.2 METROS DE ACUERDO A RITEL",{"$nulls":5},"UN "]
[]
[null," MATERIALES"]
[null,"DESCRIPCION",null,"UN","CANT","DESP. %","VR. UNIT","VR. TOTAL"]
[null,"TAPA Y MARCO CAMARA DE ENTRADA",null,"UN ",{"v":1,"d":"1.00"},{"v":0,"d":"0%"},{"v":470250,"d":"$ 470,250."},{"$f":"+G1216*E1216+(G1216*F1216)","v":{"v":470250,"d":"470,250 $"}}]
[null,"LADRILLO COMUN Y COCIDO",null,"UN",{"v":500,"d":"500.00"},{"v":0.01,"d":"1%"},{"v":676.5,"d":"$ 677."},{"v":338256.765,"d":"338,257 $"}]
[null,"CEMENTO",null,"BTO",{"v":3,"d":"3.00"},{"v":0.01,"d":"1%"},{"v":41250,"d":"$ 41,250."},{"v":124162.5,"d":"124,163 $"}]
[null," ARENA DE PEÑA",null,"M3",{"v":0.9,"d":"0.90"},{"v":0.01,"d":"1%"},{"v":57750,"d":"$ 57,750."},{"v":52552.5,"d":"52,553 $"}]
[null,"MIXTO",null,"M3",{"v":0.9,"d":"0.90"},{"v":0.01,"d":"1%"},{"v":115500,"d":"$ 115,500."},{"v":105105,"d":"105,105 $"}]
[null,"TABLA",null,"UN",{"v":2,"d":"2.00"},{"v":0.01,"d":"1%"},{"v":14850,"d":"$ 14,850."},{"v":29848.5,"d":"29,849 $"}]
[{"$nulls":6},"SUBTOTAL MATERIALES",{"$f":"SUM(H1216:H1221)","v":{"v":1120175.2650000001,"d":"1,120,175"}}]
[null,"MANO DE OBRA"]
[null,"DESCRIPCIÓN",null,"UN","CANT",null,"VR. UNIT","VR. TOTAL"]
[null,"INGENIERO ELECTRICO",null,"DIA",{"$f":"4/8","v":{"v":0.5,"d":"0.50"}},null,{"$f":"2900000/30","v":{"v":96666.66666666667,"d":"$ 96,667"}},{"$f":"+G1225*E1225","v":{"v":48333.333333333336,"d":"48,333 $"}}]
[null,"INSPECTOR SISO",null,"DIA",{"$f":"4/8","v":{"v":0.5,"d":"0.50"}},null,{"$f":"1900000/30","v":{"v":63333.333333333336,"d":"$ 63,333"}},{"$f":"+G1226*E1226","v":{"v":31666.666666666668,"d":"31,667 $"}}]
[null,"OFICIAL",null,"DIA",{"$f":"24/8","v":{"v":3,"d":"3.00"}},null,{"$f":"1600000/30","v":{"v":53333.333333333336,"d":"$ 53,333"}},{"$f":"+G1227*E1227","v":{"v":160000,"d":"160,000 $"}}]
[null,"AYUDANTE",null,"DIA",{"$f":"24/8","v":{"v":3,"d":"3.00"}},null,{"$f":"1200000/30","v":{"v":40000,"d":"$ 40,000"}},{"$f":"+G1228*E1228","v":{"v":120000,"d":"120,000 $"}}]
[{"$nulls":6},"SUBTOTAL MANO DE OBRA",{"$f":"SUM(H1225:H1228)","v":{"v":360000,"d":"360,000"}}]
[null,"EQUIPO Y HERRAMIENTA"]
[null,"DESCRIPCIÓN",null,"UN","CANT","VALOR DIA","VR. UNIT","VR. TOTAL"]
[null,"HERRAMIENTA DE MANO",null,"UN",0.25,{"v":85000,"d":"$ 85,000.00"},{"v":85000,"d":"$ 85,000.00"},{"$f":"G1232*E1232","v":{"v":21250,"d":"21,250 $"}}]
[null,"HERRAMIENTA ESPECIAL",null,"UN",0.25,{"v":170000,"d":"$ 170,000.00"},{"v":170000,"d":"$ 170,000.00"},{"$f":"G1233*E1233","v":{"v":42500,"d":"42,500 $"}}]
[]
[]
[{"$nulls":6},"SUBTOTAL EQUIPO Y HERRAMIENTA",{"$f":"SUM(H1232:H1235)","v":{"v":63750,"d":"63,750"}}]
[null,"TRANSPORTES"]
[null,"DESCRIPCIÓN",null,"UN","CANT","VALOR HORA","VR. UNIT","VR. TOTAL"]
[null,"TRANSPORTE MATERIAL",null,"UN",0.25,{"v":180000,"d":"$ 180,000.00"},{"v":180000,"d":"$ 180,000.00"},{"$f":"G1239*E1239","v":{"v":45000,"d":"45,000 $"}}]
[null,"TRANSPORTE PERSONAL",null,"UN",0.25,{"v":6000,"d":"$ 6,000.00"},{"v":6000,"d":"$ 6,000.00"},{"$f":"G1240*E1240","v":{"v":1500,"d":"1,500 $"}}]
[]
[]
[{"$nulls":5},"SUBTOTAL TRANSPORTES",null,{"$f":"SUM(H1239:H1242)","v":{"v":46500,"d":"46,500"}},{"$f":"H1243+H1236+H1229","v":{"v":470250,"d":"470,250"}}]
[null,"TOTAL COSTO DIRECTO",{"$nulls":5},{"$f":"H1243+H1236+H1229+H1222","v":{"v":1590425.2650000001,"d":"1,590,425"}}]
[]
[null,"ADMINISTRACIÓN",null,null,"(Indicar su porcentaje)",null,{"v":0.08,"d":"8.00%"},{"$f":"G1246*H1244","v":{"v":127234.02120000002,"d":"127,234"}}]
[null,"IMPREVISTOS",null,null,"(Indicar su porcentaje)",null,{"v":0.03,"d":"3.00%"},{"$f":"H1244*G1247","v":{"v":47712.75795,"d":"47,713"}}]
[null,"UTILIDAD",null,null,"(Indicar su porcentaje)",null,{"v":0.05,"d":"5.00%"},{"$f":"G1248*H1244","v":{"v":79521.26325000002,"d":"79,521"}}]
[null,"PRECIO UNITARIO TOTAL",{"$nulls":5},{"$f":"+H1248+H1247+H1246+H1244","v":{"v":1844893.3074000003,"d":"1,844,893"}}]
[]
[null,"Nombre de la Actividad",{"$nulls":5},"Unidad de Medida"]
[null,"ASESORIA OBRA CIVIL SETI",{"$nulls":5},"UN "]
[]
[null," MATERIALES"]
[null,"DESCRIPCION",null,"UN","CANT","DESP. %","VR. UNIT","VR. TOTAL"]
[{"$nulls":6},"SUBTOTAL MATERIALES",0]
[null,"MANO DE OBRA"]
[null,"DESCRIPCIÓN",null,"UN","CANT",null,"VR. UNIT","VR. TOTAL"]
[null,"INGENIERO ELECTRICO",null,"DIA",{"$f":"36/8","v":{"v":4.5,"d":"4.50"}},null,{"$f":"2900000/30","v":{"v":96666.66666666667,"d":"$ 96,667"}},{"$f":"+G1259*E1259","v":{"v":435000,"d":"435,000 $"}}]
[null,"INSPECTOR SISO",null,"DIA",{"$f":"0/8","v":{"v":0,"d":"0.00"}},null,{"$f":"1900000/30","v":{"v":63333.333333333336,"d":"$ 63,333"}},{"$f":"+G1260*E1260","v":{"v":0,"d":"0 $"}}]
[null,"OFICIAL",null,"DIA",{"$f":"1/8","v":{"v":0.125,"d":"0.13"}},null,{"$f":"1600000/30","v":{"v":53333.333333333336,"d":"$ 53,333"}},{"$f":"+G1261*E1261","v":{"v":6666.666666666667,"d":"6,667 $"}}]
[null,"AYUDANTE",null,"DIA",{"$f":"1/8","v":{"v":0.125,"d":"0.13"}},null,{"$f":"1200000/30","v":{"v":40000,"d":"$ 40,000"}},{"$f":"+G1262*E1262","v":{"v":5000,"d":"5,000 $"}}]
[{"$nulls":6},"SUBTOTAL MANO DE OBRA",{"$f":"SUM(H1259:H1262)","v":{"v":446666.6666666667,"d":"446,667"}}]
[null,"EQUIPO Y HERRAMIENTA"]
[null,"DESCRIPCIÓN",null,"UN","CANT","VALOR DIA","VR. UNIT","VR. TOTAL"]
[null,"HERRAMIENTA DE MANO",null,"UN",{"v":0,"d":"0.00"},{"v":85000,"d":"$ 85,000.00"},{"v":85000,"d":"$ 85,000.00"},{"$f":"G1266*E1266","v":{"v":0,"d":"0 $"}}]
[null,"HERRAMIENTA ESPECIAL",null,"UN",{"v":0,"d":"0.00"},{"v":170000,"d":"$ 170,000.00"},{"v":170000,"d":"$ 170,000.00"},{"$f":"G1267*E1267","v":{"v":0,"d":"0 $"}}]
[]
[]
[{"$nulls":6},"SUBTOTAL EQUIPO Y HERRAMIENTA",{"$f":"SUM(H1266:H1269)","v":0}]
[null,"TRANSPORTES"]
[null,"DESCRIPCIÓN",null,"UN","CANT","VALOR HORA","VR. UNIT","VR. TOTAL"]
[null,"TRANSPORTE MATERIAL",null,"UN",{"v":0,"d":"0.00"},{"v":180000,"d":"$ 180,000.00"},{"v":180000,"d":"$ 180,000.00"},{"$f":"G1273*E1273","v":{"v":0,"d":"0 $"}}]
[null,"TRANSPORTE PERSONAL",null,"UN",{"v":1,"d":"1.00"},{"v":6000,"d":"$ 6,000.00"},{"v":6000,"d":"$ 6,000.00"},{"$f":"G1274*E1274","v":{"v":6000,"d":"6,000 $"}}]
[]
[]
[{"$nulls":5},"SUBTOTAL TRANSPORTES",null,{"$f":"SUM(H1273:H1276)","v":{"v":6000,"d":"6,000"}},{"$f":"H1277+H1270+H1263","v":{"v":452666.6666666667,"d":"452,667"}}]
[null,"TOTAL COSTO DIRECTO",{"$nulls":5},{"$f":"H1277+H1270+H1263+H1256","v":{"v":452666.6666666667,"d":"452,667"}}]
[]
[null,"ADMINISTRACIÓN",null,null,"(Indicar su porcentaje)",null,{"v":0.08,"d":"8.00%"},{"$f":"G1280*H1278","v":{"v":36213.333333333336,"d":"36,213"}}]
[null,"IMPREVISTOS",null,null,"(Indicar su porcentaje)",null,{"v":0.03,"d":"3.00%"},{"$f":"H1278*G1281","v":{"v":13580,"d":"13,580"}}]
[null,"UTILIDAD",null,null,"(Indicar su porcentaje)",null,{"v":0.05,"d":"5.00%"},{"$f":"G1282*H1278","v":{"v":22633.333333333336,"d":"22,633"}}]
[null,"PRECIO UNITARIO TOTAL",{"$nulls":5},{"$f":"+H1282+H1281+H1280+H1278","v":{"v":525093.3333333334,"d":"525,093"}}]
[]
[null,"CANALETA 10X5 CM PARA SETI-SETS INCLUYE ACCESORIOS DE INSTALACION",{"$nulls":5},"UN "]
[]
[null," MATERIALES"]
[null,"DESCRIPCION",null,"UN","CANT","DESP. %","VR. UNIT","VR. TOTAL"]
[null,"CANALETA 10X5CM ",null,"ML",{"v":1,"d":"1.00"},{"v":0.05,"d":"5%"},{"v":34650,"d":"$ 34,650."},{"$f":"+G1289*E1289+(G1289*F1289)","v":{"v":36382.5,"d":"36,383 $"}}]
[null,"RIEL CHANEL 3M",null,"ML",{"v":0.1,"d":"0.10"},{"v":0.01,"d":"1%"},{"v":15345,"d":"$ 15,345."},{"$f":"+G1290*E1290+(G1290*F1290)","v":{"v":1687.95,"d":"1,688 $"}}]
[null,"VARILLA ROSCADA 1/4\"",null,"ML",{"v":0.1,"d":"0.10"},{"v":0.01,"d":"1%"},{"v":2062.5,"d":"$ 2,063."},{"$f":"+G1291*E1291+(G1291*F1291)","v":{"v":226.875,"d":"227 $"}}]
[null,"CABLE GUIA",null,"ML",{"v":1,"d":"1.00"},{"v":0.05,"d":"5%"},{"v":495,"d":"$ 495."},{"$f":"+G1292*E1292+(G1292*F1292)","v":{"v":519.75,"d":"520 $"}}]
[{"$nulls":6},"SUBTOTAL MATERIALES",{"$f":"SUM(H1289:H1292)","v":{"v":38817.075,"d":"38,817"}}]
[null,"MANO DE OBRA"]
[null,"DESCRIPCIÓN",null,"UN","CANT",null,"VR. UNIT","VR. TOTAL"]
[null,"INGENIERO ELECTRICO",null,"DIA",{"$f":"0.01/8","v":{"v":1.25E-3,"d":"0.00"}},null,{"$f":"2900000/30","v":{"v":96666.66666666667,"d":"$ 96,667"}},{"$f":"+G1296*E1296","v":{"v":120.83333333333334,"d":"121 $"}}]
[null,"INSPECTOR SISO",null,"DIA",{"$f":"0.01/8","v":{"v":1.25E-3,"d":"0.00"}},null,{"$f":"1900000/30","v":{"v":63333.333333333336,"d":"$ 63,333"}},{"$f":"+G1297*E1297","v":{"v":79.16666666666667,"d":"79 $"}}]
[null,"OFICIAL",null,"DIA",{"$f":"0.1/8","v":{"v":0.0125,"d":"0.01"}},null,{"$f":"1600000/30","v":{"v":53333.333333333336,"d":"$ 53,333"}},{"$f":"+G1298*E1298","v":{"v":666.6666666666667,"d":"667 $"}}]
[null,"AYUDANTE",null,"DIA",{"$f":"0.1/8","v":{"v":0.0125,"d":"0.01"}},null,{"$f":"1200000/30","v":{"v":40000,"d":"$ 40,000"}},{"$f":"+G1299*E1299","v":{"v":500,"d":"500 $"}}]
[{"$nulls":6},"SUBTOTAL MANO DE OBRA",{"$f":"SUM(H1296:H1299)","v":{"v":1366.6666666666667,"d":"1,367"}}]
[null,"EQUIPO Y HERRAMIENTA"]
[null,"DESCRIPCIÓN",null,"UN","CANT","VALOR DIA","VR. UNIT","VR. TOTAL"]
[null,"HERRAMIENTA DE MANO",null,"UN",{"v":0.025,"d":"0.03"},{"v":85000,"d":"$ 85,000.00"},{"v":85000,"d":"$ 85,000.00"},{"$f":"G1303*E1303","v":{"v":2125,"d":"2,125 $"}}]
[null,"HERRAMIENTA ESPECIAL",null,"UN",{"v":0.025,"d":"0.03"},{"v":170000,"d":"$ 170,000.00"},{"v":250000,"d":"$ 250,000.00"},{"$f":"G1304*E1304","v":{"v":6250,"d":"6,250 $"}}]
[]
[]
[{"$nulls":6},"SUBTOTAL EQUIPO Y HERRAMIENTA",{"$f":"SUM(H1303:H1306)","v":{"v":8375,"d":"8,375"}}]
[null,"TRANSPORTES"]
[null,"DESCRIPCIÓN",null,"UN","CANT","VALOR HORA","VR. UNIT","VR. TOTAL"]
[null,"TRANSPORTE MATERIAL",null,"UN",{"v":0.005,"d":"0.01"},{"v":180000,"d":"$ 180,000.00"},{"v":180000,"d":"$ 180,000.00"},{"$f":"F1310*E1310","v":{"v":900,"d":"900 $"}}]
[null,"TRANSPORTE PERSONAL",null,"UN",{"v":0.005,"d":"0.01"},{"v":6000,"d":"$ 6,000.00"},{"v":6000,"d":"$ 6,000.00"},{"$f":"F1311*E1311","v":{"v":30,"d":"30 $"}}]
[]
[]
[{"$nulls":5},"SUBTOTAL TRANSPORTES",null,{"$f":"SUM(H1310:H1313)","v":930},{"$f":"H1314+H1307+H1300","v":{"v":10671.666666666666,"d":"10,672"}}]
[null,"TOTAL COSTO DIRECTO",{"$nulls":5},{"$f":"H1314+H1307+H1300+H1293","v":{"v":49488.74166666666,"d":"49,489"}}]
[]
[null,"ADMINISTRACIÓN",null,null,"(Indicar su porcentaje)",null,{"v":0.08,"d":"8.00%"},{"$f":"H1315*G1317","v":{"v":3959.099333333333,"d":"3,959"}}]
[null,"IMPREVISTOS",null,null,"(Indicar su porcentaje)",null,{"v":0.03,"d":"3.00%"},{"$f":"H1315*G1318","v":{"v":1484.6622499999999,"d":"1,485"}}]
[null,"UTILIDAD",null,null,"(Indicar su porcentaje)",null,{"v":0.05,"d":"5.00%"},{"$f":"H1315*G1319","v":{"v":2474.4370833333332,"d":"2,474"}}]
[null,"PRECIO UNITARIO TOTAL",{"$nulls":5},{"$f":"+H1319+H1318+H1317+H1315","v":{"v":57406.940333333325,"d":"57,407"}}]
[]
[null,"Nombre de la Actividad",{"$nulls":5},"Unidad de Medida"]
[null,"MASTIL PARA ANTENA TDT EN 1D2\" IMC X 2MT INCLUYE ANCLAJE",{"$nulls":5},"UN "]
[]
[null," MATERIALES"]
[null,"DESCRIPCION",null,"UN","CANT","DESP. %","VR. UNIT","VR. TOTAL"]
[null,"TUBERIA IMC 2\" ",null,"ML",{"v":2,"d":"2.00"},{"v":0.05,"d":"5%"},{"v":97350,"d":"$ 97,350."},{"$f":"+G1327*E1327+(G1327*F1327)","v":{"v":199567.5,"d":"199,568 $"}}]
[null,"CAPACETE IMC 2\" ",null,"UN",{"v":1,"d":"1.00"},{"v":0.05,"d":"5%"},{"v":15675,"d":"$ 15,675."},{"$f":"+G1328*E1328+(G1328*F1328)","v":{"v":16458.75,"d":"16,459 $"}}]
[null,"SISTEMA ANCLAJE ",null,"UN",{"v":1,"d":"1.00"},{"v":0,"d":"0%"},{"v":239250,"d":"$ 239,250."},{"$f":"+G1329*E1329+(G1329*F1329)","v":{"v":239250,"d":"239,250 $"}}]
[null,"CABLE GUIA ",null,"ML",{"v":2,"d":"2.00"},{"v":0.05,"d":"5%"},{"v":495,"d":"$ 495."},{"$f":"+G1330*E1330+(G1330*F1330)","v":{"v":1014.75,"d":"1,015 $"}}]
[{"$nulls":6},"SUBTOTAL MATERIALES",{"$f":"SUM(H1327:H1330)","v":{"v":456291,"d":"456,291"}}]
[null,"MANO DE OBRA"]
[null,"DESCRIPCIÓN",null,"UN","CANT",null,"VR. UNIT","VR. TOTAL"]
[null,"INGENIERO ELECTRICO",null,"DIA",{"$f":"0.005/8","v":{"v":0.000625,"d":"0.00"}},null,{"$f":"2900000/30","v":{"v":96666.66666666667,"d":"$ 96,667"}},{"$f":"+G1334*E1334","v":{"v":60.41666666666667,"d":"60 $"}}]
[null,"INSPECTOR SISO",null,"DIA",{"$f":"0.025/8","v":{"v":0.003125,"d":"0.00"}},null,{"$f":"1900000/30","v":{"v":63333.333333333336,"d":"$ 63,333"}},{"$f":"+G1335*E1335","v":{"v":197.91666666666669,"d":"198 $"}}]
[null,"OFICIAL",null,"DIA",{"$f":"2/8","v":0.25},null,{"$f":"1600000/30","v":{"v":53333.333333333336,"d":"$ 53,333"}},{"$f":"+G1336*E1336","v":{"v":13333.333333333334,"d":"13,333 $"}}]
[null,"AYUDANTE",null,"DIA",{"$f":"2/8","v":0.25},null,{"$f":"1200000/30","v":{"v":40000,"d":"$ 40,000"}},{"$f":"+G1337*E1337","v":{"v":10000,"d":"10,000 $"}}]
[{"$nulls":6},"SUBTOTAL MANO DE OBRA",{"$f":"SUM(H1334:H1337)","v":{"v":23591.666666666668,"d":"23,592"}}]
[null,"EQUIPO Y HERRAMIENTA"]
[null,"DESCRIPCIÓN",null,"UN","CANT","VALOR DIA","VR. UNIT","VR. TOTAL"]
[null,"HERRAMIENTA DE MANO",null,"UN",{"v":0.025,"d":"0.03"},{"v":85000,"d":"$ 85,000.00"},{"v":85000,"d":"$ 85,000.00"},{"$f":"G1341*E1341","v":{"v":2125,"d":"2,125 $"}}]
[null,"HERRAMIENTA ESPECIAL",null,"UN",{"v":0.025,"d":"0.03"},{"v":170000,"d":"$ 170,000.00"},{"v":170000,"d":"$ 170,000.00"},{"$f":"G1342*E1342","v":{"v":4250,"d":"4,250 $"}}]
[]
[]
[{"$nulls":6},"SUBTOTAL EQUIPO Y HERRAMIENTA",{"$f":"SUM(H1341:H1344)","v":{"v":6375,"d":"6,375"}}]
[null,"TRANSPORTES"]
[null,"DESCRIPCIÓN",null,"UN","CANT","VALOR HORA","VR. UNIT","VR. TOTAL"]
[null,"TRANSPORTE MATERIAL",null,"UN",{"v":0.025,"d":"0.03"},{"v":180000,"d":"$ 180,000.00"},{"v":180000,"d":"$ 180,000.00"},{"$f":"G1348*E1348","v":{"v":4500,"d":"4,500 $"}}]
[null,"TRANSPORTE PERSONAL",null,"UN",{"v":0.025,"d":"0.03"},{"v":6000,"d":"$ 6,000.00"},{"v":6000,"d":"$ 6,000.00"},{"$f":"G1349*E1349","v":{"v":150,"d":"150 $"}}]
[]
[]
[{"$nulls":5},"SUBTOTAL TRANSPORTES",null,{"$f":"SUM(H1348:H1351)","v":{"v":4650,"d":"4,650"}},{"$f":"H1352+H1345+H1338","v":{"v":34616.66666666667,"d":"34,617"}}]
[null,"TOTAL COSTO DIRECTO",{"$nulls":5},{"$f":"H1352+H1345+H1338+H1331","v":{"v":490907.6666666667,"d":"490,908"}}]
[]
[null,"ADMINISTRACIÓN",null,null,"(Indicar su porcentaje)",null,{"v":0.08,"d":"8.00%"},{"$f":"G1355*H1353","v":{"v":39272.613333333335,"d":"39,273"}}]
[null,"IMPREVISTOS",null,null,"(Indicar su porcentaje)",null,{"v":0.03,"d":"3.00%"},{"$f":"H1353*G1356","v":{"v":14727.23,"d":"14,727"}}]
[null,"UTILIDAD",null,null,"(Indicar su porcentaje)",null,{"v":0.05,"d":"5.00%"},{"$f":"G1357*H1353","v":{"v":24545.383333333335,"d":"24,545"}}]
[null,"PRECIO UNITARIO TOTAL",{"$nulls":5},{"$f":"+H1357+H1356+H1355+H1353","v":{"v":569452.8933333333,"d":"569,453"}}]
[]
[null,"Nombre de la Actividad",{"$nulls":5},"Unidad de Medida"]
[null,"SALIDA PARA TOMA DE USUARIO INCLUYE: TUBERIA PVC/EMT 2D3/4\", TRES CAJAS TOMA DE USUARIO Y PLACA CIEGA 35 METROS",{"$nulls":5},"UN "]
[]
[null," MATERIALES"]
[null,"DESCRIPCION",null,"UN","CANT","DESP. %","VR. UNIT","VR. TOTAL"]
[null,"TUBERIA PVC TIPO A 3/4\" ",null,"ML",{"v":17.5,"d":"17.50"},{"v":0.05,"d":"5%"},{"v":2475,"d":"$ 2,475."},{"$f":"+G1365*E1365+(G1365*F1365)","v":{"v":43436.25,"d":"43,436 $"}}]
[null,"TERMINAL PVC 3/4\"",null,"UN",{"v":12,"d":"12.00"},{"v":0,"d":"0%"},{"v":907.5,"d":"$ 908."},{"v":10890,"d":"10,890 $"}]
[null,"TUBERIA EMT 3/4\" ",null,"ML",{"v":17.5,"d":"17.50"},{"v":0.05,"d":"5%"},{"v":10345.5,"d":"$ 10,346."},{"v":181563.525,"d":"181,564 $"}]
[null,"TERMINAL EMT 3/4\"",null,"UN",{"v":4,"d":"4.00"},{"v":0,"d":"0%"},{"v":1980,"d":"$ 1,980."},{"v":7920,"d":"7,920 $"}]
[null,"CAJA METALICA USUARIO RITEL CON COMPLEMENTO",null,"UN",{"v":3,"d":"3.00"},{"v":0,"d":"0%"},{"v":3135,"d":"$ 3,135."},{"v":9405,"d":"9,405 $"}]
[null,"CHAZO-TORNILLO 1/4\"",null,"UN",{"v":2,"d":"2.00"},{"v":0,"d":"0%"},{"v":247.5,"d":"$ 248."},{"v":495,"d":"495 $"}]
[null,"CABLE GUIA ",null,"ML",{"v":70,"d":"70.00"},{"v":0.05,"d":"5%"},{"v":495,"d":"$ 495."},{"v":34674.75,"d":"34,675 $"}]
[null,"PLACA CIEGA RITEL",null,"UN",{"v":3,"d":"3.00"},{"v":0,"d":"0%"},{"v":3135,"d":"$ 3,135."},{"v":9405,"d":"9,405 $"}]
[{"$nulls":6},"SUBTOTAL MATERIALES",{"$f":"SUM(H1365:H1372)","v":{"v":297789.525,"d":"297,790"}}]
[null,"MANO DE OBRA"]
[null,"DESCRIPCIÓN",null,"UN","CANT",null,"VR. UNIT","VR. TOTAL"]
[null,"INGENIERO ELECTRICO",null,"DIA",{"$f":"0.05/8","v":{"v":0.00625,"d":"0.01"}},null,{"$f":"2900000/30","v":{"v":96666.66666666667,"d":"$ 96,667"}},{"$f":"+G1376*E1376","v":{"v":604.1666666666667,"d":"604 $"}}]
[null,"INSPECTOR SISO",null,"DIA",{"$f":"0.025/8","v":{"v":0.003125,"d":"0.00"}},null,{"$f":"1900000/30","v":{"v":63333.333333333336,"d":"$ 63,333"}},{"$f":"+G1377*E1377","v":{"v":197.91666666666669,"d":"198 $"}}]
[null,"OFICIAL",null,"DIA",{"$f":"6/8","v":0.75},null,{"$f":"1600000/30","v":{"v":53333.333333333336,"d":"$ 53,333"}},{"$f":"+G1378*E1378","v":{"v":40000,"d":"40,000 $"}}]
[null,"AYUDANTE",null,"DIA",{"$f":"6/8","v":0.75},null,{"$f":"1200000/30","v":{"v":40000,"d":"$ 40,000"}},{"$f":"+G1379*E1379","v":{"v":30000,"d":"30,000 $"}}]
[{"$nulls":6},"SUBTOTAL MANO DE OBRA",{"$f":"SUM(H1376:H1379)","v":{"v":70802.08333333334,"d":"70,802"}}]
[null,"EQUIPO Y HERRAMIENTA"]
[null,"DESCRIPCIÓN",null,"UN","CANT","VALOR DIA","VR. UNIT","VR. TOTAL"]
[null,"HERRAMIENTA DE MANO",null,"UN",{"v":0.005,"d":"0.01"},{"v":85000,"d":"$ 85,000.00"},{"v":85000,"d":"$ 85,000.00"},{"$f":"G1383*E1383","v":{"v":425,"d":"425 $"}}]
[null,"HERRAMIENTA ESPECIAL",null,"UN",{"v":0.005,"d":"0.01"},{"v":170000,"d":"$ 170,000.00"},{"v":170000,"d":"$ 170,000.00"},{"$f":"G1384*E1384","v":{"v":850,"d":"850 $"}}]
[]
[]
[{"$nulls":6},"SUBTOTAL EQUIPO Y HERRAMIENTA",{"$f":"SUM(H1383:H1386)","v":{"v":1275,"d":"1,275"}}]
[null,"TRANSPORTES"]
[null,"DESCRIPCIÓN",null,"UN","CANT","VALOR HORA","VR. UNIT","VR. TOTAL"]
[null,"TRANSPORTE MATERIAL",null,"UN",{"v":0.005,"d":"0.01"},{"v":180000,"d":"$ 180,000.00"},{"v":180000,"d":"$ 180,000.00"},{"$f":"G1390*E1390","v":{"v":900,"d":"900 $"}}]
[null,"TRANSPORTE PERSONAL",null,"UN",{"v":0.005,"d":"0.01"},{"v":6000,"d":"$ 6,000.00"},{"v":6000,"d":"$ 6,000.00"},{"$f":"G1391*E1391","v":{"v":30,"d":"30 $"}}]
[]
[]
[{"$nulls":5},"SUBTOTAL TRANSPORTES",null,{"$f":"SUM(H1390:H1393)","v":930},{"$f":"H1394+H1387+H1380","v":{"v":73007.08333333334,"d":"73,007"}}]
[null,"TOTAL COSTO DIRECTO",{"$nulls":5},{"$f":"H1394+H1387+H1380+H1373","v":{"v":370796.6083333334,"d":"370,797"}}]
[]
[null,"ADMINISTRACIÓN",null,null,"(Indicar su porcentaje)",null,{"v":0.08,"d":"8.00%"},{"$f":"G1397*H1395","v":{"v":29663.728666666673,"d":"29,664"}}]
[null,"IMPREVISTOS",null,null,"(Indicar su porcentaje)",null,{"v":0.03,"d":"3.00%"},{"$f":"H1395*G1398","v":{"v":11123.898250000002,"d":"11,124"}}]
[null,"UTILIDAD",null,null,"(Indicar su porcentaje)",null,{"v":0.05,"d":"5.00%"},{"$f":"G1399*H1395","v":{"v":18539.83041666667,"d":"18,540"}}]
[null,"PRECIO UNITARIO TOTAL",{"$nulls":5},{"$f":"+H1399+H1398+H1397+H1395","v":{"v":430124.0656666667,"d":"430,124"}}]
[]
[null,"Nombre de la Actividad",{"$nulls":5},"Unidad de Medida"]
[null,"SISTEMA A TIERRA EL CUAL INCLUYE: VARILLA Cu 100% 2.44M - SOLDADURA 115g - CABLE DESNUDO 2/0 - CAJA DE INSPECCION 30X30",{"$nulls":5},"UN "]
[]
[null," MATERIALES"]
[null,"DESCRIPCION",null,"UN","CANT","DESP. %","VR. UNIT","VR. TOTAL"]
[null,"CABLE 2/0 Cu 100% ",null,"ML",{"v":12,"d":"12.00"},{"v":0.05,"d":"5%"},{"v":48675,"d":"$ 48,675."},{"$f":"+G1407*E1407+(G1407*F1407)","v":{"v":586533.75,"d":"586,534 $"}}]
[null,"VARILLA Cu 100% 2.44m 5/8\" ",null,"UN",{"v":4,"d":"4.00"},{"v":0,"d":"0%"},{"v":265980,"d":"$ 265,980."},{"$f":"+G1408*E1408+(G1408*F1408)","v":{"v":1063920,"d":"1,063,920 $"}}]
[null,"SOLDADURA 115g",null,"UN",{"v":4,"d":"4.00"},{"v":0,"d":"0%"},{"v":38775,"d":"$ 38,775."},{"$f":"+G1409*E1409+(G1409*F1409)","v":{"v":155100,"d":"155,100 $"}}]
[null,"CAJA DE INSPECCION 30X30 MAMPOSTERIA",null,"UN",{"v":1,"d":"1.00"},{"v":0,"d":"0%"},{"v":327855,"d":"$ 327,855."},{"$f":"+G1410*E1410+(G1410*F1410)","v":{"v":327855,"d":"327,855 $"}}]
[{"$nulls":6},"SUBTOTAL MATERIALES",{"$f":"SUM(H1407:H1410)","v":{"v":2133408.75,"d":"2,133,409"}}]
[null,"MANO DE OBRA"]
[null,"DESCRIPCIÓN",null,"UN","CANT",null,"VR. UNIT","VR. TOTAL"]
[null,"INGENIERO ELECTRICO",null,"DIA",{"$f":"0.1/8","v":{"v":0.0125,"d":"0.01"}},null,{"$f":"2900000/30","v":{"v":96666.66666666667,"d":"$ 96,667"}},{"$f":"+G1414*E1414","v":{"v":1208.3333333333335,"d":"1,208 $"}}]
[null,"INSPECTOR SISO",null,"DIA",{"$f":"0.1/8","v":{"v":0.0125,"d":"0.01"}},null,{"$f":"1900000/30","v":{"v":63333.333333333336,"d":"$ 63,333"}},{"$f":"+G1415*E1415","v":{"v":791.6666666666667,"d":"792 $"}}]
[null,"OFICIAL",null,"DIA",{"$f":"10/8","v":1.25},null,{"$f":"1600000/30","v":{"v":53333.333333333336,"d":"$ 53,333"}},{"$f":"+G1416*E1416","v":{"v":66666.66666666667,"d":"66,667 $"}}]
[null,"AYUDANTE",null,"DIA",{"$f":"10/8","v":1.25},null,{"$f":"1200000/30","v":{"v":40000,"d":"$ 40,000"}},{"$f":"+G1417*E1417","v":{"v":50000,"d":"50,000 $"}}]
[{"$nulls":6},"SUBTOTAL MANO DE OBRA",{"$f":"SUM(H1414:H1417)","v":{"v":118666.66666666667,"d":"118,667"}}]
[null,"EQUIPO Y HERRAMIENTA"]
[null,"DESCRIPCIÓN",null,"UN","CANT","VALOR DIA","VR. UNIT","VR. TOTAL"]
[null,"HERRAMIENTA DE MANO",null,"UN",{"v":0.1,"d":"0.10"},{"v":85000,"d":"$ 85,000.00"},{"v":85000,"d":"$ 85,000.00"},{"$f":"G1421*E1421","v":{"v":8500,"d":"8,500 $"}}]
[null,"HERRAMIENTA ESPECIAL",null,"UN",{"v":0.1,"d":"0.10"},{"v":170000,"d":"$ 170,000.00"},{"v":170000,"d":"$ 170,000.00"},{"$f":"G1422*E1422","v":{"v":17000,"d":"17,000 $"}}]
[]
[]
[{"$nulls":6},"SUBTOTAL EQUIPO Y HERRAMIENTA",{"$f":"SUM(H1421:H1424)","v":{"v":25500,"d":"25,500"}}]
[null,"TRANSPORTES"]
[null,"DESCRIPCIÓN",null,"UN","CANT","VALOR HORA","VR. UNIT","VR. TOTAL"]
[null,"TRANSPORTE MATERIAL",null,"UN",{"v":0.1,"d":"0.10"},{"v":180000,"d":"$ 180,000.00"},{"v":180000,"d":"$ 180,000.00"},{"$f":"G1428*E1428","v":{"v":18000,"d":"18,000 $"}}]
[null,"TRANSPORTE PERSONAL",null,"UN",{"v":0.1,"d":"0.10"},{"v":6000,"d":"$ 6,000.00"},{"v":6000,"d":"$ 6,000.00"},{"$f":"G1429*E1429","v":{"v":600,"d":"600 $"}}]
[]
[]
[{"$nulls":5},"SUBTOTAL TRANSPORTES",null,{"$f":"SUM(H1428:H1431)","v":{"v":18600,"d":"18,600"}},{"$f":"H1432+H1425+H1418","v":{"v":162766.6666666667,"d":"162,767"}}]
[null,"TOTAL COSTO DIRECTO",{"$nulls":5},{"$f":"H1432+H1425+H1418+H1411","v":{"v":2296175.4166666665,"d":"2,296,175"}}]
[]
[null,"ADMINISTRACIÓN",null,null,"(Indicar su porcentaje)",null,{"v":0.08,"d":"8.00%"},{"$f":"G1435*H1433","v":{"v":183694.03333333333,"d":"183,694"}}]
[null,"IMPREVISTOS",null,null,"(Indicar su porcentaje)",null,{"v":0.03,"d":"3.00%"},{"$f":"H1433*G1436","v":{"v":68885.2625,"d":"68,885"}}]
[null,"UTILIDAD",null,null,"(Indicar su porcentaje)",null,{"v":0.05,"d":"5.00%"},{"$f":"G1437*H1433","v":{"v":114808.77083333333,"d":"114,809"}}]
[null,"PRECIO UNITARIO TOTAL",{"$nulls":5},{"$f":"+H1437+H1436+H1435+H1433","v":{"v":2663563.4833333334,"d":"2,663,563"}}]
[]
[null,"Nombre de la Actividad",{"$nulls":5},"Unidad de Medida"]
[null,"CABLE DESNUDO 2/0 SISTEMA A TIERRA ",{"$nulls":5},"UN "]
[]
[null," MATERIALES"]
[null,"DESCRIPCION",null,"UN","CANT","DESP. %","VR. UNIT","VR. TOTAL"]
[null,"CABLE 2/0 Cu 100% ",null,"ML",{"v":1,"d":"1.00"},{"v":0.05,"d":"5%"},{"v":48675,"d":"$ 48,675."},{"$f":"+G1445*E1445+(G1445*F1445)","v":{"v":51108.75,"d":"51,109 $"}}]
[{"$nulls":6},"SUBTOTAL MATERIALES",{"$f":"SUM(H1445:H1445)","v":{"v":51108.75,"d":"51,109"}}]
[null,"MANO DE OBRA"]
[null,"DESCRIPCIÓN",null,"UN","CANT",null,"VR. UNIT","VR. TOTAL"]
[null,"INGENIERO ELECTRICO",null,"DIA",{"$f":"0.01/8","v":{"v":1.25E-3,"d":"0.00"}},null,{"$f":"2900000/30","v":{"v":96666.66666666667,"d":"$ 96,667"}},{"$f":"+G1449*E1449","v":{"v":120.83333333333334,"d":"121 $"}}]
[null,"INSPECTOR SISO",null,"DIA",{"$f":"0.01/8","v":{"v":1.25E-3,"d":"0.00"}},null,{"$f":"1900000/30","v":{"v":63333.333333333336,"d":"$ 63,333"}},{"$f":"+G1450*E1450","v":{"v":79.16666666666667,"d":"79 $"}}]
[null,"OFICIAL",null,"DIA",{"$f":"0.5/8","v":{"v":0.0625,"d":"0.06"}},null,{"$f":"1600000/30","v":{"v":53333.333333333336,"d":"$ 53,333"}},{"$f":"+G1451*E1451","v":{"v":3333.3333333333335,"d":"3,333 $"}}]
[null,"AYUDANTE",null,"DIA",{"$f":"0.5/8","v":{"v":0.0625,"d":"0.06"}},null,{"$f":"1200000/30","v":{"v":40000,"d":"$ 40,000"}},{"$f":"+G1452*E1452","v":{"v":2500,"d":"2,500 $"}}]
[{"$nulls":6},"SUBTOTAL MANO DE OBRA",{"$f":"SUM(H1449:H1452)","v":{"v":6033.333333333334,"d":"6,033"}}]
[null,"EQUIPO Y HERRAMIENTA"]
[null,"DESCRIPCIÓN",null,"UN","CANT","VALOR DIA","VR. UNIT","VR. TOTAL"]
[null,"HERRAMIENTA DE MANO",null,"UN",{"v":0.005,"d":"0.01"},{"v":85000,"d":"$ 85,000.00"},{"v":85000,"d":"$ 85,000.00"},{"$f":"G1456*E1456","v":{"v":425,"d":"425 $"}}]
[null,"HERRAMIENTA ESPECIAL",null,"UN",{"v":0.005,"d":"0.01"},{"v":170000,"d":"$ 170,000.00"},{"v":170000,"d":"$ 170,000.00"},{"$f":"G1457*E1457","v":{"v":850,"d":"850 $"}}]
[]
[]
[{"$nulls":6},"SUBTOTAL EQUIPO Y HERRAMIENTA",{"$f":"SUM(H1456:H1459)","v":{"v":1275,"d":"1,275"}}]
[null,"TRANSPORTES"]
[null,"DESCRIPCIÓN",null,"UN","CANT","VALOR HORA","VR. UNIT","VR. TOTAL"]
[null,"TRANSPORTE MATERIAL",null,"UN",{"v":0.005,"d":"0.01"},{"v":180000,"d":"$ 180,000.00"},{"v":180000,"d":"$ 180,000.00"},{"$f":"G1463*E1463","v":{"v":900,"d":"900 $"}}]
[null,"TRANSPORTE PERSONAL",null,"UN",{"v":0.005,"d":"0.01"},{"v":6000,"d":"$ 6,000.00"},{"v":6000,"d":"$ 6,000.00"},{"$f":"G1464*E1464","v":{"v":30,"d":"30 $"}}]
[]
[]
[{"$nulls":5},"SUBTOTAL TRANSPORTES",null,{"$f":"SUM(H1463:H1466)","v":930},{"$f":"H1467+H1460+H1453","v":{"v":8238.333333333334,"d":"8,238"}}]
[null,"TOTAL COSTO DIRECTO",{"$nulls":5},{"$f":"H1467+H1460+H1453+H1446","v":{"v":59347.083333333336,"d":"59,347"}}]
[]
[null,"ADMINISTRACIÓN",null,null,"(Indicar su porcentaje)",null,{"v":0.08,"d":"8.00%"},{"$f":"G1470*H1468","v":{"v":4747.766666666667,"d":"4,748"}}]
[null,"IMPREVISTOS",null,null,"(Indicar su porcentaje)",null,{"v":0.03,"d":"3.00%"},{"$f":"H1468*G1471","v":{"v":1780.4125,"d":"1,780"}}]
[null,"UTILIDAD",null,null,"(Indicar su porcentaje)",null,{"v":0.05,"d":"5.00%"},{"$f":"G1472*H1468","v":{"v":2967.354166666667,"d":"2,967"}}]
[null,"PRECIO UNITARIO TOTAL",{"$nulls":5},{"$f":"+H1472+H1471+H1470+H1468","v":{"v":68842.61666666667,"d":"68,843"}}]
[]
[null,"Nombre de la Actividad",{"$nulls":5},"Unidad de Medida"]
[null,"CAJA DE INSPECCION 30X30 PARA SISTEMA A TIERRA",{"$nulls":5},"UN "]
[]
[null," MATERIALES"]
[null,"DESCRIPCION",null,"UN","CANT","DESP. %","VR. UNIT","VR. TOTAL"]
[null,"CAJA DE INSPECCION 30X30 MAMPOSTERIA",null,"UN",{"v":1,"d":"1.00"},{"v":0,"d":"0%"},{"v":327855,"d":"$ 327,855."},{"$f":"+G1480*E1480+(G1480*F1480)","v":{"v":327855,"d":"327,855 $"}}]
[{"$nulls":6},"SUBTOTAL MATERIALES",{"$f":"SUM(H1480:H1480)","v":{"v":327855,"d":"327,855"}}]
[null,"MANO DE OBRA"]
[null,"DESCRIPCIÓN",null,"UN","CANT",null,"VR. UNIT","VR. TOTAL"]
[null,"INGENIERO ELECTRICO",null,"DIA",{"$f":"0.01/8","v":{"v":1.25E-3,"d":"0.00"}},null,{"$f":"2900000/30","v":{"v":96666.66666666667,"d":"$ 96,667"}},{"$f":"+G1484*E1484","v":{"v":120.83333333333334,"d":"121 $"}}]
[null,"INSPECTOR SISO",null,"DIA",{"$f":"0.01/8","v":{"v":1.25E-3,"d":"0.00"}},null,{"$f":"1900000/30","v":{"v":63333.333333333336,"d":"$ 63,333"}},{"$f":"+G1485*E1485","v":{"v":79.16666666666667,"d":"79 $"}}]
[null,"OFICIAL",null,"DIA",{"$f":"2/8","v":0.25},null,{"$f":"1600000/30","v":{"v":53333.333333333336,"d":"$ 53,333"}},{"$f":"+G1486*E1486","v":{"v":13333.333333333334,"d":"13,333 $"}}]
[null,"AYUDANTE",null,"DIA",{"$f":"2/8","v":0.25},null,{"$f":"1200000/30","v":{"v":40000,"d":"$ 40,000"}},{"$f":"+G1487*E1487","v":{"v":10000,"d":"10,000 $"}}]
[{"$nulls":6},"SUBTOTAL MANO DE OBRA",{"$f":"SUM(H1484:H1487)","v":{"v":23533.333333333336,"d":"23,533"}}]
[null,"EQUIPO Y HERRAMIENTA"]
[null,"DESCRIPCIÓN",null,"UN","CANT","VALOR DIA","VR. UNIT","VR. TOTAL"]
[null,"HERRAMIENTA DE MANO",null,"UN",0.05,{"v":85000,"d":"$ 85,000.00"},{"v":85000,"d":"$ 85,000.00"},{"$f":"G1491*E1491","v":{"v":4250,"d":"4,250 $"}}]
[null,"HERRAMIENTA ESPECIAL",null,"UN",0.05,{"v":170000,"d":"$ 170,000.00"},{"v":170000,"d":"$ 170,000.00"},{"$f":"G1492*E1492","v":{"v":8500,"d":"8,500 $"}}]
[]
[]
[{"$nulls":6},"SUBTOTAL EQUIPO Y HERRAMIENTA",{"$f":"SUM(H1491:H1494)","v":{"v":12750,"d":"12,750"}}]
[null,"TRANSPORTES"]
[null,"DESCRIPCIÓN",null,"UN","CANT","VALOR HORA","VR. UNIT","VR. TOTAL"]
[null,"TRANSPORTE MATERIAL",null,"UN",0.05,{"v":180000,"d":"$ 180,000.00"},{"v":180000,"d":"$ 180,000.00"},{"$f":"G1498*E1498","v":{"v":9000,"d":"9,000 $"}}]
[null,"TRANSPORTE PERSONAL",null,"UN",0.05,{"v":6000,"d":"$ 6,000.00"},{"v":6000,"d":"$ 6,000.00"},{"$f":"G1499*E1499","v":{"v":300,"d":"300 $"}}]
[]
[]
[{"$nulls":5},"SUBTOTAL TRANSPORTES",null,{"$f":"SUM(H1498:H1501)","v":{"v":9300,"d":"9,300"}},{"$f":"H1502+H1495+H1488","v":{"v":45583.333333333336,"d":"45,583"}}]
[null,"TOTAL COSTO DIRECTO",{"$nulls":5},{"$f":"H1502+H1495+H1488+H1481","v":{"v":373438.3333333333,"d":"373,438"}}]
[]
[null,"ADMINISTRACIÓN",null,null,"(Indicar su porcentaje)",null,{"v":0.08,"d":"8.00%"},{"$f":"G1505*H1503","v":{"v":29875.066666666666,"d":"29,875"}}]
[null,"IMPREVISTOS",null,null,"(Indicar su porcentaje)",null,{"v":0.03,"d":"3.00%"},{"$f":"H1503*G1506","v":{"v":11203.15,"d":"11,203"}}]
[null,"UTILIDAD",null,null,"(Indicar su porcentaje)",null,{"v":0.05,"d":"5.00%"},{"$f":"G1507*H1503","v":{"v":18671.916666666668,"d":"18,672"}}]
[null,"PRECIO UNITARIO TOTAL",{"$nulls":5},{"$f":"+H1507+H1506+H1505+H1503","v":{"v":433188.4666666667,"d":"433,188"}}]
[]
[null,"Nombre de la Actividad",{"$nulls":5},"Unidad de Medida"]
[null,"PASE DE CONEXIÓN EN SISTEMA A TIERRA A ARMARIO DE MEDIDORES",{"$nulls":5},"UN "]
[]
[null," MATERIALES"]
[null,"DESCRIPCION",null,"UN","CANT","DESP. %","VR. UNIT","VR. TOTAL"]
[null,"CABLE 2/0 Cu 100% ",null,"ML",{"v":4,"d":"4.00"},{"v":0.05,"d":"5%"},{"v":48675,"d":"$ 48,675."},{"$f":"+G1515*E1515+(G1515*F1515)","v":{"v":197133.75,"d":"197,134 $"}}]
[null,"TUBERIA IMC 1\"",null,"ML",{"v":4,"d":"4.00"},{"v":0.01,"d":"1%"},{"v":32752.5,"d":"$ 32,753."},{"$f":"+G1516*E1516+(G1516*F1516)","v":{"v":131337.525,"d":"131,338 $"}}]
[{"$nulls":6},"SUBTOTAL MATERIALES",{"$f":"SUM(H1515:H1516)","v":{"v":328471.275,"d":"328,471"}}]
[null,"MANO DE OBRA"]
[null,"DESCRIPCIÓN",null,"UN","CANT",null,"VR. UNIT","VR. TOTAL"]
[null,"INGENIERO ELECTRICO",null,"DIA",{"$f":"0.01/8","v":{"v":1.25E-3,"d":"0.00"}},null,{"$f":"2900000/30","v":{"v":96666.66666666667,"d":"$ 96,667"}},{"$f":"+G1520*E1520","v":{"v":120.83333333333334,"d":"121 $"}}]
[null,"INSPECTOR SISO",null,"DIA",{"$f":"0.01/8","v":{"v":1.25E-3,"d":"0.00"}},null,{"$f":"1900000/30","v":{"v":63333.333333333336,"d":"$ 63,333"}},{"$f":"+G1521*E1521","v":{"v":79.16666666666667,"d":"79 $"}}]
[null,"OFICIAL",null,"DIA",{"$f":"2/8","v":0.25},null,{"$f":"1600000/30","v":{"v":53333.333333333336,"d":"$ 53,333"}},{"$f":"+G1522*E1522","v":{"v":13333.333333333334,"d":"13,333 $"}}]
[null,"AYUDANTE",null,"DIA",{"$f":"2/8","v":0.25},null,{"$f":"1200000/30","v":{"v":40000,"d":"$ 40,000"}},{"$f":"+G1523*E1523","v":{"v":10000,"d":"10,000 $"}}]
[{"$nulls":6},"SUBTOTAL MANO DE OBRA",{"$f":"SUM(H1520:H1523)","v":{"v":23533.333333333336,"d":"23,533"}}]
[null,"EQUIPO Y HERRAMIENTA"]
[null,"DESCRIPCIÓN",null,"UN","CANT","VALOR DIA","VR. UNIT","VR. TOTAL"]
[null,"HERRAMIENTA DE MANO",null,"UN",0.05,{"v":85000,"d":"$ 85,000.00"},{"v":85000,"d":"$ 85,000.00"},{"$f":"G1527*E1527","v":{"v":4250,"d":"4,250 $"}}]
[null,"HERRAMIENTA ESPECIAL",null,"UN",0.05,{"v":170000,"d":"$ 170,000.00"},{"v":170000,"d":"$ 170,000.00"},{"$f":"G1528*E1528","v":{"v":8500,"d":"8,500 $"}}]
[]
[]
[{"$nulls":6},"SUBTOTAL EQUIPO Y HERRAMIENTA",{"$f":"SUM(H1527:H1530)","v":{"v":12750,"d":"12,750"}}]
[null,"TRANSPORTES"]
[null,"DESCRIPCIÓN",null,"UN","CANT","VALOR HORA","VR. UNIT","VR. TOTAL"]
[null,"TRANSPORTE MATERIAL",null,"UN",0.05,{"v":180000,"d":"$ 180,000.00"},{"v":180000,"d":"$ 180,000.00"},{"$f":"G1534*E1534","v":{"v":9000,"d":"9,000 $"}}]
[null,"TRANSPORTE PERSONAL",null,"UN",0.05,{"v":6000,"d":"$ 6,000.00"},{"v":6000,"d":"$ 6,000.00"},{"$f":"G1535*E1535","v":{"v":300,"d":"300 $"}}]
[]
[]
[{"$nulls":5},"SUBTOTAL TRANSPORTES",null,{"$f":"SUM(H1534:H1537)","v":{"v":9300,"d":"9,300"}},{"$f":"H1538+H1531+H1524","v":{"v":45583.333333333336,"d":"45,583"}}]
[null,"TOTAL COSTO DIRECTO",{"$nulls":5},{"$f":"H1538+H1531+H1524+H1517","v":{"v":374054.60833333334,"d":"374,055"}}]
[]
[null,"ADMINISTRACIÓN",null,null,"(Indicar su porcentaje)",null,{"v":0.08,"d":"8.00%"},{"$f":"G1541*H1539","v":{"v":29924.36866666667,"d":"29,924"}}]
[null,"IMPREVISTOS",null,null,"(Indicar su porcentaje)",null,{"v":0.03,"d":"3.00%"},{"$f":"H1539*G1542","v":{"v":11221.63825,"d":"11,222"}}]
[null,"UTILIDAD",null,null,"(Indicar su porcentaje)",null,{"v":0.05,"d":"5.00%"},{"$f":"G1543*H1539","v":{"v":18702.73041666667,"d":"18,703"}}]
[null,"PRECIO UNITARIO TOTAL",{"$nulls":5},{"$f":"+H1543+H1542+H1541+H1539","v":{"v":433903.3456666667,"d":"433,903"}}]
[]
[null,"Nombre de la Actividad",{"$nulls":5},"Unidad de Medida"]
[null,"CAJA METALICA 10X10 MAS CONECTOR BIMETALICO ",{"$nulls":5},"UN "]
[]
[null," MATERIALES"]
[null,"DESCRIPCION",null,"UN","CANT","DESP. %","VR. UNIT","VR. TOTAL"]
[null,"CAJA METALICA 10X10X10",null,"UN",{"v":1,"d":"1.00"},{"v":0,"d":"0%"},{"v":34650,"d":"$ 34,650."},{"$f":"+G1551*E1551+(G1551*F1551)","v":{"v":34650,"d":"34,650 $"}}]
[null,"CONECTOR BIMETALICO ",null,"UN",{"v":1,"d":"1.00"},{"v":0,"d":"0%"},{"v":9240,"d":"$ 9,240."},{"$f":"+G1552*E1552+(G1552*F1552)","v":{"v":9240,"d":"9,240 $"}}]
[{"$nulls":6},"SUBTOTAL MATERIALES",{"$f":"SUM(H1551:H1552)","v":{"v":43890,"d":"43,890"}}]
[null,"MANO DE OBRA"]
[null,"DESCRIPCIÓN",null,"UN","CANT",null,"VR. UNIT","VR. TOTAL"]
[null,"INGENIERO ELECTRICO",null,"DIA",{"$f":"0.01/8","v":{"v":1.25E-3,"d":"0.00"}},null,{"$f":"2900000/30","v":{"v":96666.66666666667,"d":"$ 96,667"}},{"$f":"+G1556*E1556","v":{"v":120.83333333333334,"d":"121 $"}}]
[null,"INSPECTOR SISO",null,"DIA",{"$f":"0.01/8","v":{"v":1.25E-3,"d":"0.00"}},null,{"$f":"1900000/30","v":{"v":63333.333333333336,"d":"$ 63,333"}},{"$f":"+G1557*E1557","v":{"v":79.16666666666667,"d":"79 $"}}]
[null,"OFICIAL",null,"DIA",{"$f":"0.5/8","v":{"v":0.0625,"d":"0.06"}},null,{"$f":"1600000/30","v":{"v":53333.333333333336,"d":"$ 53,333"}},{"$f":"+G1558*E1558","v":{"v":3333.3333333333335,"d":"3,333 $"}}]
[null,"AYUDANTE",null,"DIA",{"$f":"0.5/8","v":{"v":0.0625,"d":"0.06"}},null,{"$f":"1200000/30","v":{"v":40000,"d":"$ 40,000"}},{"$f":"+G1559*E1559","v":{"v":2500,"d":"2,500 $"}}]
[{"$nulls":6},"SUBTOTAL MANO DE OBRA",{"$f":"SUM(H1556:H1559)","v":{"v":6033.333333333334,"d":"6,033"}}]
[null,"EQUIPO Y HERRAMIENTA"]
[null,"DESCRIPCIÓN",null,"UN","CANT","VALOR DIA","VR. UNIT","VR. TOTAL"]
[null,"HERRAMIENTA DE MANO",null,"UN",{"v":0.005,"d":"0.01"},{"v":85000,"d":"$ 85,000.00"},{"v":85000,"d":"$ 85,000.00"},{"$f":"G1563*E1563","v":{"v":425,"d":"425 $"}}]
[null,"HERRAMIENTA ESPECIAL",null,"UN",{"v":0.005,"d":"0.01"},{"v":170000,"d":"$ 170,000.00"},{"v":250000,"d":"$ 250,000.00"},{"$f":"G1564*E1564","v":{"v":1250,"d":"1,250 $"}}]
[]
[]
[{"$nulls":6},"SUBTOTAL EQUIPO Y HERRAMIENTA",{"$f":"SUM(H1563:H1566)","v":{"v":1675,"d":"1,675"}}]
[null,"TRANSPORTES"]
[null,"DESCRIPCIÓN",null,"UN","CANT","VALOR HORA","VR. UNIT","VR. TOTAL"]
[null,"TRANSPORTE MATERIAL",null,"UN",{"v":0.005,"d":"0.01"},{"v":180000,"d":"$ 180,000.00"},{"v":180000,"d":"$ 180,000.00"},{"$f":"F1570*E1570","v":{"v":900,"d":"900 $"}}]
[null,"TRANSPORTE PERSONAL",null,"UN",{"v":0.005,"d":"0.01"},{"v":6000,"d":"$ 6,000.00"},{"v":6000,"d":"$ 6,000.00"},{"$f":"F1571*E1571","v":{"v":30,"d":"30 $"}}]
[]
[]
[{"$nulls":5},"SUBTOTAL TRANSPORTES",null,{"$f":"SUM(H1570:H1573)","v":930},{"$f":"H1574+H1567+H1560","v":{"v":8638.333333333334,"d":"8,638"}}]
[null,"TOTAL COSTO DIRECTO",{"$nulls":5},{"$f":"H1574+H1567+H1560+H1553","v":{"v":52528.333333333336,"d":"52,528"}}]
[]
[null,"ADMINISTRACIÓN",null,null,"(Indicar su porcentaje)",null,{"v":0.08,"d":"8.00%"},{"$f":"H1575*G1577","v":{"v":4202.266666666667,"d":"4,202"}}]
[null,"IMPREVISTOS",null,null,"(Indicar su porcentaje)",null,{"v":0.03,"d":"3.00%"},{"$f":"H1575*G1578","v":{"v":1575.85,"d":"1,576"}}]
[null,"UTILIDAD",null,null,"(Indicar su porcentaje)",null,{"v":0.05,"d":"5.00%"},{"$f":"H1575*G1579","v":{"v":2626.416666666667,"d":"2,626"}}]
[null,"PRECIO UNITARIO TOTAL",{"$nulls":5},{"$f":"+H1579+H1578+H1577+H1575","v":{"v":60932.86666666667,"d":"60,933"}}]
[]
[null,"Nombre de la Actividad",{"$nulls":5},"Unidad de Medida"]
[null,"CANALIZACION 1D1\" PVC + 1/0 ALUMINIO ",{"$nulls":5},"UN "]
[]
[null," MATERIALES"]
[null,"DESCRIPCION",null,"UN","CANT","DESP. %","VR. UNIT","VR. TOTAL"]
[null,"TUBERIA PVC 1\"",null,"ML",{"v":1,"d":"1.00"},{"v":0,"d":"0%"},{"v":3052.5,"d":"$ 3,053."},{"$f":"+G1587*E1587+(G1587*F1587)","v":{"v":3052.5,"d":"3,053 $"}}]
[null,"ALUMINIO DESNUDO 1/0",null,"ML",{"v":1,"d":"1.00"},{"v":0,"d":"0%"},{"v":4785,"d":"$ 4,785."},{"$f":"+G1588*E1588+(G1588*F1588)","v":{"v":4785,"d":"4,785 $"}}]
[{"$nulls":6},"SUBTOTAL MATERIALES",{"$f":"SUM(H1587:H1588)","v":{"v":7837.5,"d":"7,838"}}]
[null,"MANO DE OBRA"]
[null,"DESCRIPCIÓN",null,"UN","CANT",null,"VR. UNIT","VR. TOTAL"]
[null,"INGENIERO ELECTRICO",null,"DIA",{"$f":"0.01/8","v":{"v":1.25E-3,"d":"0.00"}},null,{"$f":"2900000/30","v":{"v":96666.66666666667,"d":"$ 96,667"}},{"$f":"+G1592*E1592","v":{"v":120.83333333333334,"d":"121 $"}}]
[null,"INSPECTOR SISO",null,"DIA",{"$f":"0.01/8","v":{"v":1.25E-3,"d":"0.00"}},null,{"$f":"1900000/30","v":{"v":63333.333333333336,"d":"$ 63,333"}},{"$f":"+G1593*E1593","v":{"v":79.16666666666667,"d":"79 $"}}]
[null,"OFICIAL",null,"DIA",{"$f":"0.05/8","v":{"v":0.00625,"d":"0.01"}},null,{"$f":"1600000/30","v":{"v":53333.333333333336,"d":"$ 53,333"}},{"$f":"+G1594*E1594","v":{"v":333.33333333333337,"d":"333 $"}}]
[null,"AYUDANTE",null,"DIA",{"$f":"0.05/8","v":{"v":0.00625,"d":"0.01"}},null,{"$f":"1200000/30","v":{"v":40000,"d":"$ 40,000"}},{"$f":"+G1595*E1595","v":{"v":250,"d":"250 $"}}]
[{"$nulls":6},"SUBTOTAL MANO DE OBRA",{"$f":"SUM(H1592:H1595)","v":{"v":783.3333333333334,"d":"783"}}]
[null,"EQUIPO Y HERRAMIENTA"]
[null,"DESCRIPCIÓN",null,"UN","CANT","VALOR DIA","VR. UNIT","VR. TOTAL"]
[null,"HERRAMIENTA DE MANO",null,"UN",{"v":0.0005,"d":"0.00"},{"v":85000,"d":"$ 85,000.00"},{"v":85000,"d":"$ 85,000.00"},{"$f":"G1599*E1599","v":{"v":42.5,"d":"43 $"}}]
[null,"HERRAMIENTA ESPECIAL",null,"UN",{"v":0.0005,"d":"0.00"},{"v":170000,"d":"$ 170,000.00"},{"v":250000,"d":"$ 250,000.00"},{"$f":"G1600*E1600","v":{"v":125,"d":"125 $"}}]
[]
[]
[{"$nulls":6},"SUBTOTAL EQUIPO Y HERRAMIENTA",{"$f":"SUM(H1599:H1602)","v":{"v":167.5,"d":"168"}}]
[null,"TRANSPORTES"]
[null,"DESCRIPCIÓN",null,"UN","CANT","VALOR HORA","VR. UNIT","VR. TOTAL"]
[null,"TRANSPORTE MATERIAL",null,"UN",{"v":0.0005,"d":"0.00"},{"v":180000,"d":"$ 180,000.00"},{"v":180000,"d":"$ 180,000.00"},{"$f":"F1606*E1606","v":{"v":90,"d":"90 $"}}]
[null,"TRANSPORTE PERSONAL",null,"UN",{"v":0.0005,"d":"0.00"},{"v":6000,"d":"$ 6,000.00"},{"v":6000,"d":"$ 6,000.00"},{"$f":"F1607*E1607","v":{"v":3,"d":"3 $"}}]
[]
[]
[{"$nulls":5},"SUBTOTAL TRANSPORTES",null,{"$f":"SUM(H1606:H1609)","v":93},{"$f":"H1610+H1603+H1596","v":{"v":1043.8333333333335,"d":"1,044"}}]
[null,"TOTAL COSTO DIRECTO",{"$nulls":5},{"$f":"H1610+H1603+H1596+H1589","v":{"v":8881.333333333334,"d":"8,881"}}]
[]
[null,"ADMINISTRACIÓN",null,null,"(Indicar su porcentaje)",null,{"v":0.08,"d":"8.00%"},{"$f":"H1611*G1613","v":{"v":710.5066666666668,"d":"711"}}]
[null,"IMPREVISTOS",null,null,"(Indicar su porcentaje)",null,{"v":0.03,"d":"3.00%"},{"$f":"H1611*G1614","v":{"v":266.44,"d":"266"}}]
[null,"UTILIDAD",null,null,"(Indicar su porcentaje)",null,{"v":0.05,"d":"5.00%"},{"$f":"H1611*G1615","v":{"v":444.0666666666667,"d":"444"}}]
[null,"PRECIO UNITARIO TOTAL",{"$nulls":5},{"$f":"+H1615+H1614+H1613+H1611","v":{"v":10302.346666666668,"d":"10,302"}}]
[]
[null,"Nombre de la Actividad",{"$nulls":5},"Unidad de Medida"]
[null,"PUNTA CAPTADORA IONIZANTE NIVEL IV 33 METROS CON MASTIL DE 2 METROS 1D2\"IMC Y SISTEMA DE ANCLAJE",{"$nulls":5},"UN "]
[]
[null," MATERIALES"]
[null,"DESCRIPCION",null,"UN","CANT","DESP. %","VR. UNIT","VR. TOTAL"]
[null,"PUNTA CAPTADORA IONIZANTE NIVEL IV 33 METROS",null,"ML",{"v":1,"d":"1.00"},{"v":0,"d":"0%"},{"v":6150000,"d":"$ 6,150,000."},{"$f":"+G1623*E1623+(G1623*F1623)","v":{"v":6150000,"d":"6,150,000 $"}}]
[null,"TUBERIA IMC 2\" ",null,"ML",{"v":2,"d":"2.00"},{"v":0.05,"d":"5%"},{"v":97350,"d":"$ 97,350."},{"$f":"+G1624*E1624+(G1624*F1624)","v":{"v":199567.5,"d":"199,568 $"}}]
[null,"SISTEMA ANCLAJE ",null,"UN",{"v":1,"d":"1.00"},{"v":0,"d":"0%"},{"v":239250,"d":"$ 239,250."},{"$f":"+G1625*E1625+(G1625*F1625)","v":{"v":239250,"d":"239,250 $"}}]
[{"$nulls":6},"SUBTOTAL MATERIALES",{"$f":"SUM(H1623:H1625)","v":{"v":6588817.5,"d":"6,588,818"}}]
[null,"MANO DE OBRA"]
[null,"DESCRIPCIÓN",null,"UN","CANT",null,"VR. UNIT","VR. TOTAL"]
[null,"INGENIERO ELECTRICO",null,"DIA",{"$f":"2/8","v":0.25},null,{"$f":"2900000/30","v":{"v":96666.66666666667,"d":"$ 96,667"}},{"$f":"+G1629*E1629","v":{"v":24166.666666666668,"d":"24,167 $"}}]
[null,"INSPECTOR SISO",null,"DIA",{"$f":"2/8","v":0.25},null,{"$f":"1900000/30","v":{"v":63333.333333333336,"d":"$ 63,333"}},{"$f":"+G1630*E1630","v":{"v":15833.333333333334,"d":"15,833 $"}}]
[null,"OFICIAL",null,"DIA",{"$f":"14/8","v":1.75},null,{"$f":"1600000/30","v":{"v":53333.333333333336,"d":"$ 53,333"}},{"$f":"+G1631*E1631","v":{"v":93333.33333333334,"d":"93,333 $"}}]
[null,"AYUDANTE",null,"DIA",{"$f":"14/8","v":1.75},null,{"$f":"1200000/30","v":{"v":40000,"d":"$ 40,000"}},{"$f":"+G1632*E1632","v":{"v":70000,"d":"70,000 $"}}]
[{"$nulls":6},"SUBTOTAL MANO DE OBRA",{"$f":"SUM(H1629:H1632)","v":{"v":203333.33333333334,"d":"203,333"}}]
[null,"EQUIPO Y HERRAMIENTA"]
[null,"DESCRIPCIÓN",null,"UN","CANT","VALOR DIA","VR. UNIT","VR. TOTAL"]
[null,"HERRAMIENTA DE MANO",null,"UN",{"v":1,"d":"1.00"},{"v":85000,"d":"$ 85,000.00"},{"v":85000,"d":"$ 85,000.00"},{"$f":"G1636*E1636","v":{"v":85000,"d":"85,000 $"}}]
[null,"HERRAMIENTA ESPECIAL",null,"UN",{"v":0.5,"d":"0.50"},{"v":170000,"d":"$ 170,000.00"},{"v":250000,"d":"$ 250,000.00"},{"$f":"G1637*E1637","v":{"v":125000,"d":"125,000 $"}}]
[]
[]
[{"$nulls":6},"SUBTOTAL EQUIPO Y HERRAMIENTA",{"$f":"SUM(H1636:H1639)","v":{"v":210000,"d":"210,000"}}]
[null,"TRANSPORTES"]
[null,"DESCRIPCIÓN",null,"UN","CANT","VALOR HORA","VR. UNIT","VR. TOTAL"]
[null,"TRANSPORTE MATERIAL",null,"UN",{"v":1,"d":"1.00"},{"v":180000,"d":"$ 180,000.00"},{"v":180000,"d":"$ 180,000.00"},{"$f":"F1643*E1643","v":{"v":180000,"d":"180,000 $"}}]
[null,"TRANSPORTE PERSONAL",null,"UN",{"v":2,"d":"2.00"},{"v":6000,"d":"$ 6,000.00"},{"v":6000,"d":"$ 6,000.00"},{"$f":"F1644*E1644","v":{"v":12000,"d":"12,000 $"}}]
[]
[]
[{"$nulls":5},"SUBTOTAL TRANSPORTES",null,{"$f":"SUM(H1643:H1646)","v":{"v":192000,"d":"192,000"}},{"$f":"H1647+H1640+H1633","v":{"v":605333.3333333334,"d":"605,333"}}]
[null,"TOTAL COSTO DIRECTO",{"$nulls":5},{"$f":"H1647+H1640+H1633+H1626","v":{"v":7194150.833333333,"d":"7,194,151"}}]
[]
[null,"ADMINISTRACIÓN",null,null,"(Indicar su porcentaje)",null,{"v":0.08,"d":"8.00%"},{"$f":"H1648*G1650","v":{"v":575532.0666666667,"d":"575,532"}}]
[null,"IMPREVISTOS",null,null,"(Indicar su porcentaje)",null,{"v":0.03,"d":"3.00%"},{"$f":"H1648*G1651","v":{"v":215824.525,"d":"215,825"}}]
[null,"UTILIDAD",null,null,"(Indicar su porcentaje)",null,{"v":0.05,"d":"5.00%"},{"$f":"H1648*G1652","v":{"v":359707.5416666667,"d":"359,708"}}]
[null,"PRECIO UNITARIO TOTAL",{"$nulls":5},{"$f":"+H1652+H1651+H1650+H1648","v":{"v":8345214.966666667,"d":"8,345,215"}}]
[]
[null,"Nombre de la Actividad",{"$nulls":5},"Unidad de Medida"]
[null,"SALIDA PARA LUMINARIA LED DE INCRUSTAR 120V / 9W INCLUYE: TUBERIA PVC SCH40- CABLE 12 LH - CAJAS OCTOGONALES - ENCAUCHETADO 3X12 - PRENSAESTOPA - TAPA CIEGA ACCESORIOS DE INSTALACION, NO INCLUYE SUMINISTRO E INSTALACION DE APARATO",{"$nulls":5},"UN "]
[]
[null," MATERIALES"]
[null,"DESCRIPCION",null,"UN","CANT","DESP. %","VR. UNIT","VR. TOTAL"]
[null,"TUBERIA PVC SCH40 3/4\" ",null,"ML",{"v":2,"d":"2.00"},{"v":0.05,"d":"5%"},{"v":3457.74968,"d":"$ 3,458."},{"$f":"+G1660*E1660+(G1660*F1660)","v":{"v":7088.386844,"d":"7,088 $"}}]
[null,"TERMINAL PVC 3/4\"",null,"UN",{"v":2,"d":"2.00"},{"v":0,"d":"0%"},{"v":907.5,"d":"$ 908."},{"$f":"+G1661*E1661+(G1661*F1661)","v":{"v":1815,"d":"1,815 $"}}]
[null,"GRAPA DOBLE OREJA 3/4\"",null,"UN",{"v":1,"d":"1.00"},{"v":0,"d":"0%"},{"v":412.5,"d":"$ 413."},{"$f":"+G1662*E1662+(G1662*F1662)","v":{"v":412.5,"d":"413 $"}}]
[null,"CAJA METALICA OCTAGONAL",null,"UN",{"v":1,"d":"1.00"},{"v":0,"d":"0%"},{"v":2722.5,"d":"$ 2,723."},{"$f":"+G1663*E1663+(G1663*F1663)","v":{"v":2722.5,"d":"2,723 $"}}]
[null,"CHAZO-TORNILLO 1/4\"",null,"UN",{"v":6,"d":"6.00"},{"v":0,"d":"0%"},{"v":247.5,"d":"$ 248."},{"$f":"+G1664*E1664+(G1664*F1664)","v":{"v":1485,"d":"1,485 $"}}]
[null,"CABLE 12 Cu LH",null,"ML",{"v":4,"d":"4.00"},{"v":0.05,"d":"5%"},{"v":2392.5,"d":"$ 2,393."},{"$f":"+G1665*E1665+(G1665*F1665)","v":{"v":9689.625,"d":"9,690 $"}}]
[null,"CABLE DESN 12 Cu",null,"ML",{"v":2,"d":"2.00"},{"v":0.05,"d":"5%"},{"v":1567.5,"d":"$ 1,568."},{"v":3213.375,"d":"3,213 $"}]
[null,"CONECTOR CERTIFICADO",null,"UN",{"v":3,"d":"3.00"},{"v":0,"d":"0%"},{"v":412.5,"d":"$ 413."},{"v":1237.5,"d":"1,238 $"}]
[null,"CINTA AISLANTE NARANJA",null,"UN",0.01,{"v":1E-3,"d":"0%"},{"v":3630,"d":"$ 3,630."},{"v":39.93000000000001,"d":"40 $"}]
[null,"PRENSAESTOPA 1/2\"",null,"UN",{"v":1,"d":"1.00"},{"v":0,"d":"0%"},{"v":2508,"d":"$ 2,508."},{"v":2508,"d":"2,508 $"}]
[null,"CABLE ENCAUCHE. 3X12",null,"ML",{"v":0.6,"d":"0.60"},{"v":0.01,"d":"1%"},{"v":9603,"d":"$ 9,603."},{"v":5857.83,"d":"5,858 $"}]
[null,"TAPA CIEGA CAJA OCTAGONAL",null,"UN",{"v":1,"d":"1.00"},{"v":0,"d":"0%"},{"v":1237.5,"d":"$ 1,238."},{"v":1237.5,"d":"1,238 $"}]
[{"$nulls":6},"SUBTOTAL MATERIALES",{"$f":"SUM(H1660:H1671)","v":{"v":37307.146844,"d":"37,307"}}]
[null,"MANO DE OBRA"]
[null,"DESCRIPCIÓN",null,"UN","CANT",null,"VR. UNIT","VR. TOTAL"]
[null,"INGENIERO ELECTRICO",null,"DIA",{"$f":"0.05/8","v":{"v":0.00625,"d":"0.01"}},null,{"$f":"2900000/30","v":{"v":96666.66666666667,"d":"$ 96,667"}},{"$f":"+G1675*E1675","v":{"v":604.1666666666667,"d":"604 $"}}]
[null,"INSPECTOR SISO",null,"DIA",{"$f":"0.025/8","v":{"v":0.003125,"d":"0.00"}},null,{"$f":"1900000/30","v":{"v":63333.333333333336,"d":"$ 63,333"}},{"$f":"+G1676*E1676","v":{"v":197.91666666666669,"d":"198 $"}}]
[null,"OFICIAL",null,"DIA",{"$f":"2.5/8","v":{"v":0.3125,"d":"0.31"}},null,{"$f":"1600000/30","v":{"v":53333.333333333336,"d":"$ 53,333"}},{"$f":"+G1677*E1677","v":{"v":16666.666666666668,"d":"16,667 $"}}]
[null,"AYUDANTE",null,"DIA",{"$f":"2.5/8","v":{"v":0.3125,"d":"0.31"}},null,{"$f":"1200000/30","v":{"v":40000,"d":"$ 40,000"}},{"$f":"+G1678*E1678","v":{"v":12500,"d":"12,500 $"}}]
[{"$nulls":6},"SUBTOTAL MANO DE OBRA",{"$f":"SUM(H1675:H1678)","v":{"v":29968.75,"d":"29,969"}}]
[null,"EQUIPO Y HERRAMIENTA"]
[null,"DESCRIPCIÓN",null,"UN","CANT","VALOR DIA","VR. UNIT","VR. TOTAL"]
[null,"HERRAMIENTA DE MANO",null,"UN",{"v":0.005,"d":"0.01"},{"v":85000,"d":"$ 85,000.00"},{"v":85000,"d":"$ 85,000.00"},{"$f":"G1682*E1682","v":{"v":425,"d":"425 $"}}]
[null,"HERRAMIENTA ESPECIAL",null,"UN",{"v":0.005,"d":"0.01"},{"v":170000,"d":"$ 170,000.00"},{"v":170000,"d":"$ 170,000.00"},{"$f":"G1683*E1683","v":{"v":850,"d":"850 $"}}]
[]
[]
[{"$nulls":6},"SUBTOTAL EQUIPO Y HERRAMIENTA",{"$f":"SUM(H1682:H1685)","v":{"v":1275,"d":"1,275"}}]
[null,"TRANSPORTES"]
[null,"DESCRIPCIÓN",null,"UN","CANT","VALOR HORA","VR. UNIT","VR. TOTAL"]
[null,"TRANSPORTE MATERIAL",null,"UN",{"v":0.005,"d":"0.01"},{"v":180000,"d":"$ 180,000.00"},{"v":180000,"d":"$ 180,000.00"},{"$f":"G1689*E1689","v":{"v":900,"d":"900 $"}}]
[null,"TRANSPORTE PERSONAL",null,"UN",{"v":0.005,"d":"0.01"},{"v":6000,"d":"$ 6,000.00"},{"v":6000,"d":"$ 6,000.00"},{"$f":"G1690*E1690","v":{"v":30,"d":"30 $"}}]
[]
[]
[{"$nulls":5},"SUBTOTAL TRANSPORTES",null,{"$f":"SUM(H1689:H1692)","v":930},{"$f":"H1693+H1686+H1679","v":{"v":32173.75,"d":"32,174"}}]
[null,"TOTAL COSTO DIRECTO",{"$nulls":5},{"$f":"H1693+H1686+H1679+H1672","v":{"v":69480.896844,"d":"69,481"}}]
[]
[null,"ADMINISTRACIÓN",null,null,"(Indicar su porcentaje)",null,{"v":0.08,"d":"8.00%"},{"$f":"G1696*H1694","v":{"v":5558.4717475200005,"d":"5,558"}}]
[null,"IMPREVISTOS",null,null,"(Indicar su porcentaje)",null,{"v":0.03,"d":"3.00%"},{"$f":"H1694*G1697","v":{"v":2084.42690532,"d":"2,084"}}]
[null,"UTILIDAD",null,null,"(Indicar su porcentaje)",null,{"v":0.05,"d":"5.00%"},{"$f":"G1698*H1694","v":{"v":3474.0448422000004,"d":"3,474"}}]
[null,"PRECIO UNITARIO TOTAL",{"$nulls":5},{"$f":"+H1698+H1697+H1696+H1694","v":{"v":80597.84033904,"d":"80,598"}}]
[]
[null,"Nombre de la Actividad",{"$nulls":5},"Unidad de Medida"]
[null,"SALIDA PARA TOMACORRIENTE DOBLE 120V / GFCI INCLUYE: TUBERIA PVC TIPO A- CABLE 12 LH - CAJAS 5800-2400 - ACCESORIOS DE INSTALACION - TOMACORIENTE GFCI GENESIS",{"$nulls":5},"UN "]
[]
[null," MATERIALES"]
[null,"DESCRIPCION",null,"UN","CANT","DESP. %","VR. UNIT","VR. TOTAL"]
[null,"TUBERIA PVC TIPO A 3/4\" ",null,"ML",{"v":3,"d":"3.00"},{"v":0.05,"d":"5%"},{"v":2475,"d":"$ 2,475."},{"$f":"+G1706*E1706+(G1706*F1706)","v":{"v":7548.75,"d":"7,549 $"}}]
[null,"TERMINAL PVC 3/4\"",null,"UN",{"v":2,"d":"2.00"},{"v":0,"d":"0%"},{"v":907.5,"d":"$ 908."},{"v":1815,"d":"1,815 $"}]
[null,"CAJA METALICA 5800",null,"UN",{"v":0.5,"d":"0.50"},{"v":0,"d":"0%"},{"v":2392.5,"d":"$ 2,393."},{"v":1196.25,"d":"1,196 $"}]
[null,"CAJA METALICA 2400",null,"UN",{"v":0.5,"d":"0.50"},{"v":0,"d":"0%"},{"v":3135,"d":"$ 3,135."},{"v":1567.5,"d":"1,568 $"}]
[null,"CHAZO-TORNILLO 1/4\"",null,"UN",{"v":2,"d":"2.00"},{"v":0,"d":"0%"},{"v":247.5,"d":"$ 248."},{"v":495,"d":"495 $"}]
[null,"CABLE 12 Cu LH",null,"ML",{"v":6,"d":"6.00"},{"v":0.05,"d":"5%"},{"v":2392.5,"d":"$ 2,393."},{"v":14474.625,"d":"14,475 $"}]
[null,"CABLE DESN 12 Cu",null,"ML",{"v":3,"d":"3.00"},{"v":0.05,"d":"5%"},{"v":1567.5,"d":"$ 1,568."},{"v":4780.875,"d":"4,781 $"}]
[null,"CONECTOR CERTIFICADO",null,"UN",{"v":3,"d":"3.00"},{"v":0,"d":"0%"},{"v":412.5,"d":"$ 413."},{"v":1237.5,"d":"1,238 $"}]
[null,"CINTA AISLANTE COLOR",null,"UN",0.01,{"v":1E-3,"d":"0%"},{"v":3630,"d":"$ 3,630."},{"v":39.93000000000001,"d":"40 $"}]
[null,"TOMACORRIENTE DOBLE GENESIS 120V P/T ",null,"UN",{"v":1,"d":"1.00"},{"v":0,"d":"0%"},{"v":60225,"d":"$ 60,225."},{"v":60225,"d":"60,225 $"}]
[{"$nulls":6},"SUBTOTAL MATERIALES",{"$f":"SUM(H1706:H1715)","v":{"v":93380.43,"d":"93,380"}}]
[null,"MANO DE OBRA"]
[null,"DESCRIPCIÓN",null,"UN","CANT",null,"VR. UNIT","VR. TOTAL"]
[null,"INGENIERO ELECTRICO",null,"DIA",{"$f":"0.05/8","v":{"v":0.00625,"d":"0.01"}},null,{"$f":"2900000/30","v":{"v":96666.66666666667,"d":"$ 96,667"}},{"$f":"+G1719*E1719","v":{"v":604.1666666666667,"d":"604 $"}}]
[null,"INSPECTOR SISO",null,"DIA",{"$f":"0.025/8","v":{"v":0.003125,"d":"0.00"}},null,{"$f":"1900000/30","v":{"v":63333.333333333336,"d":"$ 63,333"}},{"$f":"+G1720*E1720","v":{"v":197.91666666666669,"d":"198 $"}}]
[null,"OFICIAL",null,"DIA",{"$f":"2.5/8","v":{"v":0.3125,"d":"0.31"}},null,{"$f":"1600000/30","v":{"v":53333.333333333336,"d":"$ 53,333"}},{"$f":"+G1721*E1721","v":{"v":16666.666666666668,"d":"16,667 $"}}]
[null,"AYUDANTE",null,"DIA",{"$f":"2.5/8","v":{"v":0.3125,"d":"0.31"}},null,{"$f":"1200000/30","v":{"v":40000,"d":"$ 40,000"}},{"$f":"+G1722*E1722","v":{"v":12500,"d":"12,500 $"}}]
[{"$nulls":6},"SUBTOTAL MANO DE OBRA",{"$f":"SUM(H1719:H1722)","v":{"v":29968.75,"d":"29,969"}}]
[null,"EQUIPO Y HERRAMIENTA"]
[null,"DESCRIPCIÓN",null,"UN","CANT","VALOR DIA","VR. UNIT","VR. TOTAL"]
[null,"HERRAMIENTA DE MANO",null,"UN",{"v":0.005,"d":"0.01"},{"v":85000,"d":"$ 85,000.00"},{"v":85000,"d":"$ 85,000.00"},{"$f":"G1726*E1726","v":{"v":425,"d":"425 $"}}]
[null,"HERRAMIENTA ESPECIAL",null,"UN",{"v":0.005,"d":"0.01"},{"v":170000,"d":"$ 170,000.00"},{"v":170000,"d":"$ 170,000.00"},{"$f":"G1727*E1727","v":{"v":850,"d":"850 $"}}]
[]
[]
[{"$nulls":6},"SUBTOTAL EQUIPO Y HERRAMIENTA",{"$f":"SUM(H1726:H1729)","v":{"v":1275,"d":"1,275"}}]
[null,"TRANSPORTES"]
[null,"DESCRIPCIÓN",null,"UN","CANT","VALOR HORA","VR. UNIT","VR. TOTAL"]
[null,"TRANSPORTE MATERIAL",null,"UN",{"v":0.005,"d":"0.01"},{"v":180000,"d":"$ 180,000.00"},{"v":180000,"d":"$ 180,000.00"},{"$f":"G1733*E1733","v":{"v":900,"d":"900 $"}}]
[null,"TRANSPORTE PERSONAL",null,"UN",{"v":0.005,"d":"0.01"},{"v":6000,"d":"$ 6,000.00"},{"v":6000,"d":"$ 6,000.00"},{"$f":"G1734*E1734","v":{"v":30,"d":"30 $"}}]
[]
[]
[{"$nulls":5},"SUBTOTAL TRANSPORTES",null,{"$f":"SUM(H1733:H1736)","v":930},{"$f":"H1737+H1730+H1723","v":{"v":32173.75,"d":"32,174"}}]
[null,"TOTAL COSTO DIRECTO",{"$nulls":5},{"$f":"H1737+H1730+H1723+H1716","v":{"v":125554.18,"d":"125,554"}}]
[]
[null,"ADMINISTRACIÓN",null,null,"(Indicar su porcentaje)",null,{"v":0.08,"d":"8.00%"},{"$f":"G1740*H1738","v":{"v":10044.3344,"d":"10,044"}}]
[null,"IMPREVISTOS",null,null,"(Indicar su porcentaje)",null,{"v":0.03,"d":"3.00%"},{"$f":"H1738*G1741","v":{"v":3766.6253999999994,"d":"3,767"}}]
[null,"UTILIDAD",null,null,"(Indicar su porcentaje)",null,{"v":0.05,"d":"5.00%"},{"$f":"G1742*H1738","v":{"v":6277.709,"d":"6,278"}}]
[null,"PRECIO UNITARIO TOTAL",{"$nulls":5},{"$f":"+H1742+H1741+H1740+H1738","v":{"v":145642.84879999998,"d":"145,643"}}]
[]
[null,"Nombre de la Actividad",{"$nulls":5},"Unidad de Medida"]
[null,"SALIDA PARA TOMACORRIENTE DOBLE 120V / P/T INCLUYE: TUBERIA PVC TIPO A- CABLE 12 LH - CAJAS 5800-2400 - ACCESORIOS DE INSTALACION - TOMACORRIENTE GENESIS",{"$nulls":5},"UN "]
[]
[null," MATERIALES"]
[null,"DESCRIPCION",null,"UN","CANT","DESP. %","VR. UNIT","VR. TOTAL"]
[null,"TUBERIA PVC TIPO A 3/4\" ",null,"ML",{"v":3,"d":"3.00"},{"v":0.05,"d":"5%"},{"v":2475,"d":"$ 2,475."},{"$f":"+G1750*E1750+(G1750*F1750)","v":{"v":7548.75,"d":"7,549 $"}}]
[null,"TERMINAL PVC 3/4\"",null,"UN",{"v":2,"d":"2.00"},{"v":0,"d":"0%"},{"v":907.5,"d":"$ 908."},{"v":1815,"d":"1,815 $"}]
[null,"CAJA METALICA 5800",null,"UN",{"v":0,"d":"0.00"},{"v":0,"d":"0%"},{"v":2392.5,"d":"$ 2,393."},{"v":0,"d":"0 $"}]
[null,"CAJA METALICA 2400",null,"UN",{"v":1,"d":"1.00"},{"v":0,"d":"0%"},{"v":3135,"d":"$ 3,135."},{"v":3135,"d":"3,135 $"}]
[null,"CHAZO-TORNILLO 1/4\"",null,"UN",{"v":2,"d":"2.00"},{"v":0,"d":"0%"},{"v":247.5,"d":"$ 248."},{"v":495,"d":"495 $"}]
[null,"CABLE 12 Cu LH",null,"ML",{"v":6,"d":"6.00"},{"v":0.05,"d":"5%"},{"v":2392.5,"d":"$ 2,393."},{"v":14474.625,"d":"14,475 $"}]
[null,"CABLE DESN 12 Cu",null,"ML",{"v":3,"d":"3.00"},{"v":0.05,"d":"5%"},{"v":1567.5,"d":"$ 1,568."},{"v":4780.875,"d":"4,781 $"}]
[null,"CONECTOR CERTIFICADO",null,"UN",{"v":3,"d":"3.00"},{"v":0,"d":"0%"},{"v":412.5,"d":"$ 413."},{"v":1237.5,"d":"1,238 $"}]
[null,"CINTA AISLANTE COLOR",null,"UN",0.01,{"v":1E-3,"d":"0%"},{"v":3630,"d":"$ 3,630."},{"v":39.93000000000001,"d":"40 $"}]
[null,"TOMACORRIENTE DOBLE GENESIS GFCI 120V P/T ",null,"UN",{"v":1,"d":"1.00"},{"v":0,"d":"0%"},{"v":6913.5,"d":"$ 6,914."},{"v":6913.5,"d":"6,914 $"}]
[{"$nulls":6},"SUBTOTAL MATERIALES",{"$f":"SUM(H1750:H1759)","v":{"v":40440.18,"d":"40,440"}}]
[null,"MANO DE OBRA"]
[null,"DESCRIPCIÓN",null,"UN","CANT",null,"VR. UNIT","VR. TOTAL"]
[null,"INGENIERO ELECTRICO",null,"DIA",{"$f":"0.05/8","v":{"v":0.00625,"d":"0.01"}},null,{"$f":"2900000/30","v":{"v":96666.66666666667,"d":"$ 96,667"}},{"$f":"+G1763*E1763","v":{"v":604.1666666666667,"d":"604 $"}}]
[null,"INSPECTOR SISO",null,"DIA",{"$f":"0.025/8","v":{"v":0.003125,"d":"0.00"}},null,{"$f":"1900000/30","v":{"v":63333.333333333336,"d":"$ 63,333"}},{"$f":"+G1764*E1764","v":{"v":197.91666666666669,"d":"198 $"}}]
[null,"OFICIAL",null,"DIA",{"$f":"2.5/8","v":{"v":0.3125,"d":"0.31"}},null,{"$f":"1600000/30","v":{"v":53333.333333333336,"d":"$ 53,333"}},{"$f":"+G1765*E1765","v":{"v":16666.666666666668,"d":"16,667 $"}}]
[null,"AYUDANTE",null,"DIA",{"$f":"2.5/8","v":{"v":0.3125,"d":"0.31"}},null,{"$f":"1200000/30","v":{"v":40000,"d":"$ 40,000"}},{"$f":"+G1766*E1766","v":{"v":12500,"d":"12,500 $"}}]
[{"$nulls":6},"SUBTOTAL MANO DE OBRA",{"$f":"SUM(H1763:H1766)","v":{"v":29968.75,"d":"29,969"}}]
[null,"EQUIPO Y HERRAMIENTA"]
[null,"DESCRIPCIÓN",null,"UN","CANT","VALOR DIA","VR. UNIT","VR. TOTAL"]
[null,"HERRAMIENTA DE MANO",null,"UN",{"v":0.005,"d":"0.01"},{"v":85000,"d":"$ 85,000.00"},{"v":85000,"d":"$ 85,000.00"},{"$f":"G1770*E1770","v":{"v":425,"d":"425 $"}}]
[null,"HERRAMIENTA ESPECIAL",null,"UN",{"v":0.005,"d":"0.01"},{"v":170000,"d":"$ 170,000.00"},{"v":170000,"d":"$ 170,000.00"},{"$f":"G1771*E1771","v":{"v":850,"d":"850 $"}}]
[]
[]
[{"$nulls":6},"SUBTOTAL EQUIPO Y HERRAMIENTA",{"$f":"SUM(H1770:H1773)","v":{"v":1275,"d":"1,275"}}]
[null,"TRANSPORTES"]
[null,"DESCRIPCIÓN",null,"UN","CANT","VALOR HORA","VR. UNIT","VR. TOTAL"]
[null,"TRANSPORTE MATERIAL",null,"UN",{"v":0.005,"d":"0.01"},{"v":180000,"d":"$ 180,000.00"},{"v":180000,"d":"$ 180,000.00"},{"$f":"G1777*E1777","v":{"v":900,"d":"900 $"}}]
[null,"TRANSPORTE PERSONAL",null,"UN",{"v":0.005,"d":"0.01"},{"v":6000,"d":"$ 6,000.00"},{"v":6000,"d":"$ 6,000.00"},{"$f":"G1778*E1778","v":{"v":30,"d":"30 $"}}]
[]
[]
[{"$nulls":5},"SUBTOTAL TRANSPORTES",null,{"$f":"SUM(H1777:H1780)","v":930},{"$f":"H1781+H1774+H1767","v":{"v":32173.75,"d":"32,174"}}]
[null,"TOTAL COSTO DIRECTO",{"$nulls":5},{"$f":"H1781+H1774+H1767+H1760","v":{"v":72613.93,"d":"72,614"}}]
[]
[null,"ADMINISTRACIÓN",null,null,"(Indicar su porcentaje)",null,{"v":0.08,"d":"8.00%"},{"$f":"G1784*H1782","v":{"v":5809.1143999999995,"d":"5,809"}}]
[null,"IMPREVISTOS",null,null,"(Indicar su porcentaje)",null,{"v":0.03,"d":"3.00%"},{"$f":"H1782*G1785","v":{"v":2178.4179,"d":"2,178"}}]
[null,"UTILIDAD",null,null,"(Indicar su porcentaje)",null,{"v":0.05,"d":"5.00%"},{"$f":"G1786*H1782","v":{"v":3630.6965,"d":"3,631"}}]
[null,"PRECIO UNITARIO TOTAL",{"$nulls":5},{"$f":"+H1786+H1785+H1784+H1782","v":{"v":84232.15879999999,"d":"84,232"}}]
[]
[null,"Nombre de la Actividad",{"$nulls":5},"Unidad de Medida"]
[null,"SALIDA PARA PUERTA VEHICULAR 208V INCLUYE: TUBERIA EMT 3/4\"- CABLE 12 LH - CAJAS 2400 -  ACCESORIOS DE INSTALACION, TOMA TRIFASICA 20A",{"$nulls":5},"UN "]
[]
[null," MATERIALES"]
[null,"DESCRIPCION",null,"UN","CANT","DESP. %","VR. UNIT","VR. TOTAL"]
[null,"TUBERIA EMT 3/4\" ",null,"ML",{"v":10,"d":"10.00"},{"v":0.05,"d":"5%"},{"v":10345.5,"d":"$ 10,346."},{"$f":"+G1794*E1794+(G1794*F1794)","v":{"v":103972.275,"d":"103,972 $"}}]
[null,"TERMINAL EMT 3/4\"",null,"UN",{"v":2,"d":"2.00"},{"v":0,"d":"0%"},{"v":1980,"d":"$ 1,980."},{"v":3960,"d":"3,960 $"}]
[null,"CAJA METALICA 5800",null,"UN",{"v":0,"d":"0.00"},{"v":0,"d":"0%"},{"v":2392.5,"d":"$ 2,393."},{"v":0,"d":"0 $"}]
[null,"CAJA METALICA 2400",null,"UN",{"v":1,"d":"1.00"},{"v":0,"d":"0%"},{"v":3135,"d":"$ 3,135."},{"v":3135,"d":"3,135 $"}]
[null,"CHAZO-TORNILLO 1/4\"",null,"UN",{"v":2,"d":"2.00"},{"v":0,"d":"0%"},{"v":247.5,"d":"$ 248."},{"v":495,"d":"495 $"}]
[null,"CABLE 12 Cu LH",null,"ML",{"v":30,"d":"30.00"},{"v":0.05,"d":"5%"},{"v":2392.5,"d":"$ 2,393."},{"v":71894.625,"d":"71,895 $"}]
[null,"CABLE DESN 12 Cu",null,"ML",{"v":10,"d":"10.00"},{"v":0.05,"d":"5%"},{"v":1567.5,"d":"$ 1,568."},{"v":15753.375,"d":"15,753 $"}]
[null,"CONECTOR CERTIFICADO",null,"UN",{"v":3,"d":"3.00"},{"v":0,"d":"0%"},{"v":412.5,"d":"$ 413."},{"v":1237.5,"d":"1,238 $"}]
[null,"CINTA AISLANTE COLOR",null,"UN",0.01,{"v":1E-3,"d":"0%"},{"v":3630,"d":"$ 3,630."},{"v":39.93000000000001,"d":"40 $"}]
[null,"TOMACORRIENTE TRIFASICA 20A",null,"UN",{"v":1,"d":"1.00"},{"v":0,"d":"0%"},{"v":19800,"d":"$ 19,800."},{"v":19800,"d":"19,800 $"}]
[{"$nulls":6},"SUBTOTAL MATERIALES",{"$f":"SUM(H1794:H1803)","v":{"v":220287.705,"d":"220,288"}}]
[null,"MANO DE OBRA"]
[null,"DESCRIPCIÓN",null,"UN","CANT",null,"VR. UNIT","VR. TOTAL"]
[null,"INGENIERO ELECTRICO",null,"DIA",{"$f":"0.05/8","v":{"v":0.00625,"d":"0.01"}},null,{"$f":"2900000/30","v":{"v":96666.66666666667,"d":"$ 96,667"}},{"$f":"+G1807*E1807","v":{"v":604.1666666666667,"d":"604 $"}}]
[null,"INSPECTOR SISO",null,"DIA",{"$f":"0.025/8","v":{"v":0.003125,"d":"0.00"}},null,{"$f":"1900000/30","v":{"v":63333.333333333336,"d":"$ 63,333"}},{"$f":"+G1808*E1808","v":{"v":197.91666666666669,"d":"198 $"}}]
[null,"OFICIAL",null,"DIA",{"$f":"8/8","v":{"v":1,"d":"1.00"}},null,{"$f":"1600000/30","v":{"v":53333.333333333336,"d":"$ 53,333"}},{"$f":"+G1809*E1809","v":{"v":53333.333333333336,"d":"53,333 $"}}]
[null,"AYUDANTE",null,"DIA",{"$f":"8/8","v":{"v":1,"d":"1.00"}},null,{"$f":"1200000/30","v":{"v":40000,"d":"$ 40,000"}},{"$f":"+G1810*E1810","v":{"v":40000,"d":"40,000 $"}}]
[{"$nulls":6},"SUBTOTAL MANO DE OBRA",{"$f":"SUM(H1807:H1810)","v":{"v":94135.41666666667,"d":"94,135"}}]
[null,"EQUIPO Y HERRAMIENTA"]
[null,"DESCRIPCIÓN",null,"UN","CANT","VALOR DIA","VR. UNIT","VR. TOTAL"]
[null,"HERRAMIENTA DE MANO",null,"UN",{"v":0.005,"d":"0.01"},{"v":85000,"d":"$ 85,000.00"},{"v":85000,"d":"$ 85,000.00"},{"$f":"G1814*E1814","v":{"v":425,"d":"425 $"}}]
[null,"HERRAMIENTA ESPECIAL",null,"UN",{"v":0.005,"d":"0.01"},{"v":170000,"d":"$ 170,000.00"},{"v":170000,"d":"$ 170,000.00"},{"$f":"G1815*E1815","v":{"v":850,"d":"850 $"}}]
[]
[]
[{"$nulls":6},"SUBTOTAL EQUIPO Y HERRAMIENTA",{"$f":"SUM(H1814:H1817)","v":{"v":1275,"d":"1,275"}}]
[null,"TRANSPORTES"]
[null,"DESCRIPCIÓN",null,"UN","CANT","VALOR HORA","VR. UNIT","VR. TOTAL"]
[null,"TRANSPORTE MATERIAL",null,"UN",{"v":0.005,"d":"0.01"},{"v":180000,"d":"$ 180,000.00"},{"v":180000,"d":"$ 180,000.00"},{"$f":"G1821*E1821","v":{"v":900,"d":"900 $"}}]
[null,"TRANSPORTE PERSONAL",null,"UN",{"v":0.005,"d":"0.01"},{"v":6000,"d":"$ 6,000.00"},{"v":6000,"d":"$ 6,000.00"},{"$f":"G1822*E1822","v":{"v":30,"d":"30 $"}}]
[]
[]
[{"$nulls":5},"SUBTOTAL TRANSPORTES",null,{"$f":"SUM(H1821:H1824)","v":930},{"$f":"H1825+H1818+H1811","v":{"v":96340.41666666667,"d":"96,340"}}]
[null,"TOTAL COSTO DIRECTO",{"$nulls":5},{"$f":"H1825+H1818+H1811+H1804","v":{"v":316628.12166666664,"d":"316,628"}}]
[]
[null,"ADMINISTRACIÓN",null,null,"(Indicar su porcentaje)",null,{"v":0.08,"d":"8.00%"},{"$f":"G1828*H1826","v":{"v":25330.24973333333,"d":"25,330"}}]
[null,"IMPREVISTOS",null,null,"(Indicar su porcentaje)",null,{"v":0.03,"d":"3.00%"},{"$f":"H1826*G1829","v":{"v":9498.843649999999,"d":"9,499"}}]
[null,"UTILIDAD",null,null,"(Indicar su porcentaje)",null,{"v":0.05,"d":"5.00%"},{"$f":"G1830*H1826","v":{"v":15831.406083333333,"d":"15,831"}}]
[null,"PRECIO UNITARIO TOTAL",{"$nulls":5},{"$f":"+H1830+H1829+H1828+H1826","v":{"v":367288.6211333333,"d":"367,289"}}]
[]
[null,"Nombre de la Actividad",{"$nulls":5},"Unidad de Medida"]
[null,"SALIDA PARA ASCENSOR VEHICULAR 208V INCLUYE: TUBERIA EMT 1 1/4\"\"- CABLE 4 LH - CAJAS 2400 -  ACCESORIOS DE INSTALACION, NO INCLUYE SUMINISTRO E INSTALACION DE APARATO,TOMA TRIFASICA 60A",{"$nulls":5},"UN "]
[]
[null," MATERIALES"]
[null,"DESCRIPCION",null,"UN","CANT","DESP. %","VR. UNIT","VR. TOTAL"]
[null,"TUBERIA EMT 3/4\" ",null,"ML",{"v":10,"d":"10.00"},{"v":0.05,"d":"5%"},{"v":10345.5,"d":"$ 10,346."},{"$f":"+G1838*E1838+(G1838*F1838)","v":{"v":103972.275,"d":"103,972 $"}}]
[null,"TERMINAL EMT 3/4\"",null,"UN",{"v":2,"d":"2.00"},{"v":0,"d":"0%"},{"v":1980,"d":"$ 1,980."},{"v":3960,"d":"3,960 $"}]
[null,"CAJA METALICA 5800",null,"UN",{"v":0,"d":"0.00"},{"v":0,"d":"0%"},{"v":2392.5,"d":"$ 2,393."},{"v":0,"d":"0 $"}]
[null,"CAJA METALICA 2400",null,"UN",{"v":1,"d":"1.00"},{"v":0,"d":"0%"},{"v":3135,"d":"$ 3,135."},{"v":3135,"d":"3,135 $"}]
[null,"CHAZO-TORNILLO 1/4\"",null,"UN",{"v":2,"d":"2.00"},{"v":0,"d":"0%"},{"v":247.5,"d":"$ 248."},{"v":495,"d":"495 $"}]
[null,"CABLE 4 Cu LH",null,"ML",{"v":30,"d":"30.00"},{"v":0.05,"d":"5%"},{"v":16500,"d":"$ 16,500."},{"v":495825,"d":"495,825 $"}]
[null,"CABLE DESN 8 Cu",null,"ML",{"v":10,"d":"10.00"},{"v":0.05,"d":"5%"},{"v":5775,"d":"$ 5,775."},{"v":58038.75,"d":"58,039 $"}]
[null,"CONECTOR CERTIFICADO",null,"UN",{"v":3,"d":"3.00"},{"v":0,"d":"0%"},{"v":412.5,"d":"$ 413."},{"v":1237.5,"d":"1,238 $"}]
[null,"CINTA AISLANTE COLOR",null,"UN",0.01,{"v":1E-3,"d":"0%"},{"v":3630,"d":"$ 3,630."},{"v":39.93000000000001,"d":"40 $"}]
[null,"TOMACORRIENTE TRIFASICA 60A",null,"UN",{"v":1,"d":"1.00"},{"v":0,"d":"0%"},{"v":60225,"d":"$ 60,225."},{"v":60225,"d":"60,225 $"}]
[{"$nulls":6},"SUBTOTAL MATERIALES",{"$f":"SUM(H1838:H1847)","v":{"v":726928.4550000001,"d":"726,928"}}]
[null,"MANO DE OBRA"]
[null,"DESCRIPCIÓN",null,"UN","CANT",null,"VR. UNIT","VR. TOTAL"]
[null,"INGENIERO ELECTRICO",null,"DIA",{"$f":"0.05/8","v":{"v":0.00625,"d":"0.01"}},null,{"$f":"2900000/30","v":{"v":96666.66666666667,"d":"$ 96,667"}},{"$f":"+G1851*E1851","v":{"v":604.1666666666667,"d":"604 $"}}]
[null,"INSPECTOR SISO",null,"DIA",{"$f":"0.025/8","v":{"v":0.003125,"d":"0.00"}},null,{"$f":"1900000/30","v":{"v":63333.333333333336,"d":"$ 63,333"}},{"$f":"+G1852*E1852","v":{"v":197.91666666666669,"d":"198 $"}}]
[null,"OFICIAL",null,"DIA",{"$f":"8/8","v":{"v":1,"d":"1.00"}},null,{"$f":"1600000/30","v":{"v":53333.333333333336,"d":"$ 53,333"}},{"$f":"+G1853*E1853","v":{"v":53333.333333333336,"d":"53,333 $"}}]
[null,"AYUDANTE",null,"DIA",{"$f":"8/8","v":{"v":1,"d":"1.00"}},null,{"$f":"1200000/30","v":{"v":40000,"d":"$ 40,000"}},{"$f":"+G1854*E1854","v":{"v":40000,"d":"40,000 $"}}]
[{"$nulls":6},"SUBTOTAL MANO DE OBRA",{"$f":"SUM(H1851:H1854)","v":{"v":94135.41666666667,"d":"94,135"}}]
[null,"EQUIPO Y HERRAMIENTA"]
[null,"DESCRIPCIÓN",null,"UN","CANT","VALOR DIA","VR. UNIT","VR. TOTAL"]
[null,"HERRAMIENTA DE MANO",null,"UN",{"v":0.005,"d":"0.01"},{"v":85000,"d":"$ 85,000.00"},{"v":85000,"d":"$ 85,000.00"},{"$f":"G1858*E1858","v":{"v":425,"d":"425 $"}}]
[null,"HERRAMIENTA ESPECIAL",null,"UN",{"v":0.005,"d":"0.01"},{"v":170000,"d":"$ 170,000.00"},{"v":170000,"d":"$ 170,000.00"},{"$f":"G1859*E1859","v":{"v":850,"d":"850 $"}}]
[]
[]
[{"$nulls":6},"SUBTOTAL EQUIPO Y HERRAMIENTA",{"$f":"SUM(H1858:H1861)","v":{"v":1275,"d":"1,275"}}]
[null,"TRANSPORTES"]
[null,"DESCRIPCIÓN",null,"UN","CANT","VALOR HORA","VR. UNIT","VR. TOTAL"]
[null,"TRANSPORTE MATERIAL",null,"UN",{"v":0.005,"d":"0.01"},{"v":180000,"d":"$ 180,000.00"},{"v":180000,"d":"$ 180,000.00"},{"$f":"G1865*E1865","v":{"v":900,"d":"900 $"}}]
[null,"TRANSPORTE PERSONAL",null,"UN",{"v":0.005,"d":"0.01"},{"v":6000,"d":"$ 6,000.00"},{"v":6000,"d":"$ 6,000.00"},{"$f":"G1866*E1866","v":{"v":30,"d":"30 $"}}]
[]
[]
[{"$nulls":5},"SUBTOTAL TRANSPORTES",null,{"$f":"SUM(H1865:H1868)","v":930},{"$f":"H1869+H1862+H1855","v":{"v":96340.41666666667,"d":"96,340"}}]
[null,"TOTAL COSTO DIRECTO",{"$nulls":5},{"$f":"H1869+H1862+H1855+H1848","v":{"v":823268.8716666667,"d":"823,269"}}]
[]
[null,"ADMINISTRACIÓN",null,null,"(Indicar su porcentaje)",null,{"v":0.08,"d":"8.00%"},{"$f":"G1872*H1870","v":{"v":65861.50973333334,"d":"65,862"}}]
[null,"IMPREVISTOS",null,null,"(Indicar su porcentaje)",null,{"v":0.03,"d":"3.00%"},{"$f":"H1870*G1873","v":{"v":24698.06615,"d":"24,698"}}]
[null,"UTILIDAD",null,null,"(Indicar su porcentaje)",null,{"v":0.05,"d":"5.00%"},{"$f":"G1874*H1870","v":{"v":41163.44358333334,"d":"41,163"}}]
[null,"PRECIO UNITARIO TOTAL",{"$nulls":5},{"$f":"+H1874+H1873+H1872+H1870","v":{"v":954991.8911333333,"d":"954,992"}}]
[]
[null,"Nombre de la Actividad",{"$nulls":5},"Unidad de Medida"]
[null,"SALIDA PARA INTERRUPTOR SENCILLO INCLUYE: TUBERIA PVC TIPO A- CABLE 12 LH  - CAJAS 5800-2400 - ACCESORIOS DE INSTALACION - INTERRUPTOR SENCILLO GENESIS",{"$nulls":5},"UN "]
[]
[null," MATERIALES"]
[null,"DESCRIPCION",null,"UN","CANT","DESP. %","VR. UNIT","VR. TOTAL"]
[null,"TUBERIA PVC TIPO A 3/4\" ",null,"ML",{"v":1.5,"d":"1.50"},{"v":0.05,"d":"5%"},{"v":2475,"d":"$ 2,475."},{"$f":"+G1882*E1882+(G1882*F1882)","v":{"v":3836.25,"d":"3,836 $"}}]
[null,"TERMINAL PVC 3/4\"",null,"UN",{"v":2,"d":"2.00"},{"v":0,"d":"0%"},{"v":907.5,"d":"$ 908."},{"v":1815,"d":"1,815 $"}]
[null,"CAJA METALICA 5800",null,"UN",{"v":0.5,"d":"0.50"},{"v":0,"d":"0%"},{"v":2392.5,"d":"$ 2,393."},{"v":1196.25,"d":"1,196 $"}]
[null,"CAJA METALICA 2400",null,"UN",{"v":0.5,"d":"0.50"},{"v":0,"d":"0%"},{"v":3135,"d":"$ 3,135."},{"v":1567.5,"d":"1,568 $"}]
[null,"CHAZO-TORNILLO 1/4\"",null,"UN",{"v":2,"d":"2.00"},{"v":0,"d":"0%"},{"v":247.5,"d":"$ 248."},{"v":495,"d":"495 $"}]
[null,"CABLE 12 Cu LH",null,"ML",{"v":3,"d":"3.00"},{"v":0.05,"d":"5%"},{"v":2392.5,"d":"$ 2,393."},{"v":7297.125,"d":"7,297 $"}]
[null,"CABLE DESN 12 Cu",null,"ML",{"v":1.5,"d":"1.50"},{"v":0.05,"d":"5%"},{"v":1567.5,"d":"$ 1,568."},{"v":2429.625,"d":"2,430 $"}]
[null,"CONECTOR CERTIFICADO",null,"UN",{"v":3,"d":"3.00"},{"v":0,"d":"0%"},{"v":412.5,"d":"$ 413."},{"v":1237.5,"d":"1,238 $"}]
[null,"CINTA AISLANTE COLOR",null,"UN",0.01,{"v":1E-3,"d":"0%"},{"v":3630,"d":"$ 3,630."},{"v":39.93000000000001,"d":"40 $"}]
[null,"INTERRUPTOR SENCILLO GENESIS",null,"UN",{"v":1,"d":"1.00"},{"v":0,"d":"0%"},{"v":6682.5,"d":"$ 6,683."},{"v":6682.5,"d":"6,683 $"}]
[{"$nulls":6},"SUBTOTAL MATERIALES",{"$f":"SUM(H1882:H1891)","v":{"v":26596.68,"d":"26,597"}}]
[null,"MANO DE OBRA"]
[null,"DESCRIPCIÓN",null,"UN","CANT",null,"VR. UNIT","VR. TOTAL"]
[null,"INGENIERO ELECTRICO",null,"DIA",{"$f":"0.05/8","v":{"v":0.00625,"d":"0.01"}},null,{"$f":"2900000/30","v":{"v":96666.66666666667,"d":"$ 96,667"}},{"$f":"+G1895*E1895","v":{"v":604.1666666666667,"d":"604 $"}}]
[null,"INSPECTOR SISO",null,"DIA",{"$f":"0.025/8","v":{"v":0.003125,"d":"0.00"}},null,{"$f":"1900000/30","v":{"v":63333.333333333336,"d":"$ 63,333"}},{"$f":"+G1896*E1896","v":{"v":197.91666666666669,"d":"198 $"}}]
[null,"OFICIAL",null,"DIA",{"$f":"2.5/8","v":{"v":0.3125,"d":"0.31"}},null,{"$f":"1600000/30","v":{"v":53333.333333333336,"d":"$ 53,333"}},{"$f":"+G1897*E1897","v":{"v":16666.666666666668,"d":"16,667 $"}}]
[null,"AYUDANTE",null,"DIA",{"$f":"2.5/8","v":{"v":0.3125,"d":"0.31"}},null,{"$f":"1200000/30","v":{"v":40000,"d":"$ 40,000"}},{"$f":"+G1898*E1898","v":{"v":12500,"d":"12,500 $"}}]
[{"$nulls":6},"SUBTOTAL MANO DE OBRA",{"$f":"SUM(H1895:H1898)","v":{"v":29968.75,"d":"29,969"}}]
[null,"EQUIPO Y HERRAMIENTA"]
[null,"DESCRIPCIÓN",null,"UN","CANT","VALOR DIA","VR. UNIT","VR. TOTAL"]
[null,"HERRAMIENTA DE MANO",null,"UN",{"v":0.005,"d":"0.01"},{"v":85000,"d":"$ 85,000.00"},{"v":85000,"d":"$ 85,000.00"},{"$f":"G1902*E1902","v":{"v":425,"d":"425 $"}}]
[null,"HERRAMIENTA ESPECIAL",null,"UN",{"v":0.005,"d":"0.01"},{"v":170000,"d":"$ 170,000.00"},{"v":170000,"d":"$ 170,000.00"},{"$f":"G1903*E1903","v":{"v":850,"d":"850 $"}}]
[]
[]
[{"$nulls":6},"SUBTOTAL EQUIPO Y HERRAMIENTA",{"$f":"SUM(H1902:H1905)","v":{"v":1275,"d":"1,275"}}]
[null,"TRANSPORTES"]
[null,"DESCRIPCIÓN",null,"UN","CANT","VALOR HORA","VR. UNIT","VR. TOTAL"]
[null,"TRANSPORTE MATERIAL",null,"UN",{"v":0.005,"d":"0.01"},{"v":180000,"d":"$ 180,000.00"},{"v":180000,"d":"$ 180,000.00"},{"$f":"G1909*E1909","v":{"v":900,"d":"900 $"}}]
[null,"TRANSPORTE PERSONAL",null,"UN",{"v":0.005,"d":"0.01"},{"v":6000,"d":"$ 6,000.00"},{"v":6000,"d":"$ 6,000.00"},{"$f":"G1910*E1910","v":{"v":30,"d":"30 $"}}]
[]
[]
[{"$nulls":5},"SUBTOTAL TRANSPORTES",null,{"$f":"SUM(H1909:H1912)","v":930},{"$f":"H1913+H1906+H1899","v":{"v":32173.75,"d":"32,174"}}]
[null,"TOTAL COSTO DIRECTO",{"$nulls":5},{"$f":"H1913+H1906+H1899+H1892","v":{"v":58770.43,"d":"58,770"}}]
[]
[null,"ADMINISTRACIÓN",null,null,"(Indicar su porcentaje)",null,{"v":0.08,"d":"8.00%"},{"$f":"G1916*H1914","v":{"v":4701.6344,"d":"4,702"}}]
[null,"IMPREVISTOS",null,null,"(Indicar su porcentaje)",null,{"v":0.03,"d":"3.00%"},{"$f":"H1914*G1917","v":{"v":1763.1128999999999,"d":"1,763"}}]
[null,"UTILIDAD",null,null,"(Indicar su porcentaje)",null,{"v":0.05,"d":"5.00%"},{"$f":"G1918*H1914","v":{"v":2938.5215000000003,"d":"2,939"}}]
[null,"PRECIO UNITARIO TOTAL",{"$nulls":5},{"$f":"+H1918+H1917+H1916+H1914","v":{"v":68173.6988,"d":"68,174"}}]
[]
[null,"Nombre de la Actividad",{"$nulls":5},"Unidad de Medida"]
[null,"SALIDA PARA INTERRUPTOR DOBLE INCLUYE: TUBERIA PVC TIPO A- CABLE 12 LH  - CAJAS 5800-2400 - ACCESORIOS DE INSTALACION - INTERRUPTOR DOBLE GENESIS",{"$nulls":5},"UN "]
[]
[null," MATERIALES"]
[null,"DESCRIPCION",null,"UN","CANT","DESP. %","VR. UNIT","VR. TOTAL"]
[null,"TUBERIA PVC TIPO A 3/4\" ",null,"ML",{"v":1.5,"d":"1.50"},{"v":0.05,"d":"5%"},{"v":2475,"d":"$ 2,475."},{"$f":"+G1926*E1926+(G1926*F1926)","v":{"v":3836.25,"d":"3,836 $"}}]
[null,"TERMINAL PVC 3/4\"",null,"UN",{"v":2,"d":"2.00"},{"v":0,"d":"0%"},{"v":907.5,"d":"$ 908."},{"v":1815,"d":"1,815 $"}]
[null,"CAJA METALICA 5800",null,"UN",{"v":0.5,"d":"0.50"},{"v":0,"d":"0%"},{"v":2392.5,"d":"$ 2,393."},{"v":1196.25,"d":"1,196 $"}]
[null,"CAJA METALICA 2400",null,"UN",{"v":0.5,"d":"0.50"},{"v":0,"d":"0%"},{"v":3135,"d":"$ 3,135."},{"v":1567.5,"d":"1,568 $"}]
[null,"CHAZO-TORNILLO 1/4\"",null,"UN",{"v":2,"d":"2.00"},{"v":0,"d":"0%"},{"v":247.5,"d":"$ 248."},{"v":495,"d":"495 $"}]
[null,"CABLE 12 Cu LH",null,"ML",{"v":4.5,"d":"4.50"},{"v":0.05,"d":"5%"},{"v":2392.5,"d":"$ 2,393."},{"v":10885.875,"d":"10,886 $"}]
[null,"CABLE DESN 12 Cu",null,"ML",{"v":1.5,"d":"1.50"},{"v":0.05,"d":"5%"},{"v":1567.5,"d":"$ 1,568."},{"v":2429.625,"d":"2,430 $"}]
[null,"CONECTOR CERTIFICADO",null,"UN",{"v":3,"d":"3.00"},{"v":0,"d":"0%"},{"v":412.5,"d":"$ 413."},{"v":1237.5,"d":"1,238 $"}]
[null,"CINTA AISLANTE COLOR",null,"UN",0.01,{"v":1E-3,"d":"0%"},{"v":3630,"d":"$ 3,630."},{"v":39.93000000000001,"d":"40 $"}]
[null,"INTERRUPTOR DOBLE GENESIS",null,"UN",{"v":1,"d":"1.00"},{"v":0,"d":"0%"},{"v":9570,"d":"$ 9,570."},{"v":9570,"d":"9,570 $"}]
[{"$nulls":6},"SUBTOTAL MATERIALES",{"$f":"SUM(H1926:H1935)","v":{"v":33072.93,"d":"33,073"}}]
[null,"MANO DE OBRA"]
[null,"DESCRIPCIÓN",null,"UN","CANT",null,"VR. UNIT","VR. TOTAL"]
[null,"INGENIERO ELECTRICO",null,"DIA",{"$f":"0.05/8","v":{"v":0.00625,"d":"0.01"}},null,{"$f":"2900000/30","v":{"v":96666.66666666667,"d":"$ 96,667"}},{"$f":"+G1939*E1939","v":{"v":604.1666666666667,"d":"604 $"}}]
[null,"INSPECTOR SISO",null,"DIA",{"$f":"0.025/8","v":{"v":0.003125,"d":"0.00"}},null,{"$f":"1900000/30","v":{"v":63333.333333333336,"d":"$ 63,333"}},{"$f":"+G1940*E1940","v":{"v":197.91666666666669,"d":"198 $"}}]
[null,"OFICIAL",null,"DIA",{"$f":"2.5/8","v":{"v":0.3125,"d":"0.31"}},null,{"$f":"1600000/30","v":{"v":53333.333333333336,"d":"$ 53,333"}},{"$f":"+G1941*E1941","v":{"v":16666.666666666668,"d":"16,667 $"}}]
[null,"AYUDANTE",null,"DIA",{"$f":"2.5/8","v":{"v":0.3125,"d":"0.31"}},null,{"$f":"1200000/30","v":{"v":40000,"d":"$ 40,000"}},{"$f":"+G1942*E1942","v":{"v":12500,"d":"12,500 $"}}]
[{"$nulls":6},"SUBTOTAL MANO DE OBRA",{"$f":"SUM(H1939:H1942)","v":{"v":29968.75,"d":"29,969"}}]
[null,"EQUIPO Y HERRAMIENTA"]
[null,"DESCRIPCIÓN",null,"UN","CANT","VALOR DIA","VR. UNIT","VR. TOTAL"]
[null,"HERRAMIENTA DE MANO",null,"UN",{"v":0.005,"d":"0.01"},{"v":85000,"d":"$ 85,000.00"},{"v":85000,"d":"$ 85,000.00"},{"$f":"G1946*E1946","v":{"v":425,"d":"425 $"}}]
[null,"HERRAMIENTA ESPECIAL",null,"UN",{"v":0.005,"d":"0.01"},{"v":170000,"d":"$ 170,000.00"},{"v":170000,"d":"$ 170,000.00"},{"$f":"G1947*E1947","v":{"v":850,"d":"850 $"}}]
[]
[]
[{"$nulls":6},"SUBTOTAL EQUIPO Y HERRAMIENTA",{"$f":"SUM(H1946:H1949)","v":{"v":1275,"d":"1,275"}}]
[null,"TRANSPORTES"]
[null,"DESCRIPCIÓN",null,"UN","CANT","VALOR HORA","VR. UNIT","VR. TOTAL"]
[null,"TRANSPORTE MATERIAL",null,"UN",{"v":0.005,"d":"0.01"},{"v":180000,"d":"$ 180,000.00"},{"v":180000,"d":"$ 180,000.00"},{"$f":"G1953*E1953","v":{"v":900,"d":"900 $"}}]
[null,"TRANSPORTE PERSONAL",null,"UN",{"v":0.005,"d":"0.01"},{"v":6000,"d":"$ 6,000.00"},{"v":6000,"d":"$ 6,000.00"},{"$f":"G1954*E1954","v":{"v":30,"d":"30 $"}}]
[]
[]
[{"$nulls":5},"SUBTOTAL TRANSPORTES",null,{"$f":"SUM(H1953:H1956)","v":930},{"$f":"H1957+H1950+H1943","v":{"v":32173.75,"d":"32,174"}}]
[null,"TOTAL COSTO DIRECTO",{"$nulls":5},{"$f":"H1957+H1950+H1943+H1936","v":{"v":65246.68,"d":"65,247"}}]
[]
[null,"ADMINISTRACIÓN",null,null,"(Indicar su porcentaje)",null,{"v":0.08,"d":"8.00%"},{"$f":"G1960*H1958","v":{"v":5219.7344,"d":"5,220"}}]
[null,"IMPREVISTOS",null,null,"(Indicar su porcentaje)",null,{"v":0.03,"d":"3.00%"},{"$f":"H1958*G1961","v":{"v":1957.4004,"d":"1,957"}}]
[null,"UTILIDAD",null,null,"(Indicar su porcentaje)",null,{"v":0.05,"d":"5.00%"},{"$f":"G1962*H1958","v":{"v":3262.3340000000003,"d":"3,262"}}]
[null,"PRECIO UNITARIO TOTAL",{"$nulls":5},{"$f":"+H1962+H1961+H1960+H1958","v":{"v":75686.1488,"d":"75,686"}}]
[]
[null,"Nombre de la Actividad",{"$nulls":5},"Unidad de Medida"]
[null,"TRANSFERENCIA ELECTRICA 80A AUTOMATICA A BASE DE CONTACTORES AC3",{"$nulls":5},"UN "]
[]
[null," MATERIALES"]
[null,"DESCRIPCION",null,"UN","CANT","DESP. %","VR. UNIT","VR. TOTAL"]
[null,"TRANSFERENCIA ELECTRICA 80A AUTOMATICA A BASE DE CONTACTORES AC3",null,"UN",{"v":1,"d":"1.00"},{"v":0,"d":"0%"},{"v":1670000,"d":"$ 1,670,000."},{"$f":"+G1970*E1970+(G1970*F1970)","v":{"v":1670000,"d":"1,670,000 $"}}]
[{"$nulls":6},"SUBTOTAL MATERIALES",{"$f":"SUM(H1970:H1970)","v":{"v":1670000,"d":"1,670,000"}}]
[null,"MANO DE OBRA"]
[null,"DESCRIPCIÓN",null,"UN","CANT",null,"VR. UNIT","VR. TOTAL"]
[null,"INGENIERO ELECTRICO",null,"DIA",{"$f":"0.05/8","v":{"v":0.00625,"d":"0.01"}},null,{"$f":"2900000/30","v":{"v":96666.66666666667,"d":"$ 96,667"}},{"$f":"+G1974*E1974","v":{"v":604.1666666666667,"d":"604 $"}}]
[null,"INSPECTOR SISO",null,"DIA",{"$f":"0.025/8","v":{"v":0.003125,"d":"0.00"}},null,{"$f":"1900000/30","v":{"v":63333.333333333336,"d":"$ 63,333"}},{"$f":"+G1975*E1975","v":{"v":197.91666666666669,"d":"198 $"}}]
[null,"OFICIAL",null,"DIA",{"$f":"4/8","v":{"v":0.5,"d":"0.50"}},null,{"$f":"1600000/30","v":{"v":53333.333333333336,"d":"$ 53,333"}},{"$f":"+G1976*E1976","v":{"v":26666.666666666668,"d":"26,667 $"}}]
[null,"AYUDANTE",null,"DIA",{"$f":"4/8","v":{"v":0.5,"d":"0.50"}},null,{"$f":"1200000/30","v":{"v":40000,"d":"$ 40,000"}},{"$f":"+G1977*E1977","v":{"v":20000,"d":"20,000 $"}}]
[{"$nulls":6},"SUBTOTAL MANO DE OBRA",{"$f":"SUM(H1974:H1977)","v":{"v":47468.75,"d":"47,469"}}]
[null,"EQUIPO Y HERRAMIENTA"]
[null,"DESCRIPCIÓN",null,"UN","CANT","VALOR DIA","VR. UNIT","VR. TOTAL"]
[null,"HERRAMIENTA DE MANO",null,"UN",{"v":0.005,"d":"0.01"},{"v":85000,"d":"$ 85,000.00"},{"v":85000,"d":"$ 85,000.00"},{"$f":"G1981*E1981","v":{"v":425,"d":"425 $"}}]
[null,"HERRAMIENTA ESPECIAL",null,"UN",{"v":0.005,"d":"0.01"},{"v":170000,"d":"$ 170,000.00"},{"v":170000,"d":"$ 170,000.00"},{"$f":"G1982*E1982","v":{"v":850,"d":"850 $"}}]
[]
[]
[{"$nulls":6},"SUBTOTAL EQUIPO Y HERRAMIENTA",{"$f":"SUM(H1981:H1984)","v":{"v":1275,"d":"1,275"}}]
[null,"TRANSPORTES"]
[null,"DESCRIPCIÓN",null,"UN","CANT","VALOR HORA","VR. UNIT","VR. TOTAL"]
[null,"TRANSPORTE MATERIAL",null,"UN",{"v":0.5,"d":"0.50"},{"v":180000,"d":"$ 180,000.00"},{"v":180000,"d":"$ 180,000.00"},{"$f":"G1988*E1988","v":{"v":90000,"d":"90,000 $"}}]
[null,"TRANSPORTE PERSONAL",null,"UN",{"v":0.005,"d":"0.01"},{"v":6000,"d":"$ 6,000.00"},{"v":6000,"d":"$ 6,000.00"},{"$f":"G1989*E1989","v":{"v":30,"d":"30 $"}}]
[]
[]
[{"$nulls":5},"SUBTOTAL TRANSPORTES",null,{"$f":"SUM(H1988:H1991)","v":{"v":90030,"d":"90,030"}},{"$f":"H1992+H1985+H1978","v":{"v":138773.75,"d":"138,774"}}]
[null,"TOTAL COSTO DIRECTO",{"$nulls":5},{"$f":"H1992+H1985+H1978+H1971","v":{"v":1808773.75,"d":"1,808,774"}}]
[]
[null,"ADMINISTRACIÓN",null,null,"(Indicar su porcentaje)",null,{"v":0.08,"d":"8.00%"},{"$f":"G1995*H1993","v":{"v":144701.9,"d":"144,702"}}]
[null,"IMPREVISTOS",null,null,"(Indicar su porcentaje)",null,{"v":0.03,"d":"3.00%"},{"$f":"H1993*G1996","v":{"v":54263.2125,"d":"54,263"}}]
[null,"UTILIDAD",null,null,"(Indicar su porcentaje)",null,{"v":0.05,"d":"5.00%"},{"$f":"G1997*H1993","v":{"v":90438.6875,"d":"90,439"}}]
[null,"PRECIO UNITARIO TOTAL",{"$nulls":5},{"$f":"+H1997+H1996+H1995+H1993","v":{"v":2098177.55,"d":"2,098,178"}}]
[]
[null,"Nombre de la Actividad",{"$nulls":5},"Unidad de Medida"]
[null,"ARMARIO DE MEDIDA 18 CUENTAS DE ACUERDO A DISEÑO APROBADO ",{"$nulls":5},"UN "]
[]
[null," MATERIALES"]
[null,"DESCRIPCION",null,"UN","CANT","DESP. %","VR. UNIT","VR. TOTAL"]
[null,"ARMARIO DE MEDIDA 18 CUENTAS DE ACUERDO A DISEÑO APROBADO ",null,"UN",{"v":1,"d":"1.00"},{"v":0,"d":"0%"},{"v":5460000,"d":"$ 5,460,000."},{"$f":"+G2005*E2005+(G2005*F2005)","v":{"v":5460000,"d":"5,460,000 $"}}]
[{"$nulls":6},"SUBTOTAL MATERIALES",{"$f":"SUM(H2005:H2005)","v":{"v":5460000,"d":"5,460,000"}}]
[null,"MANO DE OBRA"]
[null,"DESCRIPCIÓN",null,"UN","CANT",null,"VR. UNIT","VR. TOTAL"]
[null,"INGENIERO ELECTRICO",null,"DIA",{"$f":"0.05/8","v":{"v":0.00625,"d":"0.01"}},null,{"$f":"2900000/30","v":{"v":96666.66666666667,"d":"$ 96,667"}},{"$f":"+G2009*E2009","v":{"v":604.1666666666667,"d":"604 $"}}]
[null,"INSPECTOR SISO",null,"DIA",{"$f":"0.025/8","v":{"v":0.003125,"d":"0.00"}},null,{"$f":"1900000/30","v":{"v":63333.333333333336,"d":"$ 63,333"}},{"$f":"+G2010*E2010","v":{"v":197.91666666666669,"d":"198 $"}}]
[null,"OFICIAL",null,"DIA",{"$f":"8/8","v":{"v":1,"d":"1.00"}},null,{"$f":"1600000/30","v":{"v":53333.333333333336,"d":"$ 53,333"}},{"$f":"+G2011*E2011","v":{"v":53333.333333333336,"d":"53,333 $"}}]
[null,"AYUDANTE",null,"DIA",{"$f":"8/8","v":{"v":1,"d":"1.00"}},null,{"$f":"1200000/30","v":{"v":40000,"d":"$ 40,000"}},{"$f":"+G2012*E2012","v":{"v":40000,"d":"40,000 $"}}]
[{"$nulls":6},"SUBTOTAL MANO DE OBRA",{"$f":"SUM(H2009:H2012)","v":{"v":94135.41666666667,"d":"94,135"}}]
[null,"EQUIPO Y HERRAMIENTA"]
[null,"DESCRIPCIÓN",null,"UN","CANT","VALOR DIA","VR. UNIT","VR. TOTAL"]
[null,"HERRAMIENTA DE MANO",null,"UN",{"v":0.005,"d":"0.01"},{"v":85000,"d":"$ 85,000.00"},{"v":85000,"d":"$ 85,000.00"},{"$f":"G2016*E2016","v":{"v":425,"d":"425 $"}}]
[null,"HERRAMIENTA ESPECIAL",null,"UN",{"v":1,"d":"1.00"},{"v":170000,"d":"$ 170,000.00"},{"v":170000,"d":"$ 170,000.00"},{"$f":"G2017*E2017","v":{"v":170000,"d":"170,000 $"}}]
[]
[]
[{"$nulls":6},"SUBTOTAL EQUIPO Y HERRAMIENTA",{"$f":"SUM(H2016:H2019)","v":{"v":170425,"d":"170,425"}}]
[null,"TRANSPORTES"]
[null,"DESCRIPCIÓN",null,"UN","CANT","VALOR HORA","VR. UNIT","VR. TOTAL"]
[null,"TRANSPORTE MATERIAL",null,"UN",{"v":1,"d":"1.00"},{"v":180000,"d":"$ 180,000.00"},{"v":180000,"d":"$ 180,000.00"},{"$f":"G2023*E2023","v":{"v":180000,"d":"180,000 $"}}]
[null,"TRANSPORTE PERSONAL",null,"UN",{"v":0.005,"d":"0.01"},{"v":6000,"d":"$ 6,000.00"},{"v":6000,"d":"$ 6,000.00"},{"$f":"G2024*E2024","v":{"v":30,"d":"30 $"}}]
[]
[]
[{"$nulls":5},"SUBTOTAL TRANSPORTES",null,{"$f":"SUM(H2023:H2026)","v":{"v":180030,"d":"180,030"}},{"$f":"H2027+H2020+H2013","v":{"v":444590.4166666667,"d":"444,590"}}]
[null,"TOTAL COSTO DIRECTO",{"$nulls":5},{"$f":"H2027+H2020+H2013+H2006","v":{"v":5904590.416666667,"d":"5,904,590"}}]
[]
[null,"ADMINISTRACIÓN",null,null,"(Indicar su porcentaje)",null,{"v":0.08,"d":"8.00%"},{"$f":"G2030*H2028","v":{"v":472367.2333333334,"d":"472,367"}}]
[null,"IMPREVISTOS",null,null,"(Indicar su porcentaje)",null,{"v":0.03,"d":"3.00%"},{"$f":"H2028*G2031","v":{"v":177137.7125,"d":"177,138"}}]
[null,"UTILIDAD",null,null,"(Indicar su porcentaje)",null,{"v":0.05,"d":"5.00%"},{"$f":"G2032*H2028","v":{"v":295229.5208333334,"d":"295,230"}}]
[null,"PRECIO UNITARIO TOTAL",{"$nulls":5},{"$f":"+H2032+H2031+H2030+H2028","v":{"v":6849324.883333334,"d":"6,849,325"}}]
[]
[null,"Nombre de la Actividad",{"$nulls":5},"Unidad de Medida"]
[null,"CANALIZACION EN 1D1 1/2\" IMC ",{"$nulls":5},"UN "]
[]
[null," MATERIALES"]
[null,"DESCRIPCION",null,"UN","CANT","DESP. %","VR. UNIT","VR. TOTAL"]
[null,"TUBERIA IMC 1 1/2\" ",null,"ML",{"v":1,"d":"1.00"},{"v":0.05,"d":"5%"},{"v":51150,"d":"$ 51,150."},{"$f":"+G2040*E2040+(G2040*F2040)","v":{"v":53707.5,"d":"53,708 $"}}]
[{"$nulls":6},"SUBTOTAL MATERIALES",{"$f":"SUM(H2040:H2040)","v":{"v":53707.5,"d":"53,708"}}]
[null,"MANO DE OBRA"]
[null,"DESCRIPCIÓN",null,"UN","CANT",null,"VR. UNIT","VR. TOTAL"]
[null,"INGENIERO ELECTRICO",null,"DIA",{"$f":"0.005/8","v":{"v":0.000625,"d":"0.00"}},null,{"$f":"2900000/30","v":{"v":96666.66666666667,"d":"$ 96,667"}},{"$f":"+G2044*E2044","v":{"v":60.41666666666667,"d":"60 $"}}]
[null,"INSPECTOR SISO",null,"DIA",{"$f":"0.025/8","v":{"v":0.003125,"d":"0.00"}},null,{"$f":"1900000/30","v":{"v":63333.333333333336,"d":"$ 63,333"}},{"$f":"+G2045*E2045","v":{"v":197.91666666666669,"d":"198 $"}}]
[null,"OFICIAL",null,"DIA",{"$f":"1/8","v":{"v":0.125,"d":"0.13"}},null,{"$f":"1600000/30","v":{"v":53333.333333333336,"d":"$ 53,333"}},{"$f":"+G2046*E2046","v":{"v":6666.666666666667,"d":"6,667 $"}}]
[null,"AYUDANTE",null,"DIA",{"$f":"1/8","v":{"v":0.125,"d":"0.13"}},null,{"$f":"1200000/30","v":{"v":40000,"d":"$ 40,000"}},{"$f":"+G2047*E2047","v":{"v":5000,"d":"5,000 $"}}]
[{"$nulls":6},"SUBTOTAL MANO DE OBRA",{"$f":"SUM(H2044:H2047)","v":{"v":11925,"d":"11,925"}}]
[null,"EQUIPO Y HERRAMIENTA"]
[null,"DESCRIPCIÓN",null,"UN","CANT","VALOR DIA","VR. UNIT","VR. TOTAL"]
[null,"HERRAMIENTA DE MANO",null,"UN",{"v":1E-3,"d":"0.00"},{"v":85000,"d":"$ 85,000.00"},{"v":85000,"d":"$ 85,000.00"},{"$f":"G2051*E2051","v":{"v":85,"d":"85 $"}}]
[null,"HERRAMIENTA ESPECIAL",null,"UN",{"v":1E-3,"d":"0.00"},{"v":170000,"d":"$ 170,000.00"},{"v":170000,"d":"$ 170,000.00"},{"$f":"G2052*E2052","v":{"v":170,"d":"170 $"}}]
[]
[]
[{"$nulls":6},"SUBTOTAL EQUIPO Y HERRAMIENTA",{"$f":"SUM(H2051:H2054)","v":255}]
[null,"TRANSPORTES"]
[null,"DESCRIPCIÓN",null,"UN","CANT","VALOR HORA","VR. UNIT","VR. TOTAL"]
[null,"TRANSPORTE MATERIAL",null,"UN",{"v":1E-3,"d":"0.00"},{"v":180000,"d":"$ 180,000.00"},{"v":180000,"d":"$ 180,000.00"},{"$f":"G2058*E2058","v":{"v":180,"d":"180 $"}}]
[null,"TRANSPORTE PERSONAL",null,"UN",{"v":1E-3,"d":"0.00"},{"v":6000,"d":"$ 6,000.00"},{"v":6000,"d":"$ 6,000.00"},{"$f":"G2059*E2059","v":{"v":6,"d":"6 $"}}]
[]
[]
[{"$nulls":5},"SUBTOTAL TRANSPORTES",null,{"$f":"SUM(H2058:H2061)","v":186},{"$f":"H2062+H2055+H2048","v":{"v":12366,"d":"12,366"}}]
[null,"TOTAL COSTO DIRECTO",{"$nulls":5},{"$f":"H2062+H2055+H2048+H2041","v":{"v":66073.5,"d":"66,074"}}]
[]
[null,"ADMINISTRACIÓN",null,null,"(Indicar su porcentaje)",null,{"v":0.08,"d":"8.00%"},{"$f":"G2065*H2063","v":{"v":5285.88,"d":"5,286"}}]
[null,"IMPREVISTOS",null,null,"(Indicar su porcentaje)",null,{"v":0.03,"d":"3.00%"},{"$f":"H2063*G2066","v":{"v":1982.205,"d":"1,982"}}]
[null,"UTILIDAD",null,null,"(Indicar su porcentaje)",null,{"v":0.05,"d":"5.00%"},{"$f":"G2067*H2063","v":{"v":3303.675,"d":"3,304"}}]
[null,"PRECIO UNITARIO TOTAL",{"$nulls":5},{"$f":"+H2067+H2066+H2065+H2063","v":{"v":76645.26,"d":"76,645"}}]
[]
[null,"Nombre de la Actividad",{"$nulls":5},"Unidad de Medida"]
[null,"CAPACETE DE 1 1/2\" IMC ",{"$nulls":5},"UN "]
[]
[null," MATERIALES"]
[null,"DESCRIPCION",null,"UN","CANT","DESP. %","VR. UNIT","VR. TOTAL"]
[null,"CAPACETE IMC 1 1/2\" ",null,"UN",{"v":1,"d":"1.00"},{"v":0,"d":"0%"},{"v":3135,"d":"$ 3,135."},{"$f":"+G2075*E2075+(G2075*F2075)","v":{"v":3135,"d":"3,135 $"}}]
[{"$nulls":6},"SUBTOTAL MATERIALES",{"$f":"SUM(H2075:H2075)","v":{"v":3135,"d":"3,135"}}]
[null,"MANO DE OBRA"]
[null,"DESCRIPCIÓN",null,"UN","CANT",null,"VR. UNIT","VR. TOTAL"]
[null,"INGENIERO ELECTRICO",null,"DIA",{"$f":"0.005/8","v":{"v":0.000625,"d":"0.00"}},null,{"$f":"2900000/30","v":{"v":96666.66666666667,"d":"$ 96,667"}},{"$f":"+G2079*E2079","v":{"v":60.41666666666667,"d":"60 $"}}]
[null,"INSPECTOR SISO",null,"DIA",{"$f":"0.025/8","v":{"v":0.003125,"d":"0.00"}},null,{"$f":"1900000/30","v":{"v":63333.333333333336,"d":"$ 63,333"}},{"$f":"+G2080*E2080","v":{"v":197.91666666666669,"d":"198 $"}}]
[null,"OFICIAL",null,"DIA",{"$f":"0.1/8","v":{"v":0.0125,"d":"0.01"}},null,{"$f":"1600000/30","v":{"v":53333.333333333336,"d":"$ 53,333"}},{"$f":"+G2081*E2081","v":{"v":666.6666666666667,"d":"667 $"}}]
[null,"AYUDANTE",null,"DIA",{"$f":"0.1/8","v":{"v":0.0125,"d":"0.01"}},null,{"$f":"1200000/30","v":{"v":40000,"d":"$ 40,000"}},{"$f":"+G2082*E2082","v":{"v":500,"d":"500 $"}}]
[{"$nulls":6},"SUBTOTAL MANO DE OBRA",{"$f":"SUM(H2079:H2082)","v":{"v":1425,"d":"1,425"}}]
[null,"EQUIPO Y HERRAMIENTA"]
[null,"DESCRIPCIÓN",null,"UN","CANT","VALOR DIA","VR. UNIT","VR. TOTAL"]
[null,"HERRAMIENTA DE MANO",null,"UN",{"v":1E-3,"d":"0.00"},{"v":85000,"d":"$ 85,000.00"},{"v":85000,"d":"$ 85,000.00"},{"$f":"G2086*E2086","v":{"v":85,"d":"85 $"}}]
[null,"HERRAMIENTA ESPECIAL",null,"UN",{"v":1E-3,"d":"0.00"},{"v":170000,"d":"$ 170,000.00"},{"v":170000,"d":"$ 170,000.00"},{"$f":"G2087*E2087","v":{"v":170,"d":"170 $"}}]
[]
[]
[{"$nulls":6},"SUBTOTAL EQUIPO Y HERRAMIENTA",{"$f":"SUM(H2086:H2089)","v":255}]
[null,"TRANSPORTES"]
[null,"DESCRIPCIÓN",null,"UN","CANT","VALOR HORA","VR. UNIT","VR. TOTAL"]
[null,"TRANSPORTE MATERIAL",null,"UN",{"v":1E-3,"d":"0.00"},{"v":180000,"d":"$ 180,000.00"},{"v":180000,"d":"$ 180,000.00"},{"$f":"G2093*E2093","v":{"v":180,"d":"180 $"}}]
[null,"TRANSPORTE PERSONAL",null,"UN",{"v":1E-3,"d":"0.00"},{"v":6000,"d":"$ 6,000.00"},{"v":6000,"d":"$ 6,000.00"},{"$f":"G2094*E2094","v":{"v":6,"d":"6 $"}}]
[]
[]
[{"$nulls":5},"SUBTOTAL TRANSPORTES",null,{"$f":"SUM(H2093:H2096)","v":186},{"$f":"H2097+H2090+H2083","v":{"v":1866,"d":"1,866"}}]
[null,"TOTAL COSTO DIRECTO",{"$nulls":5},{"$f":"H2097+H2090+H2083+H2076","v":{"v":5001,"d":"5,001"}}]
[]
[null,"ADMINISTRACIÓN",null,null,"(Indicar su porcentaje)",null,{"v":0.08,"d":"8.00%"},{"$f":"G2100*H2098","v":{"v":400.08,"d":"400"}}]
[null,"IMPREVISTOS",null,null,"(Indicar su porcentaje)",null,{"v":0.03,"d":"3.00%"},{"$f":"H2098*G2101","v":{"v":150.03,"d":"150"}}]
[null,"UTILIDAD",null,null,"(Indicar su porcentaje)",null,{"v":0.05,"d":"5.00%"},{"$f":"G2102*H2098","v":{"v":250.05,"d":"250"}}]
[null,"PRECIO UNITARIO TOTAL",{"$nulls":5},{"$f":"+H2102+H2101+H2100+H2098","v":{"v":5801.16,"d":"5,801"}}]
[]
[null,"Nombre de la Actividad",{"$nulls":5},"Unidad de Medida"]
[null,"TENSOR DE ACOMETIDAS ",{"$nulls":5},"UN "]
[]
[null," MATERIALES"]
[null,"DESCRIPCION",null,"UN","CANT","DESP. %","VR. UNIT","VR. TOTAL"]
[null,"TENSOR DE ACOMETIDAS ",null,"UN",{"v":1,"d":"1.00"},{"v":0,"d":"0%"},{"v":5280,"d":"$ 5,280."},{"$f":"+G2110*E2110+(G2110*F2110)","v":{"v":5280,"d":"5,280 $"}}]
[{"$nulls":6},"SUBTOTAL MATERIALES",{"$f":"SUM(H2110:H2110)","v":{"v":5280,"d":"5,280"}}]
[null,"MANO DE OBRA"]
[null,"DESCRIPCIÓN",null,"UN","CANT",null,"VR. UNIT","VR. TOTAL"]
[null,"INGENIERO ELECTRICO",null,"DIA",{"$f":"0.005/8","v":{"v":0.000625,"d":"0.00"}},null,{"$f":"2900000/30","v":{"v":96666.66666666667,"d":"$ 96,667"}},{"$f":"+G2114*E2114","v":{"v":60.41666666666667,"d":"60 $"}}]
[null,"INSPECTOR SISO",null,"DIA",{"$f":"0.025/8","v":{"v":0.003125,"d":"0.00"}},null,{"$f":"1900000/30","v":{"v":63333.333333333336,"d":"$ 63,333"}},{"$f":"+G2115*E2115","v":{"v":197.91666666666669,"d":"198 $"}}]
[null,"OFICIAL",null,"DIA",{"$f":"0.1/8","v":{"v":0.0125,"d":"0.01"}},null,{"$f":"1600000/30","v":{"v":53333.333333333336,"d":"$ 53,333"}},{"$f":"+G2116*E2116","v":{"v":666.6666666666667,"d":"667 $"}}]
[null,"AYUDANTE",null,"DIA",{"$f":"0.1/8","v":{"v":0.0125,"d":"0.01"}},null,{"$f":"1200000/30","v":{"v":40000,"d":"$ 40,000"}},{"$f":"+G2117*E2117","v":{"v":500,"d":"500 $"}}]
[{"$nulls":6},"SUBTOTAL MANO DE OBRA",{"$f":"SUM(H2114:H2117)","v":{"v":1425,"d":"1,425"}}]
[null,"EQUIPO Y HERRAMIENTA"]
[null,"DESCRIPCIÓN",null,"UN","CANT","VALOR DIA","VR. UNIT","VR. TOTAL"]
[null,"HERRAMIENTA DE MANO",null,"UN",{"v":1E-3,"d":"0.00"},{"v":85000,"d":"$ 85,000.00"},{"v":85000,"d":"$ 85,000.00"},{"$f":"G2121*E2121","v":{"v":85,"d":"85 $"}}]
[null,"HERRAMIENTA ESPECIAL",null,"UN",{"v":1E-3,"d":"0.00"},{"v":170000,"d":"$ 170,000.00"},{"v":170000,"d":"$ 170,000.00"},{"$f":"G2122*E2122","v":{"v":170,"d":"170 $"}}]
[]
[]
[{"$nulls":6},"SUBTOTAL EQUIPO Y HERRAMIENTA",{"$f":"SUM(H2121:H2124)","v":255}]
[null,"TRANSPORTES"]
[null,"DESCRIPCIÓN",null,"UN","CANT","VALOR HORA","VR. UNIT","VR. TOTAL"]
[null,"TRANSPORTE MATERIAL",null,"UN",{"v":1E-3,"d":"0.00"},{"v":180000,"d":"$ 180,000.00"},{"v":180000,"d":"$ 180,000.00"},{"$f":"G2128*E2128","v":{"v":180,"d":"180 $"}}]
[null,"TRANSPORTE PERSONAL",null,"UN",{"v":1E-3,"d":"0.00"},{"v":6000,"d":"$ 6,000.00"},{"v":6000,"d":"$ 6,000.00"},{"$f":"G2129*E2129","v":{"v":6,"d":"6 $"}}]
[]
[]
[{"$nulls":5},"SUBTOTAL TRANSPORTES",null,{"$f":"SUM(H2128:H2131)","v":186},{"$f":"H2132+H2125+H2118","v":{"v":1866,"d":"1,866"}}]
[null,"TOTAL COSTO DIRECTO",{"$nulls":5},{"$f":"H2132+H2125+H2118+H2111","v":{"v":7146,"d":"7,146"}}]
[]
[null,"ADMINISTRACIÓN",null,null,"(Indicar su porcentaje)",null,{"v":0.08,"d":"8.00%"},{"$f":"G2135*H2133","v":{"v":571.6800000000001,"d":"572"}}]
[null,"IMPREVISTOS",null,null,"(Indicar su porcentaje)",null,{"v":0.03,"d":"3.00%"},{"$f":"H2133*G2136","v":{"v":214.38,"d":"214"}}]
[null,"UTILIDAD",null,null,"(Indicar su porcentaje)",null,{"v":0.05,"d":"5.00%"},{"$f":"G2137*H2133","v":{"v":357.3,"d":"357"}}]
[null,"PRECIO UNITARIO TOTAL",{"$nulls":5},{"$f":"+H2137+H2136+H2135+H2133","v":{"v":8289.36,"d":"8,289"}}]
[]
[null,"Nombre de la Actividad",{"$nulls":5},"Unidad de Medida"]
[null,"ACOMETIDA TRENZADA 3X35 + 1X50 MM2 ALUMINIO",{"$nulls":5},"UN "]
[]
[null," MATERIALES"]
[null,"DESCRIPCION",null,"UN","CANT","DESP. %","VR. UNIT","VR. TOTAL"]
[null,"ACOMETIDA TRENZADA 3X35 + 1X50 MM2 ALUMINIO",null,"ML",{"v":1,"d":"1.00"},{"v":0,"d":"0%"},{"v":20542.5,"d":"$ 20,543."},{"$f":"+G2145*E2145+(G2145*F2145)","v":{"v":20542.5,"d":"20,543 $"}}]
[{"$nulls":6},"SUBTOTAL MATERIALES",{"$f":"SUM(H2145:H2145)","v":{"v":20542.5,"d":"20,543"}}]
[null,"MANO DE OBRA"]
[null,"DESCRIPCIÓN",null,"UN","CANT",null,"VR. UNIT","VR. TOTAL"]
[null,"INGENIERO ELECTRICO",null,"DIA",{"$f":"0.005/8","v":{"v":0.000625,"d":"0.00"}},null,{"$f":"2900000/30","v":{"v":96666.66666666667,"d":"$ 96,667"}},{"$f":"+G2149*E2149","v":{"v":60.41666666666667,"d":"60 $"}}]
[null,"INSPECTOR SISO",null,"DIA",{"$f":"0.025/8","v":{"v":0.003125,"d":"0.00"}},null,{"$f":"1900000/30","v":{"v":63333.333333333336,"d":"$ 63,333"}},{"$f":"+G2150*E2150","v":{"v":197.91666666666669,"d":"198 $"}}]
[null,"OFICIAL",null,"DIA",{"$f":"0.3/8","v":{"v":0.0375,"d":"0.04"}},null,{"$f":"1600000/30","v":{"v":53333.333333333336,"d":"$ 53,333"}},{"$f":"+G2151*E2151","v":{"v":2000,"d":"2,000 $"}}]
[null,"AYUDANTE",null,"DIA",{"$f":"0.3/8","v":{"v":0.0375,"d":"0.04"}},null,{"$f":"1200000/30","v":{"v":40000,"d":"$ 40,000"}},{"$f":"+G2152*E2152","v":{"v":1500,"d":"1,500 $"}}]
[{"$nulls":6},"SUBTOTAL MANO DE OBRA",{"$f":"SUM(H2149:H2152)","v":{"v":3758.3333333333335,"d":"3,758"}}]
[null,"EQUIPO Y HERRAMIENTA"]
[null,"DESCRIPCIÓN",null,"UN","CANT","VALOR DIA","VR. UNIT","VR. TOTAL"]
[null,"HERRAMIENTA DE MANO",null,"UN",{"v":1E-3,"d":"0.00"},{"v":85000,"d":"$ 85,000.00"},{"v":85000,"d":"$ 85,000.00"},{"$f":"G2156*E2156","v":{"v":85,"d":"85 $"}}]
[null,"HERRAMIENTA ESPECIAL",null,"UN",{"v":1E-3,"d":"0.00"},{"v":170000,"d":"$ 170,000.00"},{"v":170000,"d":"$ 170,000.00"},{"$f":"G2157*E2157","v":{"v":170,"d":"170 $"}}]
[]
[]
[{"$nulls":6},"SUBTOTAL EQUIPO Y HERRAMIENTA",{"$f":"SUM(H2156:H2159)","v":255}]
[null,"TRANSPORTES"]
[null,"DESCRIPCIÓN",null,"UN","CANT","VALOR HORA","VR. UNIT","VR. TOTAL"]
[null,"TRANSPORTE MATERIAL",null,"UN",{"v":1E-3,"d":"0.00"},{"v":180000,"d":"$ 180,000.00"},{"v":180000,"d":"$ 180,000.00"},{"$f":"G2163*E2163","v":{"v":180,"d":"180 $"}}]
[null,"TRANSPORTE PERSONAL",null,"UN",{"v":1E-3,"d":"0.00"},{"v":6000,"d":"$ 6,000.00"},{"v":6000,"d":"$ 6,000.00"},{"$f":"G2164*E2164","v":{"v":6,"d":"6 $"}}]
[]
[]
[{"$nulls":5},"SUBTOTAL TRANSPORTES",null,{"$f":"SUM(H2163:H2166)","v":186},{"$f":"H2167+H2160+H2153","v":{"v":4199.333333333334,"d":"4,199"}}]
[null,"TOTAL COSTO DIRECTO",{"$nulls":5},{"$f":"H2167+H2160+H2153+H2146","v":{"v":24741.833333333336,"d":"24,742"}}]
[]
[null,"ADMINISTRACIÓN",null,null,"(Indicar su porcentaje)",null,{"v":0.08,"d":"8.00%"},{"$f":"G2170*H2168","v":{"v":1979.3466666666668,"d":"1,979"}}]
[null,"IMPREVISTOS",null,null,"(Indicar su porcentaje)",null,{"v":0.03,"d":"3.00%"},{"$f":"H2168*G2171","v":{"v":742.255,"d":"742"}}]
[null,"UTILIDAD",null,null,"(Indicar su porcentaje)",null,{"v":0.05,"d":"5.00%"},{"$f":"G2172*H2168","v":{"v":1237.091666666667,"d":"1,237"}}]
[null,"PRECIO UNITARIO TOTAL",{"$nulls":5},{"$f":"+H2172+H2171+H2170+H2168","v":{"v":28700.52666666667,"d":"28,701"}}]
[]
[null,"Nombre de la Actividad",{"$nulls":5},"Unidad de Medida"]
[null,"PERCHA PORTA AISLADOR ",{"$nulls":5},"UN "]
[]
[null," MATERIALES"]
[null,"DESCRIPCION",null,"UN","CANT","DESP. %","VR. UNIT","VR. TOTAL"]
[null,"PERCHA PORTA AISLADOR ",null,"UN",{"v":1,"d":"1.00"},{"v":0,"d":"0%"},{"v":12375,"d":"$ 12,375."},{"$f":"+G2180*E2180+(G2180*F2180)","v":{"v":12375,"d":"12,375 $"}}]
[{"$nulls":6},"SUBTOTAL MATERIALES",{"$f":"SUM(H2180:H2180)","v":{"v":12375,"d":"12,375"}}]
[null,"MANO DE OBRA"]
[null,"DESCRIPCIÓN",null,"UN","CANT",null,"VR. UNIT","VR. TOTAL"]
[null,"INGENIERO ELECTRICO",null,"DIA",{"$f":"0.005/8","v":{"v":0.000625,"d":"0.00"}},null,{"$f":"2900000/30","v":{"v":96666.66666666667,"d":"$ 96,667"}},{"$f":"+G2184*E2184","v":{"v":60.41666666666667,"d":"60 $"}}]
[null,"INSPECTOR SISO",null,"DIA",{"$f":"0.025/8","v":{"v":0.003125,"d":"0.00"}},null,{"$f":"1900000/30","v":{"v":63333.333333333336,"d":"$ 63,333"}},{"$f":"+G2185*E2185","v":{"v":197.91666666666669,"d":"198 $"}}]
[null,"OFICIAL",null,"DIA",{"$f":"0.3/8","v":{"v":0.0375,"d":"0.04"}},null,{"$f":"1600000/30","v":{"v":53333.333333333336,"d":"$ 53,333"}},{"$f":"+G2186*E2186","v":{"v":2000,"d":"2,000 $"}}]
[null,"AYUDANTE",null,"DIA",{"$f":"0.3/8","v":{"v":0.0375,"d":"0.04"}},null,{"$f":"1200000/30","v":{"v":40000,"d":"$ 40,000"}},{"$f":"+G2187*E2187","v":{"v":1500,"d":"1,500 $"}}]
[{"$nulls":6},"SUBTOTAL MANO DE OBRA",{"$f":"SUM(H2184:H2187)","v":{"v":3758.3333333333335,"d":"3,758"}}]
[null,"EQUIPO Y HERRAMIENTA"]
[null,"DESCRIPCIÓN",null,"UN","CANT","VALOR DIA","VR. UNIT","VR. TOTAL"]
[null,"HERRAMIENTA DE MANO",null,"UN",{"v":1E-3,"d":"0.00"},{"v":85000,"d":"$ 85,000.00"},{"v":85000,"d":"$ 85,000.00"},{"$f":"G2191*E2191","v":{"v":85,"d":"85 $"}}]
[null,"HERRAMIENTA ESPECIAL",null,"UN",{"v":1E-3,"d":"0.00"},{"v":170000,"d":"$ 170,000.00"},{"v":170000,"d":"$ 170,000.00"},{"$f":"G2192*E2192","v":{"v":170,"d":"170 $"}}]
[]
[]
[{"$nulls":6},"SUBTOTAL EQUIPO Y HERRAMIENTA",{"$f":"SUM(H2191:H2194)","v":255}]
[null,"TRANSPORTES"]
[null,"DESCRIPCIÓN",null,"UN","CANT","VALOR HORA","VR. UNIT","VR. TOTAL"]
[null,"TRANSPORTE MATERIAL",null,"UN",{"v":1E-3,"d":"0.00"},{"v":180000,"d":"$ 180,000.00"},{"v":180000,"d":"$ 180,000.00"},{"$f":"G2198*E2198","v":{"v":180,"d":"180 $"}}]
[null,"TRANSPORTE PERSONAL",null,"UN",{"v":1E-3,"d":"0.00"},{"v":6000,"d":"$ 6,000.00"},{"v":6000,"d":"$ 6,000.00"},{"$f":"G2199*E2199","v":{"v":6,"d":"6 $"}}]
[]
[]
[{"$nulls":5},"SUBTOTAL TRANSPORTES",null,{"$f":"SUM(H2198:H2201)","v":186},{"$f":"H2202+H2195+H2188","v":{"v":4199.333333333334,"d":"4,199"}}]
[null,"TOTAL COSTO DIRECTO",{"$nulls":5},{"$f":"H2202+H2195+H2188+H2181","v":{"v":16574.333333333336,"d":"16,574"}}]
[]
[null,"ADMINISTRACIÓN",null,null,"(Indicar su porcentaje)",null,{"v":0.08,"d":"8.00%"},{"$f":"G2205*H2203","v":{"v":1325.946666666667,"d":"1,326"}}]
[null,"IMPREVISTOS",null,null,"(Indicar su porcentaje)",null,{"v":0.03,"d":"3.00%"},{"$f":"H2203*G2206","v":{"v":497.2300000000001,"d":"497"}}]
[null,"UTILIDAD",null,null,"(Indicar su porcentaje)",null,{"v":0.05,"d":"5.00%"},{"$f":"G2207*H2203","v":{"v":828.7166666666668,"d":"829"}}]
[null,"PRECIO UNITARIO TOTAL",{"$nulls":5},{"$f":"+H2207+H2206+H2205+H2203","v":{"v":19226.22666666667,"d":"19,226"}}]
[]
[null,"Nombre de la Actividad",{"$nulls":5},"Unidad de Medida"]
[null,"CINTA DE ACERO INOXIDABLE ",{"$nulls":5},"UN "]
[]
[null," MATERIALES"]
[null,"DESCRIPCION",null,"UN","CANT","DESP. %","VR. UNIT","VR. TOTAL"]
[null,"CINTA DE ACERO INOXIDABLE ",null,"ML",{"v":1,"d":"1.00"},{"v":0,"d":"0%"},{"v":3960,"d":"$ 3,960."},{"$f":"+G2215*E2215+(G2215*F2215)","v":{"v":3960,"d":"3,960 $"}}]
[{"$nulls":6},"SUBTOTAL MATERIALES",{"$f":"SUM(H2215:H2215)","v":{"v":3960,"d":"3,960"}}]
[null,"MANO DE OBRA"]
[null,"DESCRIPCIÓN",null,"UN","CANT",null,"VR. UNIT","VR. TOTAL"]
[null,"INGENIERO ELECTRICO",null,"DIA",{"$f":"0.005/8","v":{"v":0.000625,"d":"0.00"}},null,{"$f":"2900000/30","v":{"v":96666.66666666667,"d":"$ 96,667"}},{"$f":"+G2219*E2219","v":{"v":60.41666666666667,"d":"60 $"}}]
[null,"INSPECTOR SISO",null,"DIA",{"$f":"0.025/8","v":{"v":0.003125,"d":"0.00"}},null,{"$f":"1900000/30","v":{"v":63333.333333333336,"d":"$ 63,333"}},{"$f":"+G2220*E2220","v":{"v":197.91666666666669,"d":"198 $"}}]
[null,"OFICIAL",null,"DIA",{"$f":"0.1/8","v":{"v":0.0125,"d":"0.01"}},null,{"$f":"1600000/30","v":{"v":53333.333333333336,"d":"$ 53,333"}},{"$f":"+G2221*E2221","v":{"v":666.6666666666667,"d":"667 $"}}]
[null,"AYUDANTE",null,"DIA",{"$f":"0.1/8","v":{"v":0.0125,"d":"0.01"}},null,{"$f":"1200000/30","v":{"v":40000,"d":"$ 40,000"}},{"$f":"+G2222*E2222","v":{"v":500,"d":"500 $"}}]
[{"$nulls":6},"SUBTOTAL MANO DE OBRA",{"$f":"SUM(H2219:H2222)","v":{"v":1425,"d":"1,425"}}]
[null,"EQUIPO Y HERRAMIENTA"]
[null,"DESCRIPCIÓN",null,"UN","CANT","VALOR DIA","VR. UNIT","VR. TOTAL"]
[null,"HERRAMIENTA DE MANO",null,"UN",{"v":1E-3,"d":"0.00"},{"v":85000,"d":"$ 85,000.00"},{"v":85000,"d":"$ 85,000.00"},{"$f":"G2226*E2226","v":{"v":85,"d":"85 $"}}]
[null,"HERRAMIENTA ESPECIAL",null,"UN",{"v":1E-3,"d":"0.00"},{"v":170000,"d":"$ 170,000.00"},{"v":170000,"d":"$ 170,000.00"},{"$f":"G2227*E2227","v":{"v":170,"d":"170 $"}}]
[]
[]
[{"$nulls":6},"SUBTOTAL EQUIPO Y HERRAMIENTA",{"$f":"SUM(H2226:H2229)","v":255}]
[null,"TRANSPORTES"]
[null,"DESCRIPCIÓN",null,"UN","CANT","VALOR HORA","VR. UNIT","VR. TOTAL"]
[null,"TRANSPORTE MATERIAL",null,"UN",{"v":1E-3,"d":"0.00"},{"v":180000,"d":"$ 180,000.00"},{"v":180000,"d":"$ 180,000.00"},{"$f":"G2233*E2233","v":{"v":180,"d":"180 $"}}]
[null,"TRANSPORTE PERSONAL",null,"UN",{"v":1E-3,"d":"0.00"},{"v":6000,"d":"$ 6,000.00"},{"v":6000,"d":"$ 6,000.00"},{"$f":"G2234*E2234","v":{"v":6,"d":"6 $"}}]
[]
[]
[{"$nulls":5},"SUBTOTAL TRANSPORTES",null,{"$f":"SUM(H2233:H2236)","v":186},{"$f":"H2237+H2230+H2223","v":{"v":1866,"d":"1,866"}}]
[null,"TOTAL COSTO DIRECTO",{"$nulls":5},{"$f":"H2237+H2230+H2223+H2216","v":{"v":5826,"d":"5,826"}}]
[]
[null,"ADMINISTRACIÓN",null,null,"(Indicar su porcentaje)",null,{"v":0.08,"d":"8.00%"},{"$f":"G2240*H2238","v":{"v":466.08,"d":"466"}}]
[null,"IMPREVISTOS",null,null,"(Indicar su porcentaje)",null,{"v":0.03,"d":"3.00%"},{"$f":"H2238*G2241","v":{"v":174.78,"d":"175"}}]
[null,"UTILIDAD",null,null,"(Indicar su porcentaje)",null,{"v":0.05,"d":"5.00%"},{"$f":"G2242*H2238","v":{"v":291.3,"d":"291"}}]
[null,"PRECIO UNITARIO TOTAL",{"$nulls":5},{"$f":"+H2242+H2241+H2240+H2238","v":{"v":6758.16,"d":"6,758"}}]
[]
[null,"Nombre de la Actividad",{"$nulls":5},"Unidad de Medida"]
[null,"AMARRE PLASTICO PARA CABLE TRENZADO",{"$nulls":5},"UN "]
[]
[null," MATERIALES"]
[null,"DESCRIPCION",null,"UN","CANT","DESP. %","VR. UNIT","VR. TOTAL"]
[null,"AMARRE PLASTICO PARA CABLE TRENZADO",null,"un",{"v":1,"d":"1.00"},{"v":0,"d":"0%"},{"v":2310,"d":"$ 2,310."},{"$f":"+G2250*E2250+(G2250*F2250)","v":{"v":2310,"d":"2,310 $"}}]
[{"$nulls":6},"SUBTOTAL MATERIALES",{"$f":"SUM(H2250:H2250)","v":{"v":2310,"d":"2,310"}}]
[null,"MANO DE OBRA"]
[null,"DESCRIPCIÓN",null,"UN","CANT",null,"VR. UNIT","VR. TOTAL"]
[null,"INGENIERO ELECTRICO",null,"DIA",{"$f":"0.005/8","v":{"v":0.000625,"d":"0.00"}},null,{"$f":"2900000/30","v":{"v":96666.66666666667,"d":"$ 96,667"}},{"$f":"+G2254*E2254","v":{"v":60.41666666666667,"d":"60 $"}}]
[null,"INSPECTOR SISO",null,"DIA",{"$f":"0.025/8","v":{"v":0.003125,"d":"0.00"}},null,{"$f":"1900000/30","v":{"v":63333.333333333336,"d":"$ 63,333"}},{"$f":"+G2255*E2255","v":{"v":197.91666666666669,"d":"198 $"}}]
[null,"OFICIAL",null,"DIA",{"$f":"0.05/8","v":{"v":0.00625,"d":"0.01"}},null,{"$f":"1600000/30","v":{"v":53333.333333333336,"d":"$ 53,333"}},{"$f":"+G2256*E2256","v":{"v":333.33333333333337,"d":"333 $"}}]
[null,"AYUDANTE",null,"DIA",{"$f":"0.05/8","v":{"v":0.00625,"d":"0.01"}},null,{"$f":"1200000/30","v":{"v":40000,"d":"$ 40,000"}},{"$f":"+G2257*E2257","v":{"v":250,"d":"250 $"}}]
[{"$nulls":6},"SUBTOTAL MANO DE OBRA",{"$f":"SUM(H2254:H2257)","v":{"v":841.6666666666667,"d":"842"}}]
[null,"EQUIPO Y HERRAMIENTA"]
[null,"DESCRIPCIÓN",null,"UN","CANT","VALOR DIA","VR. UNIT","VR. TOTAL"]
[null,"HERRAMIENTA DE MANO",null,"UN",{"v":1E-3,"d":"0.00"},{"v":85000,"d":"$ 85,000.00"},{"v":85000,"d":"$ 85,000.00"},{"$f":"G2261*E2261","v":{"v":85,"d":"85 $"}}]
[null,"HERRAMIENTA ESPECIAL",null,"UN",{"v":1E-3,"d":"0.00"},{"v":170000,"d":"$ 170,000.00"},{"v":170000,"d":"$ 170,000.00"},{"$f":"G2262*E2262","v":{"v":170,"d":"170 $"}}]
[]
[]
[{"$nulls":6},"SUBTOTAL EQUIPO Y HERRAMIENTA",{"$f":"SUM(H2261:H2264)","v":255}]
[null,"TRANSPORTES"]
[null,"DESCRIPCIÓN",null,"UN","CANT","VALOR HORA","VR. UNIT","VR. TOTAL"]
[null,"TRANSPORTE MATERIAL",null,"UN",{"v":1E-3,"d":"0.00"},{"v":180000,"d":"$ 180,000.00"},{"v":180000,"d":"$ 180,000.00"},{"$f":"G2268*E2268","v":{"v":180,"d":"180 $"}}]
[null,"TRANSPORTE PERSONAL",null,"UN",{"v":1E-3,"d":"0.00"},{"v":6000,"d":"$ 6,000.00"},{"v":6000,"d":"$ 6,000.00"},{"$f":"G2269*E2269","v":{"v":6,"d":"6 $"}}]
[]
[]
[{"$nulls":5},"SUBTOTAL TRANSPORTES",null,{"$f":"SUM(H2268:H2271)","v":186},{"$f":"H2272+H2265+H2258","v":{"v":1282.6666666666667,"d":"1,283"}}]
[null,"TOTAL COSTO DIRECTO",{"$nulls":5},{"$f":"H2272+H2265+H2258+H2251","v":{"v":3592.666666666667,"d":"3,593"}}]
[]
[null,"ADMINISTRACIÓN",null,null,"(Indicar su porcentaje)",null,{"v":0.08,"d":"8.00%"},{"$f":"G2275*H2273","v":{"v":287.41333333333336,"d":"287"}}]
[null,"IMPREVISTOS",null,null,"(Indicar su porcentaje)",null,{"v":0.03,"d":"3.00%"},{"$f":"H2273*G2276","v":{"v":107.78,"d":"108"}}]
[null,"UTILIDAD",null,null,"(Indicar su porcentaje)",null,{"v":0.05,"d":"5.00%"},{"$f":"G2277*H2273","v":{"v":179.63333333333335,"d":"180"}}]
[null,"PRECIO UNITARIO TOTAL",{"$nulls":5},{"$f":"+H2277+H2276+H2275+H2273","v":{"v":4167.493333333334,"d":"4,167"}}]
[]
[null,"Nombre de la Actividad",{"$nulls":5},"Unidad de Medida"]
[null,"SALIDA PORTERO EN CABLE UTP 5E + 1D3/4\" HASTA CENTRO DE CONTROL",{"$nulls":5},"UN "]
[]
[null," MATERIALES"]
[null,"DESCRIPCION",null,"UN","CANT","DESP. %","VR. UNIT","VR. TOTAL"]
[null,"TUBERIA PVC TIPO A 3/4\" ",null,"ML",{"v":10,"d":"10.00"},{"v":0.05,"d":"5%"},{"v":2475,"d":"$ 2,475."},{"$f":"+G2285*E2285+(G2285*F2285)","v":{"v":24873.75,"d":"24,874 $"}}]
[null,"TERMINAL PVC 3/4\"",null,"UN",{"v":2,"d":"2.00"},{"v":0,"d":"0%"},{"v":907.5,"d":"$ 908."},{"$f":"+G2286*E2286+(G2286*F2286)","v":{"v":1815,"d":"1,815 $"}}]
[null,"CAJA 5800",null,"UN",{"v":1,"d":"1.00"},{"v":0,"d":"0%"},{"v":2392.5,"d":"$ 2,393."},{"$f":"+G2287*E2287+(G2287*F2287)","v":{"v":2392.5,"d":"2,393 $"}}]
[null,"CHAZO-TORNILLO 1/4\"",null,"UN",{"v":2,"d":"2.00"},{"v":0,"d":"0%"},{"v":247.5,"d":"$ 248."},{"$f":"+G2288*E2288+(G2288*F2288)","v":{"v":495,"d":"495 $"}}]
[null,"CABLE UTP 5E",null,"ML",{"v":10,"d":"10.00"},{"v":0.05,"d":"5%"},{"v":2475,"d":"$ 2,475."},{"$f":"+G2289*E2289+(G2289*F2289)","v":{"v":24873.75,"d":"24,874 $"}}]
[{"$nulls":6},"SUBTOTAL MATERIALES",{"$f":"SUM(H2285:H2289)","v":{"v":54450,"d":"54,450"}}]
[null,"MANO DE OBRA"]
[null,"DESCRIPCIÓN",null,"UN","CANT",null,"VR. UNIT","VR. TOTAL"]
[null,"INGENIERO ELECTRICO",null,"DIA",{"$f":"0.05/8","v":{"v":0.00625,"d":"0.01"}},null,{"$f":"2900000/30","v":{"v":96666.66666666667,"d":"$ 96,667"}},{"$f":"+G2293*E2293","v":{"v":604.1666666666667,"d":"604 $"}}]
[null,"INSPECTOR SISO",null,"DIA",{"$f":"0.025/8","v":{"v":0.003125,"d":"0.00"}},null,{"$f":"1900000/30","v":{"v":63333.333333333336,"d":"$ 63,333"}},{"$f":"+G2294*E2294","v":{"v":197.91666666666669,"d":"198 $"}}]
[null,"OFICIAL",null,"DIA",{"$f":"2.5/8","v":{"v":0.3125,"d":"0.31"}},null,{"$f":"1600000/30","v":{"v":53333.333333333336,"d":"$ 53,333"}},{"$f":"+G2295*E2295","v":{"v":16666.666666666668,"d":"16,667 $"}}]
[null,"AYUDANTE",null,"DIA",{"$f":"2.5/8","v":{"v":0.3125,"d":"0.31"}},null,{"$f":"1200000/30","v":{"v":40000,"d":"$ 40,000"}},{"$f":"+G2296*E2296","v":{"v":12500,"d":"12,500 $"}}]
[{"$nulls":6},"SUBTOTAL MANO DE OBRA",{"$f":"SUM(H2293:H2296)","v":{"v":29968.75,"d":"29,969"}}]
[null,"EQUIPO Y HERRAMIENTA"]
[null,"DESCRIPCIÓN",null,"UN","CANT","VALOR DIA","VR. UNIT","VR. TOTAL"]
[null,"HERRAMIENTA DE MANO",null,"UN",{"v":0.005,"d":"0.01"},{"v":85000,"d":"$ 85,000.00"},{"v":85000,"d":"$ 85,000.00"},{"$f":"G2300*E2300","v":{"v":425,"d":"425 $"}}]
[null,"HERRAMIENTA ESPECIAL",null,"UN",{"v":0.005,"d":"0.01"},{"v":170000,"d":"$ 170,000.00"},{"v":170000,"d":"$ 170,000.00"},{"$f":"G2301*E2301","v":{"v":850,"d":"850 $"}}]
[]
[]
[{"$nulls":6},"SUBTOTAL EQUIPO Y HERRAMIENTA",{"$f":"SUM(H2300:H2303)","v":{"v":1275,"d":"1,275"}}]
[null,"TRANSPORTES"]
[null,"DESCRIPCIÓN",null,"UN","CANT","VALOR HORA","VR. UNIT","VR. TOTAL"]
[null,"TRANSPORTE MATERIAL",null,"UN",{"v":0.005,"d":"0.01"},{"v":180000,"d":"$ 180,000.00"},{"v":180000,"d":"$ 180,000.00"},{"$f":"G2307*E2307","v":{"v":900,"d":"900 $"}}]
[null,"TRANSPORTE PERSONAL",null,"UN",{"v":0.005,"d":"0.01"},{"v":6000,"d":"$ 6,000.00"},{"v":6000,"d":"$ 6,000.00"},{"$f":"G2308*E2308","v":{"v":30,"d":"30 $"}}]
[]
[]
[{"$nulls":5},"SUBTOTAL TRANSPORTES",null,{"$f":"SUM(H2307:H2310)","v":930},{"$f":"H2311+H2304+H2297","v":{"v":32173.75,"d":"32,174"}}]
[null,"TOTAL COSTO DIRECTO",{"$nulls":5},{"$f":"H2311+H2304+H2297+H2290","v":{"v":86623.75,"d":"86,624"}}]
[]
[null,"ADMINISTRACIÓN",null,null,"(Indicar su porcentaje)",null,{"v":0.08,"d":"8.00%"},{"$f":"G2314*H2312","v":{"v":6929.900000000001,"d":"6,930"}}]
[null,"IMPREVISTOS",null,null,"(Indicar su porcentaje)",null,{"v":0.03,"d":"3.00%"},{"$f":"H2312*G2315","v":{"v":2598.7125,"d":"2,599"}}]
[null,"UTILIDAD",null,null,"(Indicar su porcentaje)",null,{"v":0.05,"d":"5.00%"},{"$f":"G2316*H2312","v":{"v":4331.1875,"d":"4,331"}}]
[null,"PRECIO UNITARIO TOTAL",{"$nulls":5},{"$f":"+H2316+H2315+H2314+H2312","v":{"v":100483.55,"d":"100,484"}}]
[]
[null,"Nombre de la Actividad",{"$nulls":5},"Unidad de Medida"]
[null,"SALIDA PARA TOMA DE USUARIO TDT, INCLUYE TOMA PARA TDT, CABLE RG 6 Y CONECTORES F",{"$nulls":5},"UN "]
[]
[null," MATERIALES"]
[null,"DESCRIPCION",null,"UN","CANT","DESP. %","VR. UNIT","VR. TOTAL"]
[null,"CONECTOR F",null,"UN",{"v":2,"d":"2.00"},{"v":0,"d":"0%"},{"v":1402.5,"d":"$ 1,403."},{"$f":"+G2324*E2324+(G2324*F2324)","v":{"v":2805,"d":"2,805 $"}}]
[null,"CABLE RG6",null,"ML",{"v":7,"d":"7.00"},{"v":0.05,"d":"5%"},{"v":1815,"d":"$ 1,815."},{"$f":"+G2325*E2325+(G2325*F2325)","v":{"v":12795.75,"d":"12,796 $"}}]
[null,"TOMA TDT RITEL",null,"UN",{"v":1,"d":"1.00"},{"v":0,"d":"0%"},{"v":12870,"d":"$ 12,870."},{"$f":"+G2326*E2326+(G2326*F2326)","v":{"v":12870,"d":"12,870 $"}}]
[{"$nulls":6},"SUBTOTAL MATERIALES",{"$f":"SUM(H2324:H2326)","v":{"v":28470.75,"d":"28,471"}}]
[null,"MANO DE OBRA"]
[null,"DESCRIPCIÓN",null,"UN","CANT",null,"VR. UNIT","VR. TOTAL"]
[null,"INGENIERO ELECTRICO",null,"DIA",{"$f":"0.05/8","v":{"v":0.00625,"d":"0.01"}},null,{"$f":"2900000/30","v":{"v":96666.66666666667,"d":"$ 96,667"}},{"$f":"+G2330*E2330","v":{"v":604.1666666666667,"d":"604 $"}}]
[null,"INSPECTOR SISO",null,"DIA",{"$f":"0.025/8","v":{"v":0.003125,"d":"0.00"}},null,{"$f":"1900000/30","v":{"v":63333.333333333336,"d":"$ 63,333"}},{"$f":"+G2331*E2331","v":{"v":197.91666666666669,"d":"198 $"}}]
[null,"OFICIAL",null,"DIA",{"$f":"1.5/8","v":{"v":0.1875,"d":"0.19"}},null,{"$f":"1600000/30","v":{"v":53333.333333333336,"d":"$ 53,333"}},{"$f":"+G2332*E2332","v":{"v":10000,"d":"10,000 $"}}]
[null,"AYUDANTE",null,"DIA",{"$f":"1.5/8","v":{"v":0.1875,"d":"0.19"}},null,{"$f":"1200000/30","v":{"v":40000,"d":"$ 40,000"}},{"$f":"+G2333*E2333","v":{"v":7500,"d":"7,500 $"}}]
[{"$nulls":6},"SUBTOTAL MANO DE OBRA",{"$f":"SUM(H2330:H2333)","v":{"v":18302.083333333336,"d":"18,302"}}]
[null,"EQUIPO Y HERRAMIENTA"]
[null,"DESCRIPCIÓN",null,"UN","CANT","VALOR DIA","VR. UNIT","VR. TOTAL"]
[null,"HERRAMIENTA DE MANO",null,"UN",{"v":0.005,"d":"0.01"},{"v":85000,"d":"$ 85,000.00"},{"v":85000,"d":"$ 85,000.00"},{"$f":"G2337*E2337","v":{"v":425,"d":"425 $"}}]
[null,"HERRAMIENTA ESPECIAL",null,"UN",{"v":0.005,"d":"0.01"},{"v":170000,"d":"$ 170,000.00"},{"v":170000,"d":"$ 170,000.00"},{"$f":"G2338*E2338","v":{"v":850,"d":"850 $"}}]
[]
[]
[{"$nulls":6},"SUBTOTAL EQUIPO Y HERRAMIENTA",{"$f":"SUM(H2337:H2340)","v":{"v":1275,"d":"1,275"}}]
[null,"TRANSPORTES"]
[null,"DESCRIPCIÓN",null,"UN","CANT","VALOR HORA","VR. UNIT","VR. TOTAL"]
[null,"TRANSPORTE MATERIAL",null,"UN",{"v":0.005,"d":"0.01"},{"v":180000,"d":"$ 180,000.00"},{"v":180000,"d":"$ 180,000.00"},{"$f":"G2344*E2344","v":{"v":900,"d":"900 $"}}]
[null,"TRANSPORTE PERSONAL",null,"UN",{"v":0.005,"d":"0.01"},{"v":6000,"d":"$ 6,000.00"},{"v":6000,"d":"$ 6,000.00"},{"$f":"G2345*E2345","v":{"v":30,"d":"30 $"}}]
[]
[]
[{"$nulls":5},"SUBTOTAL TRANSPORTES",null,{"$f":"SUM(H2344:H2347)","v":930},{"$f":"H2348+H2341+H2334","v":{"v":20507.083333333336,"d":"20,507"}}]
[null,"TOTAL COSTO DIRECTO",{"$nulls":5},{"$f":"H2348+H2341+H2334+H2327","v":{"v":48977.833333333336,"d":"48,978"}}]
[]
[null,"ADMINISTRACIÓN",null,null,"(Indicar su porcentaje)",null,{"v":0.08,"d":"8.00%"},{"$f":"G2351*H2349","v":{"v":3918.226666666667,"d":"3,918"}}]
[null,"IMPREVISTOS",null,null,"(Indicar su porcentaje)",null,{"v":0.03,"d":"3.00%"},{"$f":"H2349*G2352","v":{"v":1469.335,"d":"1,469"}}]
[null,"UTILIDAD",null,null,"(Indicar su porcentaje)",null,{"v":0.05,"d":"5.00%"},{"$f":"G2353*H2349","v":{"v":2448.891666666667,"d":"2,449"}}]
[null,"PRECIO UNITARIO TOTAL",{"$nulls":5},{"$f":"+H2353+H2352+H2351+H2349","v":{"v":56814.28666666667,"d":"56,814"}}]
[]
[null,"Nombre de la Actividad",{"$nulls":5},"Unidad de Medida"]
[null,"REPARTIDOR DE CUATRO SALIDAS",{"$nulls":5},"UN "]
[]
[null," MATERIALES"]
[null,"DESCRIPCION",null,"UN","CANT","DESP. %","VR. UNIT","VR. TOTAL"]
[null,"REPARTIDOR DE CUATRO SALIDAS",null,"UN",{"v":1,"d":"1.00"},{"v":0,"d":"0%"},{"v":10725,"d":"$ 10,725."},{"$f":"+G2361*E2361+(G2361*F2361)","v":{"v":10725,"d":"10,725 $"}}]
[{"$nulls":6},"SUBTOTAL MATERIALES",{"$f":"SUM(H2361:H2361)","v":{"v":10725,"d":"10,725"}}]
[null,"MANO DE OBRA"]
[null,"DESCRIPCIÓN",null,"UN","CANT",null,"VR. UNIT","VR. TOTAL"]
[null,"INGENIERO ELECTRICO",null,"DIA",{"$f":"0.05/8","v":{"v":0.00625,"d":"0.01"}},null,{"$f":"2900000/30","v":{"v":96666.66666666667,"d":"$ 96,667"}},{"$f":"+G2365*E2365","v":{"v":604.1666666666667,"d":"604 $"}}]
[null,"INSPECTOR SISO",null,"DIA",{"$f":"0.025/8","v":{"v":0.003125,"d":"0.00"}},null,{"$f":"1900000/30","v":{"v":63333.333333333336,"d":"$ 63,333"}},{"$f":"+G2366*E2366","v":{"v":197.91666666666669,"d":"198 $"}}]
[null,"OFICIAL",null,"DIA",{"$f":"0.1/8","v":{"v":0.0125,"d":"0.01"}},null,{"$f":"1600000/30","v":{"v":53333.333333333336,"d":"$ 53,333"}},{"$f":"+G2367*E2367","v":{"v":666.6666666666667,"d":"667 $"}}]
[null,"AYUDANTE",null,"DIA",{"$f":"0.1/8","v":{"v":0.0125,"d":"0.01"}},null,{"$f":"1200000/30","v":{"v":40000,"d":"$ 40,000"}},{"$f":"+G2368*E2368","v":{"v":500,"d":"500 $"}}]
[{"$nulls":6},"SUBTOTAL MANO DE OBRA",{"$f":"SUM(H2365:H2368)","v":{"v":1968.7500000000002,"d":"1,969"}}]
[null,"EQUIPO Y HERRAMIENTA"]
[null,"DESCRIPCIÓN",null,"UN","CANT","VALOR DIA","VR. UNIT","VR. TOTAL"]
[null,"HERRAMIENTA DE MANO",null,"UN",{"v":0.005,"d":"0.01"},{"v":85000,"d":"$ 85,000.00"},{"v":85000,"d":"$ 85,000.00"},{"$f":"G2372*E2372","v":{"v":425,"d":"425 $"}}]
[null,"HERRAMIENTA ESPECIAL",null,"UN",{"v":0.005,"d":"0.01"},{"v":170000,"d":"$ 170,000.00"},{"v":170000,"d":"$ 170,000.00"},{"$f":"G2373*E2373","v":{"v":850,"d":"850 $"}}]
[]
[]
[{"$nulls":6},"SUBTOTAL EQUIPO Y HERRAMIENTA",{"$f":"SUM(H2372:H2375)","v":{"v":1275,"d":"1,275"}}]
[null,"TRANSPORTES"]
[null,"DESCRIPCIÓN",null,"UN","CANT","VALOR HORA","VR. UNIT","VR. TOTAL"]
[null,"TRANSPORTE MATERIAL",null,"UN",{"v":0.005,"d":"0.01"},{"v":180000,"d":"$ 180,000.00"},{"v":180000,"d":"$ 180,000.00"},{"$f":"G2379*E2379","v":{"v":900,"d":"900 $"}}]
[null,"TRANSPORTE PERSONAL",null,"UN",{"v":0.005,"d":"0.01"},{"v":6000,"d":"$ 6,000.00"},{"v":6000,"d":"$ 6,000.00"},{"$f":"G2380*E2380","v":{"v":30,"d":"30 $"}}]
[]
[]
[{"$nulls":5},"SUBTOTAL TRANSPORTES",null,{"$f":"SUM(H2379:H2382)","v":930},{"$f":"H2383+H2376+H2369","v":{"v":4173.75,"d":"4,174"}}]
[null,"TOTAL COSTO DIRECTO",{"$nulls":5},{"$f":"H2383+H2376+H2369+H2362","v":{"v":14898.75,"d":"14,899"}}]
[]
[null,"ADMINISTRACIÓN",null,null,"(Indicar su porcentaje)",null,{"v":0.08,"d":"8.00%"},{"$f":"G2386*H2384","v":{"v":1191.9,"d":"1,192"}}]
[null,"IMPREVISTOS",null,null,"(Indicar su porcentaje)",null,{"v":0.03,"d":"3.00%"},{"$f":"H2384*G2387","v":{"v":446.9625,"d":"447"}}]
[null,"UTILIDAD",null,null,"(Indicar su porcentaje)",null,{"v":0.05,"d":"5.00%"},{"$f":"G2388*H2384","v":{"v":744.9375,"d":"745"}}]
[null,"PRECIO UNITARIO TOTAL",{"$nulls":5},{"$f":"+H2388+H2387+H2386+H2384","v":{"v":17282.55,"d":"17,283"}}]
[]
[null,"Nombre de la Actividad",{"$nulls":5},"Unidad de Medida"]
[null,"TAP DERIVADOR 1 TAP",{"$nulls":5},"UN "]
[]
[null," MATERIALES"]
[null,"DESCRIPCION",null,"UN","CANT","DESP. %","VR. UNIT","VR. TOTAL"]
[null,"TAP DERIVADOR 1 TAP",null,"UN",{"v":1,"d":"1.00"},{"v":0,"d":"0%"},{"v":24007.5,"d":"$ 24,008."},{"$f":"+G2396*E2396+(G2396*F2396)","v":{"v":24007.5,"d":"24,008 $"}}]
[{"$nulls":6},"SUBTOTAL MATERIALES",{"$f":"SUM(H2396:H2396)","v":{"v":24007.5,"d":"24,008"}}]
[null,"MANO DE OBRA"]
[null,"DESCRIPCIÓN",null,"UN","CANT",null,"VR. UNIT","VR. TOTAL"]
[null,"INGENIERO ELECTRICO",null,"DIA",{"$f":"0.05/8","v":{"v":0.00625,"d":"0.01"}},null,{"$f":"2900000/30","v":{"v":96666.66666666667,"d":"$ 96,667"}},{"$f":"+G2400*E2400","v":{"v":604.1666666666667,"d":"604 $"}}]
[null,"INSPECTOR SISO",null,"DIA",{"$f":"0.025/8","v":{"v":0.003125,"d":"0.00"}},null,{"$f":"1900000/30","v":{"v":63333.333333333336,"d":"$ 63,333"}},{"$f":"+G2401*E2401","v":{"v":197.91666666666669,"d":"198 $"}}]
[null,"OFICIAL",null,"DIA",{"$f":"0.5/8","v":{"v":0.0625,"d":"0.06"}},null,{"$f":"1600000/30","v":{"v":53333.333333333336,"d":"$ 53,333"}},{"$f":"+G2402*E2402","v":{"v":3333.3333333333335,"d":"3,333 $"}}]
[null,"AYUDANTE",null,"DIA",{"$f":"0.5/8","v":{"v":0.0625,"d":"0.06"}},null,{"$f":"1200000/30","v":{"v":40000,"d":"$ 40,000"}},{"$f":"+G2403*E2403","v":{"v":2500,"d":"2,500 $"}}]
[{"$nulls":6},"SUBTOTAL MANO DE OBRA",{"$f":"SUM(H2400:H2403)","v":{"v":6635.416666666667,"d":"6,635"}}]
[null,"EQUIPO Y HERRAMIENTA"]
[null,"DESCRIPCIÓN",null,"UN","CANT","VALOR DIA","VR. UNIT","VR. TOTAL"]
[null,"HERRAMIENTA DE MANO",null,"UN",{"v":0.005,"d":"0.01"},{"v":85000,"d":"$ 85,000.00"},{"v":85000,"d":"$ 85,000.00"},{"$f":"G2407*E2407","v":{"v":425,"d":"425 $"}}]
[null,"HERRAMIENTA ESPECIAL",null,"UN",{"v":0.005,"d":"0.01"},{"v":170000,"d":"$ 170,000.00"},{"v":170000,"d":"$ 170,000.00"},{"$f":"G2408*E2408","v":{"v":850,"d":"850 $"}}]
[]
[]
[{"$nulls":6},"SUBTOTAL EQUIPO Y HERRAMIENTA",{"$f":"SUM(H2407:H2410)","v":{"v":1275,"d":"1,275"}}]
[null,"TRANSPORTES"]
[null,"DESCRIPCIÓN",null,"UN","CANT","VALOR HORA","VR. UNIT","VR. TOTAL"]
[null,"TRANSPORTE MATERIAL",null,"UN",{"v":0.005,"d":"0.01"},{"v":180000,"d":"$ 180,000.00"},{"v":180000,"d":"$ 180,000.00"},{"$f":"G2414*E2414","v":{"v":900,"d":"900 $"}}]
[null,"TRANSPORTE PERSONAL",null,"UN",{"v":0.005,"d":"0.01"},{"v":6000,"d":"$ 6,000.00"},{"v":6000,"d":"$ 6,000.00"},{"$f":"G2415*E2415","v":{"v":30,"d":"30 $"}}]
[]
[]
[{"$nulls":5},"SUBTOTAL TRANSPORTES",null,{"$f":"SUM(H2414:H2417)","v":930},{"$f":"H2418+H2411+H2404","v":{"v":8840.416666666668,"d":"8,840"}}]
[null,"TOTAL COSTO DIRECTO",{"$nulls":5},{"$f":"H2418+H2411+H2404+H2397","v":{"v":32847.91666666667,"d":"32,848"}}]
[]
[null,"ADMINISTRACIÓN",null,null,"(Indicar su porcentaje)",null,{"v":0.08,"d":"8.00%"},{"$f":"G2421*H2419","v":{"v":2627.833333333334,"d":"2,628"}}]
[null,"IMPREVISTOS",null,null,"(Indicar su porcentaje)",null,{"v":0.03,"d":"3.00%"},{"$f":"H2419*G2422","v":{"v":985.4375000000001,"d":"985"}}]
[null,"UTILIDAD",null,null,"(Indicar su porcentaje)",null,{"v":0.05,"d":"5.00%"},{"$f":"G2423*H2419","v":{"v":1642.3958333333337,"d":"1,642"}}]
[null,"PRECIO UNITARIO TOTAL",{"$nulls":5},{"$f":"+H2423+H2422+H2421+H2419","v":{"v":38103.58333333334,"d":"38,104"}}]
[]
[null,"Nombre de la Actividad",{"$nulls":5},"Unidad de Medida"]
[null,"CABLE RG 6 PARA VERTICAL ",{"$nulls":5},"UN "]
[]
[null," MATERIALES"]
[null,"DESCRIPCION",null,"UN","CANT","DESP. %","VR. UNIT","VR. TOTAL"]
[null,"CABLE RG6",null,"ML",{"v":1,"d":"1.00"},{"v":0.05,"d":"5%"},{"v":1815,"d":"$ 1,815."},{"$f":"+G2431*E2431+(G2431*F2431)","v":{"v":1905.75,"d":"1,906 $"}}]
[{"$nulls":6},"SUBTOTAL MATERIALES",{"$f":"SUM(H2431:H2431)","v":{"v":1905.75,"d":"1,906"}}]
[null,"MANO DE OBRA"]
[null,"DESCRIPCIÓN",null,"UN","CANT",null,"VR. UNIT","VR. TOTAL"]
[null,"INGENIERO ELECTRICO",null,"DIA",{"$f":"0.05/8","v":{"v":0.00625,"d":"0.01"}},null,{"$f":"2900000/30","v":{"v":96666.66666666667,"d":"$ 96,667"}},{"$f":"+G2435*E2435","v":{"v":604.1666666666667,"d":"604 $"}}]
[null,"INSPECTOR SISO",null,"DIA",{"$f":"0.025/8","v":{"v":0.003125,"d":"0.00"}},null,{"$f":"1900000/30","v":{"v":63333.333333333336,"d":"$ 63,333"}},{"$f":"+G2436*E2436","v":{"v":197.91666666666669,"d":"198 $"}}]
[null,"OFICIAL",null,"DIA",{"$f":"0.01/8","v":{"v":1.25E-3,"d":"0.00"}},null,{"$f":"1600000/30","v":{"v":53333.333333333336,"d":"$ 53,333"}},{"$f":"+G2437*E2437","v":{"v":66.66666666666667,"d":"67 $"}}]
[null,"AYUDANTE",null,"DIA",{"$f":"0.01/8","v":{"v":1.25E-3,"d":"0.00"}},null,{"$f":"1200000/30","v":{"v":40000,"d":"$ 40,000"}},{"$f":"+G2438*E2438","v":{"v":50,"d":"50 $"}}]
[{"$nulls":6},"SUBTOTAL MANO DE OBRA",{"$f":"SUM(H2435:H2438)","v":{"v":918.7500000000001,"d":"919"}}]
[null,"EQUIPO Y HERRAMIENTA"]
[null,"DESCRIPCIÓN",null,"UN","CANT","VALOR DIA","VR. UNIT","VR. TOTAL"]
[null,"HERRAMIENTA DE MANO",null,"UN",{"v":1E-3,"d":"0.00"},{"v":85000,"d":"$ 85,000.00"},{"v":85000,"d":"$ 85,000.00"},{"$f":"G2442*E2442","v":{"v":85,"d":"85 $"}}]
[null,"HERRAMIENTA ESPECIAL",null,"UN",{"v":1E-3,"d":"0.00"},{"v":170000,"d":"$ 170,000.00"},{"v":170000,"d":"$ 170,000.00"},{"$f":"G2443*E2443","v":{"v":170,"d":"170 $"}}]
[]
[]
[{"$nulls":6},"SUBTOTAL EQUIPO Y HERRAMIENTA",{"$f":"SUM(H2442:H2445)","v":255}]
[null,"TRANSPORTES"]
[null,"DESCRIPCIÓN",null,"UN","CANT","VALOR HORA","VR. UNIT","VR. TOTAL"]
[null,"TRANSPORTE MATERIAL",null,"UN",{"v":1E-3,"d":"0.00"},{"v":180000,"d":"$ 180,000.00"},{"v":180000,"d":"$ 180,000.00"},{"$f":"G2449*E2449","v":{"v":180,"d":"180 $"}}]
[null,"TRANSPORTE PERSONAL",null,"UN",{"v":1E-3,"d":"0.00"},{"v":6000,"d":"$ 6,000.00"},{"v":6000,"d":"$ 6,000.00"},{"$f":"G2450*E2450","v":{"v":6,"d":"6 $"}}]
[]
[]
[{"$nulls":5},"SUBTOTAL TRANSPORTES",null,{"$f":"SUM(H2449:H2452)","v":186},{"$f":"H2453+H2446+H2439","v":{"v":1359.75,"d":"1,360"}}]
[null,"TOTAL COSTO DIRECTO",{"$nulls":5},{"$f":"H2453+H2446+H2439+H2432","v":{"v":3265.5,"d":"3,266"}}]
[]
[null,"ADMINISTRACIÓN",null,null,"(Indicar su porcentaje)",null,{"v":0.08,"d":"8.00%"},{"$f":"G2456*H2454","v":{"v":261.24,"d":"261"}}]
[null,"IMPREVISTOS",null,null,"(Indicar su porcentaje)",null,{"v":0.03,"d":"3.00%"},{"$f":"H2454*G2457","v":{"v":97.965,"d":"98"}}]
[null,"UTILIDAD",null,null,"(Indicar su porcentaje)",null,{"v":0.05,"d":"5.00%"},{"$f":"G2458*H2454","v":{"v":163.275,"d":"163"}}]
[null,"PRECIO UNITARIO TOTAL",{"$nulls":5},{"$f":"+H2458+H2457+H2456+H2454","v":{"v":3787.98,"d":"3,788"}}]
[]
[null,"Nombre de la Actividad",{"$nulls":5},"Unidad de Medida"]
[null,"CONECTOR F PARA CONEXIONES VERTICALES",{"$nulls":5},"UN "]
[]
[null," MATERIALES"]
[null,"DESCRIPCION",null,"UN","CANT","DESP. %","VR. UNIT","VR. TOTAL"]
[null,"CONECTOR F",null,"UN",{"v":1,"d":"1.00"},{"v":0,"d":"0%"},{"v":1402.5,"d":"$ 1,403."},{"$f":"+G2466*E2466+(G2466*F2466)","v":{"v":1402.5,"d":"1,403 $"}}]
[{"$nulls":6},"SUBTOTAL MATERIALES",{"$f":"SUM(H2466:H2466)","v":{"v":1402.5,"d":"1,403"}}]
[null,"MANO DE OBRA"]
[null,"DESCRIPCIÓN",null,"UN","CANT",null,"VR. UNIT","VR. TOTAL"]
[null,"INGENIERO ELECTRICO",null,"DIA",{"$f":"0.01/8","v":{"v":1.25E-3,"d":"0.00"}},null,{"$f":"2900000/30","v":{"v":96666.66666666667,"d":"$ 96,667"}},{"$f":"+G2470*E2470","v":{"v":120.83333333333334,"d":"121 $"}}]
[null,"INSPECTOR SISO",null,"DIA",{"$f":"0.01/8","v":{"v":1.25E-3,"d":"0.00"}},null,{"$f":"1900000/30","v":{"v":63333.333333333336,"d":"$ 63,333"}},{"$f":"+G2471*E2471","v":{"v":79.16666666666667,"d":"79 $"}}]
[null,"OFICIAL",null,"DIA",{"$f":"0.001/8","v":{"v":1.25E-4,"d":"0.00"}},null,{"$f":"1600000/30","v":{"v":53333.333333333336,"d":"$ 53,333"}},{"$f":"+G2472*E2472","v":{"v":6.666666666666667,"d":"7 $"}}]
[null,"AYUDANTE",null,"DIA",{"$f":"0.001/8","v":{"v":1.25E-4,"d":"0.00"}},null,{"$f":"1200000/30","v":{"v":40000,"d":"$ 40,000"}},{"$f":"+G2473*E2473","v":{"v":5,"d":"5 $"}}]
[{"$nulls":6},"SUBTOTAL MANO DE OBRA",{"$f":"SUM(H2470:H2473)","v":{"v":211.66666666666666,"d":"212"}}]
[null,"EQUIPO Y HERRAMIENTA"]
[null,"DESCRIPCIÓN",null,"UN","CANT","VALOR DIA","VR. UNIT","VR. TOTAL"]
[null,"HERRAMIENTA DE MANO",null,"UN",{"v":1E-3,"d":"0.00"},{"v":85000,"d":"$ 85,000.00"},{"v":85000,"d":"$ 85,000.00"},{"$f":"G2477*E2477","v":{"v":85,"d":"85 $"}}]
[null,"HERRAMIENTA ESPECIAL",null,"UN",{"v":1E-3,"d":"0.00"},{"v":170000,"d":"$ 170,000.00"},{"v":170000,"d":"$ 170,000.00"},{"$f":"G2478*E2478","v":{"v":170,"d":"170 $"}}]
[]
[]
[{"$nulls":6},"SUBTOTAL EQUIPO Y HERRAMIENTA",{"$f":"SUM(H2477:H2480)","v":255}]
[null,"TRANSPORTES"]
[null,"DESCRIPCIÓN",null,"UN","CANT","VALOR HORA","VR. UNIT","VR. TOTAL"]
[null,"TRANSPORTE MATERIAL",null,"UN",{"v":1E-3,"d":"0.00"},{"v":180000,"d":"$ 180,000.00"},{"v":180000,"d":"$ 180,000.00"},{"$f":"G2484*E2484","v":{"v":180,"d":"180 $"}}]
[null,"TRANSPORTE PERSONAL",null,"UN",{"v":1E-3,"d":"0.00"},{"v":6000,"d":"$ 6,000.00"},{"v":6000,"d":"$ 6,000.00"},{"$f":"G2485*E2485","v":{"v":6,"d":"6 $"}}]
[]
[]
[{"$nulls":5},"SUBTOTAL TRANSPORTES",null,{"$f":"SUM(H2484:H2487)","v":186},{"$f":"H2488+H2481+H2474","v":{"v":652.6666666666666,"d":"653"}}]
[null,"TOTAL COSTO DIRECTO",{"$nulls":5},{"$f":"H2488+H2481+H2474+H2467","v":{"v":2055.1666666666665,"d":"2,055"}}]
[]
[null,"ADMINISTRACIÓN",null,null,"(Indicar su porcentaje)",null,{"v":0.08,"d":"8.00%"},{"$f":"G2491*H2489","v":{"v":164.41333333333333,"d":"164"}}]
[null,"IMPREVISTOS",null,null,"(Indicar su porcentaje)",null,{"v":0.03,"d":"3.00%"},{"$f":"H2489*G2492","v":{"v":61.654999999999994,"d":"62"}}]
[null,"UTILIDAD",null,null,"(Indicar su porcentaje)",null,{"v":0.05,"d":"5.00%"},{"$f":"G2493*H2489","v":{"v":102.75833333333333,"d":"103"}}]
[null,"PRECIO UNITARIO TOTAL",{"$nulls":5},{"$f":"+H2493+H2492+H2491+H2489","v":{"v":2383.9933333333333,"d":"2,384"}}]
[]
[null,"Nombre de la Actividad",{"$nulls":5},"Unidad de Medida"]
[null,"EQUIPO DE CABECERA TDT PROGRAMABLE PARA SEÑALES TDT",{"$nulls":5},"UN "]
[]
[null," MATERIALES"]
[null,"DESCRIPCION",null,"UN","CANT","DESP. %","VR. UNIT","VR. TOTAL"]
[null,"EQUIPO DE CABECERA TDT PROGRAMABLE PARA SEÑALES TDT",null,"UN",{"v":1,"d":"1.00"},{"v":0,"d":"0%"},{"v":1072500,"d":"$ 1,072,500."},{"$f":"+G2501*E2501+(G2501*F2501)","v":{"v":1072500,"d":"1,072,500 $"}}]
[{"$nulls":6},"SUBTOTAL MATERIALES",{"$f":"SUM(H2501:H2501)","v":{"v":1072500,"d":"1,072,500"}}]
[null,"MANO DE OBRA"]
[null,"DESCRIPCIÓN",null,"UN","CANT",null,"VR. UNIT","VR. TOTAL"]
[null,"INGENIERO ELECTRICO",null,"DIA",{"$f":"0.05/8","v":{"v":0.00625,"d":"0.01"}},null,{"$f":"2900000/30","v":{"v":96666.66666666667,"d":"$ 96,667"}},{"$f":"+G2505*E2505","v":{"v":604.1666666666667,"d":"604 $"}}]
[null,"INSPECTOR SISO",null,"DIA",{"$f":"0.025/8","v":{"v":0.003125,"d":"0.00"}},null,{"$f":"1900000/30","v":{"v":63333.333333333336,"d":"$ 63,333"}},{"$f":"+G2506*E2506","v":{"v":197.91666666666669,"d":"198 $"}}]
[null,"OFICIAL",null,"DIA",{"$f":"16/8","v":{"v":2,"d":"2.00"}},null,{"$f":"1600000/30","v":{"v":53333.333333333336,"d":"$ 53,333"}},{"$f":"+G2507*E2507","v":{"v":106666.66666666667,"d":"106,667 $"}}]
[null,"AYUDANTE",null,"DIA",{"$f":"16/8","v":{"v":2,"d":"2.00"}},null,{"$f":"1200000/30","v":{"v":40000,"d":"$ 40,000"}},{"$f":"+G2508*E2508","v":{"v":80000,"d":"80,000 $"}}]
[{"$nulls":6},"SUBTOTAL MANO DE OBRA",{"$f":"SUM(H2505:H2508)","v":{"v":187468.75,"d":"187,469"}}]
[null,"EQUIPO Y HERRAMIENTA"]
[null,"DESCRIPCIÓN",null,"UN","CANT","VALOR DIA","VR. UNIT","VR. TOTAL"]
[null,"HERRAMIENTA DE MANO",null,"UN",{"v":0.1,"d":"0.10"},{"v":85000,"d":"$ 85,000.00"},{"v":85000,"d":"$ 85,000.00"},{"$f":"G2512*E2512","v":{"v":8500,"d":"8,500 $"}}]
[null,"HERRAMIENTA ESPECIAL",null,"UN",{"v":0.1,"d":"0.10"},{"v":170000,"d":"$ 170,000.00"},{"v":170000,"d":"$ 170,000.00"},{"$f":"G2513*E2513","v":{"v":17000,"d":"17,000 $"}}]
[]
[]
[{"$nulls":6},"SUBTOTAL EQUIPO Y HERRAMIENTA",{"$f":"SUM(H2512:H2515)","v":{"v":25500,"d":"25,500"}}]
[null,"TRANSPORTES"]
[null,"DESCRIPCIÓN",null,"UN","CANT","VALOR HORA","VR. UNIT","VR. TOTAL"]
[null,"TRANSPORTE MATERIAL",null,"UN",{"v":0.1,"d":"0.10"},{"v":180000,"d":"$ 180,000.00"},{"v":180000,"d":"$ 180,000.00"},{"$f":"G2519*E2519","v":{"v":18000,"d":"18,000 $"}}]
[null,"TRANSPORTE PERSONAL",null,"UN",{"v":0.1,"d":"0.10"},{"v":6000,"d":"$ 6,000.00"},{"v":6000,"d":"$ 6,000.00"},{"$f":"G2520*E2520","v":{"v":600,"d":"600 $"}}]
[]
[]
[{"$nulls":5},"SUBTOTAL TRANSPORTES",null,{"$f":"SUM(H2519:H2522)","v":{"v":18600,"d":"18,600"}},{"$f":"H2523+H2516+H2509","v":{"v":231568.75,"d":"231,569"}}]
[null,"TOTAL COSTO DIRECTO",{"$nulls":5},{"$f":"H2523+H2516+H2509+H2502","v":{"v":1304068.75,"d":"1,304,069"}}]
[]
[null,"ADMINISTRACIÓN",null,null,"(Indicar su porcentaje)",null,{"v":0.08,"d":"8.00%"},{"$f":"G2526*H2524","v":{"v":104325.5,"d":"104,326"}}]
[null,"IMPREVISTOS",null,null,"(Indicar su porcentaje)",null,{"v":0.03,"d":"3.00%"},{"$f":"H2524*G2527","v":{"v":39122.0625,"d":"39,122"}}]
[null,"UTILIDAD",null,null,"(Indicar su porcentaje)",null,{"v":0.05,"d":"5.00%"},{"$f":"G2528*H2524","v":{"v":65203.4375,"d":"65,203"}}]
[null,"PRECIO UNITARIO TOTAL",{"$nulls":5},{"$f":"+H2528+H2527+H2526+H2524","v":{"v":1512719.75,"d":"1,512,720"}}]
[]
[null,"Nombre de la Actividad",{"$nulls":5},"Unidad de Medida"]
[null,"ANTENA TDT CERTIFICADA",{"$nulls":5},"UN "]
[]
[null," MATERIALES"]
[null,"DESCRIPCION",null,"UN","CANT","DESP. %","VR. UNIT","VR. TOTAL"]
[null,"ANTENA TDT CERTIFICADA",null,"UN",{"v":1,"d":"1.00"},{"v":0,"d":"0%"},{"v":470250,"d":"$ 470,250."},{"$f":"+G2536*E2536+(G2536*F2536)","v":{"v":470250,"d":"470,250 $"}}]
[{"$nulls":6},"SUBTOTAL MATERIALES",{"$f":"SUM(H2536:H2536)","v":{"v":470250,"d":"470,250"}}]
[null,"MANO DE OBRA"]
[null,"DESCRIPCIÓN",null,"UN","CANT",null,"VR. UNIT","VR. TOTAL"]
[null,"INGENIERO ELECTRICO",null,"DIA",{"$f":"0.05/8","v":{"v":0.00625,"d":"0.01"}},null,{"$f":"2900000/30","v":{"v":96666.66666666667,"d":"$ 96,667"}},{"$f":"+G2540*E2540","v":{"v":604.1666666666667,"d":"604 $"}}]
[null,"INSPECTOR SISO",null,"DIA",{"$f":"0.025/8","v":{"v":0.003125,"d":"0.00"}},null,{"$f":"1900000/30","v":{"v":63333.333333333336,"d":"$ 63,333"}},{"$f":"+G2541*E2541","v":{"v":197.91666666666669,"d":"198 $"}}]
[null,"OFICIAL",null,"DIA",{"$f":"6/8","v":0.75},null,{"$f":"1600000/30","v":{"v":53333.333333333336,"d":"$ 53,333"}},{"$f":"+G2542*E2542","v":{"v":40000,"d":"40,000 $"}}]
[null,"AYUDANTE",null,"DIA",{"$f":"6/8","v":0.75},null,{"$f":"1200000/30","v":{"v":40000,"d":"$ 40,000"}},{"$f":"+G2543*E2543","v":{"v":30000,"d":"30,000 $"}}]
[{"$nulls":6},"SUBTOTAL MANO DE OBRA",{"$f":"SUM(H2540:H2543)","v":{"v":70802.08333333334,"d":"70,802"}}]
[null,"EQUIPO Y HERRAMIENTA"]
[null,"DESCRIPCIÓN",null,"UN","CANT","VALOR DIA","VR. UNIT","VR. TOTAL"]
[null,"HERRAMIENTA DE MANO",null,"UN",{"v":0.1,"d":"0.10"},{"v":85000,"d":"$ 85,000.00"},{"v":85000,"d":"$ 85,000.00"},{"$f":"G2547*E2547","v":{"v":8500,"d":"8,500 $"}}]
[null,"HERRAMIENTA ESPECIAL",null,"UN",{"v":0.1,"d":"0.10"},{"v":170000,"d":"$ 170,000.00"},{"v":170000,"d":"$ 170,000.00"},{"$f":"G2548*E2548","v":{"v":17000,"d":"17,000 $"}}]
[]
[]
[{"$nulls":6},"SUBTOTAL EQUIPO Y HERRAMIENTA",{"$f":"SUM(H2547:H2550)","v":{"v":25500,"d":"25,500"}}]
[null,"TRANSPORTES"]
[null,"DESCRIPCIÓN",null,"UN","CANT","VALOR HORA","VR. UNIT","VR. TOTAL"]
[null,"TRANSPORTE MATERIAL",null,"UN",{"v":0.1,"d":"0.10"},{"v":180000,"d":"$ 180,000.00"},{"v":180000,"d":"$ 180,000.00"},{"$f":"G2554*E2554","v":{"v":18000,"d":"18,000 $"}}]
[null,"TRANSPORTE PERSONAL",null,"UN",{"v":0.1,"d":"0.10"},{"v":6000,"d":"$ 6,000.00"},{"v":6000,"d":"$ 6,000.00"},{"$f":"G2555*E2555","v":{"v":600,"d":"600 $"}}]
[]
[]
[{"$nulls":5},"SUBTOTAL TRANSPORTES",null,{"$f":"SUM(H2554:H2557)","v":{"v":18600,"d":"18,600"}},{"$f":"H2558+H2551+H2544","v":{"v":114902.08333333334,"d":"114,902"}}]
[null,"TOTAL COSTO DIRECTO",{"$nulls":5},{"$f":"H2558+H2551+H2544+H2537","v":{"v":585152.0833333334,"d":"585,152"}}]
[]
[null,"ADMINISTRACIÓN",null,null,"(Indicar su porcentaje)",null,{"v":0.08,"d":"8.00%"},{"$f":"G2561*H2559","v":{"v":46812.16666666667,"d":"46,812"}}]
[null,"IMPREVISTOS",null,null,"(Indicar su porcentaje)",null,{"v":0.03,"d":"3.00%"},{"$f":"H2559*G2562","v":{"v":17554.5625,"d":"17,555"}}]
[null,"UTILIDAD",null,null,"(Indicar su porcentaje)",null,{"v":0.05,"d":"5.00%"},{"$f":"G2563*H2559","v":{"v":29257.60416666667,"d":"29,258"}}]
[null,"PRECIO UNITARIO TOTAL",{"$nulls":5},{"$f":"+H2563+H2562+H2561+H2559","v":{"v":678776.4166666667,"d":"678,776"}}]
[]
[null,"Nombre de la Actividad",{"$nulls":5},"Unidad de Medida"]
[null,"AMPLIFICADOR TDT",{"$nulls":5},"UN "]
[]
[null," MATERIALES"]
[null,"DESCRIPCION",null,"UN","CANT","DESP. %","VR. UNIT","VR. TOTAL"]
[null,"AMPLIFICADOR TDT",null,"UN",{"v":1,"d":"1.00"},{"v":0,"d":"0%"},{"v":759000,"d":"$ 759,000."},{"$f":"+G2571*E2571+(G2571*F2571)","v":{"v":759000,"d":"759,000 $"}}]
[{"$nulls":6},"SUBTOTAL MATERIALES",{"$f":"SUM(H2571:H2571)","v":{"v":759000,"d":"759,000"}}]
[null,"MANO DE OBRA"]
[null,"DESCRIPCIÓN",null,"UN","CANT",null,"VR. UNIT","VR. TOTAL"]
[null,"INGENIERO ELECTRICO",null,"DIA",{"$f":"0.05/8","v":{"v":0.00625,"d":"0.01"}},null,{"$f":"2900000/30","v":{"v":96666.66666666667,"d":"$ 96,667"}},{"$f":"+G2575*E2575","v":{"v":604.1666666666667,"d":"604 $"}}]
[null,"INSPECTOR SISO",null,"DIA",{"$f":"0.025/8","v":{"v":0.003125,"d":"0.00"}},null,{"$f":"1900000/30","v":{"v":63333.333333333336,"d":"$ 63,333"}},{"$f":"+G2576*E2576","v":{"v":197.91666666666669,"d":"198 $"}}]
[null,"OFICIAL",null,"DIA",{"$f":"6/8","v":0.75},null,{"$f":"1600000/30","v":{"v":53333.333333333336,"d":"$ 53,333"}},{"$f":"+G2577*E2577","v":{"v":40000,"d":"40,000 $"}}]
[null,"AYUDANTE",null,"DIA",{"$f":"6/8","v":0.75},null,{"$f":"1200000/30","v":{"v":40000,"d":"$ 40,000"}},{"$f":"+G2578*E2578","v":{"v":30000,"d":"30,000 $"}}]
[{"$nulls":6},"SUBTOTAL MANO DE OBRA",{"$f":"SUM(H2575:H2578)","v":{"v":70802.08333333334,"d":"70,802"}}]
[null,"EQUIPO Y HERRAMIENTA"]
[null,"DESCRIPCIÓN",null,"UN","CANT","VALOR DIA","VR. UNIT","VR. TOTAL"]
[null,"HERRAMIENTA DE MANO",null,"UN",{"v":0.1,"d":"0.10"},{"v":85000,"d":"$ 85,000.00"},{"v":85000,"d":"$ 85,000.00"},{"$f":"G2582*E2582","v":{"v":8500,"d":"8,500 $"}}]
[null,"HERRAMIENTA ESPECIAL",null,"UN",{"v":0.1,"d":"0.10"},{"v":170000,"d":"$ 170,000.00"},{"v":170000,"d":"$ 170,000.00"},{"$f":"G2583*E2583","v":{"v":17000,"d":"17,000 $"}}]
[]
[]
[{"$nulls":6},"SUBTOTAL EQUIPO Y HERRAMIENTA",{"$f":"SUM(H2582:H2585)","v":{"v":25500,"d":"25,500"}}]
[null,"TRANSPORTES"]
[null,"DESCRIPCIÓN",null,"UN","CANT","VALOR HORA","VR. UNIT","VR. TOTAL"]
[null,"TRANSPORTE MATERIAL",null,"UN",{"v":0.1,"d":"0.10"},{"v":180000,"d":"$ 180,000.00"},{"v":180000,"d":"$ 180,000.00"},{"$f":"G2589*E2589","v":{"v":18000,"d":"18,000 $"}}]
[null,"TRANSPORTE PERSONAL",null,"UN",{"v":0.1,"d":"0.10"},{"v":6000,"d":"$ 6,000.00"},{"v":6000,"d":"$ 6,000.00"},{"$f":"G2590*E2590","v":{"v":600,"d":"600 $"}}]
[]
[]
[{"$nulls":5},"SUBTOTAL TRANSPORTES",null,{"$f":"SUM(H2589:H2592)","v":{"v":18600,"d":"18,600"}},{"$f":"H2593+H2586+H2579","v":{"v":114902.08333333334,"d":"114,902"}}]
[null,"TOTAL COSTO DIRECTO",{"$nulls":5},{"$f":"H2593+H2586+H2579+H2572","v":{"v":873902.0833333334,"d":"873,902"}}]
[]
[null,"ADMINISTRACIÓN",null,null,"(Indicar su porcentaje)",null,{"v":0.08,"d":"8.00%"},{"$f":"G2596*H2594","v":{"v":69912.16666666667,"d":"69,912"}}]
[null,"IMPREVISTOS",null,null,"(Indicar su porcentaje)",null,{"v":0.03,"d":"3.00%"},{"$f":"H2594*G2597","v":{"v":26217.0625,"d":"26,217"}}]
[null,"UTILIDAD",null,null,"(Indicar su porcentaje)",null,{"v":0.05,"d":"5.00%"},{"$f":"G2598*H2594","v":{"v":43695.10416666667,"d":"43,695"}}]
[null,"PRECIO UNITARIO TOTAL",{"$nulls":5},{"$f":"+H2598+H2597+H2596+H2594","v":{"v":1013726.4166666667,"d":"1,013,726"}}]